{"text_format":"1","workbook":"xlsx","n_sheets":1,"sheets":["Sheet1"],"not_rendered":{"charts":0,"images":0,"macros":1,"external_links":0,"defined_names":0,"comments":0,"pivot_tables":0},"unopened":[],"bounds":{"document_bytes":16777216,"sheet_cells":100000,"rows_first":2000,"rows_last":500,"rows_between":2000,"halvings":0,"cell_chars":16384,"cell_head_chars":4096},"cells_cut":0,"cells_raw":0,"read":"whole","date_system":"1900"}

{"sheet":"Sheet1","index":0,"n_rows":4099,"n_cols":12,"rows_kept":4099,"cut":false,"hidden":false,"merged":[]}
["CUST","Date","ITEM","CUST PART","DESCRIPTION","AC","BADGE","UM","QTY","PRICE","PRICE EXT","INVOICE"]
["14879","07/02/2012",".120NWA30P/6916","8571279","M12 A325 FLAT WASHER DIN 125A TP200  PLN","3110","group 42","EA",250,0.1414,35.35,"3866827"]
["14879","07/02/2012","/3M1700","8970416","3M 1700  TEM FLEX ELECTRICAL TAPE","3110","155928","EA",1,0.63,0.63,"3866827"]
["14879","07/02/2012","/A10","0601058","A10 HOLE SAW ARBOR","A","215760","EA",1,8.3699999999999992,8.3699999999999992,"3866827"]
["14879","07/02/2012","/AL-14-50-0-CW-M","/AL-14-50-0-CW-M","14in BLACK CABLE TIE 50lb","D","final","EA",500,4.2000000000000003E-2,21,"3866827"]
["14879","07/02/2012","/AL-14-50-0-CW-M","/AL-14-50-0-CW-M","14in BLACK CABLE TIE 50lb","D","group 10 - 11","EA",500,4.2000000000000003E-2,21,"3866827"]
["14879","07/02/2012","/AL-14-50-0-CW-M","/AL-14-50-0-CW-M","14in BLACK CABLE TIE 50lb","D","group 20 - 21","EA",500,4.2000000000000003E-2,21,"3866827"]
["14879","07/02/2012","/AV13008","8571141","#10-32 WELL NUTS 10/UNIT","3110","final","EA",100,0.65,65,"3866827"]
["14879","07/02/2012","/AV8814","8570095","5/16-18 U-NUT 25/UNIT","3110","group 20 - 21","EA",75,0.20799999999999999,15.6,"3866827"]
["14879","07/02/2012","/CB0377498","0377498","3/4 X .88 BLACK PIPE SPACER","3110","group 20 - 21","EA",150,0.58899999999999997,88.35,"3866827"]
["14879","07/02/2012","/CB0377498","0377498","3/4 X .88 BLACK PIPE SPACER","3110","group 42","EA",175,0.58899999999999997,103.075,"3866827"]
["14879","07/02/2012","/CRL216","0610545","CRL216 PLASTIC PUSH STICK","A","220979","EA",1,0.66,1.32,"3866827"]
["14879","07/02/2012","/CTGT-50S2","/CTGT-50S2","7-3/8 NATURAL CABLE TIE","3110","group 10 - 11","EA",200,6.9949999999999998E-2,13.99,"3866827"]
["14879","07/02/2012","/DYN49635","9770042","DYN49635  DIELECTRIC GREASE","3110","141900","EA",1,19.899999999999999,19.899999999999999,"3866827"]
["14879","07/02/2012","/EN91","0607049","AA ALKALINE BATTERY","D","221018","EA",4,0.43,1.72,"3866827"]
["14879","07/02/2012","/ET66RED","/ET66RED","3/4 X 66ft RED ELECTRICAL TAPE","3110","155928","EA",1,0.68,0.68,"3866827"]
["14879","07/02/2012","/FWCEP932-1042","0612967","4-1/2 X 5-1/4 COVER PLATE","A","m0000000000","EA",2,0.9,1.8,"3866827"]
["14879","07/02/2012","/HIMGL100-R8-E16.4","/HIMGL100-R8-E16.4","1/4 X 1 CTSK MONO-BOLT","3110","group 20 - 21","EA",350,0.44,154,"3866827"]
["14879","07/02/2012","/K1307","3170107","K1307 BATTERY PROTECTOR","3110","141818","EA",1,2.85,2.85,"3866827"]
["14879","07/02/2012","/MCR9673GW-XL","/MCR9673GW-XL","WHITE NYLON NITRILE GLOVE  X-LARGE","E","221023","EA",1,1.96,1.96,"3866827"]
["14879","07/02/2012","/MCR9673GW-XXL","/MCR9673GW-XXL","WHITE NYLON NITRILE GLOVE- XX-LARGE","E","141900","EA",1,1.96,1.96,"3866827"]
["14879","07/02/2012","/MCRSS110","0616389","STRATOS SAFETY GLASS CLR LEN BLK FRAME","E","213473","EA",1,1.5,1.5,"3866827"]
["14879","07/02/2012","/MCRSS110","0616389","STRATOS SAFETY GLASS CLR LEN BLK FRAME","E","221023","EA",1,1.5,1.5,"3866827"]
["14879","07/02/2012","/MM32-020","2943314","5/8 BARB X 1/2 NPT MALE BRASS FITTING","3110","group 10 - 11","EA",50,1.3875,69.375,"3866827"]
["14879","07/02/2012","/MT1/2","8970409","1/2 X 60yd MASKING TAPE","3110","s000000000","EA",11,0.44,4.84,"3866827"]
["14879","07/02/2012","/PB38348","/PB38348","PB38348  T-25H TORX T/R INSERT BIT","A","201073","EA",1,2.82,2.82,"3866827"]
["14879","07/02/2012","/PER82190","7970023","PER82190  2gr. SUPER GLUE","D","141900","EA",1,1.39,1.39,"3866827"]
["14879","07/02/2012","/SSD68SSBSLF","8571005","POP RIVET ST/ST LARGE FLANGE","3110","final","EA",150,0.19289999999999999,28.934999999999999,"3866827"]
["14879","07/02/2012","/WE356","3140431","BLACK WEEKENDER SPRAY PAINT","3110","141818","EA",1,1.52,1.52,"3866827"]
["14879","07/02/2012","/WU3201-L","0613393","LEATHER DRIVING GLOVES LARGE 3201L","E","221022","EA",1,4.05,4.05,"3866827"]
["14879","07/02/2012","/WU3201-M","/WU3201-M","LEATHER DRIVING GLOVES MEDIUM","E","s000000000","EA",4,4.05,16.2,"3866827"]
["14879","07/02/2012","10FNCAS","8571085","10/32 ACORN CAP NUT 18-8","3110","final","EA",400,0.18,72,"3866827"]
["14879","07/02/2012","10G100UQP","8570757","10-16 X 1in PAN SQ RECESS TEK SC","3110","final","EA",400,1.7399999999999999E-2,6.96,"3866827"]
["14879","07/02/2012","10G100UQP","8570757","10-16 X 1in PAN SQ RECESS TEK SC","3110","g0000 26","EA",200,1.7399999999999999E-2,3.48,"3866827"]
["14879","07/02/2012","12C100MTH0Z/F/NPAT","8571507","12/24 X 1 IND HEX SLT W/H T/C T-F ZN","3110","W/PATCH","EA",125,0.17,21.25,"3866827"]
["14879","07/02/2012","12C150MTH0Z/F/NPAT","8571508","12/24 X 1-1/2 IND HEX SLT W/H T/C T-F ZN","3110","W/PATCH","EA",200,0.22,44,"3866827"]
["14879","07/02/2012","25C100HCSS","8570384","1/4-20 X 1in HEX C/S 18-8","3110","group 50","EA",100,2.9700000000000001E-2,2.97,"3866827"]
["14879","07/02/2012","25NWUS8Y","8571249","1/4 USS FLAT WASHER GR 8 Z/YEL","3110","group 10 - 11","EA",400,1.4E-2,5.6,"3866827"]
["14879","07/02/2012","25R125WFE0Z","8570244","1/4 X 1 1/4 FEND WASH  ZNC","3110","group 50","EA",100,2.5999999999999999E-2,2.6,"3866827"]
["14879","07/02/2012","31C125HCS8Y","8570616","5/16-18 X 1 1/4 HEX C/S GR 8 Z/YEL","3110","group 50","EA",200,4.0599999999999997E-2,8.1199999999999992,"3866827"]
["14879","07/02/2012","37C100HCS8Y","8570574","3/8-16 X 1in HEX C/S GR 8 Z/YEL","3110","group 10 - 11","EA",250,4.8300000000000003E-2,12.074999999999999,"3866827"]
["14879","07/02/2012","37C100HCS8Y","8570574","3/8-16 X 1in HEX C/S GR 8 Z/YEL","3110","group 50","EA",150,4.8300000000000003E-2,14.49,"3866827"]
["14879","07/02/2012","37C125HCS8Y","8542797","3/8-16 X 1 1/4 HEX C/S GR 8 Z/YEL","3110","group 10 - 11","EA",100,5.5300000000000002E-2,5.53,"3866827"]
["14879","07/02/2012","37C150HCS8Y","8570491","3/8-16 X 1 1/2 HEX C/S GR 8 Z/YEL","3110","g0000 26","EA",100,6.3100000000000003E-2,6.31,"3866827"]
["14879","07/02/2012","37C150HCS8Y","8570491","3/8-16 X 1 1/2 HEX C/S GR 8 Z/YEL","3110","group 10 - 11","EA",123,6.3100000000000003E-2,7.7613000000000003,"3866827"]
["14879","07/02/2012","37C250HCS8Y","8542714","3/8-16 X 2 1/2 HEX C/S GR 8 Z/YEL","3110","group 20 - 21","EA",30,0.1026,3.0779999999999998,"3866827"]
["14879","07/02/2012","37NWUS8Y","8570509","3/8 USS FLAT WASHER GR 8 Z/YEL","3110","group 50","EA",300,2.7E-2,16.2,"3866827"]
["14879","07/02/2012","50C250HCS8Y","8570683","1/2-13 X 2 1/2 HEX C/S GR 8 Z/YEL","3110","s000000000","EA",20,0.19939999999999999,3.988,"3866827"]
["14879","07/02/2012","50F250HCS8Y","8571280","1/2-20 X 2 1/2 HEX C/S GR 8 Z/YEL","3110","group 42","EA",100,0.23230000000000001,23.23,"3866827"]
["14879","07/02/2012","8C100MTM0Z/F","8C100MTM0Z/F","8/32 X 1in PAN PHIL T/C T-F  ZNC","3110","final","EA",400,0.04,16,"3866827"]
["14879","07/02/2012","8G100UQF0Z/NPAT","8570935","8-18 X 1in F.H. SQ DRIVE TEK SC NYL PAT","3110","ZNC","EA",1000,1.55E-2,15.5,"3866827"]
["14879","07/02/2012","8G100UQF0Z/NPAT","8570935","8-18 X 1in F.H. SQ DRIVE TEK SC NYL PAT","3110","ZNC","EA",2500,1.55E-2,38.75,"3866827"]
["14879","07/02/2012","8G100UQP0B/NPAT","8570936","8-18 X 1in PAN SQ RECESS TEK SC NYL PAT","3110","BLK","EA",300,1.95E-2,5.85,"3866827"]
["14879","07/02/2012","8G100UQP0B/NPAT","8570936","8-18 X 1in PAN SQ RECESS TEK SC NYL PAT","3110","BLK","EA",500,1.95E-2,9.75,"3866827"]
["14879","07/02/2012","8G75UQP4","8570788","8-18 X 3/4 PAN SQ RECESS TEK SC 410 S/S","3110","group 50","EA",600,2.6200000000000001E-2,15.72,"3866827"]
["14879","07/02/2012","8G75URW0Z/NPAT","8570948","8-18 X 3/4 RND WASH HD TEK NYL PAT  ZNC","3110","group 50","EA",500,1.66E-2,8.3000000000000007,"3866827"]
["14879","07/02/2012","8N100TQP01","8570932","#8 X 1in PAN SQUARE RECESS T/S  BLK ZNC","3110","final","EA",400,1.1900000000000001E-2,4.76,"3866827"]
["14879","07/02/2012","8N100TQP01","8570932","#8 X 1in PAN SQUARE RECESS T/S  BLK ZNC","3110","group 22 - 24","EA",500,1.1900000000000001E-2,5.95,"3866827"]
["14879","07/02/2012","8N62TQP0Z/BL","8570739","#8 X 5/8 PAN SQUARE RECESS T/S BLK HD  Z","3110","NC","EA",800,7.0000000000000001E-3,11.2,"3866827"]
["14879","07/02/2012","8N62TQP0Z/BL","8570739","#8 X 5/8 PAN SQUARE RECESS T/S BLK HD  Z","3110","NC","EA",2500,7.0000000000000001E-3,17.5,"3866827"]
[null,null,null,null,null,null,null,null,null,null,{"$f":"SUBTOTAL(9,K2:K60)","v":1120.6073000000004},"3866827 Total"]
["14879","07/03/2012",".40C400BTAS",".40C400BTAS","M4-.7 X 40 HEX TAP BOLT 18-8","3110","103163","EA",12,0.2102,2.5224000000000002,"3867716"]
["14879","07/03/2012","/3M15-10S-W","3970548","6ga #10 STUD RING NON INSULATED","3110","9999","EA",51,0.1449,7.3898999999999999,"3867716"]
["14879","07/03/2012","/3M16-14W","3970381","3M16-14W  4ga 1/4 TERMINAL","3110","group 10 - 11","EA",100,0.32,32,"3867716"]
["14879","07/03/2012","/3M16-38-W","3945284","4ga  3/8 STUD RING NON INSULATED","3110","group 10 - 11","EA",100,0.34339999999999998,34.340000000000003,"3867716"]
["14879","07/03/2012","/3M16-38-W","3945284","4ga  3/8 STUD RING NON INSULATED","3110","group 20 - 21","EA",100,0.34339999999999998,68.680000000000007,"3867716"]
["14879","07/03/2012","/3M16-56-W","3971625","4ga 5/16 STUD RING NON INSULATED","3110","group 10 - 11","EA",100,0.2135,21.35,"3867716"]
["14879","07/03/2012","/3M1700","8970416","3M 1700  TEM FLEX ELECTRICAL TAPE","3110","m0000000000","EA",1,0.63,0.63,"3867716"]
["14879","07/03/2012","/3M2097/07184","/3M2097/07184","PARTICULATE FILTER P100 W/NUISANCE LEVE","E","145272","EA",2,4.2,8.4,"3867716"]
["14879","07/03/2012","/3M2097/07184","/3M2097/07184","PARTICULATE FILTER P100 W/NUISANCE LEVE","E","210968","EA",2,4.2,8.4,"3867716"]
["14879","07/03/2012","/3M2097/07184","/3M2097/07184","PARTICULATE FILTER P100 W/NUISANCE LEVE","E","215751","EA",2,4.2,8.4,"3867716"]
["14879","07/03/2012","/3M2097/07184","/3M2097/07184","PARTICULATE FILTER P100 W/NUISANCE LEVE","E","221043","EA",2,4.2,8.4,"3867716"]
["14879","07/03/2012","/3MMH10-14RK","3971612","10-12 1/4 STUD RING PERMA SEAL","3110","214775","EA",1,0.2477,0.2477,"3867716"]
["14879","07/03/2012","/A1","0610567","A1  HOLE SAW ARBOR","A","9999","EA",1,6.05,6.05,"3867716"]
["14879","07/03/2012","/A10","0601058","A10 HOLE SAW ARBOR","A","9999","EA",1,8.3699999999999992,8.3699999999999992,"3867716"]
["14879","07/03/2012","/AB493X","0601008","#3 X 1-15/16 APEX BIT","A","1698","EA",1,1.66,1.66,"3867716"]
["14879","07/03/2012","/ACS3114-04","/ACS3114-04","#8 J-NUT .045-.062 PANEL RANGE BLK","3110","group 22 - 24","EA",400,0.18,72,"3867716"]
["14879","07/03/2012","/AD44ABS","8570804","AD 44 ABS POP RIVET A/A","3110","g0000 26","EA",300,1.18E-2,3.54,"3867716"]
["14879","07/03/2012","/AL-14-50-0-CW-M","/AL-14-50-0-CW-M","14in BLACK CABLE TIE 50lb","D","final","EA",500,4.2000000000000003E-2,21,"3867716"]
["14879","07/03/2012","/AL-14-50-0-CW-M","/AL-14-50-0-CW-M","14in BLACK CABLE TIE 50lb","D","g0000 26","EA",500,4.2000000000000003E-2,21,"3867716"]
["14879","07/03/2012","/AL-14-50-0-CW-M","/AL-14-50-0-CW-M","14in BLACK CABLE TIE 50lb","D","group 10 - 11","EA",500,4.2000000000000003E-2,21,"3867716"]
["14879","07/03/2012","/AL-14-50-0-CW-M","/AL-14-50-0-CW-M","14in BLACK CABLE TIE 50lb","D","group 22 - 24","EA",500,4.2000000000000003E-2,42,"3867716"]
["14879","07/03/2012","/AL-14-50-0-CW-M","/AL-14-50-0-CW-M","14in BLACK CABLE TIE 50lb","D","group 42","EA",100,4.2000000000000003E-2,4.2,"3867716"]
["14879","07/03/2012","/AL-14-50-0-CW-M","/AL-14-50-0-CW-M","14in BLACK CABLE TIE 50lb","D","group 50","EA",500,4.2000000000000003E-2,21,"3867716"]
["14879","07/03/2012","/AS50SM","0613337","STATIC MIXER 50ml","A","s000000000","EA",10,1.25,12.5,"3867716"]
["14879","07/03/2012","/AS55300-50","7970040","METHACYLATE ADHESIVE 50ml","3110","s000000000","EA",12,8.98,107.76,"3867716"]
["14879","07/03/2012","/AV13004","8571030","1/4-20 WELL NUT 015/011 GRIP 25/UNIT","3110","final","EA",50,0.4556,22.78,"3867716"]
["14879","07/03/2012","/AV13009","6170120","10/32 WELL NUT .035/.232 GRIP 10/UNIT","3110","group 22 - 24","EA",175,0.24,42,"3867716"]
["14879","07/03/2012","/AV13009","6170120","10/32 WELL NUT .035/.232 GRIP 10/UNIT","3110","group 50","EA",150,0.24,36,"3867716"]
["14879","07/03/2012","/AV2293","8570920","1/4-20 MACHINE/SCR SIZE U/J NUT 100/UNIT","3110","group 42","EA",100,7.9000000000000001E-2,7.9,"3867716"]
["14879","07/03/2012","/AV8814","8570095","5/16-18 U-NUT 25/UNIT","3110","group 20 - 21","EA",75,0.20799999999999999,15.6,"3867716"]
["14879","07/03/2012","/AVK1/4-20-260","8571190","1/4-20-260 THD INSERT","3110","g0000 26","EA",50,0.14000000000000001,7,"3867716"]
["14879","07/03/2012","/AW20-202","0612410","20-202 T-SHIRT/POLOKNIT","D","213492","EA",50,0.52,26,"3867716"]
["14879","07/03/2012","/AW20-202","0612410","20-202 T-SHIRT/POLOKNIT","D","273455","EA",50,0.52,26,"3867716"]
["14879","07/03/2012","/BI-CP0399","0611745","CTR PUNCH CLAMP 13/16x3/8x.025 GC","D","c000 r00000","EA",1,0.29459999999999997,0.29459999999999997,"3867716"]
["14879","07/03/2012","/CB0377963","0377963","3/4 X .75 BLACK PIPE SPACER","3110","group 20 - 21","EA",190,0.58899999999999997,111.91,"3867716"]
["14879","07/03/2012","/CCPV8-6","8570815","1/4 MONO BOLT .08-.375 GRIP S/S","3110","final","EA",250,0.60809999999999997,152.02500000000001,"3867716"]
["14879","07/03/2012","/CCPV8-6","8570815","1/4 MONO BOLT .08-.375 GRIP S/S","3110","group 20 - 21","EA",250,0.60809999999999997,152.02500000000001,"3867716"]
["14879","07/03/2012","/CCPV8-6","8570815","1/4 MONO BOLT .08-.375 GRIP S/S","3110","group 22 - 24","EA",250,0.60809999999999997,152.02500000000001,"3867716"]
["14879","07/03/2012","/COV2509Z1","3971511","1-1/2in VYL COATED WIRING/TUBE CLIP","3110","group 10 - 11","EA",500,0.26300000000000001,131.5,"3867716"]
["14879","07/03/2012","/COV3313Z1","3971520","2in VYL COATED WIRING/TUBE CLIP","3110","69550","EA",250,0.28299999999999997,70.75,"3867716"]
["14879","07/03/2012","/CRL216","0610545","CRL216 PLASTIC PUSH STICK","A","220979","EA",2,0.66,1.32,"3867716"]
["14879","07/03/2012","/CRL216","0610545","CRL216 PLASTIC PUSH STICK","A","221054","EA",1,0.66,0.66,"3867716"]
["14879","07/03/2012","/CRL216","0610545","CRL216 PLASTIC PUSH STICK","A","s000000000","EA",2,0.66,1.32,"3867716"]
["14879","07/03/2012","/CTGT-50S2","/CTGT-50S2","7-3/8 NATURAL CABLE TIE","3110","group 22 - 24","EA",150,6.9949999999999998E-2,10.4925,"3867716"]
["14879","07/03/2012","/EL6527","/EL6527","1 X 25ft TAPE MEASURE","D","213522","EA",1,5.38,5.38,"3867716"]
["14879","07/03/2012","/EL6527","/EL6527","1 X 25ft TAPE MEASURE","D","221061","EA",1,5.38,5.38,"3867716"]
["14879","07/03/2012","/EN92","0612342","AAA ALKALINE BATTERY","D","163201","EA",3,0.45,1.35,"3867716"]
["14879","07/03/2012","/EN92","0612342","AAA ALKALINE BATTERY","D","1698","EA",3,0.45,1.35,"3867716"]
["14879","07/03/2012","/EN92","0612342","AAA ALKALINE BATTERY","D","213455","EA",3,0.45,1.35,"3867716"]
["14879","07/03/2012","/EN92","0612342","AAA ALKALINE BATTERY","D","273360","EA",2,0.45,0.9,"3867716"]
["14879","07/03/2012","/EN92","0612342","AAA ALKALINE BATTERY","D","9999","EA",12,0.45,5.4,"3867716"]
["14879","07/03/2012","/EN92","0612342","AAA ALKALINE BATTERY","D","s000000000","EA",3,0.45,1.35,"3867716"]
["14879","07/03/2012","/FWBEANIES-M","/FWBEANIES-M","WELDING BEANIES  - MEDIUM","E","215739","EA",1,4.3499999999999996,4.3499999999999996,"3867716"]
["14879","07/03/2012","/FWBEANIES-S","0613305","WELDING BEANIES  - SMALL","E","221043","EA",1,4.3499999999999996,4.3499999999999996,"3867716"]
["14879","07/03/2012","/FWCEP932-1040","0612258","2in X 4-1/4 COVER PLATE","D","145272","EA",1,0.72,0.72,"3867716"]
["14879","07/03/2012","/FWCEP932-1040","0612258","2in X 4-1/4 COVER PLATE","D","215751","EA",1,0.72,0.72,"3867716"]
["14879","07/03/2012","/FWCEP932-1042","0612967","4-1/2 X 5-1/4 COVER PLATE","A","145272","EA",1,0.9,0.9,"3867716"]
["14879","07/03/2012","/FWCEP932-1042","0612967","4-1/2 X 5-1/4 COVER PLATE","A","215751","EA",1,0.9,0.9,"3867716"]
["14879","07/03/2012","/FWFAL50504","/FWFAL50504","2 X .050 X 1/4 CUT OFF WHEEL","A","163217","EA",6,1.45,8.6999999999999993,"3867716"]
["14879","07/03/2012","/FWFAL50504","/FWFAL50504","2 X .050 X 1/4 CUT OFF WHEEL","A","s000000000","EA",12,1.45,17.399999999999999,"3867716"]
["14879","07/03/2012","/FWMOL2310N99","0613362","WELDERS FACE MASK CARBON LINER","E","213532","EA",10,4.0625,40.625,"3867716"]
["14879","07/03/2012","/FWMOL2310N99","0613362","WELDERS FACE MASK CARBON LINER","E","215766","EA",10,4.0625,40.625,"3867716"]
["14879","07/03/2012","/FWTWE14-35","0602003","CONTACT TIP 1140-1102","A","221043","EA",6,0.76,4.5599999999999996,"3867716"]
["14879","07/03/2012","/FWTWE24A-62-SS","0602004","NOZZLE 1240-121","A","221043","EA",4,3.3125,13.25,"3867716"]
["14879","07/03/2012","/FWTWE34A","0616178","NOZZLE INSULATOR 1340-1100","A","221043","EA",5,1.7124999999999999,8.5625,"3867716"]
["14879","07/03/2012","/FWWEL20-3100","0613306","SWEAT BAND, HELMET COMFORTER","E","145272","EA",2,2.21,4.42,"3867716"]
["14879","07/03/2012","/FWWEL20-3100","0613306","SWEAT BAND, HELMET COMFORTER","E","163231","EA",2,2.21,4.42,"3867716"]
["14879","07/03/2012","/FWWEL20-3100","0613306","SWEAT BAND, HELMET COMFORTER","E","214742","EA",2,2.21,4.42,"3867716"]
["14879","07/03/2012","/GCGFQM-B25N","/GCGFQM-B25N","16-14ga FULL INS MALE QUICK CONNECT","3110","final","EA",250,5.5E-2,13.75,"3867716"]
["14879","07/03/2012","/HDL33AINE","/HDL33AINE","ENERGIZER 6 LED HEADLAMP","D","s000000000","EA",1,24.69,24.69,"3867716"]
["14879","07/03/2012","/HS55010","0611756","5/8 HOLE SAW H S S","A","155993","EA",1,3.27,3.27,"3867716"]
["14879","07/03/2012","/HS55018","0601050","1-1/8 HOLE SAW H S S","A","9999","EA",1,3.34,3.34,"3867716"]
["14879","07/03/2012","/HS55020","0610867","1-1/4 HOLE SAW H S S","A","9999","EA",1,3.38,3.38,"3867716"]
["14879","07/03/2012","/IDL62606","4970421","5/16-7/8 ALL STAINLESS HOSE CLAMP","3110","final","EA",50,0.34,17,"3867716"]
["14879","07/03/2012","/IDL62606","4970421","5/16-7/8 ALL STAINLESS HOSE CLAMP","3110","group 22 - 24","EA",80,0.34,27.2,"3867716"]
["14879","07/03/2012","/ISW00","0612556"," STEEL WOOL 00gr    16/PK","D","213467","EA",2,2.3199999999999998,4.6399999999999997,"3867716"]
["14879","07/03/2012","/MCR9378T","/MCR9378T","18in KEVLAR SLEEVE W/THUMB SLOT","E","221044","EA",2,3.18,6.36,"3867716"]
["14879","07/03/2012","/MCR9378T","/MCR9378T","18in KEVLAR SLEEVE W/THUMB SLOT","E","221072","EA",2,3.18,6.36,"3867716"]
["14879","07/03/2012","/MCR9673GW-XL","/MCR9673GW-XL","WHITE NYLON NITRILE GLOVE  X-LARGE","E","210928","EA",1,1.96,1.96,"3867716"]
["14879","07/03/2012","/MCR9673GW-XL","/MCR9673GW-XL","WHITE NYLON NITRILE GLOVE  X-LARGE","E","s000000000","EA",1,1.96,1.96,"3867716"]
["14879","07/03/2012","/MCRSS110","0616389","STRATOS SAFETY GLASS CLR LEN BLK FRAME","E","221023","EA",1,1.5,1.5,"3867716"]
["14879","07/03/2012","/MHC11180-12-8B","2971074","1/2 MPT X 3/4 BARB BRASS","3110","221017","EA",3,1.78,5.34,"3867716"]
["14879","07/03/2012","/MI790","0613299","790 1/4 FEMALE BODY","D","c000 r00000","EA",1,5.82,5.82,"3867716"]
["14879","07/03/2012","/MKNMPD4S","0601065","1/4 PILOT BIT SHORT","A","9999","EA",1,1.68,1.68,"3867716"]
["14879","07/03/2012","/MOL6644","/MOL6644","MOLDEX UNCORDED EAR PLUG DISPENSER 250PR","E","215719","EA",1,33.5,33.5,"3867716"]
["14879","07/03/2012","/MS05-593GR","0613371","17in SPARK GUARD SLEEVE    PAIR","E","214742","EA",1,5.84,5.84,"3867716"]
["14879","07/03/2012","/MS05-593GR","0613371","17in SPARK GUARD SLEEVE    PAIR","E","221043","EA",1,5.84,5.84,"3867716"]
["14879","07/03/2012","/MS09-7005-L","0612455","NDEX NITRILE GLOVE LGE(100/BX)6020","E","107767","EA",1,9.39,9.39,"3867716"]
["14879","07/03/2012","/MS09-7005-L","0612455","NDEX NITRILE GLOVE LGE(100/BX)6020","E","215766","EA",1,9.39,9.39,"3867716"]
["14879","07/03/2012","/MSHL5/16-6","/MSHL5/16-6","MSHL 5/16-6 MAG NUTSETTER","A","155917","EA",1,6.03,6.03,"3867716"]
["14879","07/03/2012","/MSHL5/16-6","/MSHL5/16-6","MSHL 5/16-6 MAG NUTSETTER","A","69541","EA",1,6.03,6.03,"3867716"]
["14879","07/03/2012","/PB27425","/PB27425","27425 3/16 HEX BIT LONG","A","221018","EA",1,1.75,1.75,"3867716"]
["14879","07/03/2012","/PB28314","0610234","#2 PHILLIPS BIT 4in","A","141879","EA",2,1,2,"3867716"]
["14879","07/03/2012","/PB28314","0610234","#2 PHILLIPS BIT 4in","A","214739","EA",2,1,2,"3867716"]
["14879","07/03/2012","/PB28314","0610234","#2 PHILLIPS BIT 4in","A","214791","EA",1,1,1,"3867716"]
["14879","07/03/2012","/PB28314","0610234","#2 PHILLIPS BIT 4in","A","215766","EA",1,1,1,"3867716"]
["14879","07/03/2012","/PB29059","0612278","#2 X 3 SQ BIT","A","141879","EA",2,0.85,1.7,"3867716"]
["14879","07/03/2012","/PB29059","0612278","#2 X 3 SQ BIT","A","155917","EA",1,0.85,0.85,"3867716"]
["14879","07/03/2012","/PB29059","0612278","#2 X 3 SQ BIT","A","213455","EA",4,0.85,6.8,"3867716"]
["14879","07/03/2012","/PB29059","0612278","#2 X 3 SQ BIT","A","213496","EA",5,0.85,4.25,"3867716"]
["14879","07/03/2012","/PB29059","0612278","#2 X 3 SQ BIT","A","214734","EA",3,0.85,2.5499999999999998,"3867716"]
["14879","07/03/2012","/PB29059","0612278","#2 X 3 SQ BIT","A","214739","EA",2,0.85,1.7,"3867716"]
["14879","07/03/2012","/PB29059","0612278","#2 X 3 SQ BIT","A","87507","EA",3,0.85,2.5499999999999998,"3867716"]
["14879","07/03/2012","/PB29059","0612278","#2 X 3 SQ BIT","A","s000000000","EA",2,0.85,1.7,"3867716"]
["14879","07/03/2012","/PB37719","0612431","37719 T-20 TORX BIT LONG","A","213467","EA",1,1.96,1.96,"3867716"]
["14879","07/03/2012","/PB39959","0612067","#2 SQ X 6 SQ RECESS BIT","A","213496","EA",5,1.49,7.45,"3867716"]
["14879","07/03/2012","/PB39959","0612067","#2 SQ X 6 SQ RECESS BIT","A","213522","EA",1,1.49,1.49,"3867716"]
["14879","07/03/2012","/PB39959","0612067","#2 SQ X 6 SQ RECESS BIT","A","214724","EA",1,1.49,1.49,"3867716"]
["14879","07/03/2012","/PB39959","0612067","#2 SQ X 6 SQ RECESS BIT","A","215760","EA",1,1.49,1.49,"3867716"]
["14879","07/03/2012","/PIP09-K1450/L","/PIP09-K1450/L","KEVLAR GLOVE WITH NITRILE COATING LARGE","E","155917","EA",1,4.75,4.75,"3867716"]
["14879","07/03/2012","/PIP09-K1450/L","/PIP09-K1450/L","KEVLAR GLOVE WITH NITRILE COATING LARGE","E","210972","EA",1,4.75,4.75,"3867716"]
["14879","07/03/2012","/PIP09-K1450/L","/PIP09-K1450/L","KEVLAR GLOVE WITH NITRILE COATING LARGE","E","211005","EA",1,4.75,4.75,"3867716"]
["14879","07/03/2012","/PIP09-K1450/L","/PIP09-K1450/L","KEVLAR GLOVE WITH NITRILE COATING LARGE","E","214798","EA",1,4.75,4.75,"3867716"]
["14879","07/03/2012","/PIP09-K1450/L","/PIP09-K1450/L","KEVLAR GLOVE WITH NITRILE COATING LARGE","E","221072","EA",1,4.75,4.75,"3867716"]
["14879","07/03/2012","/PIP09-K1450/L","/PIP09-K1450/L","KEVLAR GLOVE WITH NITRILE COATING LARGE","E","72986","EA",1,4.75,4.75,"3867716"]
["14879","07/03/2012","/PIP09-K1450/L","/PIP09-K1450/L","KEVLAR GLOVE WITH NITRILE COATING LARGE","E","72992","EA",1,4.75,4.75,"3867716"]
["14879","07/03/2012","/PIP09-K1450/M","/PIP09-K1450/M","KEVLAR GLOVE W/NITRILE COATING MEDIUM","E","141818","EA",1,4.75,4.75,"3867716"]
["14879","07/03/2012","/PIP09-K1450/M","/PIP09-K1450/M","KEVLAR GLOVE W/NITRILE COATING MEDIUM","E","87594","EA",1,4.75,4.75,"3867716"]
["14879","07/03/2012","/PIP09-K1450/XL","/PIP09-K1450/XL","KEVLAR GLOVE W/NITRILE COATING XL","E","221009","EA",1,4.75,4.75,"3867716"]
["14879","07/03/2012","/PIP09-K1450/XL","/PIP09-K1450/XL","KEVLAR GLOVE W/NITRILE COATING XL","E","221032","EA",1,4.75,4.75,"3867716"]
["14879","07/03/2012","/PM96011","0613380","96011  YELLOW CHINA MARKER","D","136904","EA",2,0.93,1.86,"3867716"]
["14879","07/03/2012","/PM96011","0613380","96011  YELLOW CHINA MARKER","D","214742","EA",1,0.93,0.93,"3867716"]
["14879","07/03/2012","/PM96014","0613381","96014  CRIMSON CHINA MARKER","D","145295","EA",2,0.57999999999999996,1.1599999999999999,"3867716"]
["14879","07/03/2012","/RTTV7A008-0","/RTTV7A008-0","3 27/32L X 13/32W X .039TK AIR SAW BLADE","A","s000000000","EA",6,2.7,16.2,"3867716"]
["14879","07/03/2012","/S00100","0613076","S00100  WHITE LITHIUM LUBRICANT","D","220982","EA",1,2.87,2.87,"3867716"]
["14879","07/03/2012","/SB11-6X3/4X.035X14","0610801","11ft 6in X 3/4 X .035 14tpi BI-METAL BSB","A","R&D","EA",1,41.23,41.23,"3867716"]
["14879","07/03/2012","/SB12524","0612403","3-5/8 1/2 WIDE 24tpi AIR SAW BLADE","A","215766","EA",7,1,7,"3867716"]
["14879","07/03/2012","/SB12524","0612403","3-5/8 1/2 WIDE 24tpi AIR SAW BLADE","A","87507","EA",5,1,5,"3867716"]
["14879","07/03/2012","/SB12524","0612403","3-5/8 1/2 WIDE 24tpi AIR SAW BLADE","A","s000000000","EA",25,1,25,"3867716"]
["14879","07/03/2012","/SB1QTA","0607002","1 QT SPRAY APPLICATOR (NO BOTTLE)","D","273455","EA",2,0.62,1.24,"3867716"]
["14879","07/03/2012","/SB1QTB","0607001","1 QT SPRAY BOTTLE  (NO APPLICATOR)","D","m0000000000","EA",1,0.66,0.66,"3867716"]
["14879","07/03/2012","/SB40814","0612269","40814 8 14T RECIP SAW","A","155960","EA",1,1.88,1.88,"3867716"]
["14879","07/03/2012","/SB40814","0612269","40814 8 14T RECIP SAW","A","210968","EA",25,1.88,47,"3867716"]
["14879","07/03/2012","/SB40814","0612269","40814 8 14T RECIP SAW","A","213500","EA",20,1.88,37.6,"3867716"]
["14879","07/03/2012","/SP524","0607039","5 X 24 GRIT A/O SANDING DISC","A","210968","EA",10,0.69,6.9,"3867716"]
["14879","07/03/2012","/SSD68SSBSLF","8571005","POP RIVET ST/ST LARGE FLANGE","3110","final","EA",150,0.19289999999999999,28.934999999999999,"3867716"]
["14879","07/03/2012","/STN11921I","0610823","UTIL KNIFE BLADES(INDIVIDUAL BLADES)","A","155917","EA",15,0.11,1.65,"3867716"]
["14879","07/03/2012","/STN11921I","0610823","UTIL KNIFE BLADES(INDIVIDUAL BLADES)","A","163201","EA",15,0.11,1.65,"3867716"]
["14879","07/03/2012","/STN11921I","0610823","UTIL KNIFE BLADES(INDIVIDUAL BLADES)","A","273455","EA",15,0.11,1.65,"3867716"]
["14879","07/03/2012","/STN11921I","0610823","UTIL KNIFE BLADES(INDIVIDUAL BLADES)","A","72986","EA",15,0.11,1.65,"3867716"]
["14879","07/03/2012","/UT-1033","8970411","2 X 60 YD GRAY DUCT TAPE - THIN 8mil","3110","163231","EA",1,3.51,3.51,"3867716"]
["14879","07/03/2012","/UT-1033","8970411","2 X 60 YD GRAY DUCT TAPE - THIN 8mil","3110","214758","EA",2,3.51,7.02,"3867716"]
["14879","07/03/2012","/UT-1033","8970411","2 X 60 YD GRAY DUCT TAPE - THIN 8mil","3110","215766","EA",1,3.51,3.51,"3867716"]
["14879","07/03/2012","/UT-1033","8970411","2 X 60 YD GRAY DUCT TAPE - THIN 8mil","3110","221023","EA",1,3.51,3.51,"3867716"]
["14879","07/03/2012","/UT-1033","8970411","2 X 60 YD GRAY DUCT TAPE - THIN 8mil","3110","221027","EA",1,3.51,3.51,"3867716"]
["14879","07/03/2012","/WELPT1600","0612901","WELLER PROPANE CYLINDER","D","214748","EA",1,2.61,2.61,"3867716"]
["14879","07/03/2012","/WH3220X6X4","2970627","3/8 X 1/4 HEX BUSHING BRASS","3110","g0000 26","EA",5,0.41,2.0499999999999998,"3867716"]
["14879","07/03/2012","/WH3400X4","2970630","1/4 MALE/FEMALE STREET ELBOW BRASS","3110","134472","EA",1,0.81,0.81,"3867716"]
["14879","07/03/2012","/WKW70001","0601006","1/4 ROUTER BIT - 3/4 CUT LENGTH","A","145295","EA",6,6.22,37.32,"3867716"]
["14879","07/03/2012","/WKW70001","0601006","1/4 ROUTER BIT - 3/4 CUT LENGTH","A","215766","EA",5,6.22,31.1,"3867716"]
["14879","07/03/2012","/WKW70001","0601006","1/4 ROUTER BIT - 3/4 CUT LENGTH","A","s000000000","EA",5,6.22,31.1,"3867716"]
["14879","07/03/2012","/WU3201-L","0613393","LEATHER DRIVING GLOVES LARGE 3201L","E","215719","EA",1,4.05,4.05,"3867716"]
["14879","07/03/2012","/WU3201-L","0613393","LEATHER DRIVING GLOVES LARGE 3201L","E","215739","EA",1,4.05,4.05,"3867716"]
["14879","07/03/2012","/WU3201-M","/WU3201-M","LEATHER DRIVING GLOVES MEDIUM","E","221043","EA",1,4.05,8.1,"3867716"]
["14879","07/03/2012","/WU3201-XL","0613394","LEATHER DRIVING GLOVES X-LG 3201XL","E","163217","EA",1,4.05,4.05,"3867716"]
["14879","07/03/2012","/WU3201-XL","0613394","LEATHER DRIVING GLOVES X-LG 3201XL","E","213532","EA",2,4.05,8.1,"3867716"]
["14879","07/03/2012","/WU3201-XL","0613394","LEATHER DRIVING GLOVES X-LG 3201XL","E","214742","EA",1,4.05,4.05,"3867716"]
["14879","07/03/2012","/WU3201-XL","0613394","LEATHER DRIVING GLOVES X-LG 3201XL","E","273394","EA",1,4.05,4.05,"3867716"]
["14879","07/03/2012","/WU3201-XL","0613394","LEATHER DRIVING GLOVES X-LG 3201XL","E","87597","EA",1,4.05,4.05,"3867716"]
["14879","07/03/2012","10F125MXPS","8570972","10/32 X 1 1/4 PHIL PAN M/S 18-8","3110","final","EA",200,4.2500000000000003E-2,8.5,"3867716"]
["14879","07/03/2012","10F50MXP0Z","8570996","10/32 X 1/2 PHIL PAN M/S  ZNC","3110","221018","EA",6,4.8999999999999998E-3,2.9399999999999999E-2,"3867716"]
["14879","07/03/2012","10F50MXP0Z","8570996","10/32 X 1/2 PHIL PAN M/S  ZNC","3110","group 10 - 11","EA",500,4.8999999999999998E-3,2.4500000000000002,"3867716"]
["14879","07/03/2012","10FNCAS","8571085","10/32 ACORN CAP NUT 18-8","3110","group 10 - 11","EA",155,0.18,27.9,"3867716"]
["14879","07/03/2012","10G100UQP","8570757","10-16 X 1in PAN SQ RECESS TEK SC","3110","group 22 - 24","EA",400,1.7399999999999999E-2,6.96,"3867716"]
["14879","07/03/2012","10G100UQP","8570757","10-16 X 1in PAN SQ RECESS TEK SC","3110","group 50","EA",400,1.7399999999999999E-2,6.96,"3867716"]
["14879","07/03/2012","12RDJO","0601021","1/8 HSS JOBR DRILL BLK/135deg S/P","A","s000000000","EA",12,0.55000000000000004,6.6,"3867716"]
["14879","07/03/2012","14RDAI","0601024","9/64 6 AIRCRAFT EXTENSION DRILL","A","213488","EA",1,1.3625,1.3625,"3867716"]
["14879","07/03/2012","14RDAI","0601024","9/64 6 AIRCRAFT EXTENSION DRILL","A","221017","EA",6,1.3625,8.1750000000000007,"3867716"]
["14879","07/03/2012","14RDAI","0601024","9/64 6 AIRCRAFT EXTENSION DRILL","A","s000000000","EA",11,1.3625,14.987500000000001,"3867716"]
["14879","07/03/2012","14RDAI","0601024","9/64 6 AIRCRAFT EXTENSION DRILL","A","s000000000","EA",12,1.3625,16.350000000000001,"3867716"]
["14879","07/03/2012","14RDCO","0613320","9/64 COBALT DRILL","A","221017","EA",10,1.35,13.5,"3867716"]
["14879","07/03/2012","14RDCO","0613320","9/64 COBALT DRILL","A","221055","EA",12,1.35,16.2,"3867716"]
["14879","07/03/2012","14RDCO","0613320","9/64 COBALT DRILL","A","m0000000000","EA",2,1.35,2.7,"3867716"]
["14879","07/03/2012","14RDCO","0613320","9/64 COBALT DRILL","A","s000000000","EA",12,1.35,16.2,"3867716"]
["14879","07/03/2012","15RDJO","0601025","5/32 HSS JOBR DRILL BLK/135deg S/P","A","m0000000000","EA",1,0.56999999999999995,0.56999999999999995,"3867716"]
["14879","07/03/2012","17RDAI","0612251","11/64 6 AIRCRAFT EXTENSION DRILL","A","s000000000","EA",6,1.84,11.04,"3867716"]
["14879","07/03/2012","18RDCO","0612440","3/16 COBALT DRILL","A","220985","EA",12,1.3,15.6,"3867716"]
["14879","07/03/2012","18RDCO","0612440","3/16 COBALT DRILL","A","221017","EA",5,1.3,6.5,"3867716"]
["14879","07/03/2012","18RDCO","0612440","3/16 COBALT DRILL","A","s000000000","EA",12,1.3,15.6,"3867716"]
["14879","07/03/2012","25C100HCS8Y","8541021","1/4-20 X 1in HEX C/S GR 8 Z/YEL","3110","group 10 - 11","EA",150,2.3800000000000002E-2,3.57,"3867716"]
["14879","07/03/2012","25C200HCS8Y","8571228","1/4-20 X 2 HEX C/S GR 8 Z/YEL","3110","213453","EA",2,5.2499999999999998E-2,0.105,"3867716"]
["14879","07/03/2012","25C200KBCS","8571044","1/4-20 X 2 BUTTON SOC C/S 18-8","3110","group 22 - 24","EA",125,9.1800000000000007E-2,11.475,"3867716"]
["14879","07/03/2012","25C200KBCS","8571044","1/4-20 X 2 BUTTON SOC C/S 18-8","3110","group 50","EA",60,9.1800000000000007E-2,5.508,"3867716"]
["14879","07/03/2012","25C75MXTS","8570781","1/4-20 X 3/4 PHL TRS M/S 18-8","3110","final","EA",125,4.3400000000000001E-2,5.4249999999999998,"3867716"]
["14879","07/03/2012","25CNFH8Y","8570858","1/4-20 HEX FIN NUT GR 8 Z/YEL","3110","221008","EA",5,8.6999999999999994E-3,4.3499999999999997E-2,"3867716"]
["14879","07/03/2012","25CNNE8Y","8570194","1/4-20 NYLOC INSERT LOCKNUT GR 8 Z/YEL","3110","group 10 - 11","EA",400,1.9400000000000001E-2,15.52,"3867716"]
["14879","07/03/2012","25NWUS8Y","8571249","1/4 USS FLAT WASHER GR 8 Z/YEL","3110","group 10 - 11","EA",400,1.4E-2,5.6,"3867716"]
["14879","07/03/2012","28RDAI","28RDAI","9/32 6 AIRCRAFT EXTENSION DRILL","A","72986","EA",2,5.4,10.8,"3867716"]
["14879","07/03/2012","31C100HSF0Z","8570862","5/16-18 X 1in HEX SERR FLG BOLT  ZNC","3110","group 20 - 21","EA",100,0.09,9,"3867716"]
["14879","07/03/2012","31C100MTH0Z/F","8540171","5/16-18 X 1in IND HEX SLT W/H T/C T-F  Z","3110","NC","EA",50,0.155,7.75,"3867716"]
["14879","07/03/2012","37C125HCS8Y","8542797","3/8-16 X 1 1/4 HEX C/S GR 8 Z/YEL","3110","group 22 - 24","EA",100,5.5300000000000002E-2,5.53,"3867716"]
["14879","07/03/2012","37C150HCS8Y","8570491","3/8-16 X 1 1/2 HEX C/S GR 8 Z/YEL","3110","g0000 26","EA",250,6.3100000000000003E-2,15.775,"3867716"]
["14879","07/03/2012","37C200KBCS","37C200KBCS","3/8-16 X 2 BUTTON SOC C/S 18-8","3110","group 42","EA",40,0.38,15.2,"3867716"]
["14879","07/03/2012","37C400HCS8Y","8571128","3/8-16 X 4in HEX C/S GR 8 Z/YEL","3110","273360","EA",4,0.1754,0.7016,"3867716"]
["14879","07/03/2012","37C75HCS8Y","8541922","3/8-16 X 3/4 HEX C/S GR 8 Z/YEL","3110","221047","EA",20,4.3099999999999999E-2,0.86199999999999999,"3867716"]
["14879","07/03/2012","37NLOCS","37NLOCS","3/8 SPLIT LOCKWASHER 18-8","3110","group 42","EA",150,0.05,7.5,"3867716"]
["14879","07/03/2012","37NWUS8Y","8570509","3/8 USS FLAT WASHER GR 8 Z/YEL","3110","group 10 - 11","EA",250,2.7E-2,6.75,"3867716"]
["14879","07/03/2012","43F100HCS8Y","8571319","7/16-20 X 1in HEX C/S GR 8 Z/YEL","3110","group 42","EA",200,0.1244,24.88,"3867716"]
["14879","07/03/2012","43F150HCS8Y","8571289","7/16-20 X 1 1/2 HEX C/S GR 8 Z/YEL","3110","group 42","EA",125,0.1396,17.45,"3867716"]
["14879","07/03/2012","43F250HCS8Y","8571283","7/16-20 X 2 1/2 HEX C/S GR 8 Z/YEL","3110","group 42","EA",100,0.16919999999999999,16.920000000000002,"3867716"]
["14879","07/03/2012","43F250HCS8Y","8571283","7/16-20 X 2 1/2 HEX C/S GR 8 Z/YEL","3110","group 42","EA",125,0.16919999999999999,21.15,"3867716"]
["14879","07/03/2012","43FNNE8Y","8571284","7/16-20 NYLOC INSERT LOCKNUT GR 8 Z/YEL","3110","group 42","EA",300,5.2200000000000003E-2,15.66,"3867716"]
["14879","07/03/2012","4N50TXP0O","8570737","#4 X 1/2 PHIL PAN T/S  BLK OX","3110","221009","EA",50,1.03E-2,0.51500000000000001,"3867716"]
["14879","07/03/2012","50C150BCG81","8540403","1/2-13 X 1-1/2 CARR BOLT GR 8 BLK ZINC","3110","group 22 - 24","EA",100,0.66759999999999997,66.760000000000005,"3867716"]
["14879","07/03/2012","50C150HCS8Y","8570954","1/2-13 X 1 1/2 HEX C/S GR 8 Z/YEL","3110","g0000 26","EA",50,0.1275,6.375,"3867716"]
["14879","07/03/2012","56RDCO/38S","A","9/16 COBALT DRILL 3/8shk","","210968","EA",1,32.78,32.78,"3867716"]
["14879","07/03/2012","8G100UQF0Z/NPAT","8570935","8-18 X 1in F.H. SQ DRIVE TEK SC NYL PAT","3110","ZNC","EA",2500,1.55E-2,38.75,"3867716"]
["14879","07/03/2012","8G100UQP/NPAT","8570931","8-18 X 1in PAN SQ RECESS TEK SC NYL PAT","3110","final","EA",2000,1.796E-2,35.92,"3867716"]
["14879","07/03/2012","8G100UQP0B/NPAT","8570936","8-18 X 1in PAN SQ RECESS TEK SC NYL PAT","3110","BLK","EA",500,1.95E-2,9.75,"3867716"]
["14879","07/03/2012","8G75UQP4","8570788","8-18 X 3/4 PAN SQ RECESS TEK SC 410 S/S","3110","group 20 - 21","EA",600,2.6200000000000001E-2,15.72,"3867716"]
["14879","07/03/2012","8G75URW0Z/NPAT","8570948","8-18 X 3/4 RND WASH HD TEK NYL PAT  ZNC","3110","group 10 - 11","EA",800,1.66E-2,13.28,"3867716"]
["14879","07/03/2012","8N100SSD0Z","8570774","#8 X 1in FLT SQ DR DEEP/THRD SC  ZNC","3110","final","EA",600,8.6999999999999994E-3,5.22,"3867716"]
["14879","07/03/2012","8N300TQF0B","8570711","#8 X 3 FLAT SQUARE RECESS T/S  BLK","3110","214734","EA",151,3.6900000000000002E-2,5.5719000000000003,"3867716"]
["14879","07/03/2012","8N62TQP0Z/BL","8570739","#8 X 5/8 PAN SQUARE RECESS T/S BLK HD  Z","3110","NC","EA",1000,7.0000000000000001E-3,7,"3867716"]
["14879","07/03/2012","8NWFFS","8542219","#8 FLANGED FINISH WASHER 18-8","3110","final","EA",500,1.9099999999999999E-2,9.5500000000000007,"3867716"]
["14879","07/03/2012","9RDJO","0601020","3/32 HSS JOBR DRILL BLK/135deg S/P","A","s000000000","EA",5,0.54,2.7,"3867716"]
[null,null,null,null,null,null,null,null,null,null,{"$f":"SUBTOTAL(9,K62:K277)","v":3061.9410000000025},"3867716 Total"]
["14879","07/05/2012",".60CNFHS",".60CNFHS","M6-1 HEX FIN NUT 18-8","3110","107518","EA",60,5.5198999999999998E-2,3.3119399999999999,"3868309"]
["14879","07/05/2012",".60CNFHS",".60CNFHS","M6-1 HEX FIN NUT 18-8","3110","221047","EA",8,5.5198999999999998E-2,0.44159199999999998,"3868309"]
["14879","07/05/2012","/AT2","4970611","2 X 50yds ALUMINUM TAPE UT-41","3110","221041","EA",2,6.82,13.64,"3868309"]
["14879","07/05/2012","/AW20-202","0612410","20-202 T-SHIRT/POLOKNIT","D","s000000000","EA",50,0.52,26,"3868309"]
["14879","07/05/2012","/BI-CP0399","0611745","CTR PUNCH CLAMP 13/16x3/8x.025 GC","D","c000 r00000","EA",1,0.29459999999999997,0.29459999999999997,"3868309"]
["14879","07/05/2012","/CCPV8-10","8570809","1/4 MONO BOLT .35-.625 GRIP  STNL/STNL","3110","group 22 - 24","EA",200,0.67,134,"3868309"]
["14879","07/05/2012","/EN92","0612342","AAA ALKALINE BATTERY","D","163249","EA",4,0.45,1.8,"3868309"]
["14879","07/05/2012","/LPC6-3/8","/LPC6-3/8","3/8 BLACK PLASTIC TUBE CLAMP","3110","final","EA",500,1.4E-2,7,"3868309"]
["14879","07/05/2012","/MHC11180-16-12B","2971148","3/4 MPT X 1 BARB BRASS","3110","g0000 26","EA",10,2.73,27.3,"3868309"]
["14879","07/05/2012","/MHC11180-6-12B","2971212","3/4 MPT X 3/8 BARB BRASS","3110","g0000 26","EA",5,2.67,13.35,"3868309"]
["14879","07/05/2012","/MHC11911-12-12B","2971154","3/4 PIPE NIPPLE BRASS","3110","g0000 26","EA",5,3.06,30.6,"3868309"]
["14879","07/05/2012","/MI602","2970730","602 1/4M X 3/8 ID HOSE FITTING","3110","c000 r00000","EA",1,0.73,0.73,"3868309"]
["14879","07/05/2012","/MI790","0613299","790 1/4 FEMALE BODY","D","c000 r00000","EA",1,5.82,5.82,"3868309"]
["14879","07/05/2012","/MKNMPD4S","0601065","1/4 PILOT BIT SHORT","A","87507","EA",1,1.68,1.68,"3868309"]
["14879","07/05/2012","/MS05-593GR","0613371","17in SPARK GUARD SLEEVE    PAIR","E","215788","EA",1,5.84,5.84,"3868309"]
["14879","07/05/2012","/PB29059","0612278","#2 X 3 SQ BIT","A","s000000000","EA",2,0.85,1.7,"3868309"]
["14879","07/05/2012","/PB39959","0612067","#2 SQ X 6 SQ RECESS BIT","A","s000000000","EA",1,1.49,1.49,"3868309"]
["14879","07/05/2012","/PFBBDE2140","/PFBBDE2140","TORX DRIVE BIT FOR SELF FEEDING SYSTEM","A","213453","EA",3,4.41,13.23,"3868309"]
["14879","07/05/2012","/PIP09-K1450/L","/PIP09-K1450/L","KEVLAR GLOVE WITH NITRILE COATING LARGE","E","213453","EA",1,4.75,4.75,"3868309"]
["14879","07/05/2012","/PIP09-K1450/L","/PIP09-K1450/L","KEVLAR GLOVE WITH NITRILE COATING LARGE","E","273648","EA",1,4.75,4.75,"3868309"]
["14879","07/05/2012","/S00740","3143963","ZINC RICH COLD GALV COMPOUND","3110","s000000000","EA",1,4.3499999999999996,4.3499999999999996,"3868309"]
["14879","07/05/2012","/SB1QTA","0607002","1 QT SPRAY APPLICATOR (NO BOTTLE)","D","145224","EA",1,0.62,0.62,"3868309"]
["14879","07/05/2012","/SSD68SSBSLF","8571005","POP RIVET ST/ST LARGE FLANGE","3110","final","EA",150,0.19289999999999999,28.934999999999999,"3868309"]
["14879","07/05/2012","/WU3201-L","0613393","LEATHER DRIVING GLOVES LARGE 3201L","E","214758","EA",1,4.05,4.05,"3868309"]
["14879","07/05/2012","/WU3201-M","/WU3201-M","LEATHER DRIVING GLOVES MEDIUM","E","221020","EA",1,4.05,4.05,"3868309"]
["14879","07/05/2012","/WU3201-XL","0613394","LEATHER DRIVING GLOVES X-LG 3201XL","E","214758","EA",1,4.05,4.05,"3868309"]
["14879","07/05/2012","12CNNES","8571265","12/24 NYLOC INSERT LOCKNUT 18-8","3110","s000000000","EA",1,0.03,0.03,"3868309"]
["14879","07/05/2012","14RDAI","0601024","9/64 6 AIRCRAFT EXTENSION DRILL","A","s000000000","EA",12,1.3625,16.350000000000001,"3868309"]
["14879","07/05/2012","18RDAI","0613364","3/16 6 AIRCRAFT EXTENSION DRILL","A","s000000000","EA",1,1.53,1.53,"3868309"]
["14879","07/05/2012","25C3600RAT0Z","8571503","1/4-20 X 3 FT THRD ROD  ZNC","3110","273648","EA",1,0.504,0.504,"3868309"]
["14879","07/05/2012","25NWSAS","8570915","1/4 SAE F/W 18-8","3110","group 22 - 24","EA",500,1.61E-2,8.0500000000000007,"3868309"]
["14879","07/05/2012","25R125WFE0Z","8570244","1/4 X 1 1/4 FEND WASH  ZNC","3110","g0000 26","EA",100,2.5999999999999999E-2,2.6,"3868309"]
["14879","07/05/2012","31C100MTH0Z/F","8540171","5/16-18 X 1in IND HEX SLT W/H T/C T-F  Z","3110","NC","EA",75,0.155,11.625,"3868309"]
["14879","07/05/2012","37CNNE8Y","8540700","3/8-16 NYLOC INSERT LOCKNUT GR 8 Z/YEL","3110","group 10 - 11","EA",175,3.9300000000000002E-2,6.8775000000000004,"3868309"]
["14879","07/05/2012","50CNST0Z","8582896","1/2-13 STOVER LOCKNUT GR C  ZNC","3110","group 10 - 11","EA",300,4.7500000000000001E-2,14.25,"3868309"]
["14879","07/05/2012","50NWUS8Y","8570876","1/2 USS FLAT WASHER GR 8 Z/YEL","3110","group 10 - 11","EA",350,7.6499999999999999E-2,26.774999999999999,"3868309"]
["14879","07/05/2012","8C100MTM0Z/F","8C100MTM0Z/F","8/32 X 1in PAN PHIL T/C T-F  ZNC","3110","final","EA",275,0.04,11,"3868309"]
["14879","07/05/2012","8CNKE0Z","8570984","8/32 KEPS NUT  ZNC","3110","s000000000","EA",42,5.7999999999999996E-3,0.24360000000000001,"3868309"]
["14879","07/05/2012","8G100UQP/NPAT","8570931","8-18 X 1in PAN SQ RECESS TEK SC NYL PAT","3110","group 22 - 24","EA",1500,1.796E-2,26.94,"3868309"]
["14879","07/05/2012","8G100UQP0B/NPAT","8570936","8-18 X 1in PAN SQ RECESS TEK SC NYL PAT","3110","BLK","EA",275,1.95E-2,5.3624999999999998,"3868309"]
[null,null,null,null,null,null,null,null,null,null,{"$f":"SUBTOTAL(9,K279:K318)","v":475.9207320000001},"3868309 Total"]
["14879","07/06/2012","/AV13004","8571030","1/4-20 WELL NUT 015/011 GRIP 25/UNIT","3110","group 50","EA",50,0.4556,22.78,"3868721"]
["14879","07/06/2012","/AV13008","8571141","#10-32 WELL NUTS 10/UNIT","3110","g0000 26","EA",25,0.65,16.25,"3868721"]
["14879","07/06/2012","/COV1109Z1","3971517","5/8in VYL COATED WIRING/TUBE CLIP","3110","155928","EA",1000,0.10249999999999999,102.5,"3868721"]
["14879","07/06/2012","/FWBEANIES-L","/FWBEANIES-L","WELDING BEANIES  - LARGE","E","155928","EA",1,4.3499999999999996,4.3499999999999996,"3868721"]
["14879","07/06/2012","/FWTWE14-35","0602003","CONTACT TIP 1140-1102","A","214756","EA",11,0.76,8.36,"3868721"]
["14879","07/06/2012","/IDL62606","4970421","5/16-7/8 ALL STAINLESS HOSE CLAMP","3110","273648","EA",10,0.34,3.4,"3868721"]
["14879","07/06/2012","/MHC11180-10-6B","2971221","3/8 MPT X 5/8 BARB BRASS","3110","273648","EA",1,1.32,1.32,"3868721"]
["14879","07/06/2012","/MHC11180-16-12B","2971148","3/4 MPT X 1 BARB BRASS","3110","g0000 26","EA",10,2.73,27.3,"3868721"]
["14879","07/06/2012","/RESHARP2","/RESHARP2","RESHARP FEE - 9/64 AND LARGER DRILL BITS","214450","c000 r00000","EA",6,0.55125000000000002,3.3075000000000001,"3868721"]
["14879","07/06/2012","/RESHARP2","/RESHARP2","RESHARP FEE - 9/64 AND LARGER DRILL BITS","214450","c000 r00000","EA",56,0.55125000000000002,30.87,"3868721"]
["14879","07/06/2012","/STN11921I","0610823","UTIL KNIFE BLADES(INDIVIDUAL BLADES)","A","s000000000","EA",30,0.11,3.3,"3868721"]
["14879","07/06/2012","/WH3152X12","2971260","3152 X 12 HEX HEAD PLUG","3110","214793","EA",2,1.74,3.48,"3868721"]
["14879","07/06/2012","/WH3500X6","2970736","3500 X 6  3/8 PIPE ELBOW BRASS","3110","273648","EA",1,2.25,2.25,"3868721"]
["14879","07/06/2012","14RDCO","0613320","9/64 COBALT DRILL","A","9999","EA",12,1.35,16.2,"3868721"]
["14879","07/06/2012","15RDJO","0601025","5/32 HSS JOBR DRILL BLK/135deg S/P","A","273648","EA",9,0.56999999999999995,5.13,"3868721"]
["14879","07/06/2012","25NWUS8Y","8571249","1/4 USS FLAT WASHER GR 8 Z/YEL","3110","group 50","EA",240,1.4E-2,3.36,"3868721"]
["14879","07/06/2012","31NWUS8Y","8570525","5/16 USS FLAT WASHER GR 8 Z/YEL","3110","group 50","EA",175,2.1399999999999999E-2,3.7450000000000001,"3868721"]
["14879","07/06/2012","31RDJO","0601010","5/16 HSS JOBR DRILL BLK/135deg S/P","A","136904","EA",6,1.62,9.7200000000000006,"3868721"]
["14879","07/06/2012","34RDJO","0612255","11/32 HSS JOBR DRILL BLK/135deg S/P","A","214800","EA",1,2.11,2.11,"3868721"]
["14879","07/06/2012","37CNNE8Y","8540700","3/8-16 NYLOC INSERT LOCKNUT GR 8 Z/YEL","3110","group 50","EA",200,3.9300000000000002E-2,7.86,"3868721"]
["14879","07/06/2012","50C450HCS8Y","8571250","1/2-13 X 4 1/2 HEX C/S GR 8 Z/YEL","3110","136904","EA",2,0.4168,0.83360000000000001,"3868721"]
["14879","07/06/2012","50C450HCS8Y","8571250","1/2-13 X 4 1/2 HEX C/S GR 8 Z/YEL","3110","155960","EA",8,0.4168,3.3344,"3868721"]
["14879","07/06/2012","50C600HCS8Y","8543423","1/2-13 X 6in HEX C/S GR 8 Z/YEL","3110","136904","EA",8,0.51080000000000003,4.0864000000000003,"3868721"]
[null,null,null,null,null,null,null,null,null,null,{"$f":"SUBTOTAL(9,K320:K342)","v":285.84690000000012},"3868721 Total"]
["14879","07/09/2012",".100C400HCS0P/10.9","8571071","M10-1.5 X 40 HEX C/S 10.9  PLN DIN","3110","103171","EA",2,0.3024,0.6048,"3869950"]
["14879","07/09/2012",".120NWA30P/6916","8571279","M12 A325 FLAT WASHER DIN 125A TP200  PLN","3110","group 42","EA",250,0.1414,35.35,"3869950"]
["14879","07/09/2012","/3M1700","8970416","3M 1700  TEM FLEX ELECTRICAL TAPE","3110","214748","EA",1,0.63,0.63,"3869950"]
["14879","07/09/2012","/3M2097/07184","/3M2097/07184","PARTICULATE FILTER P100 W/NUISANCE LEVE","E","145272","EA",2,4.2,8.4,"3869950"]
["14879","07/09/2012","/3M2097/07184","/3M2097/07184","PARTICULATE FILTER P100 W/NUISANCE LEVE","E","215719","EA",2,4.2,8.4,"3869950"]
["14879","07/09/2012","/3M2097/07184","/3M2097/07184","PARTICULATE FILTER P100 W/NUISANCE LEVE","E","221012","EA",2,4.2,8.4,"3869950"]
["14879","07/09/2012","/3M2097/07184","/3M2097/07184","PARTICULATE FILTER P100 W/NUISANCE LEVE","E","87521","EA",2,4.2,8.4,"3869950"]
["14879","07/09/2012","/3MMH10-14RK","3971612","10-12 1/4 STUD RING PERMA SEAL","3110","214742","EA",20,0.2477,4.9539999999999997,"3869950"]
["14879","07/09/2012","/3MMH10-14RK","3971612","10-12 1/4 STUD RING PERMA SEAL","3110","87521","EA",4,0.2477,0.99080000000000001,"3869950"]
["14879","07/09/2012","/3MMH10-38RK","3971613","10-12 3/8 STUD RING PERMA SEAL","3110","273454","EA",4,0.2477,0.99080000000000001,"3869950"]
["14879","07/09/2012","/A0630ATB","/A0630ATB",".157 - .472 ALUM TRI BULB RIVET","3110","214724","EA",35,0.12,4.2,"3869950"]
["14879","07/09/2012","/AD44ABS","8570804","AD 44 ABS POP RIVET A/A","3110","final","EA",1000,1.18E-2,11.8,"3869950"]
["14879","07/09/2012","/AD616ABS","/AD616ABS","AD 616 ABS POP RIVET A/A","3110","213523","EA",25,9.5000000000000001E-2,2.375,"3869950"]
["14879","07/09/2012","/AL-14-50-0-CW-M","/AL-14-50-0-CW-M","14in BLACK CABLE TIE 50lb","D","final","EA",500,4.2000000000000003E-2,21,"3869950"]
["14879","07/09/2012","/AL-14-50-0-CW-M","/AL-14-50-0-CW-M","14in BLACK CABLE TIE 50lb","D","group 10 - 11","EA",500,4.2000000000000003E-2,21,"3869950"]
["14879","07/09/2012","/AL-14-50-0-CW-M","/AL-14-50-0-CW-M","14in BLACK CABLE TIE 50lb","D","group 20 - 21","EA",500,4.2000000000000003E-2,21,"3869950"]
["14879","07/09/2012","/AS50SM","0613337","STATIC MIXER 50ml","A","221018","EA",8,1.25,10,"3869950"]
["14879","07/09/2012","/AS50SM","0613337","STATIC MIXER 50ml","A","221032","EA",15,1.25,18.75,"3869950"]
["14879","07/09/2012","/AS55300-50","7970040","METHACYLATE ADHESIVE 50ml","3110","221018","EA",4,8.98,35.92,"3869950"]
["14879","07/09/2012","/AV13009","6170120","10/32 WELL NUT .035/.232 GRIP 10/UNIT","3110","214724","EA",50,0.24,12,"3869950"]
["14879","07/09/2012","/AV13009","6170120","10/32 WELL NUT .035/.232 GRIP 10/UNIT","3110","221042","EA",1,0.24,0.24,"3869950"]
["14879","07/09/2012","/AV13009","6170120","10/32 WELL NUT .035/.232 GRIP 10/UNIT","3110","221042","EA",4,0.24,0.96,"3869950"]
["14879","07/09/2012","/AV13009","6170120","10/32 WELL NUT .035/.232 GRIP 10/UNIT","3110","group 22 - 24","EA",150,0.24,36,"3869950"]
["14879","07/09/2012","/AW20-202","0612410","20-202 T-SHIRT/POLOKNIT","D","221044","EA",50,0.52,26,"3869950"]
["14879","07/09/2012","/AW20-202","0612410","20-202 T-SHIRT/POLOKNIT","D","s000000000","EA",50,0.52,26,"3869950"]
["14879","07/09/2012","/BB433-934","0607017","NAIL APRON","D","214732","EA",1,1.93,1.93,"3869950"]
["14879","07/09/2012","/BI-CP0399","0611745","CTR PUNCH CLAMP 13/16x3/8x.025 GC","D","c000 r00000","EA",1,0.29459999999999997,0.88380000000000003,"3869950"]
["14879","07/09/2012","/CCPV8-10","8570809","1/4 MONO BOLT .35-.625 GRIP  STNL/STNL","3110","final","EA",200,0.67,134,"3869950"]
["14879","07/09/2012","/COV1709Z1","3971519","1in VYL COATED WIRING/TUBE CLIP","3110","163202","EA",500,0.18809999999999999,94.05,"3869950"]
["14879","07/09/2012","/COV2509Z1","3971511","1-1/2in VYL COATED WIRING/TUBE CLIP","3110","group 10 - 11","EA",500,0.26300000000000001,131.5,"3869950"]
["14879","07/09/2012","/COV4511Z1","0374037","2-3/4in VYL COATED WIRING/TUBE CLIP","3110","group 10 - 11","EA",200,0.66539999999999999,133.08000000000001,"3869950"]
["14879","07/09/2012","/EN91","0607049","AA ALKALINE BATTERY","D","134475","EA",2,0.43,0.86,"3869950"]
["14879","07/09/2012","/EN91","0607049","AA ALKALINE BATTERY","D","m0000000000","EA",2,0.43,0.86,"3869950"]
["14879","07/09/2012","/EN91","0607049","AA ALKALINE BATTERY","D","s000000000","EA",2,0.43,0.86,"3869950"]
["14879","07/09/2012","/EN92","0612342","AAA ALKALINE BATTERY","D","155960","EA",3,0.45,1.35,"3869950"]
["14879","07/09/2012","/EN92","0612342","AAA ALKALINE BATTERY","D","155985","EA",3,0.45,1.35,"3869950"]
["14879","07/09/2012","/EN92","0612342","AAA ALKALINE BATTERY","D","211010","EA",2,0.45,0.9,"3869950"]
["14879","07/09/2012","/EN92","0612342","AAA ALKALINE BATTERY","D","214741","EA",2,0.45,0.9,"3869950"]
["14879","07/09/2012","/EN92","0612342","AAA ALKALINE BATTERY","D","214742","EA",2,0.45,0.9,"3869950"]
["14879","07/09/2012","/EN92","0612342","AAA ALKALINE BATTERY","D","221030","EA",3,0.45,1.35,"3869950"]
["14879","07/09/2012","/EN92","0612342","AAA ALKALINE BATTERY","D","87571","EA",3,0.45,1.35,"3869950"]
["14879","07/09/2012","/ET66RED","/ET66RED","3/4 X 66ft RED ELECTRICAL TAPE","3110","214748","EA",5,0.68,3.4,"3869950"]
["14879","07/09/2012","/ET66RED","/ET66RED","3/4 X 66ft RED ELECTRICAL TAPE","3110","214775","EA",2,0.68,1.36,"3869950"]
["14879","07/09/2012","/FWBEANIES-L","/FWBEANIES-L","WELDING BEANIES  - LARGE","E","213524","EA",1,4.3499999999999996,4.3499999999999996,"3869950"]
["14879","07/09/2012","/FWBEANIES-M","/FWBEANIES-M","WELDING BEANIES  - MEDIUM","E","211010","EA",1,4.3499999999999996,4.3499999999999996,"3869950"]
["14879","07/09/2012","/FWBEANIES-S","0613305","WELDING BEANIES  - SMALL","E","215719","EA",1,4.3499999999999996,4.3499999999999996,"3869950"]
["14879","07/09/2012","/FWBEANIES-S","0613305","WELDING BEANIES  - SMALL","E","221012","EA",1,4.3499999999999996,4.3499999999999996,"3869950"]
["14879","07/09/2012","/FWCEP932-1040","0612258","2in X 4-1/4 COVER PLATE","D","215719","EA",2,0.72,1.44,"3869950"]
["14879","07/09/2012","/FWCEP932-1040","0612258","2in X 4-1/4 COVER PLATE","D","87521","EA",1,0.72,0.72,"3869950"]
["14879","07/09/2012","/FWCEP932-1042","0612967","4-1/2 X 5-1/4 COVER PLATE","A","215719","EA",1,0.9,0.9,"3869950"]
["14879","07/09/2012","/FWCEP932-1042","0612967","4-1/2 X 5-1/4 COVER PLATE","A","87521","EA",1,0.9,0.9,"3869950"]
["14879","07/09/2012","/FWFAL50504","/FWFAL50504","2 X .050 X 1/4 CUT OFF WHEEL","A","210925","EA",20,1.45,29,"3869950"]
["14879","07/09/2012","/FWMOL2310N99","0613362","WELDERS FACE MASK CARBON LINER","E","273394","EA",20,4.0625,81.25,"3869950"]
["14879","07/09/2012","/FWTRU1411-04-016","8571042","STUDS","3110","134472","EA",1000,0.14000000000000001,140,"3869950"]
["14879","07/09/2012","/FWTWE14-35","0602003","CONTACT TIP 1140-1102","A","211005","EA",8,0.76,6.08,"3869950"]
["14879","07/09/2012","/FWTWE14-35","0602003","CONTACT TIP 1140-1102","A","214742","EA",5,0.76,3.8,"3869950"]
["14879","07/09/2012","/FWTWE14-35","0602003","CONTACT TIP 1140-1102","A","215719","EA",10,0.76,7.6,"3869950"]
["14879","07/09/2012","/FWTWE14-35","0602003","CONTACT TIP 1140-1102","A","221012","EA",4,0.76,3.04,"3869950"]
["14879","07/09/2012","/FWTWE24A-62-SS","0602004","NOZZLE 1240-121","A","211005","EA",4,3.3125,13.25,"3869950"]
["14879","07/09/2012","/FWTWE24A-62-SS","0602004","NOZZLE 1240-121","A","214742","EA",2,3.3125,6.625,"3869950"]
["14879","07/09/2012","/FWTWE24A-62-SS","0602004","NOZZLE 1240-121","A","215719","EA",6,3.3125,19.875,"3869950"]
["14879","07/09/2012","/FWTWE24A-62-SS","0602004","NOZZLE 1240-121","A","221012","EA",4,3.3125,13.25,"3869950"]
["14879","07/09/2012","/FWTWE34A","0616178","NOZZLE INSULATOR 1340-1100","A","211005","EA",4,1.7124999999999999,6.85,"3869950"]
["14879","07/09/2012","/FWTWE34A","0616178","NOZZLE INSULATOR 1340-1100","A","214742","EA",2,1.7124999999999999,3.4249999999999998,"3869950"]
["14879","07/09/2012","/FWTWE34A","0616178","NOZZLE INSULATOR 1340-1100","A","215719","EA",3,1.7124999999999999,5.1375000000000002,"3869950"]
["14879","07/09/2012","/FWTWE34A","0616178","NOZZLE INSULATOR 1340-1100","A","221012","EA",2,1.7124999999999999,3.4249999999999998,"3869950"]
["14879","07/09/2012","/FWTWE54A","0602011","GAS DIFFUSER 100-54A ANCHOR BRAND","A","221012","EA",1,3.41,3.41,"3869950"]
["14879","07/09/2012","/FWWAP007094","0612123","NLA T.S. GEL 32oz","D","221012","EA",1,6.58,6.58,"3869950"]
["14879","07/09/2012","/FWWEL20-3100","0613306","SWEAT BAND, HELMET COMFORTER","E","211005","EA",2,2.21,4.42,"3869950"]
["14879","07/09/2012","/HS55010","0611756","5/8 HOLE SAW H S S","A","214793","EA",1,3.27,3.27,"3869950"]
["14879","07/09/2012","/HS55016","0601056","1in HOLE SAW H S S","A","211010","EA",1,2.88,2.88,"3869950"]
["14879","07/09/2012","/HS55026","0612259","1-5/8 HOLE SAW H S S","A","214724","EA",1,3.6,3.6,"3869950"]
["14879","07/09/2012","/HS55068","0601068","#55068  4-1/4 HOLE SAW H S S","A","155917","EA",1,13.21,13.21,"3869950"]
["14879","07/09/2012","/HYD13050","0610690","HYD13050 SCRAPER W/5 RAZOR BLADES","A","273543","EA",1,2.16,2.16,"3869950"]
["14879","07/09/2012","/IRW88822","0611845","2000-22 1-3/8 SPEEDBOR","A","221058","EA",1,4.54,4.54,"3869950"]
["14879","07/09/2012","/LDFSM","/LDFSM","LETTER F DRILL SCREW MACH LENGTH","A","215718","EA",12,1.61,19.32,"3869950"]
["14879","07/09/2012","/MCR3211XXXL","/MCR3211XXXL","LEATHER DRIVER GLOVE XXXL","E","215751","EA",1,5.85,5.85,"3869950"]
["14879","07/09/2012","/MCR9378T","/MCR9378T","18in KEVLAR SLEEVE W/THUMB SLOT","E","221044","EA",2,3.18,6.36,"3869950"]
["14879","07/09/2012","/MCR9673GW-XL","/MCR9673GW-XL","WHITE NYLON NITRILE GLOVE  X-LARGE","E","1685","EA",1,1.96,1.96,"3869950"]
["14879","07/09/2012","/MCR9673GW-XL","/MCR9673GW-XL","WHITE NYLON NITRILE GLOVE  X-LARGE","E","214762","EA",1,1.96,1.96,"3869950"]
["14879","07/09/2012","/MCRSS110","0616389","STRATOS SAFETY GLASS CLR LEN BLK FRAME","E","211005","EA",1,1.5,1.5,"3869950"]
["14879","07/09/2012","/MCRSS110","0616389","STRATOS SAFETY GLASS CLR LEN BLK FRAME","E","214798","EA",1,1.5,1.5,"3869950"]
["14879","07/09/2012","/MCRSS110","0616389","STRATOS SAFETY GLASS CLR LEN BLK FRAME","E","87507","EA",1,1.5,1.5,"3869950"]
["14879","07/09/2012","/MHC11180-16-12B","2971148","3/4 MPT X 1 BARB BRASS","3110","214745","EA",2,2.73,5.46,"3869950"]
["14879","07/09/2012","/MHC11822-4-4DOT","2971213","1/4MPT X 1/4TUBE 90 DEG SWIV ELB BRS DOT","3110","273648","EA",2,5.3,10.6,"3869950"]
["14879","07/09/2012","/MHC11911-12-12B","2971154","3/4 PIPE NIPPLE BRASS","3110","g0000 26","EA",2,3.06,6.12,"3869950"]
["14879","07/09/2012","/MI602","2970730","602 1/4M X 3/8 ID HOSE FITTING","3110","c000 r00000","EA",1,0.73,0.73,"3869950"]
["14879","07/09/2012","/MI790","0613299","790 1/4 FEMALE BODY","D","c000 r00000","EA",1,5.82,5.82,"3869950"]
["14879","07/09/2012","/MI791","0613300","MILTON 791 COUPLER PLUG","D","103151","EA",1,1.1200000000000001,1.1200000000000001,"3869950"]
["14879","07/09/2012","/MI791","0613300","MILTON 791 COUPLER PLUG","D","221027","EA",1,1.1200000000000001,1.1200000000000001,"3869950"]
["14879","07/09/2012","/MKNMPD4S","0601065","1/4 PILOT BIT SHORT","A","210928","EA",1,1.68,1.68,"3869950"]
["14879","07/09/2012","/MKNMPD4S","0601065","1/4 PILOT BIT SHORT","A","211010","EA",2,1.68,3.36,"3869950"]
["14879","07/09/2012","/MM32-023","2971211","3/4M NPT TO 3/4 HOSE BARB","3110","g0000 26","EA",10,2.17,21.7,"3869950"]
["14879","07/09/2012","/MO19193-0345","3971628","2/0ga x 3/8 ELEC RING TERM NON-INSULATED","3110","214748","EA",100,0.94730000000000003,94.73,"3869950"]
["14879","07/09/2012","/MS01-8154","0613092","MS01-8154  SHIELD FOR HEADGEAR","E","221012","EA",1,3.61,3.61,"3869950"]
["14879","07/09/2012","/MS05-593GR","0613371","17in SPARK GUARD SLEEVE    PAIR","E","107663","EA",1,5.84,5.84,"3869950"]
["14879","07/09/2012","/MS05-593GR","0613371","17in SPARK GUARD SLEEVE    PAIR","E","145223","EA",1,5.84,5.84,"3869950"]
["14879","07/09/2012","/MS05-593GR","0613371","17in SPARK GUARD SLEEVE    PAIR","E","211005","EA",1,5.84,5.84,"3869950"]
["14879","07/09/2012","/MS05-593GR","0613371","17in SPARK GUARD SLEEVE    PAIR","E","214742","EA",1,5.84,5.84,"3869950"]
["14879","07/09/2012","/MS05-593GR","0613371","17in SPARK GUARD SLEEVE    PAIR","E","215731","EA",1,5.84,5.84,"3869950"]
["14879","07/09/2012","/MS05-593GR","0613371","17in SPARK GUARD SLEEVE    PAIR","E","215751","EA",1,5.84,5.84,"3869950"]
["14879","07/09/2012","/MS05-593GR","0613371","17in SPARK GUARD SLEEVE    PAIR","E","221009","EA",1,5.84,5.84,"3869950"]
["14879","07/09/2012","/MS05-593GR","0613371","17in SPARK GUARD SLEEVE    PAIR","E","221012","EA",1,5.84,5.84,"3869950"]
["14879","07/09/2012","/MS05-593GR","0613371","17in SPARK GUARD SLEEVE    PAIR","E","85823","EA",1,5.84,5.84,"3869950"]
["14879","07/09/2012","/MS09-4320","0612134","WELDERS GLOVE (PAIR)  4320","E","211005","EA",1,3.52,3.52,"3869950"]
["14879","07/09/2012","/MS09-4320","0612134","WELDERS GLOVE (PAIR)  4320","E","215719","EA",1,3.52,3.52,"3869950"]
["14879","07/09/2012","/MS09-4320","0612134","WELDERS GLOVE (PAIR)  4320","E","87521","EA",1,3.52,3.52,"3869950"]
["14879","07/09/2012","/MS09-7005-L","0612455","NDEX NITRILE GLOVE LGE(100/BX)6020","E","141886","EA",2,9.39,18.78,"3869950"]
["14879","07/09/2012","/MS09-7005-L","0612455","NDEX NITRILE GLOVE LGE(100/BX)6020","E","221000","EA",1,9.39,9.39,"3869950"]
["14879","07/09/2012","/PB27361","0610245","PB27361 #2 PHIL BIT LONG 1/4 HEX","A","R&D","EA",2,0.39,0.78,"3869950"]
["14879","07/09/2012","/PB27370","0614978","PB27370 #2 PHIL BIT 6in","A","214732","EA",1,1.34,1.34,"3869950"]
["14879","07/09/2012","/PB27370","0614978","PB27370 #2 PHIL BIT 6in","A","R&D","EA",2,1.34,2.68,"3869950"]
["14879","07/09/2012","/PB28314","0610234","#2 PHILLIPS BIT 4in","A","213523","EA",3,1,3,"3869950"]
["14879","07/09/2012","/PB28314","0610234","#2 PHILLIPS BIT 4in","A","221023","EA",2,1,2,"3869950"]
["14879","07/09/2012","/PB28314","0610234","#2 PHILLIPS BIT 4in","A","273417","EA",1,1,1,"3869950"]
["14879","07/09/2012","/PB28314","0610234","#2 PHILLIPS BIT 4in","A","R&D","EA",2,1,2,"3869950"]
["14879","07/09/2012","/PB29053","0612034","29053 #2 SQ RECESS BIT LONG","A","R&D","EA",2,0.46,0.92,"3869950"]
["14879","07/09/2012","/PB29059","0612278","#2 X 3 SQ BIT","A","141802","EA",2,0.85,1.7,"3869950"]
["14879","07/09/2012","/PB29059","0612278","#2 X 3 SQ BIT","A","213523","EA",3,0.85,2.5499999999999998,"3869950"]
["14879","07/09/2012","/PB29059","0612278","#2 X 3 SQ BIT","A","215740","EA",1,0.85,1.7,"3869950"]
["14879","07/09/2012","/PB29059","0612278","#2 X 3 SQ BIT","A","273648","EA",1,0.85,0.85,"3869950"]
["14879","07/09/2012","/PB29059","0612278","#2 X 3 SQ BIT","A","R&D","EA",2,0.85,1.7,"3869950"]
["14879","07/09/2012","/PB37719","0612431","37719 T-20 TORX BIT LONG","A","87521","EA",1,1.96,1.96,"3869950"]
["14879","07/09/2012","/PB39959","0612067","#2 SQ X 6 SQ RECESS BIT","A","R&D","EA",2,1.49,2.98,"3869950"]
["14879","07/09/2012","/PFSDW1034","/PFSDW1034","#10 X 1-3/4 FH TORX DR TEK SC","3110","PAM SELF FEEDING SYSTEM","EA",3000,6.0699999999999997E-2,182.1,"3869950"]
["14879","07/09/2012","/PIP09-K1450/L","/PIP09-K1450/L","KEVLAR GLOVE WITH NITRILE COATING LARGE","E","155917","EA",1,4.75,4.75,"3869950"]
["14879","07/09/2012","/PIP09-K1450/L","/PIP09-K1450/L","KEVLAR GLOVE WITH NITRILE COATING LARGE","E","211005","EA",1,4.75,4.75,"3869950"]
["14879","07/09/2012","/PIP09-K1450/L","/PIP09-K1450/L","KEVLAR GLOVE WITH NITRILE COATING LARGE","E","213453","EA",1,4.75,4.75,"3869950"]
["14879","07/09/2012","/PIP09-K1450/L","/PIP09-K1450/L","KEVLAR GLOVE WITH NITRILE COATING LARGE","E","213523","EA",1,4.75,4.75,"3869950"]
["14879","07/09/2012","/PIP09-K1450/L","/PIP09-K1450/L","KEVLAR GLOVE WITH NITRILE COATING LARGE","E","214798","EA",1,4.75,4.75,"3869950"]
["14879","07/09/2012","/PIP09-K1450/L","/PIP09-K1450/L","KEVLAR GLOVE WITH NITRILE COATING LARGE","E","221002","EA",1,4.75,4.75,"3869950"]
["14879","07/09/2012","/PIP09-K1450/L","/PIP09-K1450/L","KEVLAR GLOVE WITH NITRILE COATING LARGE","E","221009","EA",1,4.75,4.75,"3869950"]
["14879","07/09/2012","/PIP09-K1450/L","/PIP09-K1450/L","KEVLAR GLOVE WITH NITRILE COATING LARGE","E","221030","EA",1,4.75,4.75,"3869950"]
["14879","07/09/2012","/PIP09-K1450/L","/PIP09-K1450/L","KEVLAR GLOVE WITH NITRILE COATING LARGE","E","221058","EA",1,4.75,4.75,"3869950"]
["14879","07/09/2012","/PIP09-K1450/L","/PIP09-K1450/L","KEVLAR GLOVE WITH NITRILE COATING LARGE","E","69550","EA",1,4.75,4.75,"3869950"]
["14879","07/09/2012","/PIP09-K1450/M","/PIP09-K1450/M","KEVLAR GLOVE W/NITRILE COATING MEDIUM","E","155985","EA",1,4.75,4.75,"3869950"]
["14879","07/09/2012","/PIP09-K1450/M","/PIP09-K1450/M","KEVLAR GLOVE W/NITRILE COATING MEDIUM","E","221002","EA",1,4.75,4.75,"3869950"]
["14879","07/09/2012","/PIP09-K1450/M","/PIP09-K1450/M","KEVLAR GLOVE W/NITRILE COATING MEDIUM","E","87540","EA",1,4.75,4.75,"3869950"]
["14879","07/09/2012","/PIP09-K1450/M","/PIP09-K1450/M","KEVLAR GLOVE W/NITRILE COATING MEDIUM","E","87571","EA",1,4.75,4.75,"3869950"]
["14879","07/09/2012","/PIP09-K1450/M","/PIP09-K1450/M","KEVLAR GLOVE W/NITRILE COATING MEDIUM","E","87594","EA",1,4.75,4.75,"3869950"]
["14879","07/09/2012","/PIP09-K1450/XL","/PIP09-K1450/XL","KEVLAR GLOVE W/NITRILE COATING XL","E","141802","EA",1,4.75,4.75,"3869950"]
["14879","07/09/2012","/PIP09-K1450/XL","/PIP09-K1450/XL","KEVLAR GLOVE W/NITRILE COATING XL","E","214745","EA",1,4.75,4.75,"3869950"]
["14879","07/09/2012","/PM96014","0613381","96014  CRIMSON CHINA MARKER","D","145295","EA",2,0.57999999999999996,1.1599999999999999,"3869950"]
["14879","07/09/2012","/S00740","3143963","ZINC RICH COLD GALV COMPOUND","3110","R&D","EA",2,4.3499999999999996,8.6999999999999993,"3869950"]
["14879","07/09/2012","/SB12524","0612403","3-5/8 1/2 WIDE 24tpi AIR SAW BLADE","A","221018","EA",6,1,6,"3869950"]
["14879","07/09/2012","/SB40814","0612269","40814 8 14T RECIP SAW","A","221012","EA",10,1.88,18.8,"3869950"]
["14879","07/09/2012","/SG94700","0613327","3in PHENOLIC BACKING PAD","D","214734","EA",1,2.57,2.57,"3869950"]
["14879","07/09/2012","/SP11755","0612232","5in 50gr ZIRC DISC 7/8 HOLE","A","155993","EA",2,0.98,1.96,"3869950"]
["14879","07/09/2012","/SP11755","0612232","5in 50gr ZIRC DISC 7/8 HOLE","A","213488","EA",1,0.98,0.98,"3869950"]
["14879","07/09/2012","/SP40311","/SP40311","2in  36grit CERAMIC Q/C DISC TYPE S","A","221018","EA",14,0.82,11.48,"3869950"]
["14879","07/09/2012","/SSD610SSBS","8571318","SSD 610 SSBS POP RIVET ST/ST","3110","213523","EA",25,0.2,5,"3869950"]
["14879","07/09/2012","/ST14119","0615823","14119 SIOUX BACKING PAD","D","155993","EA",2,5.51,11.02,"3869950"]
["14879","07/09/2012","/ST14119","0615823","14119 SIOUX BACKING PAD","D","213488","EA",1,5.51,5.51,"3869950"]
["14879","07/09/2012","/STN11921I","0610823","UTIL KNIFE BLADES(INDIVIDUAL BLADES)","A","145295","EA",15,0.11,1.65,"3869950"]
["14879","07/09/2012","/STN11921I","0610823","UTIL KNIFE BLADES(INDIVIDUAL BLADES)","A","1685","EA",15,0.11,1.65,"3869950"]
["14879","07/09/2012","/STN11921I","0610823","UTIL KNIFE BLADES(INDIVIDUAL BLADES)","A","213438","EA",15,0.11,1.65,"3869950"]
["14879","07/09/2012","/STN11921I","0610823","UTIL KNIFE BLADES(INDIVIDUAL BLADES)","A","214793","EA",15,0.11,1.65,"3869950"]
["14879","07/09/2012","/STN11921I","0610823","UTIL KNIFE BLADES(INDIVIDUAL BLADES)","A","87594","EA",15,0.11,1.65,"3869950"]
["14879","07/09/2012","/UT-1033","8970411","2 X 60 YD GRAY DUCT TAPE - THIN 8mil","3110","210928","EA",2,3.51,7.02,"3869950"]
["14879","07/09/2012","/UT-1033","8970411","2 X 60 YD GRAY DUCT TAPE - THIN 8mil","3110","85336","EA",1,3.51,3.51,"3869950"]
["14879","07/09/2012","/WB1","0612335","BUTANE REFILL 2.1oz","D","134472","EA",1,3.45,3.45,"3869950"]
["14879","07/09/2012","/WB40068","0611056","2 CHIP & OIL BRUSH","D","215732","EA",1,0.71,0.71,"3869950"]
["14879","07/09/2012","/WE356","3140431","BLACK WEEKENDER SPRAY PAINT","3110","213506","EA",2,1.52,3.04,"3869950"]
["14879","07/09/2012","/WE356","3140431","BLACK WEEKENDER SPRAY PAINT","3110","215718","EA",1,1.52,1.52,"3869950"]
["14879","07/09/2012","/WELPT1600","0612901","WELLER PROPANE CYLINDER","D","214775","EA",1,2.61,2.61,"3869950"]
["14879","07/09/2012","/WH3152X2","2970988","3152 X 2  1/8 HEX HD PLUG BRASS","3110","273648","EA",1,0.22,0.22,"3869950"]
["14879","07/09/2012","/WH3325X4","2970524","3325 X 4  1/4 HEX NIPPLE BRASS","3110","107612","EA",1,0.56999999999999995,0.56999999999999995,"3869950"]
["14879","07/09/2012","/WKW70001","0601006","1/4 ROUTER BIT - 3/4 CUT LENGTH","A","273417","EA",12,6.22,74.64,"3869950"]
["14879","07/09/2012","/WKW70001","0601006","1/4 ROUTER BIT - 3/4 CUT LENGTH","A","s000000000","EA",1,6.22,6.22,"3869950"]
["14879","07/09/2012","/WU3201-L","0613393","LEATHER DRIVING GLOVES LARGE 3201L","E","145272","EA",1,4.05,4.05,"3869950"]
["14879","07/09/2012","/WU3201-L","0613393","LEATHER DRIVING GLOVES LARGE 3201L","E","163231","EA",1,4.05,4.05,"3869950"]
["14879","07/09/2012","/WU3201-L","0613393","LEATHER DRIVING GLOVES LARGE 3201L","E","211010","EA",1,4.05,4.05,"3869950"]
["14879","07/09/2012","/WU3201-L","0613393","LEATHER DRIVING GLOVES LARGE 3201L","E","215719","EA",3,4.05,12.15,"3869950"]
["14879","07/09/2012","/WU3201-L","0613393","LEATHER DRIVING GLOVES LARGE 3201L","E","221012","EA",1,4.05,4.05,"3869950"]
["14879","07/09/2012","/WU3201-M","/WU3201-M","LEATHER DRIVING GLOVES MEDIUM","E","221012","EA",1,4.05,4.05,"3869950"]
["14879","07/09/2012","/WU3201-XL","0613394","LEATHER DRIVING GLOVES X-LG 3201XL","E","145223","EA",1,4.05,4.05,"3869950"]
["14879","07/09/2012","/WU3201-XL","0613394","LEATHER DRIVING GLOVES X-LG 3201XL","E","214742","EA",1,4.05,4.05,"3869950"]
["14879","07/09/2012","/WU3201-XL","0613394","LEATHER DRIVING GLOVES X-LG 3201XL","E","215719","EA",2,4.05,8.1,"3869950"]
["14879","07/09/2012","10F125MXPS","8570972","10/32 X 1 1/4 PHIL PAN M/S 18-8","3110","group 22 - 24","EA",215,4.2500000000000003E-2,9.1374999999999993,"3869950"]
["14879","07/09/2012","10F150MXP0Z","8570998","10/32 X 1 1/2 PHIL PAN M/S  ZNC","3110","group 22 - 24","EA",100,1.01E-2,1.01,"3869950"]
["14879","07/09/2012","10F200MXP0Z","10F200MXP0Z","10/32 X 2 PHIL PAN M/S  ZNC","3110","221042","EA",1,2.0081999999999999E-2,2.0081999999999999E-2,"3869950"]
["14879","07/09/2012","10F200MXP0Z","10F200MXP0Z","10/32 X 2 PHIL PAN M/S  ZNC","3110","221042","EA",4,2.0081999999999999E-2,8.0327999999999997E-2,"3869950"]
["14879","07/09/2012","10F250MXP0Z","10F250MXP0Z","10/32 X 2 1/2 PHIL PAN M/S  ZNC","3110","103171","EA",2,5.6000000000000001E-2,0.112,"3869950"]
["14879","07/09/2012","10F50MXP0Z","8570996","10/32 X 1/2 PHIL PAN M/S  ZNC","3110","group 10 - 11","EA",200,4.8999999999999998E-3,0.98,"3869950"]
["14879","07/09/2012","10F75MXPS","8570981","10/32 X 3/4 PHIL PAN M/S 18-8","3110","final","EA",250,3.04E-2,7.6,"3869950"]
["14879","07/09/2012","10F75MXPS","8570981","10/32 X 3/4 PHIL PAN M/S 18-8","3110","group 22 - 24","EA",200,3.04E-2,6.08,"3869950"]
["14879","07/09/2012","10G100UQP","8570757","10-16 X 1in PAN SQ RECESS TEK SC","3110","group 22 - 24","EA",400,1.7399999999999999E-2,6.96,"3869950"]
["14879","07/09/2012","10N100TXPS","8570779","#10 X 1in PHIL PAN T/S 18-8","3110","273507","EA",4,2.3E-2,9.1999999999999998E-2,"3869950"]
["14879","07/09/2012","10N75TQP0Z","8570945","#10-16 X 3/4 PAN SQUARE RECESS T/S  ZNC","3110","136904","EA",5,7.4000000000000003E-3,3.6999999999999998E-2,"3869950"]
["14879","07/09/2012","10N75TQP0Z","8570945","#10-16 X 3/4 PAN SQUARE RECESS T/S  ZNC","3110","group 22 - 24","EA",700,7.4000000000000003E-3,5.18,"3869950"]
["14879","07/09/2012","12CNNES","8571265","12/24 NYLOC INSERT LOCKNUT 18-8","3110","221023","EA",10,0.03,0.3,"3869950"]
["14879","07/09/2012","14RDAI","0601024","9/64 6 AIRCRAFT EXTENSION DRILL","A","136948","EA",12,1.3625,16.350000000000001,"3869950"]
["14879","07/09/2012","14RDAI","0601024","9/64 6 AIRCRAFT EXTENSION DRILL","A","163201","EA",12,1.3625,16.350000000000001,"3869950"]
["14879","07/09/2012","14RDAI","0601024","9/64 6 AIRCRAFT EXTENSION DRILL","A","221023","EA",12,1.3625,16.350000000000001,"3869950"]
["14879","07/09/2012","14RDCO","0613320","9/64 COBALT DRILL","A","163201","EA",12,1.35,16.2,"3869950"]
["14879","07/09/2012","14RDCO","0613320","9/64 COBALT DRILL","A","215718","EA",1,1.35,1.35,"3869950"]
["14879","07/09/2012","14RDCO","0613320","9/64 COBALT DRILL","A","215718","EA",11,1.35,14.85,"3869950"]
["14879","07/09/2012","14RDCO","0613320","9/64 COBALT DRILL","A","221023","EA",12,1.35,16.2,"3869950"]
["14879","07/09/2012","18RDCO","0612440","3/16 COBALT DRILL","A","103171","EA",12,1.3,15.6,"3869950"]
["14879","07/09/2012","25C1000BCG0Z","8571501","1/4-20 X 10in CARRIAGE BOLT  ZNC","3110","group 20 - 21","EA",50,0.6,30,"3869950"]
["14879","07/09/2012","25G125UHW","25G125UHW","1/4-14 X 1 1/4 HEX WSH HD TEK","3110","87521","EA",10,0.10188999999999999,1.0188999999999999,"3869950"]
["14879","07/09/2012","25R125WFE0Z","8570244","1/4 X 1 1/4 FEND WASH  ZNC","3110","group 22 - 24","EA",175,2.5999999999999999E-2,4.55,"3869950"]
["14879","07/09/2012","26RDCO","0613325","17/64 COBALT DRILL","A","215718","EA",12,2.44,29.28,"3869950"]
["14879","07/09/2012","37C125HCS8Y","8542797","3/8-16 X 1 1/4 HEX C/S GR 8 Z/YEL","3110","group 10 - 11","EA",100,5.5300000000000002E-2,5.53,"3869950"]
["14879","07/09/2012","37C150HCS8Y","8570491","3/8-16 X 1 1/2 HEX C/S GR 8 Z/YEL","3110","group 10 - 11","EA",75,6.3100000000000003E-2,9.4649999999999999,"3869950"]
["14879","07/09/2012","37C200MUT0Z/F","8543431","3/8-16 X 2 IND HEX UNSLT W/H T/C T-F  ZN","3110","C","EA",150,0.3,45,"3869950"]
["14879","07/09/2012","37NLET0Z","8543151","3/8 EXTERNAL TOOTH L/W  ZNC","3110","group 22 - 24","EA",300,7.7000000000000002E-3,2.31,"3869950"]
["14879","07/09/2012","37NWUS8Y","8570509","3/8 USS FLAT WASHER GR 8 Z/YEL","3110","group 10 - 11","EA",250,2.7E-2,13.5,"3869950"]
["14879","07/09/2012","43C100HCS8Y","8571277","7/16-14 X 1in HEX C/S GR 8 Z/YEL","3110","group 42","EA",300,0.11,33,"3869950"]
["14879","07/09/2012","43C125HCS8Y","43C125HCS8Y","7/16-14 X 1 1/4 HEX C/S GR 8 Z/YEL","3110","87521","EA",3,8.4000000000000005E-2,0.252,"3869950"]
["14879","07/09/2012","43NWUS8Y","8571206","7/16 USS FLAT WASHER GR 8 Z/YEL","3110","group 22 - 24","EA",200,5.57E-2,11.14,"3869950"]
["14879","07/09/2012","43NWUS8Y","8571206","7/16 USS FLAT WASHER GR 8 Z/YEL","3110","group 42","EA",600,5.57E-2,33.42,"3869950"]
["14879","07/09/2012","50C150HCS8Y","8570954","1/2-13 X 1 1/2 HEX C/S GR 8 Z/YEL","3110","group 22 - 24","EA",40,0.1275,5.0999999999999996,"3869950"]
["14879","07/09/2012","50CNNE8Y","8541468","1/2-13 NYLOC INSERT LOCKNUT GR 8 Z/YEL","3110","group 22 - 24","EA",100,9.69E-2,9.69,"3869950"]
["14879","07/09/2012","50NWUS8Y","8570876","1/2 USS FLAT WASHER GR 8 Z/YEL","3110","g0000 26","EA",75,7.6499999999999999E-2,5.7374999999999998,"3869950"]
["14879","07/09/2012","62C150HCS8Y","8543373","5/8-11 X 1 1/2 HEX C/S GR 8 Z/YEL","3110","214745","EA",1,0.21629999999999999,0.21629999999999999,"3869950"]
["14879","07/09/2012","62C200HCS8Y","8571269","5/8-11 X 2 HEX C/S GR 8 Z/YEL","3110","214758","EA",1,0.28999999999999998,0.28999999999999998,"3869950"]
["14879","07/09/2012","62CNNE8Y","62CNNE8Y","5/8-11 NYLOC INSERT LOCKNUT GR 8 Z/YEL","3110","214758","EA",1,0.84296000000000004,0.84296000000000004,"3869950"]
["14879","07/09/2012","62NLOC8Y","8543407","5/8 SPLIT LOCKWASHER GR 8 Z/YEL","3110","214745","EA",1,6.59E-2,6.59E-2,"3869950"]
["14879","07/09/2012","62NWUS8Y","8571050","5/8 USS FLAT WASHER GR 8 Z/YEL","3110","214745","EA",1,0.13730000000000001,0.13730000000000001,"3869950"]
["14879","07/09/2012","62NWUS8Y","8571050","5/8 USS FLAT WASHER GR 8 Z/YEL","3110","214758","EA",2,0.13730000000000001,0.27460000000000001,"3869950"]
["14879","07/09/2012","6N100TQO0Z","8570750","#6 X 1in OVAL SQUARE RECESS T/S  ZNC","3110","g0000 26","EA",500,1.2500000000000001E-2,6.25,"3869950"]
["14879","07/09/2012","6N100TQO0Z","8570750","#6 X 1in OVAL SQUARE RECESS T/S  ZNC","3110","group 22 - 24","EA",600,1.2500000000000001E-2,15,"3869950"]
["14879","07/09/2012","75C350HCS8Y","8571516","3/4-10 X 3 1/2 HEX C/S GR 8 Z/YEL","3110","group 10 - 11","EA",18,1.2,21.6,"3869950"]
["14879","07/09/2012","8C100MTM0Z/F","8C100MTM0Z/F","8/32 X 1in PAN PHIL T/C T-F  ZNC","3110","134472","EA",10,0.04,0.4,"3869950"]
["14879","07/09/2012","8C100MTM0Z/F","8C100MTM0Z/F","8/32 X 1in PAN PHIL T/C T-F  ZNC","3110","final","EA",500,0.04,20,"3869950"]
["14879","07/09/2012","8C100MTM0Z/F","8C100MTM0Z/F","8/32 X 1in PAN PHIL T/C T-F  ZNC","3110","group 22 - 24","EA",1500,0.04,60,"3869950"]
["14879","07/09/2012","8C100MTM0Z/F/NPAT","8571376","8/32 X 1 PAN PHIL T-F W/NYLOC PATCH","3110","final","EA",500,7.0000000000000007E-2,70,"3869950"]
["14879","07/09/2012","8CNKE0Z","8570984","8/32 KEPS NUT  ZNC","3110","221042","EA",12,5.7999999999999996E-3,6.9599999999999995E-2,"3869950"]
["14879","07/09/2012","8CNKE0Z","8570984","8/32 KEPS NUT  ZNC","3110","s000000000","EA",2,5.7999999999999996E-3,1.1599999999999999E-2,"3869950"]
["14879","07/09/2012","8G100UQP0B/NPAT","8570936","8-18 X 1in PAN SQ RECESS TEK SC NYL PAT","3110","BLK","EA",500,1.95E-2,9.75,"3869950"]
["14879","07/09/2012","8G75UQP4","8570788","8-18 X 3/4 PAN SQ RECESS TEK SC 410 S/S","3110","group 20 - 21","EA",600,2.6200000000000001E-2,15.72,"3869950"]
["14879","07/09/2012","8N300TQF0B","8570711","#8 X 3 FLAT SQUARE RECESS T/S  BLK","3110","R&D","EA",50,3.6900000000000002E-2,1.845,"3869950"]
["14879","07/09/2012","8N62TQP0Z/BL","8570739","#8 X 5/8 PAN SQUARE RECESS T/S BLK HD  Z","3110","NC","EA",2500,7.0000000000000001E-3,17.5,"3869950"]
[null,null,null,null,null,null,null,null,null,null,{"$f":"SUBTOTAL(9,K344:K577)","v":2683.932269999998},"3869950 Total"]
["14879","07/10/2012",".120NWA30P/6916","8571279","M12 A325 FLAT WASHER DIN 125A TP200  PLN","3110","group 42","EA",500,0.1414,70.7,"3870689"]
["14879","07/10/2012","/3M13-10NB","3944782","12-10 #10 TERMINAL","3110","134472","EA",12,0.1,1.2,"3870689"]
["14879","07/10/2012","/3M13-10NB","3944782","12-10 #10 TERMINAL","3110","s000000000","EA",1,0.1,0.1,"3870689"]
["14879","07/10/2012","/3M13-38-P","3942273","10-12  3/8  STUD RING INSULATED","3110","134472","EA",12,5.5899999999999998E-2,0.67079999999999995,"3870689"]
["14879","07/10/2012","/3M1700","8970416","3M 1700  TEM FLEX ELECTRICAL TAPE","3110","221053","EA",1,0.63,0.63,"3870689"]
["14879","07/10/2012","/3M1700","8970416","3M 1700  TEM FLEX ELECTRICAL TAPE","3110","273454","EA",2,0.63,1.26,"3870689"]
["14879","07/10/2012","/3M2097/07184","/3M2097/07184","PARTICULATE FILTER P100 W/NUISANCE LEVE","E","214742","EA",2,4.2,8.4,"3870689"]
["14879","07/10/2012","/3M2097/07184","/3M2097/07184","PARTICULATE FILTER P100 W/NUISANCE LEVE","E","87596","EA",2,4.2,8.4,"3870689"]
["14879","07/10/2012","/AEZ1416","/AEZ1416","AERVOE FLOURSCENT GREEN","3110","221062","EA",1,3.6,3.6,"3870689"]
["14879","07/10/2012","/AL-14-50-0-CW-M","/AL-14-50-0-CW-M","14in BLACK CABLE TIE 50lb","D","final","EA",500,4.2000000000000003E-2,21,"3870689"]
["14879","07/10/2012","/AL-14-50-0-CW-M","/AL-14-50-0-CW-M","14in BLACK CABLE TIE 50lb","D","group 22 - 24","EA",500,4.2000000000000003E-2,21,"3870689"]
["14879","07/10/2012","/AL-14-50-0-CW-M","/AL-14-50-0-CW-M","14in BLACK CABLE TIE 50lb","D","group 50","EA",500,4.2000000000000003E-2,21,"3870689"]
["14879","07/10/2012","/AS400SM","0613336","8 STATIC MIXER 400ml","A","107800","EA",6,1.25,7.5,"3870689"]
["14879","07/10/2012","/ASMP55300-400","7970041","METHACYLATE ADHESIVE 400ml","3110","107800","EA",2,27.6,55.2,"3870689"]
["14879","07/10/2012","/AW20-202","0612410","20-202 T-SHIRT/POLOKNIT","D","107518","EA",50,0.52,26,"3870689"]
["14879","07/10/2012","/AW20-202","0612410","20-202 T-SHIRT/POLOKNIT","D","107611","EA",50,0.52,26,"3870689"]
["14879","07/10/2012","/AW20-202","0612410","20-202 T-SHIRT/POLOKNIT","D","213467","EA",100,0.52,52,"3870689"]
["14879","07/10/2012","/AW20-202","0612410","20-202 T-SHIRT/POLOKNIT","D","220986","EA",50,0.52,26,"3870689"]
["14879","07/10/2012","/AW20-202","0612410","20-202 T-SHIRT/POLOKNIT","D","87611","EA",50,0.52,26,"3870689"]
["14879","07/10/2012","/AW20-202","0612410","20-202 T-SHIRT/POLOKNIT","D","s000000000","EA",50,0.52,26,"3870689"]
["14879","07/10/2012","/BI-CP0399","0611745","CTR PUNCH CLAMP 13/16x3/8x.025 GC","D","c000 r00000","EA",1,0.29459999999999997,0.29459999999999997,"3870689"]
["14879","07/10/2012","/COV1309Z1","3971518","3/4in VYL COATED WIRING/TUBE CLIP","3110","155928","EA",1000,0.19239999999999999,192.4,"3870689"]
["14879","07/10/2012","/COV3313Z1","3971520","2in VYL COATED WIRING/TUBE CLIP","3110","group 10 - 11","EA",250,0.28299999999999997,70.75,"3870689"]
["14879","07/10/2012","/COV4511Z1","0374037","2-3/4in VYL COATED WIRING/TUBE CLIP","3110","group 10 - 11","EA",200,0.66539999999999999,133.08000000000001,"3870689"]
["14879","07/10/2012","/COV6509Z1","3971922","4in VYL COATED WIRING/TUBE CLIP","3110","group 10 - 11","EA",125,0.84360000000000002,105.45,"3870689"]
["14879","07/10/2012","/CRL216","0610545","CRL216 PLASTIC PUSH STICK","A","213492","EA",6,0.66,3.96,"3870689"]
["14879","07/10/2012","/EN91","0607049","AA ALKALINE BATTERY","D","213524","EA",3,0.43,1.29,"3870689"]
["14879","07/10/2012","/EN91","0607049","AA ALKALINE BATTERY","D","221018","EA",2,0.43,0.86,"3870689"]
["14879","07/10/2012","/EN92","0612342","AAA ALKALINE BATTERY","D","136904","EA",3,0.45,1.35,"3870689"]
["14879","07/10/2012","/EN92","0612342","AAA ALKALINE BATTERY","D","145224","EA",3,0.45,1.35,"3870689"]
["14879","07/10/2012","/EN92","0612342","AAA ALKALINE BATTERY","D","213455","EA",3,0.45,1.35,"3870689"]
["14879","07/10/2012","/EN92","0612342","AAA ALKALINE BATTERY","D","214724","EA",3,0.45,1.35,"3870689"]
["14879","07/10/2012","/EN92","0612342","AAA ALKALINE BATTERY","D","214741","EA",4,0.45,1.8,"3870689"]
["14879","07/10/2012","/EN92","0612342","AAA ALKALINE BATTERY","D","221047","EA",3,0.45,1.35,"3870689"]
["14879","07/10/2012","/EN92","0612342","AAA ALKALINE BATTERY","D","221062","EA",8,0.45,3.6,"3870689"]
["14879","07/10/2012","/EN92","0612342","AAA ALKALINE BATTERY","D","273455","EA",3,0.45,1.35,"3870689"]
["14879","07/10/2012","/EN92","0612342","AAA ALKALINE BATTERY","D","85322","EA",3,0.45,1.35,"3870689"]
["14879","07/10/2012","/ET66RED","/ET66RED","3/4 X 66ft RED ELECTRICAL TAPE","3110","134472","EA",4,0.68,2.72,"3870689"]
["14879","07/10/2012","/ET66RED","/ET66RED","3/4 X 66ft RED ELECTRICAL TAPE","3110","273454","EA",5,0.68,3.4,"3870689"]
["14879","07/10/2012","/FWABMD445X","0613367","ABMAST WHEEL A30R GRADE","A","215788","EA",4,2.15,8.6,"3870689"]
["14879","07/10/2012","/FWABMD445X","0613367","ABMAST WHEEL A30R GRADE","A","221062","EA",15,2.15,32.25,"3870689"]
["14879","07/10/2012","/FWABMX481R","0601064","ABMAST WHEEL A30R GRADE","A","221019","EA",20,7.48,149.6,"3870689"]
["14879","07/10/2012","/FWBEANIES-L","/FWBEANIES-L","WELDING BEANIES  - LARGE","E","87597","EA",1,4.3499999999999996,4.3499999999999996,"3870689"]
["14879","07/10/2012","/FWBEANIES-M","/FWBEANIES-M","WELDING BEANIES  - MEDIUM","E","214741","EA",1,4.3499999999999996,4.3499999999999996,"3870689"]
["14879","07/10/2012","/FWBEANIES-S","0613305","WELDING BEANIES  - SMALL","E","221012","EA",1,4.3499999999999996,4.3499999999999996,"3870689"]
["14879","07/10/2012","/FWCEP932-1040","0612258","2in X 4-1/4 COVER PLATE","D","214741","EA",1,0.72,0.72,"3870689"]
["14879","07/10/2012","/FWCEP932-1040","0612258","2in X 4-1/4 COVER PLATE","D","221062","EA",1,0.72,0.72,"3870689"]
["14879","07/10/2012","/FWCEP932-1040","0612258","2in X 4-1/4 COVER PLATE","D","87597","EA",1,0.72,0.72,"3870689"]
["14879","07/10/2012","/FWCEP932-1042","0612967","4-1/2 X 5-1/4 COVER PLATE","A","214741","EA",1,0.9,0.9,"3870689"]
["14879","07/10/2012","/FWCEP932-1042","0612967","4-1/2 X 5-1/4 COVER PLATE","A","215788","EA",1,0.9,0.9,"3870689"]
["14879","07/10/2012","/FWCEP932-1042","0612967","4-1/2 X 5-1/4 COVER PLATE","A","221062","EA",1,0.9,0.9,"3870689"]
["14879","07/10/2012","/FWCEP932-1042","0612967","4-1/2 X 5-1/4 COVER PLATE","A","87597","EA",1,0.9,0.9,"3870689"]
["14879","07/10/2012","/FWCEP932-1042","0612967","4-1/2 X 5-1/4 COVER PLATE","A","m0000000000","EA",1,0.9,0.9,"3870689"]
["14879","07/10/2012","/FWFAL50504","/FWFAL50504","2 X .050 X 1/4 CUT OFF WHEEL","A","215788","EA",10,1.45,14.5,"3870689"]
["14879","07/10/2012","/FWMOL2310N99","0613362","WELDERS FACE MASK CARBON LINER","E","215739","EA",20,4.0625,81.25,"3870689"]
["14879","07/10/2012","/FWMOL2310N99","0613362","WELDERS FACE MASK CARBON LINER","E","215766","EA",10,4.0625,40.625,"3870689"]
["14879","07/10/2012","/FWMOL2310N99","0613362","WELDERS FACE MASK CARBON LINER","E","215788","EA",10,4.0625,40.625,"3870689"]
["14879","07/10/2012","/FWMOL2310N99","0613362","WELDERS FACE MASK CARBON LINER","E","221001","EA",10,4.0625,40.625,"3870689"]
["14879","07/10/2012","/FWMOL2310N99","0613362","WELDERS FACE MASK CARBON LINER","E","87594","EA",10,4.0625,40.625,"3870689"]
["14879","07/10/2012","/FWMOL2310N99","0613362","WELDERS FACE MASK CARBON LINER","E","87596","EA",10,4.0625,40.625,"3870689"]
["14879","07/10/2012","/FWTWE14-35","0602003","CONTACT TIP 1140-1102","A","214741","EA",4,0.76,3.04,"3870689"]
["14879","07/10/2012","/FWTWE14-35","0602003","CONTACT TIP 1140-1102","A","215751","EA",5,0.76,3.8,"3870689"]
["14879","07/10/2012","/FWTWE14-35","0602003","CONTACT TIP 1140-1102","A","215788","EA",4,0.76,3.04,"3870689"]
["14879","07/10/2012","/FWTWE14-35","0602003","CONTACT TIP 1140-1102","A","87596","EA",5,0.76,3.8,"3870689"]
["14879","07/10/2012","/FWTWE24A-62-SS","0602004","NOZZLE 1240-121","A","214741","EA",4,3.3125,13.25,"3870689"]
["14879","07/10/2012","/FWTWE24A-62-SS","0602004","NOZZLE 1240-121","A","215751","EA",1,3.3125,3.3125,"3870689"]
["14879","07/10/2012","/FWTWE24A-62-SS","0602004","NOZZLE 1240-121","A","215788","EA",3,3.3125,9.9375,"3870689"]
["14879","07/10/2012","/FWTWE24A-62-SS","0602004","NOZZLE 1240-121","A","87596","EA",5,3.3125,16.5625,"3870689"]
["14879","07/10/2012","/FWTWE34A","0616178","NOZZLE INSULATOR 1340-1100","A","214741","EA",6,1.7124999999999999,10.275,"3870689"]
["14879","07/10/2012","/FWTWE34A","0616178","NOZZLE INSULATOR 1340-1100","A","215751","EA",1,1.7124999999999999,1.7124999999999999,"3870689"]
["14879","07/10/2012","/FWTWE34A","0616178","NOZZLE INSULATOR 1340-1100","A","215788","EA",2,1.7124999999999999,3.4249999999999998,"3870689"]
["14879","07/10/2012","/FWTWE34A","0616178","NOZZLE INSULATOR 1340-1100","A","87596","EA",3,1.7124999999999999,5.1375000000000002,"3870689"]
["14879","07/10/2012","/FWTWE54A","0602011","GAS DIFFUSER 100-54A ANCHOR BRAND","A","215788","EA",2,3.41,6.82,"3870689"]
["14879","07/10/2012","/FWWEL20-3100","0613306","SWEAT BAND, HELMET COMFORTER","E","107663","EA",2,2.21,4.42,"3870689"]
["14879","07/10/2012","/FWWEL20-3100","0613306","SWEAT BAND, HELMET COMFORTER","E","145223","EA",2,2.21,4.42,"3870689"]
["14879","07/10/2012","/FWWEL20-3100","0613306","SWEAT BAND, HELMET COMFORTER","E","215788","EA",2,2.21,4.42,"3870689"]
["14879","07/10/2012","/HDL33AINE","/HDL33AINE","ENERGIZER 6 LED HEADLAMP","D","155917","EA",2,24.69,49.38,"3870689"]
["14879","07/10/2012","/HDL33AINE","/HDL33AINE","ENERGIZER 6 LED HEADLAMP","D","9999","EA",1,24.69,24.69,"3870689"]
["14879","07/10/2012","/HS55012","0613445","3/4 HOLE SAW H S S","A","103163","EA",1,3.19,3.19,"3870689"]
["14879","07/10/2012","/IDL5210","4970430","9/16 TO 1-1/16 HOSE CLAMP","3110","group 10 - 11","EA",83,0.28999999999999998,24.07,"3870689"]
["14879","07/10/2012","/IRW2078310","/IRW2078310","CRIMPING PLIERS","B","213523","EA",1,19.850000000000001,19.850000000000001,"3870689"]
["14879","07/10/2012","/K1307","3170107","K1307 BATTERY PROTECTOR","3110","213473","EA",1,2.85,2.85,"3870689"]
["14879","07/10/2012","/LAI997","0612286","LAI997  BRASS DETAIL BRUSH","D","87594","EA",1,1.27,1.27,"3870689"]
["14879","07/10/2012","/LDFSM","/LDFSM","LETTER F DRILL SCREW MACH LENGTH","A","103151","EA",12,1.61,19.32,"3870689"]
["14879","07/10/2012","/MBT14H-S","0377165","14in - 250H 304 ST/ST TIE","3110","221023","EA",50,0.72789999999999999,36.395000000000003,"3870689"]
["14879","07/10/2012","/MCM7437K19","/MCM7437K19","RED BATTERY PROTECTANT  15.25 OZ.","3110","213473","EA",1,7.18,7.18,"3870689"]
["14879","07/10/2012","/MCR38030MW","/MCR38030MW","LEATHER WELDING JACKET 3XL","E","210927","EA",1,46.15,46.15,"3870689"]
["14879","07/10/2012","/MCR9378T","/MCR9378T","18in KEVLAR SLEEVE W/THUMB SLOT","E","221044","EA",2,3.18,6.36,"3870689"]
["14879","07/10/2012","/MCR9378T","/MCR9378T","18in KEVLAR SLEEVE W/THUMB SLOT","E","69534","EA",2,3.18,6.36,"3870689"]
["14879","07/10/2012","/MCR9378T","/MCR9378T","18in KEVLAR SLEEVE W/THUMB SLOT","E","87594","EA",2,3.18,6.36,"3870689"]
["14879","07/10/2012","/MCR9673GW-XL","/MCR9673GW-XL","WHITE NYLON NITRILE GLOVE  X-LARGE","E","214775","EA",1,1.96,1.96,"3870689"]
["14879","07/10/2012","/MCR9673GW-XL","/MCR9673GW-XL","WHITE NYLON NITRILE GLOVE  X-LARGE","E","221023","EA",1,1.96,1.96,"3870689"]
["14879","07/10/2012","/MCR9673GW-XL","/MCR9673GW-XL","WHITE NYLON NITRILE GLOVE  X-LARGE","E","9999","EA",1,1.96,1.96,"3870689"]
["14879","07/10/2012","/MCR9673GW-XXL","/MCR9673GW-XXL","WHITE NYLON NITRILE GLOVE- XX-LARGE","E","214793","EA",1,1.96,1.96,"3870689"]
["14879","07/10/2012","/MCREPRC25","/MCREPRC25","EAR PLUG W/CORD REUSABLE","E","69527","EA",5,0.93500000000000005,4.6749999999999998,"3870689"]
["14879","07/10/2012","/MHC11911-12-12B","2971154","3/4 PIPE NIPPLE BRASS","3110","g0000 26","EA",5,3.06,15.3,"3870689"]
["14879","07/10/2012","/MI602","2970730","602 1/4M X 3/8 ID HOSE FITTING","3110","c000 r00000","EA",1,0.73,0.73,"3870689"]
["14879","07/10/2012","/MI684-4","/MI684-4","1/4 NPT TANK VALVE","3110","s000000000","EA",5,2.2799999999999998,11.4,"3870689"]
["14879","07/10/2012","/MI790","0613299","790 1/4 FEMALE BODY","D","c000 r00000","EA",1,5.82,5.82,"3870689"]
["14879","07/10/2012","/MI790","0613299","790 1/4 FEMALE BODY","D","m0000000000","EA",1,5.82,5.82,"3870689"]
["14879","07/10/2012","/MI791","0613300","MILTON 791 COUPLER PLUG","D","c000 r00000","EA",1,1.1200000000000001,1.1200000000000001,"3870689"]
["14879","07/10/2012","/MIL49-59-0500","/MIL49-59-0500","1/2\" MILWAUKEE ANNULAR CUTTER","A","87550","EA",2,33.65,67.3,"3870689"]
["14879","07/10/2012","/MKCSM948NSC","/MKCSM948NSC","9in 48 TOOTH STEEL BLADES","A","m0000000000","EA",1,58.12,58.12,"3870689"]
["14879","07/10/2012","/MKNMPD4S","0601065","1/4 PILOT BIT SHORT","A","214756","EA",1,1.68,1.68,"3870689"]
["14879","07/10/2012","/MKNMPD4S","0601065","1/4 PILOT BIT SHORT","A","215788","EA",2,1.68,3.36,"3870689"]
["14879","07/10/2012","/MKNMPD4S","0601065","1/4 PILOT BIT SHORT","A","221023","EA",1,1.68,1.68,"3870689"]
["14879","07/10/2012","/MM32-015","/MM32-015","1/2 BARB W/ 1/4 MALE NPT","3110","m0000000000","EA",1,0.78,1.56,"3870689"]
["14879","07/10/2012","/MOL6644","/MOL6644","MOLDEX UNCORDED EAR PLUG DISPENSER 250PR","E","85336","EA",1,33.5,33.5,"3870689"]
["14879","07/10/2012","/MS01-8154","0613092","MS01-8154  SHIELD FOR HEADGEAR","E","214741","EA",1,3.61,3.61,"3870689"]
["14879","07/10/2012","/MS01-8154","0613092","MS01-8154  SHIELD FOR HEADGEAR","E","221009","EA",1,3.61,3.61,"3870689"]
["14879","07/10/2012","/MS04-2200N95","0612445","DUST MASK 20/BOX","E","221044","EA",1,0.64,0.64,"3870689"]
["14879","07/10/2012","/MS05-593GR","0613371","17in SPARK GUARD SLEEVE    PAIR","E","214775","EA",1,5.84,5.84,"3870689"]
["14879","07/10/2012","/MS09-4320","0612134","WELDERS GLOVE (PAIR)  4320","E","214741","EA",1,3.52,3.52,"3870689"]
["14879","07/10/2012","/MS09-7005-L","0612455","NDEX NITRILE GLOVE LGE(100/BX)6020","E","107611","EA",1,9.39,9.39,"3870689"]
["14879","07/10/2012","/MS09-7005-L","0612455","NDEX NITRILE GLOVE LGE(100/BX)6020","E","107767","EA",1,9.39,9.39,"3870689"]
["14879","07/10/2012","/MS09-7005-L","0612455","NDEX NITRILE GLOVE LGE(100/BX)6020","E","214730","EA",1,9.39,9.39,"3870689"]
["14879","07/10/2012","/MS09-7005-L","0612455","NDEX NITRILE GLOVE LGE(100/BX)6020","E","221044","EA",1,9.39,9.39,"3870689"]
["14879","07/10/2012","/MS09-9780-8","0613097","NITRILE GLOVES SIZE 8   97980M","E","273507","EA",1,1.83,1.83,"3870689"]
["14879","07/10/2012","/PB27425","/PB27425","27425 3/16 HEX BIT LONG","A","163249","EA",2,1.75,3.5,"3870689"]
["14879","07/10/2012","/PB28314","0610234","#2 PHILLIPS BIT 4in","A","220986","EA",1,1,1,"3870689"]
["14879","07/10/2012","/PB28314","0610234","#2 PHILLIPS BIT 4in","A","273400","EA",1,1,1,"3870689"]
["14879","07/10/2012","/PB28314","0610234","#2 PHILLIPS BIT 4in","A","273543","EA",2,1,2,"3870689"]
["14879","07/10/2012","/PB29059","0612278","#2 X 3 SQ BIT","A","103171","EA",2,0.85,1.7,"3870689"]
["14879","07/10/2012","/PB29059","0612278","#2 X 3 SQ BIT","A","1685","EA",2,0.85,1.7,"3870689"]
["14879","07/10/2012","/PB29059","0612278","#2 X 3 SQ BIT","A","213455","EA",4,0.85,3.4,"3870689"]
["14879","07/10/2012","/PB29059","0612278","#2 X 3 SQ BIT","A","221009","EA",3,0.85,2.5499999999999998,"3870689"]
["14879","07/10/2012","/PB29059","0612278","#2 X 3 SQ BIT","A","85811","EA",2,0.85,1.7,"3870689"]
["14879","07/10/2012","/PB39959","0612067","#2 SQ X 6 SQ RECESS BIT","A","1685","EA",1,1.49,1.49,"3870689"]
["14879","07/10/2012","/PER82190","7970023","PER82190  2gr. SUPER GLUE","D","213523","EA",1,1.39,1.39,"3870689"]
["14879","07/10/2012","/PER82190","7970023","PER82190  2gr. SUPER GLUE","D","s000000000","EA",1,1.39,1.39,"3870689"]
["14879","07/10/2012","/PIP09-K1450/L","/PIP09-K1450/L","KEVLAR GLOVE WITH NITRILE COATING LARGE","E","211005","EA",1,4.75,4.75,"3870689"]
["14879","07/10/2012","/PIP09-K1450/L","/PIP09-K1450/L","KEVLAR GLOVE WITH NITRILE COATING LARGE","E","213453","EA",1,4.75,4.75,"3870689"]
["14879","07/10/2012","/PIP09-K1450/L","/PIP09-K1450/L","KEVLAR GLOVE WITH NITRILE COATING LARGE","E","69534","EA",1,4.75,4.75,"3870689"]
["14879","07/10/2012","/PIP09-K1450/L","/PIP09-K1450/L","KEVLAR GLOVE WITH NITRILE COATING LARGE","E","87507","EA",1,4.75,4.75,"3870689"]
["14879","07/10/2012","/PIP09-K1450/M","/PIP09-K1450/M","KEVLAR GLOVE W/NITRILE COATING MEDIUM","E","214775","EA",1,4.75,4.75,"3870689"]
["14879","07/10/2012","/PIP09-K1450/M","/PIP09-K1450/M","KEVLAR GLOVE W/NITRILE COATING MEDIUM","E","215757","EA",1,4.75,4.75,"3870689"]
["14879","07/10/2012","/PIP09-K1450/M","/PIP09-K1450/M","KEVLAR GLOVE W/NITRILE COATING MEDIUM","E","s000000000","EA",1,4.75,4.75,"3870689"]
["14879","07/10/2012","/PIP09-K1450/XL","/PIP09-K1450/XL","KEVLAR GLOVE W/NITRILE COATING XL","E","221009","EA",1,4.75,4.75,"3870689"]
["14879","07/10/2012","/SB12524","0612403","3-5/8 1/2 WIDE 24tpi AIR SAW BLADE","A","215788","EA",5,1,5,"3870689"]
["14879","07/10/2012","/SB15-8X1/2X.025","/SB15-8X1/2X.025","15ft 8in X 1/2 X 6T BAND SAW BLADE","A","m0000000000","EA",1,17.82,17.82,"3870689"]
["14879","07/10/2012","/SB1QTA","0607002","1 QT SPRAY APPLICATOR (NO BOTTLE)","D","163217","EA",1,0.62,0.62,"3870689"]
["14879","07/10/2012","/SB1QTA","0607002","1 QT SPRAY APPLICATOR (NO BOTTLE)","D","273543","EA",2,0.62,1.24,"3870689"]
["14879","07/10/2012","/SB1QTB","0607001","1 QT SPRAY BOTTLE  (NO APPLICATOR)","D","163217","EA",1,0.66,0.66,"3870689"]
["14879","07/10/2012","/SB1QTB","0607001","1 QT SPRAY BOTTLE  (NO APPLICATOR)","D","273543","EA",2,0.66,1.32,"3870689"]
["14879","07/10/2012","/SB5-8X1/2X.035X14","/SB5-8X1/2X.035X14","5ft-8in X 1/2 X 14T BAND SAW BLADE","A","m0000000000","EA",1,22.72,22.72,"3870689"]
["14879","07/10/2012","/SBT101B","0612167","BOSCH T101B SABRE SAW BLADE","A","163231","EA",1,1.76,1.76,"3870689"]
["14879","07/10/2012","/STN11921I","0610823","UTIL KNIFE BLADES(INDIVIDUAL BLADES)","A","221018","EA",15,0.11,1.65,"3870689"]
["14879","07/10/2012","/STN11921I","0610823","UTIL KNIFE BLADES(INDIVIDUAL BLADES)","A","221053","EA",15,0.11,1.65,"3870689"]
["14879","07/10/2012","/STN11921I","0610823","UTIL KNIFE BLADES(INDIVIDUAL BLADES)","A","273410","EA",15,0.11,1.65,"3870689"]
["14879","07/10/2012","/STN11921I","0610823","UTIL KNIFE BLADES(INDIVIDUAL BLADES)","A","69550","EA",30,0.11,3.3,"3870689"]
["14879","07/10/2012","/TD365-9-8211","/TD365-9-8211","80 AMP TORCH TIP","D","87596","EA",10,6.04,60.4,"3870689"]
["14879","07/10/2012","/TD365-9-8213","/TD365-9-8213","THERMAL DYNAMICS 1 TORCH START CARTRIDGE","D","87596","EA",8,30.13,241.04,"3870689"]
["14879","07/10/2012","/TD365-9-8215","/TD365-9-8215","THERMAL DYNAMICS ELECTRODE","D","87596","EA",10,7.55,75.5,"3870689"]
["14879","07/10/2012","/TR1/8","/TR1/8","1/8 TAMPER RESISTANT HEX BIT","A","210972","EA",1,3,3,"3870689"]
["14879","07/10/2012","/USP4009","0375851","P4009  SPRING NUT","3110","g0000 22","EA",1500,0.49,735,"3870689"]
["14879","07/10/2012","/UT-1033","8970411","2 X 60 YD GRAY DUCT TAPE - THIN 8mil","3110","163217","EA",1,3.51,3.51,"3870689"]
["14879","07/10/2012","/UT-1033","8970411","2 X 60 YD GRAY DUCT TAPE - THIN 8mil","3110","213500","EA",2,3.51,7.02,"3870689"]
["14879","07/10/2012","/UT-1033","8970411","2 X 60 YD GRAY DUCT TAPE - THIN 8mil","3110","215788","EA",1,3.51,3.51,"3870689"]
["14879","07/10/2012","/UT-1033","8970411","2 X 60 YD GRAY DUCT TAPE - THIN 8mil","3110","221023","EA",1,3.51,3.51,"3870689"]
["14879","07/10/2012","/UT-1033","8970411","2 X 60 YD GRAY DUCT TAPE - THIN 8mil","3110","221053","EA",1,3.51,3.51,"3870689"]
["14879","07/10/2012","/WB1","0612335","BUTANE REFILL 2.1oz","D","213473","EA",1,3.45,3.45,"3870689"]
["14879","07/10/2012","/WB40068","0611056","2 CHIP & OIL BRUSH","D","141802","EA",2,0.71,1.42,"3870689"]
["14879","07/10/2012","/WE356","3140431","BLACK WEEKENDER SPRAY PAINT","3110","213453","EA",4,1.52,6.08,"3870689"]
["14879","07/10/2012","/WE356","3140431","BLACK WEEKENDER SPRAY PAINT","3110","69550","EA",8,1.52,12.16,"3870689"]
["14879","07/10/2012","/WE357","3142429","WEEKEND WHITE","3110","87521","EA",1,1.55,1.55,"3870689"]
["14879","07/10/2012","/WE358","3142478","WEEKEND GLOSS BLACK","3110","87521","EA",2,1.55,3.1,"3870689"]
["14879","07/10/2012","/WH3220X8X4","2970931","1/2 X 1/4 HEX BUSHING BRASS","3110","m0000000000","EA",2,0.99,1.98,"3870689"]
["14879","07/10/2012","/WH3325X4","2970524","3325 X 4  1/4 HEX NIPPLE BRASS","3110","m0000000000","EA",1,0.56999999999999995,0.56999999999999995,"3870689"]
["14879","07/10/2012","/WKW70001","0601006","1/4 ROUTER BIT - 3/4 CUT LENGTH","A","214798","EA",1,6.22,6.22,"3870689"]
["14879","07/10/2012","/WKW70001","0601006","1/4 ROUTER BIT - 3/4 CUT LENGTH","A","221009","EA",31,6.22,192.82,"3870689"]
["14879","07/10/2012","/WKW70001","0601006","1/4 ROUTER BIT - 3/4 CUT LENGTH","A","221052","EA",25,6.22,155.5,"3870689"]
["14879","07/10/2012","/WU3201-L","0613393","LEATHER DRIVING GLOVES LARGE 3201L","E","213500","EA",1,4.05,4.05,"3870689"]
["14879","07/10/2012","/WU3201-L","0613393","LEATHER DRIVING GLOVES LARGE 3201L","E","221001","EA",1,4.05,4.05,"3870689"]
["14879","07/10/2012","/WU3201-L","0613393","LEATHER DRIVING GLOVES LARGE 3201L","E","87594","EA",1,4.05,4.05,"3870689"]
["14879","07/10/2012","/WU3201-M","/WU3201-M","LEATHER DRIVING GLOVES MEDIUM","E","214741","EA",1,4.05,4.05,"3870689"]
["14879","07/10/2012","/WU3201-XL","0613394","LEATHER DRIVING GLOVES X-LG 3201XL","E","214742","EA",1,4.05,4.05,"3870689"]
["14879","07/10/2012","/WU3201-XL","0613394","LEATHER DRIVING GLOVES X-LG 3201XL","E","87596","EA",1,4.05,4.05,"3870689"]
["14879","07/10/2012","/WU3201-XL","0613394","LEATHER DRIVING GLOVES X-LG 3201XL","E","87597","EA",1,4.05,4.05,"3870689"]
["14879","07/10/2012","10N100TXPS","8570779","#10 X 1in PHIL PAN T/S 18-8","3110","213523","EA",4,2.3E-2,9.1999999999999998E-2,"3870689"]
["14879","07/10/2012","12C150MTH0Z/F/NPAT","8571508","12/24 X 1-1/2 IND HEX SLT W/H T/C T-F ZN","3110","W/PATCH","EA",150,0.22,33,"3870689"]
["14879","07/10/2012","14RDAI","0601024","9/64 6 AIRCRAFT EXTENSION DRILL","A","85388","EA",12,1.3625,16.350000000000001,"3870689"]
["14879","07/10/2012","14RDCO","0613320","9/64 COBALT DRILL","A","1685","EA",2,1.35,2.7,"3870689"]
["14879","07/10/2012","14RDCO","0613320","9/64 COBALT DRILL","A","85388","EA",12,1.35,16.2,"3870689"]
["14879","07/10/2012","14RDCO","0613320","9/64 COBALT DRILL","A","s000000000","EA",12,1.35,16.2,"3870689"]
["14879","07/10/2012","14RDJO","0601023","9/64 HSS JOBR DRILL BLK/135deg S/P","A","220986","EA",24,0.55000000000000004,13.2,"3870689"]
["14879","07/10/2012","18RDCO","0612440","3/16 COBALT DRILL","A","221023","EA",12,1.3,15.6,"3870689"]
["14879","07/10/2012","20RDJO","0601011","13/64 HSS JOBR DRILL BLK/135deg S/P","A","103151","EA",2,0.83,1.66,"3870689"]
["14879","07/10/2012","25C3600RAT0Z","8571503","1/4-20 X 3 FT THRD ROD  ZNC","3110","215766","EA",6,0.504,3.024,"3870689"]
["14879","07/10/2012","25C37MST0Z","8571221","1/4-20 X 3/8 SLT TRS M/S  ZNC","3110","group 42","EA",125,4.3999999999999997E-2,5.5,"3870689"]
["14879","07/10/2012","25C75MTM0Z/F","8571311","1/4-20 X 3/4 PAN PHIL T/C T-F  ZNC","3110","group 22 - 24","EA",200,0.05,10,"3870689"]
["14879","07/10/2012","25C75MXTS","8570781","1/4-20 X 3/4 PHL TRS M/S 18-8","3110","group 22 - 24","EA",175,4.3400000000000001E-2,7.5949999999999998,"3870689"]
["14879","07/10/2012","25CNNE8Y","8570194","1/4-20 NYLOC INSERT LOCKNUT GR 8 Z/YEL","3110","g0000 26","EA",200,1.9400000000000001E-2,3.88,"3870689"]
["14879","07/10/2012","25CNNE8Y","8570194","1/4-20 NYLOC INSERT LOCKNUT GR 8 Z/YEL","3110","group 10 - 11","EA",400,1.9400000000000001E-2,7.76,"3870689"]
["14879","07/10/2012","25NWSAS","8570915","1/4 SAE F/W 18-8","3110","g0000 26","EA",200,1.61E-2,3.22,"3870689"]
["14879","07/10/2012","25NWUS8Y","8571249","1/4 USS FLAT WASHER GR 8 Z/YEL","3110","group 10 - 11","EA",400,1.4E-2,5.6,"3870689"]
["14879","07/10/2012","25R125WFE0Z","8570244","1/4 X 1 1/4 FEND WASH  ZNC","3110","group 22 - 24","EA",175,2.5999999999999999E-2,4.55,"3870689"]
["14879","07/10/2012","26RDCO","0613325","17/64 COBALT DRILL","A","141802","EA",12,2.44,29.28,"3870689"]
["14879","07/10/2012","28RDAI","28RDAI","9/32 6 AIRCRAFT EXTENSION DRILL","A","R&D","EA",1,5.4,5.4,"3870689"]
["14879","07/10/2012","31C100HCS8Y","8540186","5/16-18 X 1in HEX C/S GR 8 Z/YEL","3110","g0000 26","EA",60,4.1799999999999997E-2,2.508,"3870689"]
["14879","07/10/2012","31F37KKC","31F37KKC","5/16-24 X 3/8 SOC SET C/P","3110","213453","EA",1,0.14000000000000001,0.14000000000000001,"3870689"]
["14879","07/10/2012","37C125HCS8Y","8542797","3/8-16 X 1 1/4 HEX C/S GR 8 Z/YEL","3110","136948","EA",8,5.5300000000000002E-2,0.44240000000000002,"3870689"]
["14879","07/10/2012","37CNFH8Y","8570657","3/8-16 HEX FIN NUT GR 8 Z/YEL","3110","273648","EA",25,1.9199999999999998E-2,0.48,"3870689"]
["14879","07/10/2012","37NLOC8Y","B10-1117","3/8 SPLIT LOCKWASHER GR 8 Z/YEL","3110","136948","EA",8,1.8100000000000002E-2,0.14480000000000001,"3870689"]
["14879","07/10/2012","37NLOC8Y","B10-1117","3/8 SPLIT LOCKWASHER GR 8 Z/YEL","3110","273648","EA",25,1.8100000000000002E-2,0.45250000000000001,"3870689"]
["14879","07/10/2012","37NWUS8Y","8570509","3/8 USS FLAT WASHER GR 8 Z/YEL","3110","group 20 - 21","EA",250,2.7E-2,6.75,"3870689"]
["14879","07/10/2012","37RDCO","0613369","3/8 COBALT DRILL","A","103151","EA",6,5.7,34.200000000000003,"3870689"]
["14879","07/10/2012","37RDCO","0613369","3/8 COBALT DRILL","A","213500","EA",6,5.7,34.200000000000003,"3870689"]
["14879","07/10/2012","43F150HCS8Y","8571289","7/16-20 X 1 1/2 HEX C/S GR 8 Z/YEL","3110","group 42","EA",175,0.1396,24.43,"3870689"]
["14879","07/10/2012","43F250HCS8Y","8571283","7/16-20 X 2 1/2 HEX C/S GR 8 Z/YEL","3110","group 42","EA",125,0.16919999999999999,21.15,"3870689"]
["14879","07/10/2012","4CNMS0Z","8570475","4/40 MACHINE SCR NUT  ZNC","3110","220982","EA",20,2.5999999999999999E-3,5.1999999999999998E-2,"3870689"]
["14879","07/10/2012","50NLOC8Y","8542938","1/2 SPLIT LOCKWASHER GR 8 Z/YEL","3110","s000000000","EA",6,3.5999999999999997E-2,0.216,"3870689"]
["14879","07/10/2012","50NWUS8Y","8570876","1/2 USS FLAT WASHER GR 8 Z/YEL","3110","group 10 - 11","EA",350,7.6499999999999999E-2,26.774999999999999,"3870689"]
["14879","07/10/2012","53DDND","53DDND","#53 WIRE GA JOBBER DRILL","A","87594","EA",1,0.88,0.88,"3870689"]
["14879","07/10/2012","62C200HCS8Y","8571269","5/8-11 X 2 HEX C/S GR 8 Z/YEL","3110","g0000 26","EA",40,0.28999999999999998,11.6,"3870689"]
["14879","07/10/2012","62C250HCS8Y","8543381","5/8-11 X 2 1/2 HEX C/S GR 8 Z/YEL","3110","214758","EA",1,0.28949999999999998,0.28949999999999998,"3870689"]
["14879","07/10/2012","62C250HCS8Y","8543381","5/8-11 X 2 1/2 HEX C/S GR 8 Z/YEL","3110","g0000 26","EA",30,0.28949999999999998,8.6850000000000005,"3870689"]
["14879","07/10/2012","62CNNE8Y","62CNNE8Y","5/8-11 NYLOC INSERT LOCKNUT GR 8 Z/YEL","3110","214758","EA",3,0.84296000000000004,2.52888,"3870689"]
["14879","07/10/2012","62CNNE8Y","62CNNE8Y","5/8-11 NYLOC INSERT LOCKNUT GR 8 Z/YEL","3110","g0000 26","EA",40,0.84296000000000004,33.718400000000003,"3870689"]
["14879","07/10/2012","62NWUS8Y","8571050","5/8 USS FLAT WASHER GR 8 Z/YEL","3110","214758","EA",2,0.13730000000000001,0.27460000000000001,"3870689"]
["14879","07/10/2012","62NWUS8Y","8571050","5/8 USS FLAT WASHER GR 8 Z/YEL","3110","214758","EA",6,0.13730000000000001,0.82379999999999998,"3870689"]
["14879","07/10/2012","62NWUS8Y","8571050","5/8 USS FLAT WASHER GR 8 Z/YEL","3110","g0000 26","EA",80,0.13730000000000001,10.984,"3870689"]
["14879","07/10/2012","6N62TQF0Z","8571065","#6 X 5/8 FLAT SQUARE RECESS T/S  ZNC","3110","group 22 - 24","EA",300,8.6999999999999994E-3,2.61,"3870689"]
["14879","07/10/2012","8C100MTM0Z/F/NPAT","8571376","8/32 X 1 PAN PHIL T-F W/NYLOC PATCH","3110","final","EA",500,7.0000000000000007E-2,35,"3870689"]
["14879","07/10/2012","8C100MTM0Z/FWH","8C100MTM0Z/FWH","8-32 X 1 PAN PHIL T/C T-F ZINC WHITE HD","3110","final","EA",600,0.05,30,"3870689"]
["14879","07/10/2012","8G100UQF0Z/NPAT","8570935","8-18 X 1in F.H. SQ DRIVE TEK SC NYL PAT","3110","ZNC","EA",2500,1.55E-2,38.75,"3870689"]
["14879","07/10/2012","8G100UWA","8570765","8-18 X 1in PHIL WAFER HEAD TEK","3110","group 10 - 11","EA",300,1.5299999999999999E-2,4.59,"3870689"]
["14879","07/10/2012","8N100TQP0Z/NPAT","8570718","#8 X 1in PAN SQUARE RECESS T/S NYL PAT","3110","ZNC","EA",1000,1.6199999999999999E-2,16.2,"3870689"]
["14879","07/10/2012","8N62TQP0Z","8570947","#8 X 5/8 PAN SQUARE RECESS T/S  ZNC","3110","group 22 - 24","EA",600,6.7999999999999996E-3,4.08,"3870689"]
["14879","07/10/2012","8NWSA0Z","8570990","#8 SAE F/W  ZNC","3110","m0000000000","EA",12,4.0000000000000001E-3,4.8000000000000001E-2,"3870689"]
[null,null,null,null,null,null,null,null,null,null,{"$f":"SUBTOTAL(9,K579:K807)","v":4291.2867799999995},"3870689 Total"]
["14879","07/11/2012",".120NWA30P/6916","8571279","M12 A325 FLAT WASHER DIN 125A TP200  PLN","3110","group 42","EA",250,0.1414,35.35,"3871535"]
["14879","07/11/2012","/3M1700","8970416","3M 1700  TEM FLEX ELECTRICAL TAPE","3110","214748","EA",1,0.63,0.63,"3871535"]
["14879","07/11/2012","/3M1700","8970416","3M 1700  TEM FLEX ELECTRICAL TAPE","3110","221011","EA",1,0.63,0.63,"3871535"]
["14879","07/11/2012","/3M1700","8970416","3M 1700  TEM FLEX ELECTRICAL TAPE","3110","m0000000000","EA",1,0.63,0.63,"3871535"]
["14879","07/11/2012","/3M2097/07184","/3M2097/07184","PARTICULATE FILTER P100 W/NUISANCE LEVE","E","213500","EA",2,4.2,8.4,"3871535"]
["14879","07/11/2012","/3M72F-250-32P","3944485","16-14 .250 X .032 FUL/INS QUICK/DISC","3110","group 22 - 24","EA",300,0.05,15,"3871535"]
["14879","07/11/2012","/AL-14-50-0-CW-M","/AL-14-50-0-CW-M","14in BLACK CABLE TIE 50lb","D","group 10 - 11","EA",500,4.2000000000000003E-2,21,"3871535"]
["14879","07/11/2012","/AL-14-50-0-CW-M","/AL-14-50-0-CW-M","14in BLACK CABLE TIE 50lb","D","group 20 - 21","EA",500,4.2000000000000003E-2,21,"3871535"]
["14879","07/11/2012","/AL-14-50-0-CW-M","/AL-14-50-0-CW-M","14in BLACK CABLE TIE 50lb","D","group 22 - 24","EA",500,4.2000000000000003E-2,21,"3871535"]
["14879","07/11/2012","/AS400SM","0613336","8 STATIC MIXER 400ml","A","213492","EA",6,1.25,7.5,"3871535"]
["14879","07/11/2012","/AS50SM","0613337","STATIC MIXER 50ml","A","221018","EA",10,1.25,12.5,"3871535"]
["14879","07/11/2012","/AS50SM","0613337","STATIC MIXER 50ml","A","221032","EA",20,1.25,25,"3871535"]
["14879","07/11/2012","/AS55300-50","7970040","METHACYLATE ADHESIVE 50ml","3110","221018","EA",3,8.98,26.94,"3871535"]
["14879","07/11/2012","/ASMP55300-400","7970041","METHACYLATE ADHESIVE 400ml","3110","213492","EA",3,27.6,82.8,"3871535"]
["14879","07/11/2012","/AT2","4970611","2 X 50yds ALUMINUM TAPE UT-41","3110","221055","EA",1,6.82,6.82,"3871535"]
["14879","07/11/2012","/AV13004","8571030","1/4-20 WELL NUT 015/011 GRIP 25/UNIT","3110","g0000 26","EA",25,0.4556,11.39,"3871535"]
["14879","07/11/2012","/AV8814","8570095","5/16-18 U-NUT 25/UNIT","3110","group 20 - 21","EA",75,0.20799999999999999,15.6,"3871535"]
["14879","07/11/2012","/BB433-934","0607017","NAIL APRON","D","221055","EA",1,1.93,1.93,"3871535"]
["14879","07/11/2012","/CCPV8-6","8570815","1/4 MONO BOLT .08-.375 GRIP S/S","3110","group 20 - 21","EA",250,0.60809999999999997,152.02500000000001,"3871535"]
["14879","07/11/2012","/CCPV8-6","8570815","1/4 MONO BOLT .08-.375 GRIP S/S","3110","group 22 - 24","EA",250,0.60809999999999997,152.02500000000001,"3871535"]
["14879","07/11/2012","/COV2509Z1","3971511","1-1/2in VYL COATED WIRING/TUBE CLIP","3110","155928","EA",500,0.26300000000000001,131.5,"3871535"]
["14879","07/11/2012","/COV2509Z1","3971511","1-1/2in VYL COATED WIRING/TUBE CLIP","3110","group 10 - 11","EA",500,0.26300000000000001,131.5,"3871535"]
["14879","07/11/2012","/CRL216","0610545","CRL216 PLASTIC PUSH STICK","A","136904","EA",1,0.66,0.66,"3871535"]
["14879","07/11/2012","/EN92","0612342","AAA ALKALINE BATTERY","D","210916","EA",3,0.45,1.35,"3871535"]
["14879","07/11/2012","/EN92","0612342","AAA ALKALINE BATTERY","D","213455","EA",3,0.45,1.35,"3871535"]
["14879","07/11/2012","/EN92","0612342","AAA ALKALINE BATTERY","D","220982","EA",2,0.45,0.9,"3871535"]
["14879","07/11/2012","/EN92","0612342","AAA ALKALINE BATTERY","D","87520","EA",2,0.45,0.9,"3871535"]
["14879","07/11/2012","/EN92","0612342","AAA ALKALINE BATTERY","D","87571","EA",3,0.45,1.35,"3871535"]
["14879","07/11/2012","/EN92","0612342","AAA ALKALINE BATTERY","D","s000000000","EA",2,0.45,0.9,"3871535"]
["14879","07/11/2012","/EN92","0612342","AAA ALKALINE BATTERY","D","s000000000","EA",3,0.45,1.35,"3871535"]
["14879","07/11/2012","/ET66RED","/ET66RED","3/4 X 66ft RED ELECTRICAL TAPE","3110","214748","EA",2,0.68,1.36,"3871535"]
["14879","07/11/2012","/FWBEANIES-S","0613305","WELDING BEANIES  - SMALL","E","215788","EA",1,4.3499999999999996,4.3499999999999996,"3871535"]
["14879","07/11/2012","/FWCEP932-1040","0612258","2in X 4-1/4 COVER PLATE","D","87596","EA",1,0.72,0.72,"3871535"]
["14879","07/11/2012","/FWCEP932-1040","0612258","2in X 4-1/4 COVER PLATE","D","s000000000","EA",1,0.72,0.72,"3871535"]
["14879","07/11/2012","/FWCEP932-1042","0612967","4-1/2 X 5-1/4 COVER PLATE","A","87596","EA",1,0.9,0.9,"3871535"]
["14879","07/11/2012","/FWCEP932-1042","0612967","4-1/2 X 5-1/4 COVER PLATE","A","s000000000","EA",1,0.9,0.9,"3871535"]
["14879","07/11/2012","/FWTRU1411-04-016","8571042","STUDS","3110","273454","EA",1000,0.14000000000000001,140,"3871535"]
["14879","07/11/2012","/FWTWE14-35","0602003","CONTACT TIP 1140-1102","A","155928","EA",1,0.76,0.76,"3871535"]
["14879","07/11/2012","/FWTWE14-35","0602003","CONTACT TIP 1140-1102","A","273574","EA",3,0.76,2.2799999999999998,"3871535"]
["14879","07/11/2012","/FWTWE14-35","0602003","CONTACT TIP 1140-1102","A","87597","EA",6,0.76,4.5599999999999996,"3871535"]
["14879","07/11/2012","/FWTWE24A-62-SS","0602004","NOZZLE 1240-121","A","155928","EA",4,3.3125,13.25,"3871535"]
["14879","07/11/2012","/FWTWE24A-62-SS","0602004","NOZZLE 1240-121","A","273574","EA",1,3.3125,3.3125,"3871535"]
["14879","07/11/2012","/FWTWE24A-62-SS","0602004","NOZZLE 1240-121","A","87597","EA",1,3.3125,3.3125,"3871535"]
["14879","07/11/2012","/FWTWE34A","0616178","NOZZLE INSULATOR 1340-1100","A","155928","EA",1,1.7124999999999999,1.7124999999999999,"3871535"]
["14879","07/11/2012","/FWTWE34A","0616178","NOZZLE INSULATOR 1340-1100","A","273574","EA",2,1.7124999999999999,3.4249999999999998,"3871535"]
["14879","07/11/2012","/FWTWE34A","0616178","NOZZLE INSULATOR 1340-1100","A","87597","EA",1,1.7124999999999999,1.7124999999999999,"3871535"]
["14879","07/11/2012","/FWTWE54A","0602011","GAS DIFFUSER 100-54A ANCHOR BRAND","A","87597","EA",1,3.41,3.41,"3871535"]
["14879","07/11/2012","/FWWEL20-3100","0613306","SWEAT BAND, HELMET COMFORTER","E","21524","EA",2,2.21,4.42,"3871535"]
["14879","07/11/2012","/FWWEL20-3100","0613306","SWEAT BAND, HELMET COMFORTER","E","87596","EA",2,2.21,4.42,"3871535"]
["14879","07/11/2012","/HS55010","0611756","5/8 HOLE SAW H S S","A","221030","EA",1,3.27,3.27,"3871535"]
["14879","07/11/2012","/HS55020","0610867","1-1/4 HOLE SAW H S S","A","s000000000","EA",1,3.38,3.38,"3871535"]
["14879","07/11/2012","/HS55040","0601051","#55040  2-1/2 HOLE SAW H S S","A","213522","EA",2,5.93,11.86,"3871535"]
["14879","07/11/2012","/HS55044","0610923","#55044  2-3/4 HOLE SAW H S S","A","9999","EA",1,5.93,11.86,"3871535"]
["14879","07/11/2012","/IRW10232","/IRW10232","UNIBIT 3/16 - 1/2 1/4 SHK","A","273360","EA",1,23.94,23.94,"3871535"]
["14879","07/11/2012","/IRW10233","/IRW10233","3 9 HOLE SZ (1/4-3/4) 1/16 INCREMENTS","B","273360","EA",1,37.979999999999997,37.979999999999997,"3871535"]
["14879","07/11/2012","/IRW2078310","/IRW2078310","CRIMPING PLIERS","B","107536","EA",1,19.850000000000001,19.850000000000001,"3871535"]
["14879","07/11/2012","/ISW00","0612556"," STEEL WOOL 00gr    16/PK","D","213460","EA",2,2.3199999999999998,4.6399999999999997,"3871535"]
["14879","07/11/2012","/MCM7437K19","/MCM7437K19","RED BATTERY PROTECTANT  15.25 OZ.","3110","213523","EA",1,7.18,7.18,"3871535"]
["14879","07/11/2012","/MCR103","/MCR103","RATCHET HEAD GEAR","E","213488","EA",1,8,8,"3871535"]
["14879","07/11/2012","/MCR3211XXXL","/MCR3211XXXL","LEATHER DRIVER GLOVE XXXL","E","215751","EA",1,5.85,5.85,"3871535"]
["14879","07/11/2012","/MCR3211XXXL","/MCR3211XXXL","LEATHER DRIVER GLOVE XXXL","E","273574","EA",1,5.85,5.85,"3871535"]
["14879","07/11/2012","/MCR9378T","/MCR9378T","18in KEVLAR SLEEVE W/THUMB SLOT","E","221044","EA",2,3.18,6.36,"3871535"]
["14879","07/11/2012","/MCR9378T","/MCR9378T","18in KEVLAR SLEEVE W/THUMB SLOT","E","s000000000","EA",2,3.18,6.36,"3871535"]
["14879","07/11/2012","/MCR9673GW-XL","/MCR9673GW-XL","WHITE NYLON NITRILE GLOVE  X-LARGE","E","1685","EA",1,1.96,1.96,"3871535"]
["14879","07/11/2012","/MCR9673GW-XL","/MCR9673GW-XL","WHITE NYLON NITRILE GLOVE  X-LARGE","E","210928","EA",1,1.96,1.96,"3871535"]
["14879","07/11/2012","/MI1001","0600028","1001  1 GAL AIR TOOL OIL","D","s000000000","EA",1,12.74,12.74,"3871535"]
["14879","07/11/2012","/MI790","0613299","790 1/4 FEMALE BODY","D","141879","EA",1,5.82,5.82,"3871535"]
["14879","07/11/2012","/MI791","0613300","MILTON 791 COUPLER PLUG","D","107536","EA",1,1.1200000000000001,1.1200000000000001,"3871535"]
["14879","07/11/2012","/MI791","0613300","MILTON 791 COUPLER PLUG","D","213488","EA",1,1.1200000000000001,1.1200000000000001,"3871535"]
["14879","07/11/2012","/MIL49-59-0500","/MIL49-59-0500","1/2\" MILWAUKEE ANNULAR CUTTER","A","273574","EA",1,33.65,33.65,"3871535"]
["14879","07/11/2012","/MO19193-0307","3971727","2ga 3/8 STUD NON INSULATED RING TERMINAL","3110","210928","EA",1,0.42,0.42,"3871535"]
["14879","07/11/2012","/MO19193-0345","3971628","2/0ga x 3/8 ELEC RING TERM NON-INSULATED","3110","214748","EA",100,0.94730000000000003,94.73,"3871535"]
["14879","07/11/2012","/MS01-8154","0613092","MS01-8154  SHIELD FOR HEADGEAR","E","213488","EA",1,3.61,3.61,"3871535"]
["14879","07/11/2012","/MS05-593GR","0613371","17in SPARK GUARD SLEEVE    PAIR","E","214742","EA",1,5.84,5.84,"3871535"]
["14879","07/11/2012","/MS09-224-10","0613301","CHEMI PRO NEO LATEX GLOVE-sz10 5400S","E","1685","EA",1,1.9125000000000001,1.9125000000000001,"3871535"]
["14879","07/11/2012","/MS09-5060L","0612190","LATEX DISPOSABLE GLOVE(DISPENSER-100)","E","214758","EA",1,6.2125000000000004,6.2125000000000004,"3871535"]
["14879","07/11/2012","/MS09-7005-L","0612455","NDEX NITRILE GLOVE LGE(100/BX)6020","E","1789","EA",1,9.39,9.39,"3871535"]
["14879","07/11/2012","/MSHL5/16-6","/MSHL5/16-6","MSHL 5/16-6 MAG NUTSETTER","A","s000000000","EA",1,6.03,6.03,"3871535"]
["14879","07/11/2012","/MT55788","0607077","7in 1/4 ST(MAX-Z) 27 GRINDING WHEEL","A","5/8-11 ARBOR HOLE","EA",3,6.74,20.22,"3871535"]
["14879","07/11/2012","/PB27425","/PB27425","27425 3/16 HEX BIT LONG","A","1685","EA",1,1.75,1.75,"3871535"]
["14879","07/11/2012","/PB27425","/PB27425","27425 3/16 HEX BIT LONG","A","214732","EA",2,1.75,3.5,"3871535"]
["14879","07/11/2012","/PB28314","0610234","#2 PHILLIPS BIT 4in","A","1650","EA",2,1,2,"3871535"]
["14879","07/11/2012","/PB28314","0610234","#2 PHILLIPS BIT 4in","A","s000000000","EA",3,1,3,"3871535"]
["14879","07/11/2012","/PB29052","0612023","29052 #1 SQ RECESS BIT LONG","A","214732","EA",1,0.52,0.52,"3871535"]
["14879","07/11/2012","/PB29059","0612278","#2 X 3 SQ BIT","A","103171","EA",1,0.85,0.85,"3871535"]
["14879","07/11/2012","/PB29059","0612278","#2 X 3 SQ BIT","A","1650","EA",2,0.85,1.7,"3871535"]
["14879","07/11/2012","/PB29059","0612278","#2 X 3 SQ BIT","A","213455","EA",5,0.85,8.5,"3871535"]
["14879","07/11/2012","/PB29059","0612278","#2 X 3 SQ BIT","A","213488","EA",1,0.85,0.85,"3871535"]
["14879","07/11/2012","/PB29059","0612278","#2 X 3 SQ BIT","A","213496","EA",3,0.85,2.5499999999999998,"3871535"]
["14879","07/11/2012","/PB29059","0612278","#2 X 3 SQ BIT","A","214732","EA",1,0.85,0.85,"3871535"]
["14879","07/11/2012","/PB29059","0612278","#2 X 3 SQ BIT","A","215740","EA",1,0.85,0.85,"3871535"]
["14879","07/11/2012","/PB29059","0612278","#2 X 3 SQ BIT","A","273417","EA",1,0.85,1.7,"3871535"]
["14879","07/11/2012","/PB29059","0612278","#2 X 3 SQ BIT","A","87571","EA",1,0.85,1.7,"3871535"]
["14879","07/11/2012","/PB39959","0612067","#2 SQ X 6 SQ RECESS BIT","A","69527","EA",2,1.49,2.98,"3871535"]
["14879","07/11/2012","/PB39959","0612067","#2 SQ X 6 SQ RECESS BIT","A","9999","EA",2,1.49,2.98,"3871535"]
["14879","07/11/2012","/PER82190","7970023","PER82190  2gr. SUPER GLUE","D","1720","EA",1,1.39,1.39,"3871535"]
["14879","07/11/2012","/PER82190","7970023","PER82190  2gr. SUPER GLUE","D","214732","EA",1,1.39,1.39,"3871535"]
["14879","07/11/2012","/PFSDW1034","/PFSDW1034","#10 X 1-3/4 FH TORX DR TEK SC","3110","PAM SELF FEEDING SYSTEM","EA",3000,6.0699999999999997E-2,182.1,"3871535"]
["14879","07/11/2012","/PIP09-K1450/L","/PIP09-K1450/L","KEVLAR GLOVE WITH NITRILE COATING LARGE","E","136948","EA",1,4.75,4.75,"3871535"]
["14879","07/11/2012","/PIP09-K1450/L","/PIP09-K1450/L","KEVLAR GLOVE WITH NITRILE COATING LARGE","E","210928","EA",1,4.75,4.75,"3871535"]
["14879","07/11/2012","/PIP09-K1450/L","/PIP09-K1450/L","KEVLAR GLOVE WITH NITRILE COATING LARGE","E","210972","EA",1,4.75,4.75,"3871535"]
["14879","07/11/2012","/PIP09-K1450/L","/PIP09-K1450/L","KEVLAR GLOVE WITH NITRILE COATING LARGE","E","213453","EA",1,4.75,4.75,"3871535"]
["14879","07/11/2012","/PIP09-K1450/L","/PIP09-K1450/L","KEVLAR GLOVE WITH NITRILE COATING LARGE","E","273417","EA",1,4.75,4.75,"3871535"]
["14879","07/11/2012","/PIP09-K1450/L","/PIP09-K1450/L","KEVLAR GLOVE WITH NITRILE COATING LARGE","E","72986","EA",1,4.75,4.75,"3871535"]
["14879","07/11/2012","/PIP09-K1450/L","/PIP09-K1450/L","KEVLAR GLOVE WITH NITRILE COATING LARGE","E","72992","EA",1,4.75,4.75,"3871535"]
["14879","07/11/2012","/PIP09-K1450/M","/PIP09-K1450/M","KEVLAR GLOVE W/NITRILE COATING MEDIUM","E","215739","EA",1,4.75,4.75,"3871535"]
["14879","07/11/2012","/PIP09-K1450/XL","/PIP09-K1450/XL","KEVLAR GLOVE W/NITRILE COATING XL","E","213506","EA",1,4.75,4.75,"3871535"]
["14879","07/11/2012","/PIP09-K1450/XL","/PIP09-K1450/XL","KEVLAR GLOVE W/NITRILE COATING XL","E","221032","EA",1,4.75,4.75,"3871535"]
["14879","07/11/2012","/PIP09-K1450/XL","/PIP09-K1450/XL","KEVLAR GLOVE W/NITRILE COATING XL","E","273417","EA",1,4.75,4.75,"3871535"]
["14879","07/11/2012","/SB12524","0612403","3-5/8 1/2 WIDE 24tpi AIR SAW BLADE","A","1685","EA",2,1,2,"3871535"]
["14879","07/11/2012","/SB12524","0612403","3-5/8 1/2 WIDE 24tpi AIR SAW BLADE","A","213454","EA",2,1,2,"3871535"]
["14879","07/11/2012","/SB12524","0612403","3-5/8 1/2 WIDE 24tpi AIR SAW BLADE","A","215740","EA",3,1,3,"3871535"]
["14879","07/11/2012","/SB40814","0612269","40814 8 14T RECIP SAW","A","141879","EA",30,1.88,56.4,"3871535"]
["14879","07/11/2012","/SB40814","0612269","40814 8 14T RECIP SAW","A","273574","EA",18,1.88,33.840000000000003,"3871535"]
["14879","07/11/2012","/SBT101B","0612167","BOSCH T101B SABRE SAW BLADE","A","103171","EA",1,1.76,1.76,"3871535"]
["14879","07/11/2012","/SD816BS","8571274","SD 816 BS POP RIVET S/S","3110","87569","EA",40,0.11,4.4000000000000004,"3871535"]
["14879","07/11/2012","/SP10X60","/SP10X60","10 X 60  PSA CLOTH DISC","D","214741","EA",4,2.95,11.8,"3871535"]
["14879","07/11/2012","/SP42440","0609076","4 X 24 X 40 A/O SANDING BELT","A","221058","EA",12,2.77,33.24,"3871535"]
["14879","07/11/2012","/SSD410SSBS","8570819","SSD 410 SSBS POP RIVET ST/ST","3110","214793","EA",15,9.6699999999999994E-2,1.4504999999999999,"3871535"]
["14879","07/11/2012","/STN-10778","/STN-10778","#10778 STANLEY FAT MAX UTILTY KNIFE","B","221011","EA",2,9.19,18.38,"3871535"]
["14879","07/11/2012","/STN11921I","0610823","UTIL KNIFE BLADES(INDIVIDUAL BLADES)","A","72986","EA",15,0.11,1.65,"3871535"]
["14879","07/11/2012","/STN11921I","0610823","UTIL KNIFE BLADES(INDIVIDUAL BLADES)","A","s000000000","EA",15,0.11,1.65,"3871535"]
["14879","07/11/2012","/TD365-9-8211","/TD365-9-8211","80 AMP TORCH TIP","D","273574","EA",1,6.04,6.04,"3871535"]
["14879","07/11/2012","/TD365-9-8213","/TD365-9-8213","THERMAL DYNAMICS 1 TORCH START CARTRIDGE","D","273574","EA",1,30.13,30.13,"3871535"]
["14879","07/11/2012","/TD365-9-8215","/TD365-9-8215","THERMAL DYNAMICS ELECTRODE","D","273574","EA",1,7.55,7.55,"3871535"]
["14879","07/11/2012","/TR1/8","/TR1/8","1/8 TAMPER RESISTANT HEX BIT","A","1685","EA",1,3,3,"3871535"]
["14879","07/11/2012","/USP4009","0375851","P4009  SPRING NUT","3110","g0000 22","EA",500,0.49,245,"3871535"]
["14879","07/11/2012","/UT-1033","8970411","2 X 60 YD GRAY DUCT TAPE - THIN 8mil","3110","210916","EA",1,3.51,3.51,"3871535"]
["14879","07/11/2012","/UT-1033","8970411","2 X 60 YD GRAY DUCT TAPE - THIN 8mil","3110","72986","EA",2,3.51,7.02,"3871535"]
["14879","07/11/2012","/WD8","0614667","8oz WD-40 LUBRICANT","D","210916","EA",1,3.97,3.97,"3871535"]
["14879","07/11/2012","/WE356","3140431","BLACK WEEKENDER SPRAY PAINT","3110","141818","EA",2,1.52,3.04,"3871535"]
["14879","07/11/2012","/WE356","3140431","BLACK WEEKENDER SPRAY PAINT","3110","214758","EA",11,1.52,16.72,"3871535"]
["14879","07/11/2012","/WE358","3142478","WEEKEND GLOSS BLACK","3110","214758","EA",11,1.55,17.05,"3871535"]
["14879","07/11/2012","/WH3152X4","2970560","3152 X 4  1/4 HEX HEAD PLUG BRASS","3110","213456","EA",5,0.41,2.0499999999999998,"3871535"]
["14879","07/11/2012","/WKW70001","0601006","1/4 ROUTER BIT - 3/4 CUT LENGTH","A","141802","EA",5,6.22,31.1,"3871535"]
["14879","07/11/2012","/WU3201-XL","0613394","LEATHER DRIVING GLOVES X-LG 3201XL","E","141879","EA",1,4.05,4.05,"3871535"]
["14879","07/11/2012","/WU3201-XL","0613394","LEATHER DRIVING GLOVES X-LG 3201XL","E","85823","EA",1,4.05,4.05,"3871535"]
["14879","07/11/2012","10F125MXPS","8570972","10/32 X 1 1/4 PHIL PAN M/S 18-8","3110","g0000 26","EA",100,4.2500000000000003E-2,4.25,"3871535"]
["14879","07/11/2012","10F125MXPS","8570972","10/32 X 1 1/4 PHIL PAN M/S 18-8","3110","group 22 - 24","EA",175,4.2500000000000003E-2,7.4375,"3871535"]
["14879","07/11/2012","10F150MXP0Z","8570998","10/32 X 1 1/2 PHIL PAN M/S  ZNC","3110","group 10 - 11","EA",150,1.01E-2,1.5149999999999999,"3871535"]
["14879","07/11/2012","10F75MXPS","8570981","10/32 X 3/4 PHIL PAN M/S 18-8","3110","final","EA",200,3.04E-2,6.08,"3871535"]
["14879","07/11/2012","10G100UQP","8570757","10-16 X 1in PAN SQ RECESS TEK SC","3110","final","EA",400,1.7399999999999999E-2,13.92,"3871535"]
["14879","07/11/2012","10G100UQP","8570757","10-16 X 1in PAN SQ RECESS TEK SC","3110","group 22 - 24","EA",400,1.7399999999999999E-2,6.96,"3871535"]
["14879","07/11/2012","10G50UHW4","10G50UHW4","10-16 X 1/2 HEX WSH HD TEK 410 S/S","3110","group 10 - 11","EA",50,0.06,3,"3871535"]
["14879","07/11/2012","10N100TXPS","8570779","#10 X 1in PHIL PAN T/S 18-8","3110","141802","EA",2,2.3E-2,4.5999999999999999E-2,"3871535"]
["14879","07/11/2012","10N100TXPS","8570779","#10 X 1in PHIL PAN T/S 18-8","3110","141802","EA",4,2.3E-2,9.1999999999999998E-2,"3871535"]
["14879","07/11/2012","10N100TXPS","8570779","#10 X 1in PHIL PAN T/S 18-8","3110","213523","EA",6,2.3E-2,0.13800000000000001,"3871535"]
["14879","07/11/2012","10N50WBO/W","10N50WBO/W","#10 X 1/2 BONDED SEALER WASHER WHITE","3110","final","EA",800,7.0000000000000007E-2,112,"3871535"]
["14879","07/11/2012","10NWSA0Z","8570910","#10 SAE F/W  ZNC","3110","s000000000","EA",47,2.3999999999999998E-3,0.1128,"3871535"]
["14879","07/11/2012","12C100MTH0Z/F/NPAT","8571507","12/24 X 1 IND HEX SLT W/H T/C T-F ZN","3110","W/PATCH","EA",200,0.17,34,"3871535"]
["14879","07/11/2012","14N100TXPS","8571260","#14 X 1in PHIL PAN T/S 18-8","3110","s000000000","EA",1,5.7799999999999997E-2,5.7799999999999997E-2,"3871535"]
["14879","07/11/2012","14RDAI","0601024","9/64 6 AIRCRAFT EXTENSION DRILL","A","273398","EA",12,1.3625,16.350000000000001,"3871535"]
["14879","07/11/2012","25C100HCS8Y","8541021","1/4-20 X 1in HEX C/S GR 8 Z/YEL","3110","group 10 - 11","EA",150,2.3800000000000002E-2,7.14,"3871535"]
["14879","07/11/2012","25C100HCSS","8570384","1/4-20 X 1in HEX C/S 18-8","3110","s000000000","EA",5,2.9700000000000001E-2,0.14849999999999999,"3871535"]
["14879","07/11/2012","25C150HCS8Y","8570911","1/4-20 X 1 1/2 HEX C/S GR 8 Z/YEL","3110","group 10 - 11","EA",100,3.44E-2,3.44,"3871535"]
["14879","07/11/2012","25C250HCS8Y","25C250HCS8Y","1/4-20 X 2 1/2 HEX C/S GR 8 Z/YEL","3110","221030","EA",4,8.5400000000000004E-2,0.34160000000000001,"3871535"]
["14879","07/11/2012","25C300KFCS","25C300KFCS","1/4-20 X 3 FLAT SOC C/S 18-8","3110","107678","EA",4,0.27,1.08,"3871535"]
["14879","07/11/2012","25CNNE8Y","8570194","1/4-20 NYLOC INSERT LOCKNUT GR 8 Z/YEL","3110","group 10 - 11","EA",800,1.9400000000000001E-2,15.52,"3871535"]
["14879","07/11/2012","25NWSAS","8570915","1/4 SAE F/W 18-8","3110","g0000 26","EA",200,1.61E-2,3.22,"3871535"]
["14879","07/11/2012","25R125WFE0Z","8570244","1/4 X 1 1/4 FEND WASH  ZNC","3110","group 22 - 24","EA",175,2.5999999999999999E-2,4.55,"3871535"]
["14879","07/11/2012","26RDCO","0613325","17/64 COBALT DRILL","A","213438","EA",2,2.44,4.88,"3871535"]
["14879","07/11/2012","31C225HCS8Y","31C225HCS8Y","5/16-18 X 2 1/4 HEX C/S GR 8 Z/YEL","3110","213500","EA",6,9.6000000000000002E-2,0.57599999999999996,"3871535"]
["14879","07/11/2012","31C75BCGS","8570111","5/16-18 X 3/4 CARRIAGE BOLT 18-8","3110","group 22 - 24","EA",120,7.9600000000000004E-2,9.5519999999999996,"3871535"]
["14879","07/11/2012","31F37KKC","31F37KKC","5/16-24 X 3/8 SOC SET C/P","3110","s000000000","EA",1,0.14000000000000001,0.14000000000000001,"3871535"]
["14879","07/11/2012","31NWUS8Y","8570525","5/16 USS FLAT WASHER GR 8 Z/YEL","3110","group 22 - 24","EA",300,2.1399999999999999E-2,6.42,"3871535"]
["14879","07/11/2012","31RDJO","0601010","5/16 HSS JOBR DRILL BLK/135deg S/P","A","163217","EA",6,1.62,9.7200000000000006,"3871535"]
["14879","07/11/2012","37C150HCS8Y","8570491","3/8-16 X 1 1/2 HEX C/S GR 8 Z/YEL","3110","group 10 - 11","EA",75,6.3100000000000003E-2,4.7324999999999999,"3871535"]
["14879","07/11/2012","37CNNE8Y","8540700","3/8-16 NYLOC INSERT LOCKNUT GR 8 Z/YEL","3110","group 10 - 11","EA",175,3.9300000000000002E-2,6.8775000000000004,"3871535"]
["14879","07/11/2012","37NLET0Z","8543151","3/8 EXTERNAL TOOTH L/W  ZNC","3110","group 10 - 11","EA",300,7.7000000000000002E-3,2.31,"3871535"]
["14879","07/11/2012","37NWUS8Y","8570509","3/8 USS FLAT WASHER GR 8 Z/YEL","3110","group 10 - 11","EA",250,2.7E-2,6.75,"3871535"]
["14879","07/11/2012","37NWUS8Y","8570509","3/8 USS FLAT WASHER GR 8 Z/YEL","3110","group 20 - 21","EA",250,2.7E-2,6.75,"3871535"]
["14879","07/11/2012","37RDCO","0613369","3/8 COBALT DRILL","A","221011","EA",1,5.7,5.7,"3871535"]
["14879","07/11/2012","37RDCO","0613369","3/8 COBALT DRILL","A","s000000000","EA",1,5.7,5.7,"3871535"]
["14879","07/11/2012","43C100HCS8Y","8571277","7/16-14 X 1in HEX C/S GR 8 Z/YEL","3110","group 42","EA",300,0.11,66,"3871535"]
["14879","07/11/2012","43F150HCS8Y","8571289","7/16-20 X 1 1/2 HEX C/S GR 8 Z/YEL","3110","group 42","EA",175,0.1396,24.43,"3871535"]
["14879","07/11/2012","43F250HCS8Y","8571283","7/16-20 X 2 1/2 HEX C/S GR 8 Z/YEL","3110","group 42","EA",125,0.16919999999999999,21.15,"3871535"]
["14879","07/11/2012","43FNNE8Y","8571284","7/16-20 NYLOC INSERT LOCKNUT GR 8 Z/YEL","3110","group 42","EA",300,5.2200000000000003E-2,15.66,"3871535"]
["14879","07/11/2012","43NWUS8Y","8571206","7/16 USS FLAT WASHER GR 8 Z/YEL","3110","group 22 - 24","EA",150,5.57E-2,8.3550000000000004,"3871535"]
["14879","07/11/2012","50C150HCS8Y","8570954","1/2-13 X 1 1/2 HEX C/S GR 8 Z/YEL","3110","group 22 - 24","EA",40,0.1275,5.0999999999999996,"3871535"]
["14879","07/11/2012","50C200HCS8Y","8570951","1/2-13 X 2 HEX C/S GR 8 Z/YEL","3110","group 10 - 11","EA",125,0.15759999999999999,39.4,"3871535"]
["14879","07/11/2012","50C200HCS8Y","8570951","1/2-13 X 2 HEX C/S GR 8 Z/YEL","3110","s000000000","EA",3,0.15759999999999999,0.4728,"3871535"]
["14879","07/11/2012","50C250HCS8Y","8570683","1/2-13 X 2 1/2 HEX C/S GR 8 Z/YEL","3110","s000000000","EA",5,0.19939999999999999,0.997,"3871535"]
["14879","07/11/2012","50CNNE8Y","8541468","1/2-13 NYLOC INSERT LOCKNUT GR 8 Z/YEL","3110","group 10 - 11","EA",300,9.69E-2,29.07,"3871535"]
["14879","07/11/2012","50RDRS/38S","0611012","1/2 S & D DRILL 3/8shk","A","210916","EA",2,4.66,9.32,"3871535"]
["14879","07/11/2012","8C100MTM0Z/F","8C100MTM0Z/F","8/32 X 1in PAN PHIL T/C T-F  ZNC","3110","final","EA",500,0.04,20,"3871535"]
["14879","07/11/2012","8C100MTM0Z/F","8C100MTM0Z/F","8/32 X 1in PAN PHIL T/C T-F  ZNC","3110","group 22 - 24","EA",1500,0.04,60,"3871535"]
["14879","07/11/2012","8C100MTM0Z/FWH","8C100MTM0Z/FWH","8-32 X 1 PAN PHIL T/C T-F ZINC WHITE HD","3110","final","EA",600,0.05,90,"3871535"]
["14879","07/11/2012","8G100UQF0Z/NPAT","8570935","8-18 X 1in F.H. SQ DRIVE TEK SC NYL PAT","3110","ZNC","EA",2500,1.55E-2,38.75,"3871535"]
["14879","07/11/2012","8G100UQP0B/NPAT","8570936","8-18 X 1in PAN SQ RECESS TEK SC NYL PAT","3110","BLK","EA",225,1.95E-2,4.3875000000000002,"3871535"]
["14879","07/11/2012","8G100UQP0B/NPAT","8570936","8-18 X 1in PAN SQ RECESS TEK SC NYL PAT","3110","BLK","EA",300,1.95E-2,5.85,"3871535"]
["14879","07/11/2012","8G100UQP0B/NPAT","8570936","8-18 X 1in PAN SQ RECESS TEK SC NYL PAT","3110","BLK","EA",500,1.95E-2,19.5,"3871535"]
["14879","07/11/2012","8N200SSD0Z","8570702","#8 X 2 FLT SQ DR DEEP/THRD SC  ZNC","3110","final","EA",500,2.6800000000000001E-2,13.4,"3871535"]
["14879","07/11/2012","8N300TQF0B","8570711","#8 X 3 FLAT SQUARE RECESS T/S  BLK","3110","213496","EA",4,3.6900000000000002E-2,0.14760000000000001,"3871535"]
["14879","07/11/2012","8N62TQP0Z","8570947","#8 X 5/8 PAN SQUARE RECESS T/S  ZNC","3110","final","EA",600,6.7999999999999996E-3,4.08,"3871535"]
["14879","07/11/2012","8NWFFS","8542219","#8 FLANGED FINISH WASHER 18-8","3110","final","EA",500,1.9099999999999999E-2,9.5500000000000007,"3871535"]
["14879","07/11/2012","9R125PCO0P","8570210","3/32 X 1 1/4 COTTER PIN  PLN","3110","221017","EA",10,6.8999999999999999E-3,6.9000000000000006E-2,"3871535"]
[null,null,null,null,null,null,null,null,null,null,{"$f":"SUBTOTAL(9,K809:K1004)","v":3075.0265999999992},"3871535 Total"]
["14879","07/12/2012",".120NWA30P/6916","8571279","M12 A325 FLAT WASHER DIN 125A TP200  PLN","3110","group 42","EA",500,0.1414,70.7,"3872378"]
["14879","07/12/2012","/3M16-38-W","3945284","4ga  3/8 STUD RING NON INSULATED","3110","group 10 - 11","EA",100,0.34339999999999998,34.340000000000003,"3872378"]
["14879","07/12/2012","/3M1700","8970416","3M 1700  TEM FLEX ELECTRICAL TAPE","3110","145254","EA",1,0.63,0.63,"3872378"]
["14879","07/12/2012","/3M2097/07184","/3M2097/07184","PARTICULATE FILTER P100 W/NUISANCE LEVE","E","215719","EA",6,4.2,25.2,"3872378"]
["14879","07/12/2012","/3M72F-250-32P","3944485","16-14 .250 X .032 FUL/INS QUICK/DISC","3110","final","EA",300,0.05,15,"3872378"]
["14879","07/12/2012","/3MMH10-14RK","3971612","10-12 1/4 STUD RING PERMA SEAL","3110","214775","EA",1,0.2477,0.2477,"3872378"]
["14879","07/12/2012","/A10","0601058","A10 HOLE SAW ARBOR","A","213496","EA",1,8.3699999999999992,8.3699999999999992,"3872378"]
["14879","07/12/2012","/A10","0601058","A10 HOLE SAW ARBOR","A","215740","EA",1,8.3699999999999992,8.3699999999999992,"3872378"]
["14879","07/12/2012","/AB493X","0601008","#3 X 1-15/16 APEX BIT","A","103151","EA",1,1.66,1.66,"3872378"]
["14879","07/12/2012","/ACS3114-04","/ACS3114-04","#8 J-NUT .045-.062 PANEL RANGE BLK","3110","group 22 - 24","EA",400,0.18,72,"3872378"]
["14879","07/12/2012","/AL-14-50-0-CW-M","/AL-14-50-0-CW-M","14in BLACK CABLE TIE 50lb","D","final","EA",500,4.2000000000000003E-2,63,"3872378"]
["14879","07/12/2012","/AL-14-50-0-CW-M","/AL-14-50-0-CW-M","14in BLACK CABLE TIE 50lb","D","g0000 26","EA",500,4.2000000000000003E-2,21,"3872378"]
["14879","07/12/2012","/AL-14-50-0-CW-M","/AL-14-50-0-CW-M","14in BLACK CABLE TIE 50lb","D","group 10 - 11","EA",500,4.2000000000000003E-2,21,"3872378"]
["14879","07/12/2012","/AL-14-50-0-CW-M","/AL-14-50-0-CW-M","14in BLACK CABLE TIE 50lb","D","group 50","EA",500,4.2000000000000003E-2,21,"3872378"]
["14879","07/12/2012","/AS400SM","0613336","8 STATIC MIXER 400ml","A","273507","EA",1,1.25,1.25,"3872378"]
["14879","07/12/2012","/AS50SM","0613337","STATIC MIXER 50ml","A","213453","EA",15,1.25,18.75,"3872378"]
["14879","07/12/2012","/ASMP55300-400","7970041","METHACYLATE ADHESIVE 400ml","3110","273507","EA",1,27.6,27.6,"3872378"]
["14879","07/12/2012","/AV13009","6170120","10/32 WELL NUT .035/.232 GRIP 10/UNIT","3110","group 22 - 24","EA",150,0.24,36,"3872378"]
["14879","07/12/2012","/AV8814","8570095","5/16-18 U-NUT 25/UNIT","3110","213522","EA",25,0.20799999999999999,5.2,"3872378"]
["14879","07/12/2012","/AVK1/4-20-260","8571190","1/4-20-260 THD INSERT","3110","103151","EA",10,0.14000000000000001,1.4,"3872378"]
["14879","07/12/2012","/AW20-202","0612410","20-202 T-SHIRT/POLOKNIT","D","273543","EA",50,0.52,26,"3872378"]
["14879","07/12/2012","/AW20-202","0612410","20-202 T-SHIRT/POLOKNIT","D","s000000000","EA",50,0.52,26,"3872378"]
["14879","07/12/2012","/BB433-934","0607017","NAIL APRON","D","221009","EA",1,1.93,1.93,"3872378"]
["14879","07/12/2012","/BB433-934","0607017","NAIL APRON","D","221011","EA",1,1.93,1.93,"3872378"]
["14879","07/12/2012","/COV1709Z1","3971519","1in VYL COATED WIRING/TUBE CLIP","3110","group 10 - 11","EA",1000,0.18809999999999999,188.1,"3872378"]
["14879","07/12/2012","/COV2509Z1","3971511","1-1/2in VYL COATED WIRING/TUBE CLIP","3110","group 10 - 11","EA",500,0.26300000000000001,131.5,"3872378"]
["14879","07/12/2012","/COV3313Z1","3971520","2in VYL COATED WIRING/TUBE CLIP","3110","155928","EA",250,0.28299999999999997,70.75,"3872378"]
["14879","07/12/2012","/COV4511Z1","0374037","2-3/4in VYL COATED WIRING/TUBE CLIP","3110","155928","EA",200,0.66539999999999999,133.08000000000001,"3872378"]
["14879","07/12/2012","/COV4511Z1","0374037","2-3/4in VYL COATED WIRING/TUBE CLIP","3110","group 10 - 11","EA",200,0.66539999999999999,133.08000000000001,"3872378"]
["14879","07/12/2012","/COV6509Z1","3971922","4in VYL COATED WIRING/TUBE CLIP","3110","155928","EA",125,0.84360000000000002,105.45,"3872378"]
["14879","07/12/2012","/CRL216","0610545","CRL216 PLASTIC PUSH STICK","A","221044","EA",1,0.66,0.66,"3872378"]
["14879","07/12/2012","/CRL216","0610545","CRL216 PLASTIC PUSH STICK","A","69541","EA",1,0.66,0.66,"3872378"]
["14879","07/12/2012","/CTGT-50S2","/CTGT-50S2","7-3/8 NATURAL CABLE TIE","3110","group 10 - 11","EA",200,6.9949999999999998E-2,13.99,"3872378"]
["14879","07/12/2012","/EN91","0607049","AA ALKALINE BATTERY","D","221051","EA",2,0.43,0.86,"3872378"]
["14879","07/12/2012","/EN92","0612342","AAA ALKALINE BATTERY","D","213455","EA",3,0.45,1.35,"3872378"]
["14879","07/12/2012","/EN92","0612342","AAA ALKALINE BATTERY","D","213467","EA",3,0.45,1.35,"3872378"]
["14879","07/12/2012","/EN92","0612342","AAA ALKALINE BATTERY","D","213532","EA",2,0.45,0.9,"3872378"]
["14879","07/12/2012","/EN92","0612342","AAA ALKALINE BATTERY","D","220985","EA",6,0.45,2.7,"3872378"]
["14879","07/12/2012","/EN92","0612342","AAA ALKALINE BATTERY","D","221057","EA",3,0.45,1.35,"3872378"]
["14879","07/12/2012","/EN92","0612342","AAA ALKALINE BATTERY","D","m0000000000","EA",3,0.45,1.35,"3872378"]
["14879","07/12/2012","/EN92","0612342","AAA ALKALINE BATTERY","D","s000000000","EA",3,0.45,1.35,"3872378"]
["14879","07/12/2012","/FWABMX481R","0601064","ABMAST WHEEL A30R GRADE","A","214742","EA",20,7.48,149.6,"3872378"]
["14879","07/12/2012","/FWCEP932-1040","0612258","2in X 4-1/4 COVER PLATE","D","215719","EA",1,0.72,0.72,"3872378"]
["14879","07/12/2012","/FWCEP932-1042","0612967","4-1/2 X 5-1/4 COVER PLATE","A","215719","EA",2,0.9,1.8,"3872378"]
["14879","07/12/2012","/FWCEP932-1042","0612967","4-1/2 X 5-1/4 COVER PLATE","A","221012","EA",3,0.9,2.7,"3872378"]
["14879","07/12/2012","/FWMOL2310N99","0613362","WELDERS FACE MASK CARBON LINER","E","221058","EA",10,4.0625,40.625,"3872378"]
["14879","07/12/2012","/FWTWE14-35","0602003","CONTACT TIP 1140-1102","A","163217","EA",7,0.76,5.32,"3872378"]
["14879","07/12/2012","/FWTWE14-35","0602003","CONTACT TIP 1140-1102","A","215719","EA",3,0.76,2.2799999999999998,"3872378"]
["14879","07/12/2012","/FWTWE14-35","0602003","CONTACT TIP 1140-1102","A","221012","EA",5,0.76,3.8,"3872378"]
["14879","07/12/2012","/FWTWE24A-62-SS","0602004","NOZZLE 1240-121","A","163217","EA",2,3.3125,6.625,"3872378"]
["14879","07/12/2012","/FWTWE24A-62-SS","0602004","NOZZLE 1240-121","A","215719","EA",5,3.3125,16.5625,"3872378"]
["14879","07/12/2012","/FWTWE24A-62-SS","0602004","NOZZLE 1240-121","A","221012","EA",5,3.3125,16.5625,"3872378"]
["14879","07/12/2012","/FWTWE34A","0616178","NOZZLE INSULATOR 1340-1100","A","163217","EA",1,1.7124999999999999,1.7124999999999999,"3872378"]
["14879","07/12/2012","/FWTWE34A","0616178","NOZZLE INSULATOR 1340-1100","A","215719","EA",3,1.7124999999999999,5.1375000000000002,"3872378"]
["14879","07/12/2012","/FWTWE34A","0616178","NOZZLE INSULATOR 1340-1100","A","221012","EA",3,1.7124999999999999,5.1375000000000002,"3872378"]
["14879","07/12/2012","/FWTWE54A","0602011","GAS DIFFUSER 100-54A ANCHOR BRAND","A","221012","EA",1,3.41,3.41,"3872378"]
["14879","07/12/2012","/FWWEL20-3100","0613306","SWEAT BAND, HELMET COMFORTER","E","221012","EA",2,2.21,4.42,"3872378"]
["14879","07/12/2012","/GCGFQM-B25N","/GCGFQM-B25N","16-14ga FULL INS MALE QUICK CONNECT","3110","final","EA",250,5.5E-2,13.75,"3872378"]
["14879","07/12/2012","/GDJ124","0603002","9oz BROWN JERSEY   7100","E","134472","EA",1,0.42,0.42,"3872378"]
["14879","07/12/2012","/HDL33AINE","/HDL33AINE","ENERGIZER 6 LED HEADLAMP","D","213523","EA",1,24.69,24.69,"3872378"]
["14879","07/12/2012","/HS55016","0601056","1in HOLE SAW H S S","A","103151","EA",1,2.88,2.88,"3872378"]
["14879","07/12/2012","/HS55020","0610867","1-1/4 HOLE SAW H S S","A","103151","EA",1,3.38,3.38,"3872378"]
["14879","07/12/2012","/HS55020","0610867","1-1/4 HOLE SAW H S S","A","210928","EA",1,3.38,3.38,"3872378"]
["14879","07/12/2012","/HS55020","0610867","1-1/4 HOLE SAW H S S","A","213496","EA",1,3.38,3.38,"3872378"]
["14879","07/12/2012","/HS55020","0610867","1-1/4 HOLE SAW H S S","A","215740","EA",1,3.38,3.38,"3872378"]
["14879","07/12/2012","/MCR9378T","/MCR9378T","18in KEVLAR SLEEVE W/THUMB SLOT","E","221044","EA",2,3.18,6.36,"3872378"]
["14879","07/12/2012","/MCREPRC25","/MCREPRC25","EAR PLUG W/CORD REUSABLE","E","134472","EA",12,0.93500000000000005,11.22,"3872378"]
["14879","07/12/2012","/MHC11822-4-4DOT","2971213","1/4MPT X 1/4TUBE 90 DEG SWIV ELB BRS DOT","3110","85823","EA",5,5.3,26.5,"3872378"]
["14879","07/12/2012","/MI791","0613300","MILTON 791 COUPLER PLUG","D","s000000000","EA",1,1.1200000000000001,1.1200000000000001,"3872378"]
["14879","07/12/2012","/MM32-020","2943314","5/8 BARB X 1/2 NPT MALE BRASS FITTING","3110","group 10 - 11","EA",50,1.3875,69.375,"3872378"]
["14879","07/12/2012","/MM680604","2971257","3/8 X 1/4 DOT MALE CONNECTOR","3110","213456","EA",4,4.99,19.96,"3872378"]
["14879","07/12/2012","/MO19193-0307","3971727","2ga 3/8 STUD NON INSULATED RING TERMINAL","3110","group 10 - 11","EA",150,0.42,63,"3872378"]
["14879","07/12/2012","/MS01-8154","0613092","MS01-8154  SHIELD FOR HEADGEAR","E","221012","EA",1,3.61,3.61,"3872378"]
["14879","07/12/2012","/MS03-510CSS","0613322","SAFETY GLASSES (OVER THE GLASSES)","E","s000000000","EA",1,6.58,6.58,"3872378"]
["14879","07/12/2012","/MS05-593GR","0613371","17in SPARK GUARD SLEEVE    PAIR","E","214742","EA",1,5.84,5.84,"3872378"]
["14879","07/12/2012","/MS05-593GR","0613371","17in SPARK GUARD SLEEVE    PAIR","E","215719","EA",1,5.84,5.84,"3872378"]
["14879","07/12/2012","/MS09-4320","0612134","WELDERS GLOVE (PAIR)  4320","E","214741","EA",1,3.52,3.52,"3872378"]
["14879","07/12/2012","/MS09-7005-L","0612455","NDEX NITRILE GLOVE LGE(100/BX)6020","E","221000","EA",1,9.39,9.39,"3872378"]
["14879","07/12/2012","/MSHL5/16-6","/MSHL5/16-6","MSHL 5/16-6 MAG NUTSETTER","A","221011","EA",1,6.03,6.03,"3872378"]
["14879","07/12/2012","/PB28314","0610234","#2 PHILLIPS BIT 4in","A","141802","EA",2,1,2,"3872378"]
["14879","07/12/2012","/PB28314","0610234","#2 PHILLIPS BIT 4in","A","221042","EA",1,1,1,"3872378"]
["14879","07/12/2012","/PB28314","0610234","#2 PHILLIPS BIT 4in","A","221055","EA",4,1,4,"3872378"]
["14879","07/12/2012","/PB29050","0612331","29050 #2 SQ RECESS BIT SHORT","A","155917","EA",1,0.28000000000000003,0.28000000000000003,"3872378"]
["14879","07/12/2012","/PB29059","0612278","#2 X 3 SQ BIT","A","103151","EA",1,0.85,0.85,"3872378"]
["14879","07/12/2012","/PB29059","0612278","#2 X 3 SQ BIT","A","103160","EA",3,0.85,2.5499999999999998,"3872378"]
["14879","07/12/2012","/PB29059","0612278","#2 X 3 SQ BIT","A","103171","EA",2,0.85,1.7,"3872378"]
["14879","07/12/2012","/PB29059","0612278","#2 X 3 SQ BIT","A","155993","EA",1,0.85,0.85,"3872378"]
["14879","07/12/2012","/PB29059","0612278","#2 X 3 SQ BIT","A","213455","EA",6,0.85,5.0999999999999996,"3872378"]
["14879","07/12/2012","/PB29059","0612278","#2 X 3 SQ BIT","A","215740","EA",1,0.85,0.85,"3872378"]
["14879","07/12/2012","/PB29059","0612278","#2 X 3 SQ BIT","A","221011","EA",1,0.85,0.85,"3872378"]
["14879","07/12/2012","/PB29059","0612278","#2 X 3 SQ BIT","A","221057","EA",1,0.85,0.85,"3872378"]
["14879","07/12/2012","/PB29059","0612278","#2 X 3 SQ BIT","A","s000000000","EA",3,0.85,2.5499999999999998,"3872378"]
["14879","07/12/2012","/PB39959","0612067","#2 SQ X 6 SQ RECESS BIT","A","221054","EA",1,1.49,1.49,"3872378"]
["14879","07/12/2012","/PB39959","0612067","#2 SQ X 6 SQ RECESS BIT","A","221057","EA",1,1.49,1.49,"3872378"]
["14879","07/12/2012","/PER82190","7970023","PER82190  2gr. SUPER GLUE","D","213492","EA",1,1.39,1.39,"3872378"]
["14879","07/12/2012","/PER82190","7970023","PER82190  2gr. SUPER GLUE","D","221027","EA",1,1.39,1.39,"3872378"]
["14879","07/12/2012","/PFSDW1034","/PFSDW1034","#10 X 1-3/4 FH TORX DR TEK SC","3110","PAM SELF FEEDING SYSTEM","EA",3000,6.0699999999999997E-2,182.1,"3872378"]
["14879","07/12/2012","/PIP09-K1450/L","/PIP09-K1450/L","KEVLAR GLOVE WITH NITRILE COATING LARGE","E","211005","EA",1,4.75,4.75,"3872378"]
["14879","07/12/2012","/PIP09-K1450/L","/PIP09-K1450/L","KEVLAR GLOVE WITH NITRILE COATING LARGE","E","213523","EA",1,4.75,4.75,"3872378"]
["14879","07/12/2012","/PIP09-K1450/L","/PIP09-K1450/L","KEVLAR GLOVE WITH NITRILE COATING LARGE","E","221052","EA",1,4.75,4.75,"3872378"]
["14879","07/12/2012","/PIP09-K1450/L","/PIP09-K1450/L","KEVLAR GLOVE WITH NITRILE COATING LARGE","E","87507","EA",1,4.75,4.75,"3872378"]
["14879","07/12/2012","/PIP09-K1450/L","/PIP09-K1450/L","KEVLAR GLOVE WITH NITRILE COATING LARGE","E","s000000000","EA",1,4.75,4.75,"3872378"]
["14879","07/12/2012","/PIP09-K1450/M","/PIP09-K1450/M","KEVLAR GLOVE W/NITRILE COATING MEDIUM","E","103160","EA",1,4.75,4.75,"3872378"]
["14879","07/12/2012","/PIP09-K1450/M","/PIP09-K1450/M","KEVLAR GLOVE W/NITRILE COATING MEDIUM","E","215718","EA",1,4.75,4.75,"3872378"]
["14879","07/12/2012","/PIP09-K1450/XL","/PIP09-K1450/XL","KEVLAR GLOVE W/NITRILE COATING XL","E","213453","EA",1,4.75,4.75,"3872378"]
["14879","07/12/2012","/PM96011","0613380","96011  YELLOW CHINA MARKER","D","210928","EA",2,0.93,1.86,"3872378"]
["14879","07/12/2012","/PM96014","0613381","96014  CRIMSON CHINA MARKER","D","145295","EA",2,0.57999999999999996,1.1599999999999999,"3872378"]
["14879","07/12/2012","/SB12524","0612403","3-5/8 1/2 WIDE 24tpi AIR SAW BLADE","A","1685","EA",1,1,2,"3872378"]
["14879","07/12/2012","/SB12524","0612403","3-5/8 1/2 WIDE 24tpi AIR SAW BLADE","A","214724","EA",25,1,25,"3872378"]
["14879","07/12/2012","/SB12524","0612403","3-5/8 1/2 WIDE 24tpi AIR SAW BLADE","A","s000000000","EA",1,1,1,"3872378"]
["14879","07/12/2012","/SB1QTA","0607002","1 QT SPRAY APPLICATOR (NO BOTTLE)","D","136948","EA",1,0.62,0.62,"3872378"]
["14879","07/12/2012","/SB1QTA","0607002","1 QT SPRAY APPLICATOR (NO BOTTLE)","D","220979","EA",1,0.62,0.62,"3872378"]
["14879","07/12/2012","/SB1QTA","0607002","1 QT SPRAY APPLICATOR (NO BOTTLE)","D","221044","EA",1,0.62,0.62,"3872378"]
["14879","07/12/2012","/SB1QTA","0607002","1 QT SPRAY APPLICATOR (NO BOTTLE)","D","273614","EA",1,0.62,0.62,"3872378"]
["14879","07/12/2012","/SB1QTB","0607001","1 QT SPRAY BOTTLE  (NO APPLICATOR)","D","220979","EA",1,0.66,0.66,"3872378"]
["14879","07/12/2012","/SB1QTB","0607001","1 QT SPRAY BOTTLE  (NO APPLICATOR)","D","273614","EA",1,0.66,0.66,"3872378"]
["14879","07/12/2012","/SB40614","0610790","40614 6 14T RECIP SAW","A","155928","EA",4,1.18,4.72,"3872378"]
["14879","07/12/2012","/SB40814","0612269","40814 8 14T RECIP SAW","A","163217","EA",10,1.88,18.8,"3872378"]
["14879","07/12/2012","/SB40814","0612269","40814 8 14T RECIP SAW","A","221012","EA",5,1.88,9.4,"3872378"]
["14879","07/12/2012","/SB40814","0612269","40814 8 14T RECIP SAW","A","R&D","EA",50,1.88,94,"3872378"]
["14879","07/12/2012","/SP11755","0612232","5in 50gr ZIRC DISC 7/8 HOLE","A","134472","EA",6,0.98,5.88,"3872378"]
["14879","07/12/2012","/SP524","0607039","5 X 24 GRIT A/O SANDING DISC","A","134472","EA",9,0.69,6.21,"3872378"]
["14879","07/12/2012","/ST14119","0615823","14119 SIOUX BACKING PAD","D","134472","EA",1,5.51,5.51,"3872378"]
["14879","07/12/2012","/STN11921I","0610823","UTIL KNIFE BLADES(INDIVIDUAL BLADES)","A","145254","EA",15,0.11,1.65,"3872378"]
["14879","07/12/2012","/STN11921I","0610823","UTIL KNIFE BLADES(INDIVIDUAL BLADES)","A","155993","EA",15,0.11,1.65,"3872378"]
["14879","07/12/2012","/STN11921I","0610823","UTIL KNIFE BLADES(INDIVIDUAL BLADES)","A","273417","EA",15,0.11,1.65,"3872378"]
["14879","07/12/2012","/STN11921I","0610823","UTIL KNIFE BLADES(INDIVIDUAL BLADES)","A","273614","EA",30,0.11,3.3,"3872378"]
["14879","07/12/2012","/UT-1033","8970411","2 X 60 YD GRAY DUCT TAPE - THIN 8mil","3110","134472","EA",1,3.51,3.51,"3872378"]
["14879","07/12/2012","/UT-1033","8970411","2 X 60 YD GRAY DUCT TAPE - THIN 8mil","3110","145254","EA",2,3.51,7.02,"3872378"]
["14879","07/12/2012","/UT-1033","8970411","2 X 60 YD GRAY DUCT TAPE - THIN 8mil","3110","210972","EA",1,3.51,3.51,"3872378"]
["14879","07/12/2012","/UT-1033","8970411","2 X 60 YD GRAY DUCT TAPE - THIN 8mil","3110","213453","EA",2,3.51,7.02,"3872378"]
["14879","07/12/2012","/WE356","3140431","BLACK WEEKENDER SPRAY PAINT","3110","221017","EA",2,1.52,3.04,"3872378"]
["14879","07/12/2012","/WE356","3140431","BLACK WEEKENDER SPRAY PAINT","3110","85336","EA",2,1.52,3.04,"3872378"]
["14879","07/12/2012","/WH1862X4","2970674","1862 X 4  1/4 AIR BRAKE UNION BRASS","3110","85823","EA",5,3.25,16.25,"3872378"]
["14879","07/12/2012","/WH3220X6X4","2970627","3/8 X 1/4 HEX BUSHING BRASS","3110","85823","EA",5,0.41,2.0499999999999998,"3872378"]
["14879","07/12/2012","/WH3220X6X4","2970627","3/8 X 1/4 HEX BUSHING BRASS","3110","s000000000","EA",1,0.41,0.41,"3872378"]
["14879","07/12/2012","/WH3700X4","2970632","3700 X 4  1/4 TEE BRASS","3110","213456","EA",3,1.27,3.81,"3872378"]
["14879","07/12/2012","/WISM3R","/WISM3R","WISM3R  WISS STR TIN SNIP","B","107767","EA",1,18.829999999999998,18.829999999999998,"3872378"]
["14879","07/12/2012","/WISM3R","/WISM3R","WISM3R  WISS STR TIN SNIP","B","213523","EA",1,18.829999999999998,18.829999999999998,"3872378"]
["14879","07/12/2012","/WKW70001","0601006","1/4 ROUTER BIT - 3/4 CUT LENGTH","A","213454","EA",1,6.22,6.22,"3872378"]
["14879","07/12/2012","/WKW70001","0601006","1/4 ROUTER BIT - 3/4 CUT LENGTH","A","s000000000","EA",1,6.22,6.22,"3872378"]
["14879","07/12/2012","/WU3201-L","0613393","LEATHER DRIVING GLOVES LARGE 3201L","E","87520","EA",1,4.05,4.05,"3872378"]
["14879","07/12/2012","/WU3201-M","/WU3201-M","LEATHER DRIVING GLOVES MEDIUM","E","221012","EA",1,4.05,4.05,"3872378"]
["14879","07/12/2012","/WU3201-XL","0613394","LEATHER DRIVING GLOVES X-LG 3201XL","E","214742","EA",1,4.05,4.05,"3872378"]
["14879","07/12/2012","/ZORMO400-05800-V75","/ZORMO400-05800-V75","ORMO400-05800 V75   O-RING","3110","213523","EA",10,7.8,78,"3872378"]
["14879","07/12/2012","10F50MXP0Z","8570996","10/32 X 1/2 PHIL PAN M/S  ZNC","3110","221041","EA",25,4.8999999999999998E-3,0.1225,"3872378"]
["14879","07/12/2012","10F50MXP0Z","8570996","10/32 X 1/2 PHIL PAN M/S  ZNC","3110","group 10 - 11","EA",200,4.8999999999999998E-3,0.98,"3872378"]
["14879","07/12/2012","10F50MXP0Z","8570996","10/32 X 1/2 PHIL PAN M/S  ZNC","3110","group 10 - 11","EA",500,4.8999999999999998E-3,2.4500000000000002,"3872378"]
["14879","07/12/2012","10F50MXP0Z","8570996","10/32 X 1/2 PHIL PAN M/S  ZNC","3110","s000000000","EA",1,4.8999999999999998E-3,4.8999999999999998E-3,"3872378"]
["14879","07/12/2012","10FNCAS","8571085","10/32 ACORN CAP NUT 18-8","3110","221041","EA",25,0.18,4.5,"3872378"]
["14879","07/12/2012","10G100UQP","8570757","10-16 X 1in PAN SQ RECESS TEK SC","3110","group 22 - 24","EA",400,1.7399999999999999E-2,13.92,"3872378"]
["14879","07/12/2012","10N50WBO/W","10N50WBO/W","#10 X 1/2 BONDED SEALER WASHER WHITE","3110","final","EA",800,7.0000000000000007E-2,56,"3872378"]
["14879","07/12/2012","10N50WBO/W","10N50WBO/W","#10 X 1/2 BONDED SEALER WASHER WHITE","3110","g0000 26","EA",500,7.0000000000000007E-2,35,"3872378"]
["14879","07/12/2012","12C100MTH0Z/F/NPAT","8571507","12/24 X 1 IND HEX SLT W/H T/C T-F ZN","3110","W/PATCH","EA",150,0.17,25.5,"3872378"]
["14879","07/12/2012","12N300TXP0Z","8570790","#12 X 3 PHIL PAN T/S  ZNC","3110","221047","EA",6,3.6999999999999998E-2,0.222,"3872378"]
["14879","07/12/2012","14RDAI","0601024","9/64 6 AIRCRAFT EXTENSION DRILL","A","210966","EA",24,1.3625,32.700000000000003,"3872378"]
["14879","07/12/2012","14RDAI","0601024","9/64 6 AIRCRAFT EXTENSION DRILL","A","213522","EA",12,1.3625,16.350000000000001,"3872378"]
["14879","07/12/2012","14RDAI","0601024","9/64 6 AIRCRAFT EXTENSION DRILL","A","214724","EA",12,1.3625,16.350000000000001,"3872378"]
["14879","07/12/2012","14RDAI","0601024","9/64 6 AIRCRAFT EXTENSION DRILL","A","221054","EA",12,1.3625,16.350000000000001,"3872378"]
["14879","07/12/2012","14RDCO","0613320","9/64 COBALT DRILL","A","163202","EA",12,1.35,16.2,"3872378"]
["14879","07/12/2012","14RDCO","0613320","9/64 COBALT DRILL","A","213454","EA",12,1.35,16.2,"3872378"]
["14879","07/12/2012","14RDCO","0613320","9/64 COBALT DRILL","A","214724","EA",12,1.35,16.2,"3872378"]
["14879","07/12/2012","14RDCO","0613320","9/64 COBALT DRILL","A","214734","EA",12,1.35,16.2,"3872378"]
["14879","07/12/2012","14RDCO","0613320","9/64 COBALT DRILL","A","221030","EA",12,1.35,16.2,"3872378"]
["14879","07/12/2012","18RDCO","0612440","3/16 COBALT DRILL","A","134472","EA",12,1.3,15.6,"3872378"]
["14879","07/12/2012","18RDCO","0612440","3/16 COBALT DRILL","A","s000000000","EA",10,1.3,13,"3872378"]
["14879","07/12/2012","25C100HCSS","8570384","1/4-20 X 1in HEX C/S 18-8","3110","group 22 - 24","EA",150,2.9700000000000001E-2,4.4550000000000001,"3872378"]
["14879","07/12/2012","25C100MTM0Z/F","8571312","1/4-20 X 1in PAN PHIL T/C T-F  ZNC","3110","group 22 - 24","EA",100,0.05,5,"3872378"]
["14879","07/12/2012","25C100MXFS","8570843","1/4-20 X 1in PHIL FLAT M/S 18-8","3110","g0000 26","EA",100,6.6299999999999998E-2,6.63,"3872378"]
["14879","07/12/2012","25C250HCS8Y","25C250HCS8Y","1/4-20 X 2 1/2 HEX C/S GR 8 Z/YEL","3110","87569","EA",3,8.5400000000000004E-2,0.25619999999999998,"3872378"]
["14879","07/12/2012","25CNNE8Y","8570194","1/4-20 NYLOC INSERT LOCKNUT GR 8 Z/YEL","3110","group 22 - 24","EA",400,1.9400000000000001E-2,7.76,"3872378"]
["14879","07/12/2012","25NWSAS","8570915","1/4 SAE F/W 18-8","3110","g0000 26","EA",200,1.61E-2,3.22,"3872378"]
["14879","07/12/2012","25NWSAS","8570915","1/4 SAE F/W 18-8","3110","group 22 - 24","EA",500,1.61E-2,8.0500000000000007,"3872378"]
["14879","07/12/2012","25NWUS8Y","8571249","1/4 USS FLAT WASHER GR 8 Z/YEL","3110","group 10 - 11","EA",400,1.4E-2,5.6,"3872378"]
["14879","07/12/2012","25R125WFE0Z","8570244","1/4 X 1 1/4 FEND WASH  ZNC","3110","group 22 - 24","EA",175,2.5999999999999999E-2,9.1,"3872378"]
["14879","07/12/2012","25RDJO","0601009","1/4 HSS JOBR DRILL BLK/135deg S/P","A","134472","EA",12,1.4,16.8,"3872378"]
["14879","07/12/2012","28RDAI","28RDAI","9/32 6 AIRCRAFT EXTENSION DRILL","A","1698","EA",7,5.4,37.799999999999997,"3872378"]
["14879","07/12/2012","31C100HCS8Y","8540186","5/16-18 X 1in HEX C/S GR 8 Z/YEL","3110","g0000 26","EA",60,4.1799999999999997E-2,2.508,"3872378"]
["14879","07/12/2012","31C100HSF0Z","8570862","5/16-18 X 1in HEX SERR FLG BOLT  ZNC","3110","group 20 - 21","EA",100,0.09,9,"3872378"]
["14879","07/12/2012","37C150HCS8Y","8570491","3/8-16 X 1 1/2 HEX C/S GR 8 Z/YEL","3110","group 10 - 11","EA",75,6.3100000000000003E-2,4.7324999999999999,"3872378"]
["14879","07/12/2012","37C200MUT0Z/F","8543431","3/8-16 X 2 IND HEX UNSLT W/H T/C T-F  ZN","3110","C","EA",125,0.3,37.5,"3872378"]
["14879","07/12/2012","37C250HCS8Y","8542714","3/8-16 X 2 1/2 HEX C/S GR 8 Z/YEL","3110","group 20 - 21","EA",30,0.1026,3.0779999999999998,"3872378"]
["14879","07/12/2012","37CNNE8Y","8540700","3/8-16 NYLOC INSERT LOCKNUT GR 8 Z/YEL","3110","group 20 - 21","EA",150,3.9300000000000002E-2,5.8949999999999996,"3872378"]
["14879","07/12/2012","37NWUS8Y","8570509","3/8 USS FLAT WASHER GR 8 Z/YEL","3110","group 10 - 11","EA",250,2.7E-2,6.75,"3872378"]
["14879","07/12/2012","37RDCO","0613369","3/8 COBALT DRILL","A","134472","EA",2,5.7,11.4,"3872378"]
["14879","07/12/2012","43C100HCS8Y","8571277","7/16-14 X 1in HEX C/S GR 8 Z/YEL","3110","group 42","EA",300,0.11,66,"3872378"]
["14879","07/12/2012","43F250HCS8Y","8571283","7/16-20 X 2 1/2 HEX C/S GR 8 Z/YEL","3110","group 42","EA",125,0.16919999999999999,21.15,"3872378"]
["14879","07/12/2012","43NWUS8Y","8571206","7/16 USS FLAT WASHER GR 8 Z/YEL","3110","group 42","EA",600,5.57E-2,66.84,"3872378"]
["14879","07/12/2012","50C200HCS8Y","8570951","1/2-13 X 2 HEX C/S GR 8 Z/YEL","3110","group 10 - 11","EA",125,0.15759999999999999,19.7,"3872378"]
["14879","07/12/2012","50CNNE8Y","8541468","1/2-13 NYLOC INSERT LOCKNUT GR 8 Z/YEL","3110","group 22 - 24","EA",100,9.69E-2,9.69,"3872378"]
["14879","07/12/2012","50NWUS8Y","8570876","1/2 USS FLAT WASHER GR 8 Z/YEL","3110","group 10 - 11","EA",350,7.6499999999999999E-2,26.774999999999999,"3872378"]
["14879","07/12/2012","8C100MTM0Z/F","8C100MTM0Z/F","8/32 X 1in PAN PHIL T/C T-F  ZNC","3110","final","EA",500,0.04,40,"3872378"]
["14879","07/12/2012","8C100MTM0Z/F","8C100MTM0Z/F","8/32 X 1in PAN PHIL T/C T-F  ZNC","3110","group 22 - 24","EA",1500,0.04,60,"3872378"]
["14879","07/12/2012","8C100MTM0Z/FWH","8C100MTM0Z/FWH","8-32 X 1 PAN PHIL T/C T-F ZINC WHITE HD","3110","final","EA",600,0.05,30,"3872378"]
["14879","07/12/2012","8C100MTM0Z/FWH","8C100MTM0Z/FWH","8-32 X 1 PAN PHIL T/C T-F ZINC WHITE HD","3110","g0000 26","EA",300,0.05,15,"3872378"]
["14879","07/12/2012","8G100UQF0Z/NPAT","8570935","8-18 X 1in F.H. SQ DRIVE TEK SC NYL PAT","3110","ZNC","EA",2500,1.55E-2,77.5,"3872378"]
["14879","07/12/2012","8G100UQP/NPAT","8570931","8-18 X 1in PAN SQ RECESS TEK SC NYL PAT","3110","final","EA",2000,1.796E-2,35.92,"3872378"]
["14879","07/12/2012","8G100UQP0B/NPAT","8570936","8-18 X 1in PAN SQ RECESS TEK SC NYL PAT","3110","BLK","EA",500,1.95E-2,9.75,"3872378"]
["14879","07/12/2012","8G100UWA","8570765","8-18 X 1in PHIL WAFER HEAD TEK","3110","group 10 - 11","EA",300,1.5299999999999999E-2,4.59,"3872378"]
["14879","07/12/2012","8G75UQP4","8570788","8-18 X 3/4 PAN SQ RECESS TEK SC 410 S/S","3110","group 22 - 24","EA",600,2.6200000000000001E-2,15.72,"3872378"]
["14879","07/12/2012","8N150TXPS","8N150TXPS","#8 X 1 1/2 PHIL PAN T/S 18-8","3110","215732","EA",12,0.05,0.6,"3872378"]
["14879","07/12/2012","8N200TQP0Z","8570769","#8 X 2 PAN SQUARE RECESS T/S  ZNC","3110","group 10 - 11","EA",200,3.8600000000000002E-2,7.72,"3872378"]
["14879","07/12/2012","8N250TRW0Z","8570766","#8 X 2 1/2 T/S RND WSH COM  ZNC","3110","final","EA",300,1.7399999999999999E-2,5.22,"3872378"]
["14879","07/12/2012","8N300TQF0B","8570711","#8 X 3 FLAT SQUARE RECESS T/S  BLK","3110","213496","EA",2,3.6900000000000002E-2,7.3800000000000004E-2,"3872378"]
["14879","07/12/2012","8N62TQP0Z/BL","8570739","#8 X 5/8 PAN SQUARE RECESS T/S BLK HD  Z","3110","NC","EA",800,7.0000000000000001E-3,5.6,"3872378"]
["14879","07/12/2012","8N62TQP0Z/BL","8570739","#8 X 5/8 PAN SQUARE RECESS T/S BLK HD  Z","3110","NC","EA",2500,7.0000000000000001E-3,35,"3872378"]
["14879","07/12/2012","8NWFFS","8542219","#8 FLANGED FINISH WASHER 18-8","3110","final","EA",500,1.9099999999999999E-2,9.5500000000000007,"3872378"]
["14879","07/12/2012","8NWFFS","8542219","#8 FLANGED FINISH WASHER 18-8","3110","g0000 26","EA",300,1.9099999999999999E-2,5.73,"3872378"]
[null,null,null,null,null,null,null,null,null,null,{"$f":"SUBTOTAL(9,K1006:K1213)","v":3567.5780999999988},"3872378 Total"]
["14879","07/13/2012",".120NWA30P/6916","8571279","M12 A325 FLAT WASHER DIN 125A TP200  PLN","3110","group 42","EA",250,0.1414,35.35,"3873109"]
["14879","07/13/2012",".120NWA30P/6916","8571279","M12 A325 FLAT WASHER DIN 125A TP200  PLN","3110","group 42","EA",256,0.1414,36.198399999999999,"3873109"]
["14879","07/13/2012","/3M13-38-P","3942273","10-12  3/8  STUD RING INSULATED","3110","9999","EA",20,5.5899999999999998E-2,1.1180000000000001,"3873109"]
["14879","07/13/2012","/3M1700","8970416","3M 1700  TEM FLEX ELECTRICAL TAPE","3110","145254","EA",1,0.63,0.63,"3873109"]
["14879","07/13/2012","/3M1700","8970416","3M 1700  TEM FLEX ELECTRICAL TAPE","3110","214748","EA",2,0.63,1.26,"3873109"]
["14879","07/13/2012","/3M1700","8970416","3M 1700  TEM FLEX ELECTRICAL TAPE","3110","9999","EA",10,0.63,6.3,"3873109"]
["14879","07/13/2012","/AL-14-50-0-CW-M","/AL-14-50-0-CW-M","14in BLACK CABLE TIE 50lb","D","group 10 - 11","EA",500,4.2000000000000003E-2,21,"3873109"]
["14879","07/13/2012","/AL-14-50-0-CW-M","/AL-14-50-0-CW-M","14in BLACK CABLE TIE 50lb","D","group 20 - 21","EA",500,4.2000000000000003E-2,21,"3873109"]
["14879","07/13/2012","/AS50SM","0613337","STATIC MIXER 50ml","A","163219","EA",10,1.25,12.5,"3873109"]
["14879","07/13/2012","/AS50SM","0613337","STATIC MIXER 50ml","A","214739","EA",4,1.25,5,"3873109"]
["14879","07/13/2012","/AS50SM","0613337","STATIC MIXER 50ml","A","221018","EA",12,1.25,15,"3873109"]
["14879","07/13/2012","/AS50SM","0613337","STATIC MIXER 50ml","A","85809","EA",20,1.25,25,"3873109"]
["14879","07/13/2012","/AS55300-50","7970040","METHACYLATE ADHESIVE 50ml","3110","221018","EA",4,8.98,35.92,"3873109"]
["14879","07/13/2012","/AS55300-50","7970040","METHACYLATE ADHESIVE 50ml","3110","85809","EA",10,8.98,89.8,"3873109"]
["14879","07/13/2012","/AV13009","6170120","10/32 WELL NUT .035/.232 GRIP 10/UNIT","3110","group 22 - 24","EA",150,0.24,36,"3873109"]
["14879","07/13/2012","/AW20-202","0612410","20-202 T-SHIRT/POLOKNIT","D","220986","EA",50,0.52,26,"3873109"]
["14879","07/13/2012","/AW20-202","0612410","20-202 T-SHIRT/POLOKNIT","D","221044","EA",50,0.52,26,"3873109"]
["14879","07/13/2012","/AW20-202","0612410","20-202 T-SHIRT/POLOKNIT","D","85811","EA",50,0.52,26,"3873109"]
["14879","07/13/2012","/AW20-202","0612410","20-202 T-SHIRT/POLOKNIT","D","s000000000","EA",50,0.52,26,"3873109"]
["14879","07/13/2012","/BB433-934","0607017","NAIL APRON","D","221027","EA",1,1.93,1.93,"3873109"]
["14879","07/13/2012","/BB433-934","0607017","NAIL APRON","D","s000000000","EA",1,1.93,1.93,"3873109"]
["14879","07/13/2012","/BI-CP0399","0611745","CTR PUNCH CLAMP 13/16x3/8x.025 GC","D","213523","EA",2,0.29459999999999997,0.58919999999999995,"3873109"]
["14879","07/13/2012","/BI-CP0399","0611745","CTR PUNCH CLAMP 13/16x3/8x.025 GC","D","c000 r00000","EA",1,0.29459999999999997,0.58919999999999995,"3873109"]
["14879","07/13/2012","/CCPV8-10","8570809","1/4 MONO BOLT .35-.625 GRIP  STNL/STNL","3110","group 22 - 24","EA",200,0.67,134,"3873109"]
["14879","07/13/2012","/CRL216","0610545","CRL216 PLASTIC PUSH STICK","A","1720","EA",2,0.66,1.32,"3873109"]
["14879","07/13/2012","/EL6527","/EL6527","1 X 25ft TAPE MEASURE","D","221061","EA",1,5.38,5.38,"3873109"]
["14879","07/13/2012","/EN22","0610289","9V ALKALINE BATTERY","D","87521","EA",1,1.88,1.88,"3873109"]
["14879","07/13/2012","/EN91","0607049","AA ALKALINE BATTERY","D","221018","EA",2,0.43,0.86,"3873109"]
["14879","07/13/2012","/EN91","0607049","AA ALKALINE BATTERY","D","87521","EA",3,0.43,1.29,"3873109"]
["14879","07/13/2012","/EN92","0612342","AAA ALKALINE BATTERY","D","1698","EA",3,0.45,1.35,"3873109"]
["14879","07/13/2012","/EN92","0612342","AAA ALKALINE BATTERY","D","1720","EA",3,0.45,1.35,"3873109"]
["14879","07/13/2012","/EN92","0612342","AAA ALKALINE BATTERY","D","213455","EA",3,0.45,1.35,"3873109"]
["14879","07/13/2012","/EN92","0612342","AAA ALKALINE BATTERY","D","85823","EA",3,0.45,1.35,"3873109"]
["14879","07/13/2012","/EN92","0612342","AAA ALKALINE BATTERY","D","87521","EA",3,0.45,1.35,"3873109"]
["14879","07/13/2012","/ET66RED","/ET66RED","3/4 X 66ft RED ELECTRICAL TAPE","3110","214748","EA",3,0.68,2.04,"3873109"]
["14879","07/13/2012","/FWABMD445X","0613367","ABMAST WHEEL A30R GRADE","A","221043","EA",10,2.15,21.5,"3873109"]
["14879","07/13/2012","/FWBEANIES-S","0613305","WELDING BEANIES  - SMALL","E","221043","EA",1,4.3499999999999996,4.3499999999999996,"3873109"]
["14879","07/13/2012","/FWCEP932-1040","0612258","2in X 4-1/4 COVER PLATE","D","214742","EA",1,0.72,0.72,"3873109"]
["14879","07/13/2012","/FWCEP932-1042","0612967","4-1/2 X 5-1/4 COVER PLATE","A","214742","EA",1,0.9,0.9,"3873109"]
["14879","07/13/2012","/FWCEP932-1042","0612967","4-1/2 X 5-1/4 COVER PLATE","A","221043","EA",1,0.9,0.9,"3873109"]
["14879","07/13/2012","/FWMOL2310N99","0613362","WELDERS FACE MASK CARBON LINER","E","221058","EA",10,4.0625,40.625,"3873109"]
["14879","07/13/2012","/FWTWE14-35","0602003","CONTACT TIP 1140-1102","A","163202","EA",1,0.76,0.76,"3873109"]
["14879","07/13/2012","/FWTWE14-35","0602003","CONTACT TIP 1140-1102","A","214742","EA",6,0.76,4.5599999999999996,"3873109"]
["14879","07/13/2012","/FWTWE14-35","0602003","CONTACT TIP 1140-1102","A","221043","EA",5,0.76,3.8,"3873109"]
["14879","07/13/2012","/FWTWE24A-62-SS","0602004","NOZZLE 1240-121","A","163202","EA",2,3.3125,6.625,"3873109"]
["14879","07/13/2012","/FWTWE24A-62-SS","0602004","NOZZLE 1240-121","A","214742","EA",4,3.3125,13.25,"3873109"]
["14879","07/13/2012","/FWTWE24A-62-SS","0602004","NOZZLE 1240-121","A","221043","EA",4,3.3125,13.25,"3873109"]
["14879","07/13/2012","/FWTWE34A","0616178","NOZZLE INSULATOR 1340-1100","A","214742","EA",1,1.7124999999999999,1.7124999999999999,"3873109"]
["14879","07/13/2012","/FWTWE34A","0616178","NOZZLE INSULATOR 1340-1100","A","221043","EA",3,1.7124999999999999,5.1375000000000002,"3873109"]
["14879","07/13/2012","/FWTWE54A","0602011","GAS DIFFUSER 100-54A ANCHOR BRAND","A","221043","EA",2,3.41,6.82,"3873109"]
["14879","07/13/2012","/FWWEL20-3100","0613306","SWEAT BAND, HELMET COMFORTER","E","214742","EA",2,2.21,4.42,"3873109"]
["14879","07/13/2012","/HDL33AINE","/HDL33AINE","ENERGIZER 6 LED HEADLAMP","D","221027","EA",2,24.69,49.38,"3873109"]
["14879","07/13/2012","/HS55016","0601056","1in HOLE SAW H S S","A","72992","EA",1,2.88,2.88,"3873109"]
["14879","07/13/2012","/HS55020","0610867","1-1/4 HOLE SAW H S S","A","103171","EA",1,3.38,3.38,"3873109"]
["14879","07/13/2012","/HS55020","0610867","1-1/4 HOLE SAW H S S","A","221030","EA",1,3.38,3.38,"3873109"]
["14879","07/13/2012","/HS55022","0613678","1-3/8 HOLE SAW H S S","A","214791","EA",1,3.6,3.6,"3873109"]
["14879","07/13/2012","/HS55032","0610890","2in HOLE SAW H S S","A","134472","EA",1,4.45,4.45,"3873109"]
["14879","07/13/2012","/HS55040","0601051","#55040  2-1/2 HOLE SAW H S S","A","221054","EA",2,5.93,11.86,"3873109"]
["14879","07/13/2012","/IRW10233","/IRW10233","3 9 HOLE SZ (1/4-3/4) 1/16 INCREMENTS","B","107536","EA",1,37.979999999999997,37.979999999999997,"3873109"]
["14879","07/13/2012","/LDFSM","/LDFSM","LETTER F DRILL SCREW MACH LENGTH","A","211005","EA",12,1.61,19.32,"3873109"]
["14879","07/13/2012","/MCM7437K19","/MCM7437K19","RED BATTERY PROTECTANT  15.25 OZ.","3110","163202","EA",2,7.18,14.36,"3873109"]
["14879","07/13/2012","/MCR3211XXXL","/MCR3211XXXL","LEATHER DRIVER GLOVE XXXL","E","215751","EA",1,5.85,5.85,"3873109"]
["14879","07/13/2012","/MCR38030MW","/MCR38030MW","LEATHER WELDING JACKET 3XL","E","87596","EA",1,46.15,46.15,"3873109"]
["14879","07/13/2012","/MCR9378T","/MCR9378T","18in KEVLAR SLEEVE W/THUMB SLOT","E","221044","EA",2,3.18,6.36,"3873109"]
["14879","07/13/2012","/MCR9378T","/MCR9378T","18in KEVLAR SLEEVE W/THUMB SLOT","E","87594","EA",2,3.18,6.36,"3873109"]
["14879","07/13/2012","/MCR9673GW-XL","/MCR9673GW-XL","WHITE NYLON NITRILE GLOVE  X-LARGE","E","210928","EA",1,1.96,1.96,"3873109"]
["14879","07/13/2012","/MCREPRC25","/MCREPRC25","EAR PLUG W/CORD REUSABLE","E","221044","EA",1,0.93500000000000005,0.93500000000000005,"3873109"]
["14879","07/13/2012","/MHC11180-16-12B","2971148","3/4 MPT X 1 BARB BRASS","3110","214745","EA",2,2.73,5.46,"3873109"]
["14879","07/13/2012","/MHC11822-4-4DOT","2971213","1/4MPT X 1/4TUBE 90 DEG SWIV ELB BRS DOT","3110","s000000000","EA",1,5.3,5.3,"3873109"]
["14879","07/13/2012","/MI3/8","0610534","MILTON  3/8 ID AIR HOSE","D","213523","EA",30,0.5,15,"3873109"]
["14879","07/13/2012","/MI602","2970730","602 1/4M X 3/8 ID HOSE FITTING","3110","213523","EA",2,0.73,1.46,"3873109"]
["14879","07/13/2012","/MI602","2970730","602 1/4M X 3/8 ID HOSE FITTING","3110","c000 r00000","EA",1,0.73,0.73,"3873109"]
["14879","07/13/2012","/MI790","0613299","790 1/4 FEMALE BODY","D","213523","EA",1,5.82,5.82,"3873109"]
["14879","07/13/2012","/MI790","0613299","790 1/4 FEMALE BODY","D","c000 r00000","EA",1,5.82,5.82,"3873109"]
["14879","07/13/2012","/MI791","0613300","MILTON 791 COUPLER PLUG","D","213455","EA",1,1.1200000000000001,1.1200000000000001,"3873109"]
["14879","07/13/2012","/MI792","0613317","MILTON 792 COUPLER PLUG","D","213523","EA",1,1.1299999999999999,1.1299999999999999,"3873109"]
["14879","07/13/2012","/MKNMPD4S","0601065","1/4 PILOT BIT SHORT","A","134472","EA",1,1.68,1.68,"3873109"]
["14879","07/13/2012","/MKNMPD4S","0601065","1/4 PILOT BIT SHORT","A","214791","EA",1,1.68,1.68,"3873109"]
["14879","07/13/2012","/MKNMPD4S","0601065","1/4 PILOT BIT SHORT","A","72992","EA",1,1.68,1.68,"3873109"]
["14879","07/13/2012","/MO19193-0345","3971628","2/0ga x 3/8 ELEC RING TERM NON-INSULATED","3110","214748","EA",100,0.94730000000000003,94.73,"3873109"]
["14879","07/13/2012","/MS01-8154","0613092","MS01-8154  SHIELD FOR HEADGEAR","E","221018","EA",1,3.61,3.61,"3873109"]
["14879","07/13/2012","/MS01-8154","0613092","MS01-8154  SHIELD FOR HEADGEAR","E","221043","EA",1,3.61,3.61,"3873109"]
["14879","07/13/2012","/MS05-593GR","0613371","17in SPARK GUARD SLEEVE    PAIR","E","214742","EA",1,5.84,5.84,"3873109"]
["14879","07/13/2012","/MS09-4320","0612134","WELDERS GLOVE (PAIR)  4320","E","87596","EA",1,3.52,3.52,"3873109"]
["14879","07/13/2012","/MS09-7005-L","0612455","NDEX NITRILE GLOVE LGE(100/BX)6020","E","221002","EA",1,9.39,9.39,"3873109"]
["14879","07/13/2012","/PB27370","0614978","PB27370 #2 PHIL BIT 6in","A","214739","EA",1,1.34,1.34,"3873109"]
["14879","07/13/2012","/PB27370","0614978","PB27370 #2 PHIL BIT 6in","A","85336","EA",1,1.34,1.34,"3873109"]
["14879","07/13/2012","/PB27370","0614978","PB27370 #2 PHIL BIT 6in","A","9999","EA",1,1.34,1.34,"3873109"]
["14879","07/13/2012","/PB28314","0610234","#2 PHILLIPS BIT 4in","A","134472","EA",4,1,4,"3873109"]
["14879","07/13/2012","/PB28314","0610234","#2 PHILLIPS BIT 4in","A","141802","EA",2,1,2,"3873109"]
["14879","07/13/2012","/PB28314","0610234","#2 PHILLIPS BIT 4in","A","214791","EA",1,1,1,"3873109"]
["14879","07/13/2012","/PB28314","0610234","#2 PHILLIPS BIT 4in","A","85336","EA",1,1,1,"3873109"]
["14879","07/13/2012","/PB29050","0612331","29050 #2 SQ RECESS BIT SHORT","A","85811","EA",1,0.28000000000000003,0.28000000000000003,"3873109"]
["14879","07/13/2012","/PB29053","0612034","29053 #2 SQ RECESS BIT LONG","A","221044","EA",1,0.46,0.46,"3873109"]
["14879","07/13/2012","/PB29059","0612278","#2 X 3 SQ BIT","A","211005","EA",3,0.85,2.5499999999999998,"3873109"]
["14879","07/13/2012","/PB29059","0612278","#2 X 3 SQ BIT","A","213455","EA",5,0.85,4.25,"3873109"]
["14879","07/13/2012","/PB29059","0612278","#2 X 3 SQ BIT","A","214791","EA",1,0.85,0.85,"3873109"]
["14879","07/13/2012","/PB29059","0612278","#2 X 3 SQ BIT","A","221057","EA",1,0.85,0.85,"3873109"]
["14879","07/13/2012","/PB29059","0612278","#2 X 3 SQ BIT","A","273417","EA",2,0.85,1.7,"3873109"]
["14879","07/13/2012","/PB29059","0612278","#2 X 3 SQ BIT","A","87571","EA",1,0.85,0.85,"3873109"]
["14879","07/13/2012","/PB29059","0612278","#2 X 3 SQ BIT","A","87571","EA",2,0.85,1.7,"3873109"]
["14879","07/13/2012","/PB39959","0612067","#2 SQ X 6 SQ RECESS BIT","A","214739","EA",1,1.49,1.49,"3873109"]
["14879","07/13/2012","/PB39959","0612067","#2 SQ X 6 SQ RECESS BIT","A","221054","EA",1,1.49,1.49,"3873109"]
["14879","07/13/2012","/PER82190","7970023","PER82190  2gr. SUPER GLUE","D","210928","EA",2,1.39,2.78,"3873109"]
["14879","07/13/2012","/PER82190","7970023","PER82190  2gr. SUPER GLUE","D","221043","EA",2,1.39,2.78,"3873109"]
["14879","07/13/2012","/PFBBDE2140","/PFBBDE2140","TORX DRIVE BIT FOR SELF FEEDING SYSTEM","A","214734","EA",8,4.41,35.28,"3873109"]
["14879","07/13/2012","/PFBBDE2140","/PFBBDE2140","TORX DRIVE BIT FOR SELF FEEDING SYSTEM","A","s000000000","EA",1,4.41,4.41,"3873109"]
["14879","07/13/2012","/PFSDW1034","/PFSDW1034","#10 X 1-3/4 FH TORX DR TEK SC","3110","PAM SELF FEEDING SYSTEM","EA",3000,6.0699999999999997E-2,182.1,"3873109"]
["14879","07/13/2012","/PIP09-K1450/L","/PIP09-K1450/L","KEVLAR GLOVE WITH NITRILE COATING LARGE","E","214798","EA",1,4.75,4.75,"3873109"]
["14879","07/13/2012","/PIP09-K1450/L","/PIP09-K1450/L","KEVLAR GLOVE WITH NITRILE COATING LARGE","E","221058","EA",1,4.75,4.75,"3873109"]
["14879","07/13/2012","/PIP09-K1450/L","/PIP09-K1450/L","KEVLAR GLOVE WITH NITRILE COATING LARGE","E","85823","EA",1,4.75,4.75,"3873109"]
["14879","07/13/2012","/PIP09-K1450/M","/PIP09-K1450/M","KEVLAR GLOVE W/NITRILE COATING MEDIUM","E","107800","EA",1,4.75,4.75,"3873109"]
["14879","07/13/2012","/PIP09-K1450/M","/PIP09-K1450/M","KEVLAR GLOVE W/NITRILE COATING MEDIUM","E","85809","EA",1,4.75,4.75,"3873109"]
["14879","07/13/2012","/PIP09-K1450/M","/PIP09-K1450/M","KEVLAR GLOVE W/NITRILE COATING MEDIUM","E","s000000000","EA",1,4.75,4.75,"3873109"]
["14879","07/13/2012","/PIP09-K1450/XL","/PIP09-K1450/XL","KEVLAR GLOVE W/NITRILE COATING XL","E","214748","EA",1,4.75,4.75,"3873109"]
["14879","07/13/2012","/R00249","/R00249","SAFETY BLUE RUST TOUGH 20oz","E","R&D","EA",6,4.93,29.58,"3873109"]
["14879","07/13/2012","/S00542","0612252","S00542 ANTI SPATER SPRAY","D","107755","EA",1,2.63,2.63,"3873109"]
["14879","07/13/2012","/SB12524","0612403","3-5/8 1/2 WIDE 24tpi AIR SAW BLADE","A","136948","EA",25,1,25,"3873109"]
["14879","07/13/2012","/SB40814","0612269","40814 8 14T RECIP SAW","A","221043","EA",12,1.88,22.56,"3873109"]
["14879","07/13/2012","/SP11755","0612232","5in 50gr ZIRC DISC 7/8 HOLE","A","213454","EA",1,0.98,0.98,"3873109"]
["14879","07/13/2012","/STN11921I","0610823","UTIL KNIFE BLADES(INDIVIDUAL BLADES)","A","163219","EA",15,0.11,1.65,"3873109"]
["14879","07/13/2012","/STN11921I","0610823","UTIL KNIFE BLADES(INDIVIDUAL BLADES)","A","213454","EA",15,0.11,1.65,"3873109"]
["14879","07/13/2012","/STN11921I","0610823","UTIL KNIFE BLADES(INDIVIDUAL BLADES)","A","214734","EA",30,0.11,3.3,"3873109"]
["14879","07/13/2012","/USP4009","0375851","P4009  SPRING NUT","3110","g0000 22","EA",500,0.49,245,"3873109"]
["14879","07/13/2012","/UT-1033","8970411","2 X 60 YD GRAY DUCT TAPE - THIN 8mil","3110","103171","EA",1,3.51,3.51,"3873109"]
["14879","07/13/2012","/UT-1033","8970411","2 X 60 YD GRAY DUCT TAPE - THIN 8mil","3110","145254","EA",3,3.51,10.53,"3873109"]
["14879","07/13/2012","/UT-1033","8970411","2 X 60 YD GRAY DUCT TAPE - THIN 8mil","3110","155993","EA",1,3.51,3.51,"3873109"]
["14879","07/13/2012","/UT-1033","8970411","2 X 60 YD GRAY DUCT TAPE - THIN 8mil","3110","210916","EA",1,3.51,3.51,"3873109"]
["14879","07/13/2012","/WD8","0614667","8oz WD-40 LUBRICANT","D","m0000000000","EA",2,3.97,7.94,"3873109"]
["14879","07/13/2012","/WE356","3140431","BLACK WEEKENDER SPRAY PAINT","3110","215766","EA",2,1.52,3.04,"3873109"]
["14879","07/13/2012","/WE357","3142429","WEEKEND WHITE","3110","107755","EA",2,1.55,3.1,"3873109"]
["14879","07/13/2012","/WE358","3142478","WEEKEND GLOSS BLACK","3110","214739","EA",2,1.55,3.1,"3873109"]
["14879","07/13/2012","/WH1862X4","2970674","1862 X 4  1/4 AIR BRAKE UNION BRASS","3110","213456","EA",3,3.25,9.75,"3873109"]
["14879","07/13/2012","/WH1862X4","2970674","1862 X 4  1/4 AIR BRAKE UNION BRASS","3110","213524","EA",6,3.25,19.5,"3873109"]
["14879","07/13/2012","/WH1862X6","2970675","1862 X 6  3/8 AIR BRAKE UNION BRASS","3110","213456","EA",3,3.74,11.22,"3873109"]
["14879","07/13/2012","/WH1862X6","2970675","1862 X 6  3/8 AIR BRAKE UNION BRASS","3110","213524","EA",6,3.74,22.44,"3873109"]
["14879","07/13/2012","/WH1862X8","2970676","1862 X 8  1/2 AIR BRAKE UNION BRASS","3110","213456","EA",2,4.4800000000000004,8.9600000000000009,"3873109"]
["14879","07/13/2012","/WKW70001","0601006","1/4 ROUTER BIT - 3/4 CUT LENGTH","A","221027","EA",1,6.22,6.22,"3873109"]
["14879","07/13/2012","/WKW70001","0601006","1/4 ROUTER BIT - 3/4 CUT LENGTH","A","72992","EA",15,6.22,93.3,"3873109"]
["14879","07/13/2012","/WKW70001","0601006","1/4 ROUTER BIT - 3/4 CUT LENGTH","A","s000000000","EA",1,6.22,6.22,"3873109"]
["14879","07/13/2012","/WU3201-L","0613393","LEATHER DRIVING GLOVES LARGE 3201L","E","213500","EA",1,4.05,4.05,"3873109"]
["14879","07/13/2012","/WU3201-L","0613393","LEATHER DRIVING GLOVES LARGE 3201L","E","87594","EA",1,4.05,4.05,"3873109"]
["14879","07/13/2012","/WU3201-M","/WU3201-M","LEATHER DRIVING GLOVES MEDIUM","E","221043","EA",2,4.05,8.1,"3873109"]
["14879","07/13/2012","/WU3201-XL","0613394","LEATHER DRIVING GLOVES X-LG 3201XL","E","214742","EA",1,4.05,4.05,"3873109"]
["14879","07/13/2012","/WU3201-XL","0613394","LEATHER DRIVING GLOVES X-LG 3201XL","E","221043","EA",1,4.05,4.05,"3873109"]
["14879","07/13/2012","/WU3201-XL","0613394","LEATHER DRIVING GLOVES X-LG 3201XL","E","273394","EA",2,4.05,8.1,"3873109"]
["14879","07/13/2012","10F125MXPS","8570972","10/32 X 1 1/4 PHIL PAN M/S 18-8","3110","group 22 - 24","EA",175,4.2500000000000003E-2,7.4375,"3873109"]
["14879","07/13/2012","10F125MXPS","8570972","10/32 X 1 1/4 PHIL PAN M/S 18-8","3110","group 22 - 24","EA",200,4.2500000000000003E-2,8.5,"3873109"]
["14879","07/13/2012","10F75MXPS","8570981","10/32 X 3/4 PHIL PAN M/S 18-8","3110","final","EA",100,3.04E-2,3.04,"3873109"]
["14879","07/13/2012","12C150MTH0Z/F/NPAT","8571508","12/24 X 1-1/2 IND HEX SLT W/H T/C T-F ZN","3110","W/PATCH","EA",75,0.22,16.5,"3873109"]
["14879","07/13/2012","14RDAI","0601024","9/64 6 AIRCRAFT EXTENSION DRILL","A","213455","EA",12,1.3625,16.350000000000001,"3873109"]
["14879","07/13/2012","14RDCO","0613320","9/64 COBALT DRILL","A","221012","EA",12,1.35,16.2,"3873109"]
["14879","07/13/2012","14RDCO","0613320","9/64 COBALT DRILL","A","72992","EA",12,1.35,16.2,"3873109"]
["14879","07/13/2012","18RDCO","0612440","3/16 COBALT DRILL","A","220986","EA",12,1.3,15.6,"3873109"]
["14879","07/13/2012","25C100HCS8Y","8541021","1/4-20 X 1in HEX C/S GR 8 Z/YEL","3110","group 10 - 11","EA",150,2.3800000000000002E-2,7.14,"3873109"]
["14879","07/13/2012","25C100HCSS","8570384","1/4-20 X 1in HEX C/S 18-8","3110","g0000 26","EA",100,2.9700000000000001E-2,2.97,"3873109"]
["14879","07/13/2012","25C100MXFS","8570843","1/4-20 X 1in PHIL FLAT M/S 18-8","3110","group 50","EA",150,6.6299999999999998E-2,9.9450000000000003,"3873109"]
["14879","07/13/2012","25C175HCS8Y","8571204","1/4-20 X 1 3/4 HEX C/S GR 8 Z/YEL","3110","221017","EA",6,4.3400000000000001E-2,0.26040000000000002,"3873109"]
["14879","07/13/2012","25C50MXPS","8542920","1/4-20 X 1/2 PHIL PAN M/S 18-8","3110","group 50","EA",80,4.4200000000000003E-2,3.536,"3873109"]
["14879","07/13/2012","25C75HCSS","8542227","1/4-20 X 3/4 HEX C/S 18-8","3110","g0000 26","EA",100,3.1300000000000001E-2,3.13,"3873109"]
["14879","07/13/2012","25C75HCSS","8542227","1/4-20 X 3/4 HEX C/S 18-8","3110","group 50","EA",100,3.1300000000000001E-2,3.13,"3873109"]
["14879","07/13/2012","25CNFH8Y","8570858","1/4-20 HEX FIN NUT GR 8 Z/YEL","3110","107536","EA",150,8.6999999999999994E-3,1.3049999999999999,"3873109"]
["14879","07/13/2012","25CNNE8Y","8570194","1/4-20 NYLOC INSERT LOCKNUT GR 8 Z/YEL","3110","221017","EA",6,1.9400000000000001E-2,0.1164,"3873109"]
["14879","07/13/2012","25CNNE8Y","8570194","1/4-20 NYLOC INSERT LOCKNUT GR 8 Z/YEL","3110","group 10 - 11","EA",400,1.9400000000000001E-2,7.76,"3873109"]
["14879","07/13/2012","25CNWF0Z","8570866","1/4-20 FORGED WING NUT  ZNC","3110","214775","EA",1,3.2300000000000002E-2,3.2300000000000002E-2,"3873109"]
["14879","07/13/2012","25NLOC8Y","8543118","1/4 SPLIT LOCKWASHER GR 8 Z/YEL","3110","107536","EA",155,3.7000000000000002E-3,0.57350000000000001,"3873109"]
["14879","07/13/2012","25NWUS8Y","8571249","1/4 USS FLAT WASHER GR 8 Z/YEL","3110","group 10 - 11","EA",400,1.4E-2,5.6,"3873109"]
["14879","07/13/2012","25R125WFE0Z","8570244","1/4 X 1 1/4 FEND WASH  ZNC","3110","group 22 - 24","EA",175,2.5999999999999999E-2,4.55,"3873109"]
["14879","07/13/2012","31C100MTH0Z/F","8540171","5/16-18 X 1in IND HEX SLT W/H T/C T-F  Z","3110","NC","EA",250,0.155,38.75,"3873109"]
["14879","07/13/2012","31C225HCS8Y","31C225HCS8Y","5/16-18 X 2 1/4 HEX C/S GR 8 Z/YEL","3110","213500","EA",6,9.6000000000000002E-2,0.57599999999999996,"3873109"]
["14879","07/13/2012","31RDJO","0601010","5/16 HSS JOBR DRILL BLK/135deg S/P","A","R&D","EA",6,1.62,9.7200000000000006,"3873109"]
["14879","07/13/2012","37C125HCS8Y","8542797","3/8-16 X 1 1/4 HEX C/S GR 8 Z/YEL","3110","group 10 - 11","EA",100,5.5300000000000002E-2,5.53,"3873109"]
["14879","07/13/2012","37C150BCG0Z","37C150BCG0Z","3/8-16 X 1 1/2 CARRIAGE BOLT  ZNC","3110","213522","EA",10,7.0000000000000007E-2,0.7,"3873109"]
["14879","07/13/2012","37NWUS8Y","8570509","3/8 USS FLAT WASHER GR 8 Z/YEL","3110","g0000 26","EA",200,2.7E-2,5.4,"3873109"]
["14879","07/13/2012","37NWUS8Y","8570509","3/8 USS FLAT WASHER GR 8 Z/YEL","3110","group 10 - 11","EA",250,2.7E-2,6.75,"3873109"]
["14879","07/13/2012","43F250HCS8Y","8571283","7/16-20 X 2 1/2 HEX C/S GR 8 Z/YEL","3110","group 42","EA",125,0.16919999999999999,21.15,"3873109"]
["14879","07/13/2012","43FNNE8Y","8571284","7/16-20 NYLOC INSERT LOCKNUT GR 8 Z/YEL","3110","group 42","EA",300,5.2200000000000003E-2,15.66,"3873109"]
["14879","07/13/2012","50C150HCS8Y","8570954","1/2-13 X 1 1/2 HEX C/S GR 8 Z/YEL","3110","group 10 - 11","EA",175,0.1275,22.3125,"3873109"]
["14879","07/13/2012","50C150HCS8Y","8570954","1/2-13 X 1 1/2 HEX C/S GR 8 Z/YEL","3110","group 22 - 24","EA",40,0.1275,5.0999999999999996,"3873109"]
["14879","07/13/2012","50N75WSFN/.125","8570893","1/2 X 3/4 F/W .125 THK NYL","3110","215732","EA",15,1.6500000000000001E-2,0.2475,"3873109"]
["14879","07/13/2012","62C150HCS8Y","8543373","5/8-11 X 1 1/2 HEX C/S GR 8 Z/YEL","3110","214745","EA",15,0.21629999999999999,3.2444999999999999,"3873109"]
["14879","07/13/2012","62NLOC8Y","8543407","5/8 SPLIT LOCKWASHER GR 8 Z/YEL","3110","214745","EA",15,6.59E-2,0.98850000000000005,"3873109"]
["14879","07/13/2012","62NLOC8Y","8543407","5/8 SPLIT LOCKWASHER GR 8 Z/YEL","3110","s000000000","EA",4,6.59E-2,0.2636,"3873109"]
["14879","07/13/2012","6N37TXO0Z","8570916","#6 X 3/8 PHIL OVAL T/S  ZNC","3110","221018","EA",1200,2.1399999999999999E-2,25.68,"3873109"]
["14879","07/13/2012","8C100MTM0Z/F/NPAT","8571376","8/32 X 1 PAN PHIL T-F W/NYLOC PATCH","3110","final","EA",500,7.0000000000000007E-2,35,"3873109"]
["14879","07/13/2012","8G100UQP/NPAT","8570931","8-18 X 1in PAN SQ RECESS TEK SC NYL PAT","3110","g0000 26","EA",1000,1.796E-2,17.96,"3873109"]
["14879","07/13/2012","8G75UQP4","8570788","8-18 X 3/4 PAN SQ RECESS TEK SC 410 S/S","3110","group 20 - 21","EA",600,2.6200000000000001E-2,15.72,"3873109"]
["14879","07/13/2012","8G75URW0Z/NPAT","8570948","8-18 X 3/4 RND WASH HD TEK NYL PAT  ZNC","3110","group 50","EA",500,1.66E-2,8.3000000000000007,"3873109"]
["14879","07/13/2012","8N100SSD0Z","8570774","#8 X 1in FLT SQ DR DEEP/THRD SC  ZNC","3110","g0000 26","EA",300,8.6999999999999994E-3,2.61,"3873109"]
["14879","07/13/2012","8N100SSD0Z","8570774","#8 X 1in FLT SQ DR DEEP/THRD SC  ZNC","3110","group 50","EA",500,8.6999999999999994E-3,4.3499999999999996,"3873109"]
["14879","07/13/2012","8N200SSD0Z","8570702","#8 X 2 FLT SQ DR DEEP/THRD SC  ZNC","3110","g0000 26","EA",150,2.6800000000000001E-2,4.0199999999999996,"3873109"]
["14879","07/13/2012","8N62TQP0Z/BL","8570739","#8 X 5/8 PAN SQUARE RECESS T/S BLK HD  Z","3110","NC","EA",1000,7.0000000000000001E-3,7,"3873109"]
[null,null,null,null,null,null,null,null,null,null,{"$f":"SUBTOTAL(9,K1215:K1406)","v":2396.3484999999982},"3873109 Total"]
["14879","07/14/2012",".80C250HFB0Z/10.9",".80C250HFB0Z/10.9","M8-1.25 X 25 HEX FLG BOLT 10.9  ZNC","3110","g0000 22","EA",4,0.16,0.64,"3873361"]
["14879","07/14/2012","/3M1700","8970416","3M 1700  TEM FLEX ELECTRICAL TAPE","3110","215717","EA",1,0.63,0.63,"3873361"]
["14879","07/14/2012","/A1","0610567","A1  HOLE SAW ARBOR","A","136948","EA",1,6.05,6.05,"3873361"]
["14879","07/14/2012","/AV13004","8571030","1/4-20 WELL NUT 015/011 GRIP 25/UNIT","3110","final","EA",50,0.4556,22.78,"3873361"]
["14879","07/14/2012","/BI-CP0399","0611745","CTR PUNCH CLAMP 13/16x3/8x.025 GC","D","c000 r00000","EA",1,0.29459999999999997,0.29459999999999997,"3873361"]
["14879","07/14/2012","/BI-CP0399","0611745","CTR PUNCH CLAMP 13/16x3/8x.025 GC","D","c000 r00000","EA",3,0.29459999999999997,0.88380000000000003,"3873361"]
["14879","07/14/2012","/CCPV8-6","8570815","1/4 MONO BOLT .08-.375 GRIP S/S","3110","group 22 - 24","EA",250,0.60809999999999997,152.02500000000001,"3873361"]
["14879","07/14/2012","/COV3313Z1","3971520","2in VYL COATED WIRING/TUBE CLIP","3110","group 10 - 11","EA",250,0.28299999999999997,70.75,"3873361"]
["14879","07/14/2012","/COV4511Z1","0374037","2-3/4in VYL COATED WIRING/TUBE CLIP","3110","group 10 - 11","EA",200,0.66539999999999999,133.08000000000001,"3873361"]
["14879","07/14/2012","/EN92","0612342","AAA ALKALINE BATTERY","D","213455","EA",3,0.45,1.35,"3873361"]
["14879","07/14/2012","/EN92","0612342","AAA ALKALINE BATTERY","D","215717","EA",6,0.45,2.7,"3873361"]
["14879","07/14/2012","/EN92","0612342","AAA ALKALINE BATTERY","D","9999","EA",3,0.45,1.35,"3873361"]
["14879","07/14/2012","/FWCEP932-1040","0612258","2in X 4-1/4 COVER PLATE","D","s000000000","EA",2,0.72,1.44,"3873361"]
["14879","07/14/2012","/FWCEP932-1042","0612967","4-1/2 X 5-1/4 COVER PLATE","A","87520","EA",1,0.9,0.9,"3873361"]
["14879","07/14/2012","/FWESA33418","0613332","NOZZLE PT-27","A","s000000000","EA",2,2.87,5.74,"3873361"]
["14879","07/14/2012","/FWFAL50504","/FWFAL50504","2 X .050 X 1/4 CUT OFF WHEEL","A","141886","EA",2,1.45,2.9,"3873361"]
["14879","07/14/2012","/FWTWE14-35","0602003","CONTACT TIP 1140-1102","A","215751","EA",1,0.76,0.76,"3873361"]
["14879","07/14/2012","/FWTWE24A-62-SS","0602004","NOZZLE 1240-121","A","s000000000","EA",8,3.3125,26.5,"3873361"]
["14879","07/14/2012","/FWTWE34A","0616178","NOZZLE INSULATOR 1340-1100","A","215751","EA",1,1.7124999999999999,1.7124999999999999,"3873361"]
["14879","07/14/2012","/GDJ124","0603002","9oz BROWN JERSEY   7100","E","134475","EA",1,0.42,0.42,"3873361"]
["14879","07/14/2012","/HDL33AINE","/HDL33AINE","ENERGIZER 6 LED HEADLAMP","D","s000000000","EA",1,24.69,24.69,"3873361"]
["14879","07/14/2012","/HS55012","0613445","3/4 HOLE SAW H S S","A","136948","EA",1,3.19,3.19,"3873361"]
["14879","07/14/2012","/HS55020","0610867","1-1/4 HOLE SAW H S S","A","107518","EA",1,3.38,3.38,"3873361"]
["14879","07/14/2012","/IDL5210","4970430","9/16 TO 1-1/16 HOSE CLAMP","3110","group 10 - 11","EA",80,0.28999999999999998,23.2,"3873361"]
["14879","07/14/2012","/IDL62606","4970421","5/16-7/8 ALL STAINLESS HOSE CLAMP","3110","group 22 - 24","EA",80,0.34,27.2,"3873361"]
["14879","07/14/2012","/MCR9378T","/MCR9378T","18in KEVLAR SLEEVE W/THUMB SLOT","E","221044","EA",2,3.18,6.36,"3873361"]
["14879","07/14/2012","/MCR9378T","/MCR9378T","18in KEVLAR SLEEVE W/THUMB SLOT","E","221072","EA",2,3.18,6.36,"3873361"]
["14879","07/14/2012","/MCRSS110","0616389","STRATOS SAFETY GLASS CLR LEN BLK FRAME","E","103171","EA",1,1.5,1.5,"3873361"]
["14879","07/14/2012","/MI3/8","0610534","MILTON  3/8 ID AIR HOSE","D","c000 r00000","EA",3,0.5,1.5,"3873361"]
["14879","07/14/2012","/MI602","2970730","602 1/4M X 3/8 ID HOSE FITTING","3110","c000 r00000","EA",1,0.73,0.73,"3873361"]
["14879","07/14/2012","/MI790","0613299","790 1/4 FEMALE BODY","D","c000 r00000","EA",1,5.82,5.82,"3873361"]
["14879","07/14/2012","/MS05-593GR","0613371","17in SPARK GUARD SLEEVE    PAIR","E","87597","EA",1,5.84,5.84,"3873361"]
["14879","07/14/2012","/MS09-224-10","0613301","CHEMI PRO NEO LATEX GLOVE-sz10 5400S","E","215717","EA",36,1.9125000000000001,68.849999999999994,"3873361"]
["14879","07/14/2012","/MS09-7005-L","0612455","NDEX NITRILE GLOVE LGE(100/BX)6020","E","136906","EA",1,9.39,9.39,"3873361"]
["14879","07/14/2012","/MS09-7005-L","0612455","NDEX NITRILE GLOVE LGE(100/BX)6020","E","87594","EA",1,9.39,9.39,"3873361"]
["14879","07/14/2012","/PB27370","0614978","PB27370 #2 PHIL BIT 6in","A","215717","EA",1,1.34,1.34,"3873361"]
["14879","07/14/2012","/PB28314","0610234","#2 PHILLIPS BIT 4in","A","215717","EA",2,1,2,"3873361"]
["14879","07/14/2012","/PB29050","0612331","29050 #2 SQ RECESS BIT SHORT","A","155917","EA",2,0.28000000000000003,0.56000000000000005,"3873361"]
["14879","07/14/2012","/PB29059","0612278","#2 X 3 SQ BIT","A","213455","EA",3,0.85,2.5499999999999998,"3873361"]
["14879","07/14/2012","/PB29059","0612278","#2 X 3 SQ BIT","A","221051","EA",2,0.85,1.7,"3873361"]
["14879","07/14/2012","/PER82190","7970023","PER82190  2gr. SUPER GLUE","D","87520","EA",1,1.39,1.39,"3873361"]
["14879","07/14/2012","/PIP09-K1450/L","/PIP09-K1450/L","KEVLAR GLOVE WITH NITRILE COATING LARGE","E","221072","EA",1,4.75,4.75,"3873361"]
["14879","07/14/2012","/PIP09-K1450/M","/PIP09-K1450/M","KEVLAR GLOVE W/NITRILE COATING MEDIUM","E","141886","EA",1,4.75,4.75,"3873361"]
["14879","07/14/2012","/PIP09-K1450/M","/PIP09-K1450/M","KEVLAR GLOVE W/NITRILE COATING MEDIUM","E","1789","EA",1,4.75,4.75,"3873361"]
["14879","07/14/2012","/PIP09-K1450/XL","/PIP09-K1450/XL","KEVLAR GLOVE W/NITRILE COATING XL","E","221032","EA",4,4.75,19,"3873361"]
["14879","07/14/2012","/PIP09-K1450/XL","/PIP09-K1450/XL","KEVLAR GLOVE W/NITRILE COATING XL","E","273417","EA",1,4.75,4.75,"3873361"]
["14879","07/14/2012","/RESHARP2","/RESHARP2","RESHARP FEE - 9/64 AND LARGER DRILL BITS","214450","c000 r00000","EA",100,0.55125000000000002,55.125,"3873361"]
["14879","07/14/2012","/SB12524","0612403","3-5/8 1/2 WIDE 24tpi AIR SAW BLADE","A","213488","EA",1,1,1,"3873361"]
["14879","07/14/2012","/SB12524","0612403","3-5/8 1/2 WIDE 24tpi AIR SAW BLADE","A","s000000000","EA",13,1,13,"3873361"]
["14879","07/14/2012","/SB1QTA","0607002","1 QT SPRAY APPLICATOR (NO BOTTLE)","D","141818","EA",3,0.62,1.86,"3873361"]
["14879","07/14/2012","/SB40814","0612269","40814 8 14T RECIP SAW","A","s000000000","EA",25,1.88,47,"3873361"]
["14879","07/14/2012","/SBT101B","0612167","BOSCH T101B SABRE SAW BLADE","A","s000000000","EA",2,1.76,3.52,"3873361"]
["14879","07/14/2012","/STN11921I","0610823","UTIL KNIFE BLADES(INDIVIDUAL BLADES)","A","103171","EA",15,0.11,1.65,"3873361"]
["14879","07/14/2012","/STN11921I","0610823","UTIL KNIFE BLADES(INDIVIDUAL BLADES)","A","273417","EA",30,0.11,3.3,"3873361"]
["14879","07/14/2012","/TD365-9-8213","/TD365-9-8213","THERMAL DYNAMICS 1 TORCH START CARTRIDGE","D","s000000000","EA",5,30.13,150.65,"3873361"]
["14879","07/14/2012","/TD365-9-8215","/TD365-9-8215","THERMAL DYNAMICS ELECTRODE","D","s000000000","EA",1,7.55,7.55,"3873361"]
["14879","07/14/2012","/TD365-9-8218","/TD365-9-8218","THERMAL DYNAMICS SHIELD CUP","D","s000000000","EA",1,23.29,23.29,"3873361"]
["14879","07/14/2012","/UT-1033","8970411","2 X 60 YD GRAY DUCT TAPE - THIN 8mil","3110","215717","EA",3,3.51,10.53,"3873361"]
["14879","07/14/2012","/WE356","3140431","BLACK WEEKENDER SPRAY PAINT","3110","213506","EA",1,1.52,1.52,"3873361"]
["14879","07/14/2012","/WE356","3140431","BLACK WEEKENDER SPRAY PAINT","3110","69550","EA",9,1.52,13.68,"3873361"]
["14879","07/14/2012","/WE362","3143971","CHERRY RED WEEKENDER SPRAY PAINT","D","221053","EA",5,1.55,7.75,"3873361"]
["14879","07/14/2012","/WISM3R","/WISM3R","WISM3R  WISS STR TIN SNIP","B","221027","EA",1,18.829999999999998,18.829999999999998,"3873361"]
["14879","07/14/2012","/WU3201-L","0613393","LEATHER DRIVING GLOVES LARGE 3201L","E","87520","EA",1,4.05,4.05,"3873361"]
["14879","07/14/2012","/WU3201-M","/WU3201-M","LEATHER DRIVING GLOVES MEDIUM","E","215788","EA",3,4.05,12.15,"3873361"]
["14879","07/14/2012","/WU3201-XL","0613394","LEATHER DRIVING GLOVES X-LG 3201XL","E","87597","EA",1,4.05,4.05,"3873361"]
["14879","07/14/2012","/WU3201-XL","0613394","LEATHER DRIVING GLOVES X-LG 3201XL","E","s000000000","EA",2,4.05,8.1,"3873361"]
["14879","07/14/2012","10F150MXP0Z","8570998","10/32 X 1 1/2 PHIL PAN M/S  ZNC","3110","group 50","EA",100,1.01E-2,1.01,"3873361"]
["14879","07/14/2012","12C100MTH0Z/F/NPAT","8571507","12/24 X 1 IND HEX SLT W/H T/C T-F ZN","3110","W/PATCH","EA",250,0.17,42.5,"3873361"]
["14879","07/14/2012","12N200TXP0Z","8570839","#12 X 2 PHIL PAN T/S  ZNC","3110","69527","EA",220,2.3E-2,5.0599999999999996,"3873361"]
["14879","07/14/2012","12N300TXP0Z","8570790","#12 X 3 PHIL PAN T/S  ZNC","3110","69527","EA",150,3.6999999999999998E-2,5.55,"3873361"]
["14879","07/14/2012","14RDAI","0601024","9/64 6 AIRCRAFT EXTENSION DRILL","A","273410","EA",12,1.3625,16.350000000000001,"3873361"]
["14879","07/14/2012","17RDAI","0612251","11/64 6 AIRCRAFT EXTENSION DRILL","A","69527","EA",12,1.84,22.08,"3873361"]
["14879","07/14/2012","25C75MXTS","8570781","1/4-20 X 3/4 PHL TRS M/S 18-8","3110","final","EA",125,4.3400000000000001E-2,5.4249999999999998,"3873361"]
["14879","07/14/2012","25CNNE8Y","8570194","1/4-20 NYLOC INSERT LOCKNUT GR 8 Z/YEL","3110","group 10 - 11","EA",400,1.9400000000000001E-2,7.76,"3873361"]
["14879","07/14/2012","25NWUS8Y","8571249","1/4 USS FLAT WASHER GR 8 Z/YEL","3110","group 10 - 11","EA",400,1.4E-2,5.6,"3873361"]
["14879","07/14/2012","25R125WFE0Z","8570244","1/4 X 1 1/4 FEND WASH  ZNC","3110","group 50","EA",100,2.5999999999999999E-2,2.6,"3873361"]
["14879","07/14/2012","26RDCO","0613325","17/64 COBALT DRILL","A","214791","EA",12,2.44,29.28,"3873361"]
["14879","07/14/2012","26RDCO","0613325","17/64 COBALT DRILL","A","69527","EA",12,2.44,29.28,"3873361"]
["14879","07/14/2012","31C225HCS8Y","31C225HCS8Y","5/16-18 X 2 1/4 HEX C/S GR 8 Z/YEL","3110","221041","EA",2,9.6000000000000002E-2,0.192,"3873361"]
["14879","07/14/2012","37C125HCS8Y","8542797","3/8-16 X 1 1/4 HEX C/S GR 8 Z/YEL","3110","group 50","EA",200,5.5300000000000002E-2,11.06,"3873361"]
["14879","07/14/2012","43C100HCS8Y","8571277","7/16-14 X 1in HEX C/S GR 8 Z/YEL","3110","group 42","EA",300,0.11,33,"3873361"]
["14879","07/14/2012","43C125HCS8Y","43C125HCS8Y","7/16-14 X 1 1/4 HEX C/S GR 8 Z/YEL","3110","1698","EA",4,8.4000000000000005E-2,0.33600000000000002,"3873361"]
["14879","07/14/2012","43NWUS8Y","8571206","7/16 USS FLAT WASHER GR 8 Z/YEL","3110","group 22 - 24","EA",200,5.57E-2,11.14,"3873361"]
["14879","07/14/2012","50C150HCS8Y","8570954","1/2-13 X 1 1/2 HEX C/S GR 8 Z/YEL","3110","final","EA",40,0.1275,5.0999999999999996,"3873361"]
["14879","07/14/2012","53DDND","53DDND","#53 WIRE GA JOBBER DRILL","A","87594","EA",1,0.88,0.88,"3873361"]
["14879","07/14/2012","8C100MTM0Z/F/NPAT","8571376","8/32 X 1 PAN PHIL T-F W/NYLOC PATCH","3110","final","EA",500,7.0000000000000007E-2,35,"3873361"]
["14879","07/14/2012","8G100UQF0Z/NPAT","8570935","8-18 X 1in F.H. SQ DRIVE TEK SC NYL PAT","3110","ZNC","EA",2500,1.55E-2,38.75,"3873361"]
["14879","07/14/2012","8G100UQP/NPAT","8570931","8-18 X 1in PAN SQ RECESS TEK SC NYL PAT","3110","final","EA",2000,1.796E-2,35.92,"3873361"]
["14879","07/14/2012","8G100UQP0B/NPAT","8570936","8-18 X 1in PAN SQ RECESS TEK SC NYL PAT","3110","BLK","EA",500,1.95E-2,29.25,"3873361"]
["14879","07/14/2012","8N200SSD0Z","8570702","#8 X 2 FLT SQ DR DEEP/THRD SC  ZNC","3110","group 50","EA",300,2.6800000000000001E-2,8.0399999999999991,"3873361"]
["14879","07/14/2012","8N62TQP0Z/BL","8570739","#8 X 5/8 PAN SQUARE RECESS T/S BLK HD  Z","3110","NC","EA",2500,7.0000000000000001E-3,17.5,"3873361"]
["14879","07/14/2012","8NWFFS","8542219","#8 FLANGED FINISH WASHER 18-8","3110","final","EA",500,1.9099999999999999E-2,9.5500000000000007,"3873361"]
[null,null,null,null,null,null,null,null,null,null,{"$f":"SUBTOTAL(9,K1408:K1499)","v":1474.6638999999993},"3873361 Total"]
["14879","07/17/2012",".120NWA30P/6916","8571279","M12 A325 FLAT WASHER DIN 125A TP200  PLN","3110","group 42","EA",250,0.1414,35.35,"3874799"]
["14879","07/17/2012",".80CNNE0Z","8570784","M8-1.25 NYLOC INSERT L/N CL.8  ZNC","","214775","EA",1,8.0979999999999996E-2,8.0979999999999996E-2,"3874799"]
["14879","07/17/2012","/3M1700","8970416","3M 1700  TEM FLEX ELECTRICAL TAPE","3110","107800","EA",2,0.63,1.26,"3874799"]
["14879","07/17/2012","/3M1700","8970416","3M 1700  TEM FLEX ELECTRICAL TAPE","3110","145254","EA",1,0.63,0.63,"3874799"]
["14879","07/17/2012","/3M1700","8970416","3M 1700  TEM FLEX ELECTRICAL TAPE","3110","210972","EA",2,0.63,1.26,"3874799"]
["14879","07/17/2012","/3M1700","8970416","3M 1700  TEM FLEX ELECTRICAL TAPE","3110","213496","EA",1,0.63,0.63,"3874799"]
["14879","07/17/2012","/3M1700","8970416","3M 1700  TEM FLEX ELECTRICAL TAPE","3110","214748","EA",2,0.63,1.26,"3874799"]
["14879","07/17/2012","/3M1700","8970416","3M 1700  TEM FLEX ELECTRICAL TAPE","3110","215733","EA",1,0.63,0.63,"3874799"]
["14879","07/17/2012","/3M1700","8970416","3M 1700  TEM FLEX ELECTRICAL TAPE","3110","221011","EA",1,0.63,0.63,"3874799"]
["14879","07/17/2012","/3M1700","8970416","3M 1700  TEM FLEX ELECTRICAL TAPE","3110","273454","EA",3,0.63,1.89,"3874799"]
["14879","07/17/2012","/3M2097/07184","/3M2097/07184","PARTICULATE FILTER P100 W/NUISANCE LEVE","E","220998","EA",2,4.2,8.4,"3874799"]
["14879","07/17/2012","/3M2097/07184","/3M2097/07184","PARTICULATE FILTER P100 W/NUISANCE LEVE","E","87521","EA",2,4.2,8.4,"3874799"]
["14879","07/17/2012","/3M72F-250-32P","3944485","16-14 .250 X .032 FUL/INS QUICK/DISC","3110","group 22 - 24","EA",200,0.05,10,"3874799"]
["14879","07/17/2012","/3MMH14-10R/L","3970290","14-16 #10 STUD RING PERMA SEAL","3110","214761","EA",12,0.1966,2.3592,"3874799"]
["14879","07/17/2012","/A0630ATB","/A0630ATB",".157 - .472 ALUM TRI BULB RIVET","3110","214724","EA",100,0.12,12,"3874799"]
["14879","07/17/2012","/A10","0601058","A10 HOLE SAW ARBOR","A","213496","EA",1,8.3699999999999992,8.3699999999999992,"3874799"]
["14879","07/17/2012","/AB493X","0601008","#3 X 1-15/16 APEX BIT","A","107707","EA",1,1.66,1.66,"3874799"]
["14879","07/17/2012","/ACS3114-04","/ACS3114-04","#8 J-NUT .045-.062 PANEL RANGE BLK","3110","group 22 - 24","EA",400,0.18,72,"3874799"]
["14879","07/17/2012","/AL-14-50-0-CW-M","/AL-14-50-0-CW-M","14in BLACK CABLE TIE 50lb","D","final","EA",500,4.2000000000000003E-2,42,"3874799"]
["14879","07/17/2012","/AL-14-50-0-CW-M","/AL-14-50-0-CW-M","14in BLACK CABLE TIE 50lb","D","group 10 - 11","EA",500,4.2000000000000003E-2,21,"3874799"]
["14879","07/17/2012","/AL-14-50-0-CW-M","/AL-14-50-0-CW-M","14in BLACK CABLE TIE 50lb","D","group 20 - 21","EA",500,4.2000000000000003E-2,21,"3874799"]
["14879","07/17/2012","/AL-14-50-0-CW-M","/AL-14-50-0-CW-M","14in BLACK CABLE TIE 50lb","D","group 22 - 24","EA",500,4.2000000000000003E-2,42,"3874799"]
["14879","07/17/2012","/AS400SM","0613336","8 STATIC MIXER 400ml","A","107800","EA",6,1.25,7.5,"3874799"]
["14879","07/17/2012","/AS400SM","0613336","8 STATIC MIXER 400ml","A","1685","EA",2,1.25,2.5,"3874799"]
["14879","07/17/2012","/AS50SM","0613337","STATIC MIXER 50ml","A","145254","EA",4,1.25,5,"3874799"]
["14879","07/17/2012","/AS50SM","0613337","STATIC MIXER 50ml","A","210972","EA",1,1.25,1.25,"3874799"]
["14879","07/17/2012","/AS50SM","0613337","STATIC MIXER 50ml","A","213454","EA",3,1.25,3.75,"3874799"]
["14879","07/17/2012","/AS50SM","0613337","STATIC MIXER 50ml","A","213454","EA",5,1.25,6.25,"3874799"]
["14879","07/17/2012","/AS50SM","0613337","STATIC MIXER 50ml","A","221032","EA",20,1.25,25,"3874799"]
["14879","07/17/2012","/AS55300-50","7970040","METHACYLATE ADHESIVE 50ml","3110","103171","EA",1,8.98,8.98,"3874799"]
["14879","07/17/2012","/AS55300-50","7970040","METHACYLATE ADHESIVE 50ml","3110","145254","EA",2,8.98,17.96,"3874799"]
["14879","07/17/2012","/AS55300-50","7970040","METHACYLATE ADHESIVE 50ml","3110","213454","EA",1,8.98,17.96,"3874799"]
["14879","07/17/2012","/AS55300-50","7970040","METHACYLATE ADHESIVE 50ml","3110","221032","EA",15,8.98,134.69999999999999,"3874799"]
["14879","07/17/2012","/AS55300-50","7970040","METHACYLATE ADHESIVE 50ml","3110","s000000000","EA",15,8.98,134.69999999999999,"3874799"]
["14879","07/17/2012","/ASMP55300-400","7970041","METHACYLATE ADHESIVE 400ml","3110","107800","EA",1,27.6,27.6,"3874799"]
["14879","07/17/2012","/ASMP55300-400","7970041","METHACYLATE ADHESIVE 400ml","3110","1685","EA",2,27.6,55.2,"3874799"]
["14879","07/17/2012","/AT2","4970611","2 X 50yds ALUMINUM TAPE UT-41","3110","103171","EA",1,6.82,6.82,"3874799"]
["14879","07/17/2012","/AT2","4970611","2 X 50yds ALUMINUM TAPE UT-41","3110","215752","EA",1,6.82,6.82,"3874799"]
["14879","07/17/2012","/AV13009","6170120","10/32 WELL NUT .035/.232 GRIP 10/UNIT","3110","group 50","EA",75,0.24,18,"3874799"]
["14879","07/17/2012","/AV15677","8571113","10/24 EXTRUDED U-NUT 50/UNIT","3110","s000000000","EA",3,0.2142,0.64259999999999995,"3874799"]
["14879","07/17/2012","/AV8814","8570095","5/16-18 U-NUT 25/UNIT","3110","group 20 - 21","EA",75,0.20799999999999999,15.6,"3874799"]
["14879","07/17/2012","/AVK1/4-20-260","8571190","1/4-20-260 THD INSERT","3110","g0000 26","EA",50,0.14000000000000001,7,"3874799"]
["14879","07/17/2012","/AW20-202","0612410","20-202 T-SHIRT/POLOKNIT","D","215757","EA",50,0.52,26,"3874799"]
["14879","07/17/2012","/AW20-202","0612410","20-202 T-SHIRT/POLOKNIT","D","221044","EA",50,0.52,26,"3874799"]
["14879","07/17/2012","/AW20-202","0612410","20-202 T-SHIRT/POLOKNIT","D","273648","EA",50,0.52,26,"3874799"]
["14879","07/17/2012","/AW20-202","0612410","20-202 T-SHIRT/POLOKNIT","D","85811","EA",50,0.52,26,"3874799"]
["14879","07/17/2012","/AW20-202","0612410","20-202 T-SHIRT/POLOKNIT","D","s000000000","EA",50,0.52,26,"3874799"]
["14879","07/17/2012","/BB433-934","0607017","NAIL APRON","D","1698","EA",1,1.93,1.93,"3874799"]
["14879","07/17/2012","/BI-CP0399","0611745","CTR PUNCH CLAMP 13/16x3/8x.025 GC","D","213496","EA",2,0.29459999999999997,0.58919999999999995,"3874799"]
["14879","07/17/2012","/BI-CP0399","0611745","CTR PUNCH CLAMP 13/16x3/8x.025 GC","D","c000 r00000","EA",1,0.29459999999999997,0.58919999999999995,"3874799"]
["14879","07/17/2012","/CCPV8-10","8570809","1/4 MONO BOLT .35-.625 GRIP  STNL/STNL","3110","group 22 - 24","EA",200,0.67,134,"3874799"]
["14879","07/17/2012","/CCPV8-6","8570815","1/4 MONO BOLT .08-.375 GRIP S/S","3110","group 20 - 21","EA",250,0.60809999999999997,152.02500000000001,"3874799"]
["14879","07/17/2012","/COV2509Z1","3971511","1-1/2in VYL COATED WIRING/TUBE CLIP","3110","group 10 - 11","EA",500,0.26300000000000001,131.5,"3874799"]
["14879","07/17/2012","/COV4511Z1","0374037","2-3/4in VYL COATED WIRING/TUBE CLIP","3110","group 10 - 11","EA",200,0.66539999999999999,266.16000000000003,"3874799"]
["14879","07/17/2012","/COV6509Z1","3971922","4in VYL COATED WIRING/TUBE CLIP","3110","group 10 - 11","EA",125,0.84360000000000002,105.45,"3874799"]
["14879","07/17/2012","/CRL216","0610545","CRL216 PLASTIC PUSH STICK","A","103171","EA",1,0.66,0.66,"3874799"]
["14879","07/17/2012","/CRL216","0610545","CRL216 PLASTIC PUSH STICK","A","1685","EA",1,0.66,0.66,"3874799"]
["14879","07/17/2012","/CRL216","0610545","CRL216 PLASTIC PUSH STICK","A","221011","EA",1,0.66,0.66,"3874799"]
["14879","07/17/2012","/CRL216","0610545","CRL216 PLASTIC PUSH STICK","A","s000000000","EA",2,0.66,1.32,"3874799"]
["14879","07/17/2012","/CRL216","0610545","CRL216 PLASTIC PUSH STICK","A","s000000000","EA",5,0.66,3.3,"3874799"]
["14879","07/17/2012","/DYN49635","9770042","DYN49635  DIELECTRIC GREASE","3110","214756","EA",1,19.899999999999999,19.899999999999999,"3874799"]
["14879","07/17/2012","/EL6527","/EL6527","1 X 25ft TAPE MEASURE","D","221042","EA",2,5.38,10.76,"3874799"]
["14879","07/17/2012","/EL6527","/EL6527","1 X 25ft TAPE MEASURE","D","221054","EA",1,5.38,5.38,"3874799"]
["14879","07/17/2012","/EN91","0607049","AA ALKALINE BATTERY","D","163219","EA",2,0.43,0.86,"3874799"]
["14879","07/17/2012","/EN91","0607049","AA ALKALINE BATTERY","D","213456","EA",7,0.43,3.01,"3874799"]
["14879","07/17/2012","/EN91","0607049","AA ALKALINE BATTERY","D","273394","EA",4,0.43,1.72,"3874799"]
["14879","07/17/2012","/EN92","0612342","AAA ALKALINE BATTERY","D","103151","EA",3,0.45,1.35,"3874799"]
["14879","07/17/2012","/EN92","0612342","AAA ALKALINE BATTERY","D","213455","EA",3,0.45,1.35,"3874799"]
["14879","07/17/2012","/EN92","0612342","AAA ALKALINE BATTERY","D","214741","EA",3,0.45,1.35,"3874799"]
["14879","07/17/2012","/EN92","0612342","AAA ALKALINE BATTERY","D","215719","EA",4,0.45,1.8,"3874799"]
["14879","07/17/2012","/EN92","0612342","AAA ALKALINE BATTERY","D","215788","EA",2,0.45,0.9,"3874799"]
["14879","07/17/2012","/EN92","0612342","AAA ALKALINE BATTERY","D","221047","EA",3,0.45,1.35,"3874799"]
["14879","07/17/2012","/EN92","0612342","AAA ALKALINE BATTERY","D","273394","EA",2,0.45,0.9,"3874799"]
["14879","07/17/2012","/EN92","0612342","AAA ALKALINE BATTERY","D","87521","EA",2,0.45,0.9,"3874799"]
["14879","07/17/2012","/EN92","0612342","AAA ALKALINE BATTERY","D","87571","EA",3,0.45,1.35,"3874799"]
["14879","07/17/2012","/EN92","0612342","AAA ALKALINE BATTERY","D","9999","EA",12,0.45,5.4,"3874799"]
["14879","07/17/2012","/ET66RED","/ET66RED","3/4 X 66ft RED ELECTRICAL TAPE","3110","214748","EA",4,0.68,2.72,"3874799"]
["14879","07/17/2012","/ET66RED","/ET66RED","3/4 X 66ft RED ELECTRICAL TAPE","3110","273454","EA",1,0.68,0.68,"3874799"]
["14879","07/17/2012","/FWABMX481R","0601064","ABMAST WHEEL A30R GRADE","A","221062","EA",20,7.48,149.6,"3874799"]
["14879","07/17/2012","/FWABMX481R","0601064","ABMAST WHEEL A30R GRADE","A","273445","EA",20,7.48,149.6,"3874799"]
["14879","07/17/2012","/FWBEANIES-M","/FWBEANIES-M","WELDING BEANIES  - MEDIUM","E","214741","EA",1,4.3499999999999996,4.3499999999999996,"3874799"]
["14879","07/17/2012","/FWBEANIES-M","/FWBEANIES-M","WELDING BEANIES  - MEDIUM","E","215797","EA",1,4.3499999999999996,4.3499999999999996,"3874799"]
["14879","07/17/2012","/FWBEANIES-M","/FWBEANIES-M","WELDING BEANIES  - MEDIUM","E","273574","EA",1,4.3499999999999996,4.3499999999999996,"3874799"]
["14879","07/17/2012","/FWBEANIES-S","0613305","WELDING BEANIES  - SMALL","E","221012","EA",1,4.3499999999999996,4.3499999999999996,"3874799"]
["14879","07/17/2012","/FWCEP932-1040","0612258","2in X 4-1/4 COVER PLATE","D","213500","EA",1,0.72,0.72,"3874799"]
["14879","07/17/2012","/FWCEP932-1040","0612258","2in X 4-1/4 COVER PLATE","D","213532","EA",1,0.72,0.72,"3874799"]
["14879","07/17/2012","/FWCEP932-1040","0612258","2in X 4-1/4 COVER PLATE","D","273394","EA",2,0.72,1.44,"3874799"]
["14879","07/17/2012","/FWCEP932-1040","0612258","2in X 4-1/4 COVER PLATE","D","87521","EA",1,0.72,0.72,"3874799"]
["14879","07/17/2012","/FWCEP932-1042","0612967","4-1/2 X 5-1/4 COVER PLATE","A","213500","EA",1,0.9,0.9,"3874799"]
["14879","07/17/2012","/FWCEP932-1042","0612967","4-1/2 X 5-1/4 COVER PLATE","A","213532","EA",1,0.9,0.9,"3874799"]
["14879","07/17/2012","/FWCEP932-1042","0612967","4-1/2 X 5-1/4 COVER PLATE","A","215719","EA",2,0.9,1.8,"3874799"]
["14879","07/17/2012","/FWCEP932-1042","0612967","4-1/2 X 5-1/4 COVER PLATE","A","273394","EA",6,0.9,5.4,"3874799"]
["14879","07/17/2012","/FWCEP932-1042","0612967","4-1/2 X 5-1/4 COVER PLATE","A","87521","EA",1,0.9,0.9,"3874799"]
["14879","07/17/2012","/FWFAL50504","/FWFAL50504","2 X .050 X 1/4 CUT OFF WHEEL","A","273394","EA",25,1.45,36.25,"3874799"]
["14879","07/17/2012","/FWFAL50504","/FWFAL50504","2 X .050 X 1/4 CUT OFF WHEEL","A","87596","EA",21,1.45,30.45,"3874799"]
["14879","07/17/2012","/FWFAL50504","/FWFAL50504","2 X .050 X 1/4 CUT OFF WHEEL","A","s000000000","EA",12,1.45,17.399999999999999,"3874799"]
["14879","07/17/2012","/FWHIR50-50-1BAR","2970010","SOLDER, SOLID BLOCK 50/50  (1lb BAR)","D","214748","EA",6,14.7,88.2,"3874799"]
["14879","07/17/2012","/FWMOL2310N99","0613362","WELDERS FACE MASK CARBON LINER","E","215766","EA",10,4.0625,40.625,"3874799"]
["14879","07/17/2012","/FWMOL2310N99","0613362","WELDERS FACE MASK CARBON LINER","E","215778","EA",20,4.0625,81.25,"3874799"]
["14879","07/17/2012","/FWMOL2310N99","0613362","WELDERS FACE MASK CARBON LINER","E","215797","EA",10,4.0625,40.625,"3874799"]
["14879","07/17/2012","/FWTIL4242","0602020","APRON 24 X 42","E","213532","EA",1,28.57,28.57,"3874799"]
["14879","07/17/2012","/FWTIL4242","0602020","APRON 24 X 42","E","215751","EA",1,28.57,28.57,"3874799"]
["14879","07/17/2012","/FWTWE14-35","0602003","CONTACT TIP 1140-1102","A","213500","EA",1,0.76,0.76,"3874799"]
["14879","07/17/2012","/FWTWE14-35","0602003","CONTACT TIP 1140-1102","A","214741","EA",6,0.76,4.5599999999999996,"3874799"]
["14879","07/17/2012","/FWTWE14-35","0602003","CONTACT TIP 1140-1102","A","215719","EA",4,0.76,3.04,"3874799"]
["14879","07/17/2012","/FWTWE14-35","0602003","CONTACT TIP 1140-1102","A","220982","EA",6,0.76,4.5599999999999996,"3874799"]
["14879","07/17/2012","/FWTWE14-35","0602003","CONTACT TIP 1140-1102","A","220998","EA",12,0.76,9.1199999999999992,"3874799"]
["14879","07/17/2012","/FWTWE14-35","0602003","CONTACT TIP 1140-1102","A","273394","EA",25,0.76,19,"3874799"]
["14879","07/17/2012","/FWTWE24A-62-SS","0602004","NOZZLE 1240-121","A","213500","EA",3,3.3125,9.9375,"3874799"]
["14879","07/17/2012","/FWTWE24A-62-SS","0602004","NOZZLE 1240-121","A","214741","EA",2,3.3125,6.625,"3874799"]
["14879","07/17/2012","/FWTWE24A-62-SS","0602004","NOZZLE 1240-121","A","215719","EA",6,3.3125,19.875,"3874799"]
["14879","07/17/2012","/FWTWE24A-62-SS","0602004","NOZZLE 1240-121","A","220982","EA",4,3.3125,13.25,"3874799"]
["14879","07/17/2012","/FWTWE24A-62-SS","0602004","NOZZLE 1240-121","A","220998","EA",8,3.3125,26.5,"3874799"]
["14879","07/17/2012","/FWTWE24A-62-SS","0602004","NOZZLE 1240-121","A","273394","EA",3,3.3125,9.9375,"3874799"]
["14879","07/17/2012","/FWTWE24A-62-SS","0602004","NOZZLE 1240-121","A","273394","EA",7,3.3125,23.1875,"3874799"]
["14879","07/17/2012","/FWTWE34A","0616178","NOZZLE INSULATOR 1340-1100","A","213500","EA",2,1.7124999999999999,3.4249999999999998,"3874799"]
["14879","07/17/2012","/FWTWE34A","0616178","NOZZLE INSULATOR 1340-1100","A","214741","EA",2,1.7124999999999999,3.4249999999999998,"3874799"]
["14879","07/17/2012","/FWTWE34A","0616178","NOZZLE INSULATOR 1340-1100","A","215719","EA",4,1.7124999999999999,6.85,"3874799"]
["14879","07/17/2012","/FWTWE34A","0616178","NOZZLE INSULATOR 1340-1100","A","220998","EA",6,1.7124999999999999,10.275,"3874799"]
["14879","07/17/2012","/FWTWE34A","0616178","NOZZLE INSULATOR 1340-1100","A","273394","EA",9,1.7124999999999999,15.4125,"3874799"]
["14879","07/17/2012","/FWTWE54A","0602011","GAS DIFFUSER 100-54A ANCHOR BRAND","A","213500","EA",1,3.41,3.41,"3874799"]
["14879","07/17/2012","/FWTWE54A","0602011","GAS DIFFUSER 100-54A ANCHOR BRAND","A","214741","EA",1,3.41,3.41,"3874799"]
["14879","07/17/2012","/FWTWE54A","0602011","GAS DIFFUSER 100-54A ANCHOR BRAND","A","215751","EA",1,3.41,3.41,"3874799"]
["14879","07/17/2012","/FWTWE54A","0602011","GAS DIFFUSER 100-54A ANCHOR BRAND","A","220998","EA",1,3.41,3.41,"3874799"]
["14879","07/17/2012","/FWTWE54A","0602011","GAS DIFFUSER 100-54A ANCHOR BRAND","A","273394","EA",3,3.41,10.23,"3874799"]
["14879","07/17/2012","/FWWEL20-3100","0613306","SWEAT BAND, HELMET COMFORTER","E","273394","EA",2,2.21,4.42,"3874799"]
["14879","07/17/2012","/GCGFQM-B25N","/GCGFQM-B25N","16-14ga FULL INS MALE QUICK CONNECT","3110","final","EA",250,5.5E-2,13.75,"3874799"]
["14879","07/17/2012","/HDL33AINE","/HDL33AINE","ENERGIZER 6 LED HEADLAMP","D","214761","EA",1,24.69,24.69,"3874799"]
["14879","07/17/2012","/HDL33AINE","/HDL33AINE","ENERGIZER 6 LED HEADLAMP","D","273398","EA",1,24.69,24.69,"3874799"]
["14879","07/17/2012","/HIMGL100-R8-E16.4","/HIMGL100-R8-E16.4","1/4 X 1 CTSK MONO-BOLT","3110","group 20 - 21","EA",350,0.44,308,"3874799"]
["14879","07/17/2012","/HS55020","0610867","1-1/4 HOLE SAW H S S","A","134465","EA",1,3.38,3.38,"3874799"]
["14879","07/17/2012","/HS55020","0610867","1-1/4 HOLE SAW H S S","A","213496","EA",1,3.38,3.38,"3874799"]
["14879","07/17/2012","/HS55044","0610923","#55044  2-3/4 HOLE SAW H S S","A","9999","EA",1,5.93,5.93,"3874799"]
["14879","07/17/2012","/HS55056","0610956","#55056  3-1/2 HOLE SAW H S S","A","210928","EA",1,6.11,6.11,"3874799"]
["14879","07/17/2012","/HYD13050","0610690","HYD13050 SCRAPER W/5 RAZOR BLADES","A","273649","EA",1,2.16,2.16,"3874799"]
["14879","07/17/2012","/IDL6736","4970435","1-13/16 - 2-3/4 ALL STAINLESS HOSE CLAMP","3110","213523","EA",10,0.82,8.1999999999999993,"3874799"]
["14879","07/17/2012","/IRW10233","/IRW10233","3 9 HOLE SZ (1/4-3/4) 1/16 INCREMENTS","B","221057","EA",1,37.979999999999997,37.979999999999997,"3874799"]
["14879","07/17/2012","/K1307","3170107","K1307 BATTERY PROTECTOR","3110","213473","EA",2,2.85,5.7,"3874799"]
["14879","07/17/2012","/LDFSM","/LDFSM","LETTER F DRILL SCREW MACH LENGTH","A","211005","EA",12,1.61,19.32,"3874799"]
["14879","07/17/2012","/LDFSM","/LDFSM","LETTER F DRILL SCREW MACH LENGTH","A","213500","EA",12,1.61,19.32,"3874799"]
["14879","07/17/2012","/LDFSM","/LDFSM","LETTER F DRILL SCREW MACH LENGTH","A","215718","EA",12,1.61,19.32,"3874799"]
["14879","07/17/2012","/MBT14H-S","0377165","14in - 250H 304 ST/ST TIE","3110","273454","EA",100,0.72789999999999999,72.790000000000006,"3874799"]
["14879","07/17/2012","/MCR3211XXXL","/MCR3211XXXL","LEATHER DRIVER GLOVE XXXL","E","273574","EA",1,5.85,5.85,"3874799"]
["14879","07/17/2012","/MCR9378T","/MCR9378T","18in KEVLAR SLEEVE W/THUMB SLOT","E","221044","EA",2,3.18,6.36,"3874799"]
["14879","07/17/2012","/MCR9673GW-XL","/MCR9673GW-XL","WHITE NYLON NITRILE GLOVE  X-LARGE","E","1685","EA",1,1.96,3.92,"3874799"]
["14879","07/17/2012","/MCR9673GW-XL","/MCR9673GW-XL","WHITE NYLON NITRILE GLOVE  X-LARGE","E","215732","EA",1,1.96,1.96,"3874799"]
["14879","07/17/2012","/MCR9673GW-XL","/MCR9673GW-XL","WHITE NYLON NITRILE GLOVE  X-LARGE","E","221023","EA",1,1.96,1.96,"3874799"]
["14879","07/17/2012","/MCR9673GW-XXL","/MCR9673GW-XXL","WHITE NYLON NITRILE GLOVE- XX-LARGE","E","214793","EA",1,1.96,1.96,"3874799"]
["14879","07/17/2012","/MCREPRC25","/MCREPRC25","EAR PLUG W/CORD REUSABLE","E","221044","EA",1,0.93500000000000005,1.87,"3874799"]
["14879","07/17/2012","/MCREPRC25","/MCREPRC25","EAR PLUG W/CORD REUSABLE","E","69527","EA",5,0.93500000000000005,4.6749999999999998,"3874799"]
["14879","07/17/2012","/MCREPRC25","/MCREPRC25","EAR PLUG W/CORD REUSABLE","E","87550","EA",1,0.93500000000000005,0.93500000000000005,"3874799"]
["14879","07/17/2012","/MCRSS110","0616389","STRATOS SAFETY GLASS CLR LEN BLK FRAME","E","136948","EA",1,1.5,1.5,"3874799"]
["14879","07/17/2012","/MCRSS110","0616389","STRATOS SAFETY GLASS CLR LEN BLK FRAME","E","221057","EA",1,1.5,1.5,"3874799"]
["14879","07/17/2012","/MCRSS110","0616389","STRATOS SAFETY GLASS CLR LEN BLK FRAME","E","R&D","EA",2,1.5,3,"3874799"]
["14879","07/17/2012","/MHC11180-10-6B","2971221","3/8 MPT X 5/8 BARB BRASS","3110","273648","EA",4,1.32,5.28,"3874799"]
["14879","07/17/2012","/MHC11180-16-12B","2971148","3/4 MPT X 1 BARB BRASS","3110","273648","EA",1,2.73,2.73,"3874799"]
["14879","07/17/2012","/MHC116-ACB4","2971146","3/8 FPT BULKHEAD BRASS COUPLING","3110","273648","EA",6,6.25,37.5,"3874799"]
["14879","07/17/2012","/MHC11822-4-4DOT","2971213","1/4MPT X 1/4TUBE 90 DEG SWIV ELB BRS DOT","3110","273648","EA",1,5.3,5.3,"3874799"]
["14879","07/17/2012","/MHC11912-12-8B","2971158","3/4 MPT X 1/2 FPT BRASS ADPT","3110","273648","EA",1,1.96,1.96,"3874799"]
["14879","07/17/2012","/MHC11916-12-12-B","2971147","3/4 FPT 90 DEG BRASS ELBOW","3110","273648","EA",1,10.65,10.65,"3874799"]
["14879","07/17/2012","/MI3/8","0610534","MILTON  3/8 ID AIR HOSE","D","213496","EA",30,0.5,15,"3874799"]
["14879","07/17/2012","/MI602","2970730","602 1/4M X 3/8 ID HOSE FITTING","3110","213496","EA",2,0.73,1.46,"3874799"]
["14879","07/17/2012","/MI790","0613299","790 1/4 FEMALE BODY","D","213496","EA",1,5.82,5.82,"3874799"]
["14879","07/17/2012","/MI790","0613299","790 1/4 FEMALE BODY","D","221011","EA",4,5.82,23.28,"3874799"]
["14879","07/17/2012","/MI790","0613299","790 1/4 FEMALE BODY","D","273619","EA",4,5.82,23.28,"3874799"]
["14879","07/17/2012","/MI791","0613300","MILTON 791 COUPLER PLUG","D","273619","EA",2,1.1200000000000001,2.2400000000000002,"3874799"]
["14879","07/17/2012","/MI792","0613317","MILTON 792 COUPLER PLUG","D","213496","EA",1,1.1299999999999999,1.1299999999999999,"3874799"]
["14879","07/17/2012","/MI792","0613317","MILTON 792 COUPLER PLUG","D","c000 r00000","EA",1,1.1299999999999999,1.1299999999999999,"3874799"]
["14879","07/17/2012","/MIL49-59-0500","/MIL49-59-0500","1/2\" MILWAUKEE ANNULAR CUTTER","A","85336","EA",2,33.65,67.3,"3874799"]
["14879","07/17/2012","/MKNMPD4S","0601065","1/4 PILOT BIT SHORT","A","213453","EA",1,1.68,1.68,"3874799"]
["14879","07/17/2012","/MM32-015","/MM32-015","1/2 BARB W/ 1/4 MALE NPT","3110","c000 r00000","EA",1,0.78,0.78,"3874799"]
["14879","07/17/2012","/MM32-015","/MM32-015","1/2 BARB W/ 1/4 MALE NPT","3110","m0000000000","EA",6,0.78,4.68,"3874799"]
["14879","07/17/2012","/MM32307","/MM32307","1/2 MPT X 1in HOSE BARB BRASS FITTING","3110","273648","EA",2,3.95,7.9,"3874799"]
["14879","07/17/2012","/MM40-048","/MM40-048","3/8 X 5 BRASS PIPE NIPPLE","3110","273648","EA",3,5.89,17.670000000000002,"3874799"]
["14879","07/17/2012","/MM40-050","/MM40-050","3/8 X 6 BRASS PIPE NIPPLE","3110","273648","EA",3,6.94,20.82,"3874799"]
["14879","07/17/2012","/MOL6644","/MOL6644","MOLDEX UNCORDED EAR PLUG DISPENSER 250PR","E","214742","EA",1,33.5,33.5,"3874799"]
["14879","07/17/2012","/MS01-8154","0613092","MS01-8154  SHIELD FOR HEADGEAR","E","155917","EA",4,3.61,14.44,"3874799"]
["14879","07/17/2012","/MS01-8154","0613092","MS01-8154  SHIELD FOR HEADGEAR","E","273394","EA",2,3.61,7.22,"3874799"]
["14879","07/17/2012","/MS05-593GR","0613371","17in SPARK GUARD SLEEVE    PAIR","E","1685","EA",1,5.84,5.84,"3874799"]
["14879","07/17/2012","/MS05-593GR","0613371","17in SPARK GUARD SLEEVE    PAIR","E","211005","EA",1,5.84,5.84,"3874799"]
["14879","07/17/2012","/MS05-593GR","0613371","17in SPARK GUARD SLEEVE    PAIR","E","213532","EA",1,5.84,5.84,"3874799"]
["14879","07/17/2012","/MS05-593GR","0613371","17in SPARK GUARD SLEEVE    PAIR","E","214742","EA",1,5.84,11.68,"3874799"]
["14879","07/17/2012","/MS05-593GR","0613371","17in SPARK GUARD SLEEVE    PAIR","E","215751","EA",1,5.84,5.84,"3874799"]
["14879","07/17/2012","/MS05-593GR","0613371","17in SPARK GUARD SLEEVE    PAIR","E","220982","EA",1,5.84,5.84,"3874799"]
["14879","07/17/2012","/MS05-593GR","0613371","17in SPARK GUARD SLEEVE    PAIR","E","273574","EA",1,5.84,5.84,"3874799"]
["14879","07/17/2012","/MS09-224-10","0613301","CHEMI PRO NEO LATEX GLOVE-sz10 5400S","E","m0000000000","EA",2,1.9125000000000001,3.8250000000000002,"3874799"]
["14879","07/17/2012","/MS09-4320","0612134","WELDERS GLOVE (PAIR)  4320","E","215797","EA",1,3.52,3.52,"3874799"]
["14879","07/17/2012","/MS09-4320","0612134","WELDERS GLOVE (PAIR)  4320","E","220982","EA",1,3.52,3.52,"3874799"]
["14879","07/17/2012","/MS09-5060L","0612190","LATEX DISPOSABLE GLOVE(DISPENSER-100)","E","134472","EA",1,6.2125000000000004,6.2125000000000004,"3874799"]
["14879","07/17/2012","/MS09-7005-L","0612455","NDEX NITRILE GLOVE LGE(100/BX)6020","E","141886","EA",2,9.39,18.78,"3874799"]
["14879","07/17/2012","/MS09-7005-L","0612455","NDEX NITRILE GLOVE LGE(100/BX)6020","E","221002","EA",1,9.39,9.39,"3874799"]
["14879","07/17/2012","/MS09-7005-L","0612455","NDEX NITRILE GLOVE LGE(100/BX)6020","E","221044","EA",1,9.39,9.39,"3874799"]
["14879","07/17/2012","/MS09-7005-L","0612455","NDEX NITRILE GLOVE LGE(100/BX)6020","E","273649","EA",1,9.39,9.39,"3874799"]
["14879","07/17/2012","/MS09-9780-10","0613098","NITRILE GLOVES SIZE 10  97980XL","E","273507","EA",1,1.83,1.83,"3874799"]
["14879","07/17/2012","/MT55788","0607077","7in 1/4 ST(MAX-Z) 27 GRINDING WHEEL","A","5/8-11 ARBOR HOLE","EA",1,6.74,6.74,"3874799"]
["14879","07/17/2012","/MT55788","0607077","7in 1/4 ST(MAX-Z) 27 GRINDING WHEEL","A","5/8-11 ARBOR HOLE","EA",3,6.74,20.22,"3874799"]
["14879","07/17/2012","/PB27361","0610245","PB27361 #2 PHIL BIT LONG 1/4 HEX","A","215766","EA",1,0.39,0.39,"3874799"]
["14879","07/17/2012","/PB28314","0610234","#2 PHILLIPS BIT 4in","A","215766","EA",1,1,1,"3874799"]
["14879","07/17/2012","/PB28314","0610234","#2 PHILLIPS BIT 4in","A","221009","EA",1,1,1,"3874799"]
["14879","07/17/2012","/PB28314","0610234","#2 PHILLIPS BIT 4in","A","221042","EA",1,1,1,"3874799"]
["14879","07/17/2012","/PB28314","0610234","#2 PHILLIPS BIT 4in","A","s000000000","EA",1,1,1,"3874799"]
["14879","07/17/2012","/PB29050","0612331","29050 #2 SQ RECESS BIT SHORT","A","221009","EA",2,0.28000000000000003,0.56000000000000005,"3874799"]
["14879","07/17/2012","/PB29059","0612278","#2 X 3 SQ BIT","A","103171","EA",1,0.85,0.85,"3874799"]
["14879","07/17/2012","/PB29059","0612278","#2 X 3 SQ BIT","A","141886","EA",1,0.85,0.85,"3874799"]
["14879","07/17/2012","/PB29059","0612278","#2 X 3 SQ BIT","A","155993","EA",1,0.85,0.85,"3874799"]
["14879","07/17/2012","/PB29059","0612278","#2 X 3 SQ BIT","A","213454","EA",2,0.85,1.7,"3874799"]
["14879","07/17/2012","/PB29059","0612278","#2 X 3 SQ BIT","A","213455","EA",4,0.85,3.4,"3874799"]
["14879","07/17/2012","/PB29059","0612278","#2 X 3 SQ BIT","A","215732","EA",1,0.85,0.85,"3874799"]
["14879","07/17/2012","/PB29059","0612278","#2 X 3 SQ BIT","A","215740","EA",1,0.85,0.85,"3874799"]
["14879","07/17/2012","/PB29059","0612278","#2 X 3 SQ BIT","A","215757","EA",1,0.85,0.85,"3874799"]
["14879","07/17/2012","/PB29059","0612278","#2 X 3 SQ BIT","A","221018","EA",1,0.85,0.85,"3874799"]
["14879","07/17/2012","/PB29059","0612278","#2 X 3 SQ BIT","A","221022","EA",4,0.85,3.4,"3874799"]
["14879","07/17/2012","/PB29059","0612278","#2 X 3 SQ BIT","A","221055","EA",1,0.85,0.85,"3874799"]
["14879","07/17/2012","/PB29059","0612278","#2 X 3 SQ BIT","A","273394","EA",2,0.85,1.7,"3874799"]
["14879","07/17/2012","/PB29059","0612278","#2 X 3 SQ BIT","A","273560","EA",1,0.85,0.85,"3874799"]
["14879","07/17/2012","/PB29059","0612278","#2 X 3 SQ BIT","A","87571","EA",1,0.85,0.85,"3874799"]
["14879","07/17/2012","/PB29059","0612278","#2 X 3 SQ BIT","A","s000000000","EA",6,0.85,5.0999999999999996,"3874799"]
["14879","07/17/2012","/PER82190","7970023","PER82190  2gr. SUPER GLUE","D","155985","EA",1,1.39,1.39,"3874799"]
["14879","07/17/2012","/PFBBDE2140","/PFBBDE2140","TORX DRIVE BIT FOR SELF FEEDING SYSTEM","A","s000000000","EA",1,4.41,4.41,"3874799"]
["14879","07/17/2012","/PFSDW1034","/PFSDW1034","#10 X 1-3/4 FH TORX DR TEK SC","3110","PAM SELF FEEDING SYSTEM","EA",3000,6.0699999999999997E-2,182.1,"3874799"]
["14879","07/17/2012","/PIP09-K1450/L","/PIP09-K1450/L","KEVLAR GLOVE WITH NITRILE COATING LARGE","E","136948","EA",1,4.75,4.75,"3874799"]
["14879","07/17/2012","/PIP09-K1450/L","/PIP09-K1450/L","KEVLAR GLOVE WITH NITRILE COATING LARGE","E","155917","EA",1,4.75,4.75,"3874799"]
["14879","07/17/2012","/PIP09-K1450/L","/PIP09-K1450/L","KEVLAR GLOVE WITH NITRILE COATING LARGE","E","211005","EA",1,4.75,9.5,"3874799"]
["14879","07/17/2012","/PIP09-K1450/L","/PIP09-K1450/L","KEVLAR GLOVE WITH NITRILE COATING LARGE","E","213453","EA",1,4.75,4.75,"3874799"]
["14879","07/17/2012","/PIP09-K1450/L","/PIP09-K1450/L","KEVLAR GLOVE WITH NITRILE COATING LARGE","E","214798","EA",1,4.75,4.75,"3874799"]
["14879","07/17/2012","/PIP09-K1450/L","/PIP09-K1450/L","KEVLAR GLOVE WITH NITRILE COATING LARGE","E","221002","EA",1,4.75,4.75,"3874799"]
["14879","07/17/2012","/PIP09-K1450/L","/PIP09-K1450/L","KEVLAR GLOVE WITH NITRILE COATING LARGE","E","221011","EA",3,4.75,14.25,"3874799"]
["14879","07/17/2012","/PIP09-K1450/L","/PIP09-K1450/L","KEVLAR GLOVE WITH NITRILE COATING LARGE","E","273454","EA",1,4.75,4.75,"3874799"]
["14879","07/17/2012","/PIP09-K1450/L","/PIP09-K1450/L","KEVLAR GLOVE WITH NITRILE COATING LARGE","E","72986","EA",1,4.75,4.75,"3874799"]
["14879","07/17/2012","/PIP09-K1450/L","/PIP09-K1450/L","KEVLAR GLOVE WITH NITRILE COATING LARGE","E","72992","EA",1,4.75,4.75,"3874799"]
["14879","07/17/2012","/PIP09-K1450/L","/PIP09-K1450/L","KEVLAR GLOVE WITH NITRILE COATING LARGE","E","85388","EA",1,4.75,4.75,"3874799"]
["14879","07/17/2012","/PIP09-K1450/L","/PIP09-K1450/L","KEVLAR GLOVE WITH NITRILE COATING LARGE","E","85815","EA",2,4.75,9.5,"3874799"]
["14879","07/17/2012","/PIP09-K1450/M","/PIP09-K1450/M","KEVLAR GLOVE W/NITRILE COATING MEDIUM","E","155985","EA",1,4.75,4.75,"3874799"]
["14879","07/17/2012","/PIP09-K1450/M","/PIP09-K1450/M","KEVLAR GLOVE W/NITRILE COATING MEDIUM","E","87571","EA",1,4.75,4.75,"3874799"]
["14879","07/17/2012","/PIP09-K1450/M","/PIP09-K1450/M","KEVLAR GLOVE W/NITRILE COATING MEDIUM","E","87594","EA",1,4.75,4.75,"3874799"]
["14879","07/17/2012","/PIP09-K1450-2XL","/PIP09-K1450-2XL","KEVLAR GLOVE WITH NITRILE COATING 2XL","E","214745","EA",1,4.75,4.75,"3874799"]
["14879","07/17/2012","/PM96011","0613380","96011  YELLOW CHINA MARKER","D","103171","EA",1,0.93,0.93,"3874799"]
["14879","07/17/2012","/PM96014","0613381","96014  CRIMSON CHINA MARKER","D","103171","EA",1,0.57999999999999996,0.57999999999999996,"3874799"]
["14879","07/17/2012","/PM96014","0613381","96014  CRIMSON CHINA MARKER","D","145295","EA",4,0.57999999999999996,2.3199999999999998,"3874799"]
["14879","07/17/2012","/S00740","3143963","ZINC RICH COLD GALV COMPOUND","3110","s000000000","EA",1,4.3499999999999996,4.3499999999999996,"3874799"]
["14879","07/17/2012","/SB12524","0612403","3-5/8 1/2 WIDE 24tpi AIR SAW BLADE","A","1685","EA",1,1,1,"3874799"]
["14879","07/17/2012","/SB12524","0612403","3-5/8 1/2 WIDE 24tpi AIR SAW BLADE","A","213455","EA",14,1,14,"3874799"]
["14879","07/17/2012","/SB12524","0612403","3-5/8 1/2 WIDE 24tpi AIR SAW BLADE","A","214775","EA",5,1,5,"3874799"]
["14879","07/17/2012","/SB12524","0612403","3-5/8 1/2 WIDE 24tpi AIR SAW BLADE","A","215766","EA",6,1,6,"3874799"]
["14879","07/17/2012","/SB12524","0612403","3-5/8 1/2 WIDE 24tpi AIR SAW BLADE","A","220982","EA",5,1,5,"3874799"]
["14879","07/17/2012","/SB12524","0612403","3-5/8 1/2 WIDE 24tpi AIR SAW BLADE","A","s000000000","EA",10,1,10,"3874799"]
["14879","07/17/2012","/SB1QTA","0607002","1 QT SPRAY APPLICATOR (NO BOTTLE)","D","163201","EA",1,0.62,0.62,"3874799"]
["14879","07/17/2012","/SB1QTA","0607002","1 QT SPRAY APPLICATOR (NO BOTTLE)","D","215757","EA",1,0.62,0.62,"3874799"]
["14879","07/17/2012","/SB1QTB","0607001","1 QT SPRAY BOTTLE  (NO APPLICATOR)","D","163201","EA",1,0.66,0.66,"3874799"]
["14879","07/17/2012","/SB1QTB","0607001","1 QT SPRAY BOTTLE  (NO APPLICATOR)","D","215757","EA",1,0.66,0.66,"3874799"]
["14879","07/17/2012","/SB40814","0612269","40814 8 14T RECIP SAW","A","163217","EA",10,1.88,18.8,"3874799"]
["14879","07/17/2012","/SB40814","0612269","40814 8 14T RECIP SAW","A","213500","EA",25,1.88,47,"3874799"]
["14879","07/17/2012","/SB40814","0612269","40814 8 14T RECIP SAW","A","215766","EA",5,1.88,9.4,"3874799"]
["14879","07/17/2012","/SB40814","0612269","40814 8 14T RECIP SAW","A","220998","EA",16,1.88,30.08,"3874799"]
["14879","07/17/2012","/SB40814","0612269","40814 8 14T RECIP SAW","A","273394","EA",50,1.88,94,"3874799"]
["14879","07/17/2012","/SBT101B","0612167","BOSCH T101B SABRE SAW BLADE","A","s000000000","EA",5,1.76,8.8000000000000007,"3874799"]
["14879","07/17/2012","/SP11755","0612232","5in 50gr ZIRC DISC 7/8 HOLE","A","273614","EA",7,0.98,6.86,"3874799"]
["14879","07/17/2012","/SP28850","0612233","4 1/2x7/8 80gr FLAP WHL ZINC HI DENSITY","A","273394","EA",1,4.9000000000000004,4.9000000000000004,"3874799"]
["14879","07/17/2012","/SP40311","/SP40311","2in  36grit CERAMIC Q/C DISC TYPE S","A","273394","EA",15,0.82,12.3,"3874799"]
["14879","07/17/2012","/SP524","0607039","5 X 24 GRIT A/O SANDING DISC","A","220998","EA",10,0.69,6.9,"3874799"]
["14879","07/17/2012","/SP524","0607039","5 X 24 GRIT A/O SANDING DISC","A","273394","EA",5,0.69,3.45,"3874799"]
["14879","07/17/2012","/SSD610SSBS","8571318","SSD 610 SSBS POP RIVET ST/ST","3110","215788","EA",104,0.2,20.8,"3874799"]
["14879","07/17/2012","/SSD64SSBS/W","8570976","SSD 64 SSBS POP RIVET ST/ST W/WHITE HD","3110","273507","EA",125,0.11409999999999999,14.262499999999999,"3874799"]
["14879","07/17/2012","/SSD68SSBSLF","8571005","POP RIVET ST/ST LARGE FLANGE","3110","final","EA",150,0.19289999999999999,28.934999999999999,"3874799"]
["14879","07/17/2012","/STN11515","0601034","#9 S/E RAZOR BLADES (INDIVIDUAL)","A","220979","EA",100,7.0000000000000007E-2,7,"3874799"]
["14879","07/17/2012","/STN11921I","0610823","UTIL KNIFE BLADES(INDIVIDUAL BLADES)","A","134472","EA",15,0.11,1.65,"3874799"]
["14879","07/17/2012","/STN11921I","0610823","UTIL KNIFE BLADES(INDIVIDUAL BLADES)","A","211008","EA",15,0.11,1.65,"3874799"]
["14879","07/17/2012","/STN11921I","0610823","UTIL KNIFE BLADES(INDIVIDUAL BLADES)","A","273454","EA",15,0.11,1.65,"3874799"]
["14879","07/17/2012","/STN11921I","0610823","UTIL KNIFE BLADES(INDIVIDUAL BLADES)","A","273574","EA",15,0.11,1.65,"3874799"]
["14879","07/17/2012","/STN11921I","0610823","UTIL KNIFE BLADES(INDIVIDUAL BLADES)","A","72986","EA",15,0.11,1.65,"3874799"]
["14879","07/17/2012","/TD365-9-8211","/TD365-9-8211","80 AMP TORCH TIP","D","273394","EA",7,6.04,42.28,"3874799"]
["14879","07/17/2012","/TD365-9-8213","/TD365-9-8213","THERMAL DYNAMICS 1 TORCH START CARTRIDGE","D","273394","EA",3,30.13,90.39,"3874799"]
["14879","07/17/2012","/TD365-9-8215","/TD365-9-8215","THERMAL DYNAMICS ELECTRODE","D","273394","EA",7,7.55,52.85,"3874799"]
["14879","07/17/2012","/USP4009","0375851","P4009  SPRING NUT","3110","210937","EA",30,0.49,14.7,"3874799"]
["14879","07/17/2012","/USP4009","0375851","P4009  SPRING NUT","3110","g0000 22","EA",470,0.49,230.3,"3874799"]
["14879","07/17/2012","/USP4009","0375851","P4009  SPRING NUT","3110","g0000 22","EA",500,0.49,245,"3874799"]
["14879","07/17/2012","/UT-1033","8970411","2 X 60 YD GRAY DUCT TAPE - THIN 8mil","3110","107800","EA",3,3.51,10.53,"3874799"]
["14879","07/17/2012","/UT-1033","8970411","2 X 60 YD GRAY DUCT TAPE - THIN 8mil","3110","145254","EA",1,3.51,3.51,"3874799"]
["14879","07/17/2012","/UT-1033","8970411","2 X 60 YD GRAY DUCT TAPE - THIN 8mil","3110","155917","EA",2,3.51,7.02,"3874799"]
["14879","07/17/2012","/UT-1033","8970411","2 X 60 YD GRAY DUCT TAPE - THIN 8mil","3110","213500","EA",1,3.51,3.51,"3874799"]
["14879","07/17/2012","/UT-1033","8970411","2 X 60 YD GRAY DUCT TAPE - THIN 8mil","3110","221018","EA",1,3.51,3.51,"3874799"]
["14879","07/17/2012","/UT-1033","8970411","2 X 60 YD GRAY DUCT TAPE - THIN 8mil","3110","87594","EA",1,3.51,3.51,"3874799"]
["14879","07/17/2012","/UT-1033","8970411","2 X 60 YD GRAY DUCT TAPE - THIN 8mil","3110","87607","EA",1,3.51,3.51,"3874799"]
["14879","07/17/2012","/WB40068","0611056","2 CHIP & OIL BRUSH","D","214793","EA",24,0.71,17.04,"3874799"]
["14879","07/17/2012","/WB44300","0613074","5ft METAL TIP HANDLE","B","221023","EA",1,3.11,3.11,"3874799"]
["14879","07/17/2012","/WE356","3140431","BLACK WEEKENDER SPRAY PAINT","3110","213453","EA",2,1.52,3.04,"3874799"]
["14879","07/17/2012","/WE356","3140431","BLACK WEEKENDER SPRAY PAINT","3110","85336","EA",4,1.52,6.08,"3874799"]
["14879","07/17/2012","/WE358","3142478","WEEKEND GLOSS BLACK","3110","163217","EA",2,1.55,3.1,"3874799"]
["14879","07/17/2012","/WE358","3142478","WEEKEND GLOSS BLACK","3110","R&D","EA",2,1.55,3.1,"3874799"]
["14879","07/17/2012","/WH1468X8","/WH1468X8","MALE CONNECTOR 1/2 TUBE X 3/8 MALE PIPE","3110","s000000000","EA",2,2.42,4.84,"3874799"]
["14879","07/17/2012","/WH1862X4","2970674","1862 X 4  1/4 AIR BRAKE UNION BRASS","3110","155993","EA",1,3.25,3.25,"3874799"]
["14879","07/17/2012","/WH302X3","2970937","302 X 3 UNION","3110","group 10 - 11","EA",20,0.5,10,"3874799"]
["14879","07/17/2012","/WH3220X6X4","2970627","3/8 X 1/4 HEX BUSHING BRASS","3110","273648","EA",1,0.41,0.82,"3874799"]
["14879","07/17/2012","/WH3300X6","2970989","3300 X 6  3/8 BRASS COUPLING","3110","273648","EA",1,1.4,1.4,"3874799"]
["14879","07/17/2012","/WH3325X4","2970524","3325 X 4  1/4 HEX NIPPLE BRASS","3110","273619","EA",4,0.56999999999999995,2.2799999999999998,"3874799"]
["14879","07/17/2012","/WH3400X6","2970631","3/8 MALE/FEMALE STREET ELBOW BRASS","3110","273648","EA",1,2.0099999999999998,2.0099999999999998,"3874799"]
["14879","07/17/2012","/WH3400X8","0170861","3400X8   STREET ELBOW","3110","273648","EA",2,2.1800000000000002,4.3600000000000003,"3874799"]
["14879","07/17/2012","/WH3500X6","2970736","3500 X 6  3/8 PIPE ELBOW BRASS","3110","273648","EA",6,2.25,13.5,"3874799"]
["14879","07/17/2012","/WH3700X4","2970632","3700 X 4  1/4 TEE BRASS","3110","273619","EA",2,1.27,2.54,"3874799"]
["14879","07/17/2012","/WKW70001","0601006","1/4 ROUTER BIT - 3/4 CUT LENGTH","A","215766","EA",2,6.22,12.44,"3874799"]
["14879","07/17/2012","/WKW70001","0601006","1/4 ROUTER BIT - 3/4 CUT LENGTH","A","215797","EA",25,6.22,155.5,"3874799"]
["14879","07/17/2012","/WKW70001","0601006","1/4 ROUTER BIT - 3/4 CUT LENGTH","A","221052","EA",25,6.22,155.5,"3874799"]
["14879","07/17/2012","/WKW70001","0601006","1/4 ROUTER BIT - 3/4 CUT LENGTH","A","s000000000","EA",1,6.22,6.22,"3874799"]
["14879","07/17/2012","/WKW70001","0601006","1/4 ROUTER BIT - 3/4 CUT LENGTH","A","s000000000","EA",10,6.22,62.2,"3874799"]
["14879","07/17/2012","/WKW70008","0610678","70008  1/2 ROUTER BIT","A","221018","EA",3,10.11,30.33,"3874799"]
["14879","07/17/2012","/WU3201-L","0613393","LEATHER DRIVING GLOVES LARGE 3201L","E","215778","EA",2,4.05,8.1,"3874799"]
["14879","07/17/2012","/WU3201-L","0613393","LEATHER DRIVING GLOVES LARGE 3201L","E","221001","EA",1,4.05,4.05,"3874799"]
["14879","07/17/2012","/WU3201-L","0613393","LEATHER DRIVING GLOVES LARGE 3201L","E","R&D","EA",2,4.05,8.1,"3874799"]
["14879","07/17/2012","/WU3201-XL","0613394","LEATHER DRIVING GLOVES X-LG 3201XL","E","134465","EA",2,4.05,8.1,"3874799"]
["14879","07/17/2012","/WU3201-XL","0613394","LEATHER DRIVING GLOVES X-LG 3201XL","E","213532","EA",1,4.05,4.05,"3874799"]
["14879","07/17/2012","/WU3201-XL","0613394","LEATHER DRIVING GLOVES X-LG 3201XL","E","214742","EA",1,4.05,8.1,"3874799"]
["14879","07/17/2012","10C62MXT0Z","10C62MXT0Z","10/24 X 5/8 PHL TRS M/S  ZNC","3110","s000000000","EA",3,0.05,0.15,"3874799"]
["14879","07/17/2012","10F125MXPS","8570972","10/32 X 1 1/4 PHIL PAN M/S 18-8","3110","group 22 - 24","EA",200,4.2500000000000003E-2,8.5,"3874799"]
["14879","07/17/2012","10F50MXP0Z","8570996","10/32 X 1/2 PHIL PAN M/S  ZNC","3110","273648","EA",2,4.8999999999999998E-3,9.7999999999999997E-3,"3874799"]
["14879","07/17/2012","10G100UQP","8570757","10-16 X 1in PAN SQ RECESS TEK SC","3110","214756","EA",25,1.7399999999999999E-2,0.435,"3874799"]
["14879","07/17/2012","10G100UQP","8570757","10-16 X 1in PAN SQ RECESS TEK SC","3110","final","EA",400,1.7399999999999999E-2,6.96,"3874799"]
["14879","07/17/2012","10G100UQP","8570757","10-16 X 1in PAN SQ RECESS TEK SC","3110","group 22 - 24","EA",400,1.7399999999999999E-2,13.92,"3874799"]
["14879","07/17/2012","10N100TQP0Z","8570937","#10 X 1in PAN SQUARE RECESS T/S  ZNC","3110","214761","EA",30,8.6999999999999994E-3,0.26100000000000001,"3874799"]
["14879","07/17/2012","10N150TQP0Z","8570706","#10 X 1 1/2 PAN SQUARE RECESS T/S  ZNC","3110","group 22 - 24","EA",500,1.38E-2,6.9,"3874799"]
["14879","07/17/2012","10N50WBO/W","10N50WBO/W","#10 X 1/2 BONDED SEALER WASHER WHITE","3110","final","EA",800,7.0000000000000007E-2,56,"3874799"]
["14879","07/17/2012","10NLET0Z","8570053","#10 EXTERNAL TOOTH L/W  ZNC","3110","group 22 - 24","EA",500,2E-3,1,"3874799"]
["14879","07/17/2012","12C150MTH0Z/F/NPAT","8571508","12/24 X 1-1/2 IND HEX SLT W/H T/C T-F ZN","3110","W/PATCH","EA",200,0.22,44,"3874799"]
["14879","07/17/2012","14RDAI","0601024","9/64 6 AIRCRAFT EXTENSION DRILL","A","103151","EA",1,1.3625,2.7250000000000001,"3874799"]
["14879","07/17/2012","14RDAI","0601024","9/64 6 AIRCRAFT EXTENSION DRILL","A","141802","EA",12,1.3625,16.350000000000001,"3874799"]
["14879","07/17/2012","14RDAI","0601024","9/64 6 AIRCRAFT EXTENSION DRILL","A","213522","EA",12,1.3625,16.350000000000001,"3874799"]
["14879","07/17/2012","14RDAI","0601024","9/64 6 AIRCRAFT EXTENSION DRILL","A","213523","EA",12,1.3625,16.350000000000001,"3874799"]
["14879","07/17/2012","14RDAI","0601024","9/64 6 AIRCRAFT EXTENSION DRILL","A","215733","EA",24,1.3625,32.700000000000003,"3874799"]
["14879","07/17/2012","14RDAI","0601024","9/64 6 AIRCRAFT EXTENSION DRILL","A","215766","EA",12,1.3625,16.350000000000001,"3874799"]
["14879","07/17/2012","14RDAI","0601024","9/64 6 AIRCRAFT EXTENSION DRILL","A","221002","EA",12,1.3625,16.350000000000001,"3874799"]
["14879","07/17/2012","14RDAI","0601024","9/64 6 AIRCRAFT EXTENSION DRILL","A","221054","EA",12,1.3625,16.350000000000001,"3874799"]
["14879","07/17/2012","14RDAI","0601024","9/64 6 AIRCRAFT EXTENSION DRILL","A","s000000000","EA",12,1.3625,49.05,"3874799"]
["14879","07/17/2012","14RDCO","0613320","9/64 COBALT DRILL","A","136948","EA",12,1.35,16.2,"3874799"]
["14879","07/17/2012","14RDCO","0613320","9/64 COBALT DRILL","A","1685","EA",1,1.35,1.35,"3874799"]
["14879","07/17/2012","14RDCO","0613320","9/64 COBALT DRILL","A","210928","EA",12,1.35,16.2,"3874799"]
["14879","07/17/2012","14RDCO","0613320","9/64 COBALT DRILL","A","213473","EA",12,1.35,16.2,"3874799"]
["14879","07/17/2012","14RDCO","0613320","9/64 COBALT DRILL","A","213523","EA",12,1.35,16.2,"3874799"]
["14879","07/17/2012","14RDCO","0613320","9/64 COBALT DRILL","A","69527","EA",24,1.35,32.4,"3874799"]
["14879","07/17/2012","14RDCO","0613320","9/64 COBALT DRILL","A","s000000000","EA",12,1.35,16.2,"3874799"]
["14879","07/17/2012","14RDJO","0601023","9/64 HSS JOBR DRILL BLK/135deg S/P","A","s000000000","EA",24,0.55000000000000004,13.2,"3874799"]
["14879","07/17/2012","18RDAI","0613364","3/16 6 AIRCRAFT EXTENSION DRILL","A","213488","EA",3,1.53,4.59,"3874799"]
["14879","07/17/2012","18RDCO","0612440","3/16 COBALT DRILL","A","s000000000","EA",12,1.3,15.6,"3874799"]
["14879","07/17/2012","21RDJO","0613103","7/32 HSS JOBR DRILL BLK/135deg S/P","A","s000000000","EA",2,0.87,1.74,"3874799"]
["14879","07/17/2012","25C100HCS8Y","8541021","1/4-20 X 1in HEX C/S GR 8 Z/YEL","3110","group 10 - 11","EA",150,2.3800000000000002E-2,3.57,"3874799"]
["14879","07/17/2012","25C150HCS8Y","8570911","1/4-20 X 1 1/2 HEX C/S GR 8 Z/YEL","3110","1698","EA",2,3.44E-2,6.88E-2,"3874799"]
["14879","07/17/2012","25C200KBCS","8571044","1/4-20 X 2 BUTTON SOC C/S 18-8","3110","g0000 26","EA",50,9.1800000000000007E-2,4.59,"3874799"]
["14879","07/17/2012","25C300KFCS","25C300KFCS","1/4-20 X 3 FLAT SOC C/S 18-8","3110","1698","EA",6,0.27,1.62,"3874799"]
["14879","07/17/2012","25C75MTM0Z/F","8571311","1/4-20 X 3/4 PAN PHIL T/C T-F  ZNC","3110","group 22 - 24","EA",200,0.05,10,"3874799"]
["14879","07/17/2012","25CNNE8Y","8570194","1/4-20 NYLOC INSERT LOCKNUT GR 8 Z/YEL","3110","g0000 26","EA",200,1.9400000000000001E-2,3.88,"3874799"]
["14879","07/17/2012","25CNNE8Y","8570194","1/4-20 NYLOC INSERT LOCKNUT GR 8 Z/YEL","3110","group 10 - 11","EA",400,1.9400000000000001E-2,7.76,"3874799"]
["14879","07/17/2012","25CNNE8Y","8570194","1/4-20 NYLOC INSERT LOCKNUT GR 8 Z/YEL","3110","group 50","EA",800,1.9400000000000001E-2,15.52,"3874799"]
["14879","07/17/2012","25NWSAS","8570915","1/4 SAE F/W 18-8","3110","group 50","EA",1000,1.61E-2,16.100000000000001,"3874799"]
["14879","07/17/2012","25R125WFE0Z","8570244","1/4 X 1 1/4 FEND WASH  ZNC","3110","group 22 - 24","EA",175,2.5999999999999999E-2,4.55,"3874799"]
["14879","07/17/2012","26RDCO","0613325","17/64 COBALT DRILL","A","213523","EA",9,2.44,21.96,"3874799"]
["14879","07/17/2012","26RDCO","0613325","17/64 COBALT DRILL","A","s000000000","EA",12,2.44,29.28,"3874799"]
["14879","07/17/2012","31C100HSF0Z","8570862","5/16-18 X 1in HEX SERR FLG BOLT  ZNC","3110","group 20 - 21","EA",100,0.09,9,"3874799"]
["14879","07/17/2012","31C225HCS8Y","31C225HCS8Y","5/16-18 X 2 1/4 HEX C/S GR 8 Z/YEL","3110","213500","EA",6,9.6000000000000002E-2,0.57599999999999996,"3874799"]
["14879","07/17/2012","31C75HCS8Y","8570953","5/16-18 X 3/4 HEX C/S GR 8 Z/YEL","3110","221017","EA",16,3.1399999999999997E-2,0.50239999999999996,"3874799"]
["14879","07/17/2012","31CNFH8Y","31CNFH8Y","5/16-18 HEX FIN NUT GR 8 Z/YEL","3110","214775","EA",2,0.1033,0.20660000000000001,"3874799"]
["14879","07/17/2012","31CNNE8Y","8541500","5/16-18 NYLOC INSERT LOCKNUT GR 8 Z/YEL","3110","group 20 - 21","EA",200,2.8299999999999999E-2,5.66,"3874799"]
["14879","07/17/2012","31NWUS8Y","8570525","5/16 USS FLAT WASHER GR 8 Z/YEL","3110","g0000 26","EA",200,2.1399999999999999E-2,4.28,"3874799"]
["14879","07/17/2012","31RDJO","0601010","5/16 HSS JOBR DRILL BLK/135deg S/P","A","s000000000","EA",6,1.62,9.7200000000000006,"3874799"]
["14879","07/17/2012","37C150HCS8Y","8570491","3/8-16 X 1 1/2 HEX C/S GR 8 Z/YEL","3110","group 10 - 11","EA",75,6.3100000000000003E-2,9.4649999999999999,"3874799"]
["14879","07/17/2012","37C250HCS8Y","8542714","3/8-16 X 2 1/2 HEX C/S GR 8 Z/YEL","3110","group 20 - 21","EA",30,0.1026,3.0779999999999998,"3874799"]
["14879","07/17/2012","37CNNE8Y","8540700","3/8-16 NYLOC INSERT LOCKNUT GR 8 Z/YEL","3110","group 10 - 11","EA",175,3.9300000000000002E-2,6.8775000000000004,"3874799"]
["14879","07/17/2012","37CNNE8Y","8540700","3/8-16 NYLOC INSERT LOCKNUT GR 8 Z/YEL","3110","group 20 - 21","EA",300,3.9300000000000002E-2,11.79,"3874799"]
["14879","07/17/2012","37CNNE8Y","8540700","3/8-16 NYLOC INSERT LOCKNUT GR 8 Z/YEL","3110","group 22 - 24","EA",200,3.9300000000000002E-2,7.86,"3874799"]
["14879","07/17/2012","37NWUS8Y","8570509","3/8 USS FLAT WASHER GR 8 Z/YEL","3110","group 10 - 11","EA",250,2.7E-2,13.5,"3874799"]
["14879","07/17/2012","37RDCO","0613369","3/8 COBALT DRILL","A","145295","EA",6,5.7,34.200000000000003,"3874799"]
["14879","07/17/2012","37RDCO","0613369","3/8 COBALT DRILL","A","213500","EA",6,5.7,34.200000000000003,"3874799"]
["14879","07/17/2012","37RDCO","0613369","3/8 COBALT DRILL","A","273394","EA",6,5.7,34.200000000000003,"3874799"]
["14879","07/17/2012","43F150HCS8Y","8571289","7/16-20 X 1 1/2 HEX C/S GR 8 Z/YEL","3110","group 42","EA",175,0.1396,24.43,"3874799"]
["14879","07/17/2012","43F250HCS8Y","8571283","7/16-20 X 2 1/2 HEX C/S GR 8 Z/YEL","3110","group 42","EA",125,0.16919999999999999,42.3,"3874799"]
["14879","07/17/2012","43FNNE8Y","8571284","7/16-20 NYLOC INSERT LOCKNUT GR 8 Z/YEL","3110","group 42","EA",300,5.2200000000000003E-2,15.66,"3874799"]
["14879","07/17/2012","43NWUS8Y","8571206","7/16 USS FLAT WASHER GR 8 Z/YEL","3110","group 22 - 24","EA",150,5.57E-2,8.3550000000000004,"3874799"]
["14879","07/17/2012","43NWUS8Y","8571206","7/16 USS FLAT WASHER GR 8 Z/YEL","3110","group 42","EA",600,5.57E-2,33.42,"3874799"]
["14879","07/17/2012","50C150HCS8Y","8570954","1/2-13 X 1 1/2 HEX C/S GR 8 Z/YEL","3110","group 22 - 24","EA",80,0.1275,10.199999999999999,"3874799"]
["14879","07/17/2012","50C200HCS8Y","8570951","1/2-13 X 2 HEX C/S GR 8 Z/YEL","3110","group 10 - 11","EA",125,0.15759999999999999,39.4,"3874799"]
["14879","07/17/2012","50C450HCS8Y","8571250","1/2-13 X 4 1/2 HEX C/S GR 8 Z/YEL","3110","220985","EA",4,0.4168,1.6672,"3874799"]
["14879","07/17/2012","50CNFH8Y","8542896","1/2-13 HEX FIN NUT GR 8 Z/YEL","3110","273648","EA",12,4.2799999999999998E-2,0.51359999999999995,"3874799"]
["14879","07/17/2012","50CNNE8Y","8541468","1/2-13 NYLOC INSERT LOCKNUT GR 8 Z/YEL","3110","group 22 - 24","EA",100,9.69E-2,19.38,"3874799"]
["14879","07/17/2012","50F200HCS8Y","8571281","1/2-20 X 2 HEX C/S GR 8 Z/YEL","3110","group 42","EA",125,0.18890000000000001,23.612500000000001,"3874799"]
["14879","07/17/2012","50F250HCS8Y","8571280","1/2-20 X 2 1/2 HEX C/S GR 8 Z/YEL","3110","group 42","EA",100,0.23230000000000001,23.23,"3874799"]
["14879","07/17/2012","50NLOC8Y","8542938","1/2 SPLIT LOCKWASHER GR 8 Z/YEL","3110","273648","EA",12,3.5999999999999997E-2,0.432,"3874799"]
["14879","07/17/2012","50NLOC8Y","8542938","1/2 SPLIT LOCKWASHER GR 8 Z/YEL","3110","s000000000","EA",1,3.5999999999999997E-2,3.5999999999999997E-2,"3874799"]
["14879","07/17/2012","50NWUS8Y","8570876","1/2 USS FLAT WASHER GR 8 Z/YEL","3110","group 10 - 11","EA",350,7.6499999999999999E-2,53.55,"3874799"]
["14879","07/17/2012","50RDRS/38S","0611012","1/2 S & D DRILL 3/8shk","A","136904","EA",5,4.66,23.3,"3874799"]
["14879","07/17/2012","50RDRS/38S","0611012","1/2 S & D DRILL 3/8shk","A","273394","EA",6,4.66,27.96,"3874799"]
["14879","07/17/2012","62C250HCS8Y","8543381","5/8-11 X 2 1/2 HEX C/S GR 8 Z/YEL","3110","group 10 - 11","EA",18,0.28949999999999998,5.2110000000000003,"3874799"]
["14879","07/17/2012","62CNNE8Y","62CNNE8Y","5/8-11 NYLOC INSERT LOCKNUT GR 8 Z/YEL","3110","group 10 - 11","EA",18,0.84296000000000004,15.17328,"3874799"]
["14879","07/17/2012","62NWUS8Y","8571050","5/8 USS FLAT WASHER GR 8 Z/YEL","3110","group 10 - 11","EA",36,0.13730000000000001,4.9428000000000001,"3874799"]
["14879","07/17/2012","75C350HCS8Y","8571516","3/4-10 X 3 1/2 HEX C/S GR 8 Z/YEL","3110","group 10 - 11","EA",18,1.2,21.6,"3874799"]
["14879","07/17/2012","75CNNE8Y","8571517","3/4-10 NYLOC INSERT LOCKNUT GR 8 Z/YEL","3110","group 10 - 11","EA",18,0.63,11.34,"3874799"]
["14879","07/17/2012","75NWUS8Y","8571523","3/4 USS FLAT WASHER GR 8 Z/YEL","3110","group 10 - 11","EA",75,0.42,31.5,"3874799"]
["14879","07/17/2012","8C100MTM0Z/F","8C100MTM0Z/F","8/32 X 1in PAN PHIL T/C T-F  ZNC","3110","final","EA",500,0.04,40,"3874799"]
["14879","07/17/2012","8C100MTM0Z/F","8C100MTM0Z/F","8/32 X 1in PAN PHIL T/C T-F  ZNC","3110","final","EA",1000,0.04,40,"3874799"]
["14879","07/17/2012","8C100MTM0Z/F","8C100MTM0Z/F","8/32 X 1in PAN PHIL T/C T-F  ZNC","3110","group 22 - 24","EA",1500,0.04,60,"3874799"]
["14879","07/17/2012","8C100MTM0Z/F/NPAT","8571376","8/32 X 1 PAN PHIL T-F W/NYLOC PATCH","3110","final","EA",1000,7.0000000000000007E-2,70,"3874799"]
["14879","07/17/2012","8C100MTM0Z/FWH","8C100MTM0Z/FWH","8-32 X 1 PAN PHIL T/C T-F ZINC WHITE HD","3110","final","EA",1512,0.05,75.599999999999994,"3874799"]
["14879","07/17/2012","8G100UQF0Z/NPAT","8570935","8-18 X 1in F.H. SQ DRIVE TEK SC NYL PAT","3110","ZNC","EA",2500,1.55E-2,116.25,"3874799"]
["14879","07/17/2012","8G100UQP/NPAT","8570931","8-18 X 1in PAN SQ RECESS TEK SC NYL PAT","3110","final","EA",2000,1.796E-2,35.92,"3874799"]
["14879","07/17/2012","8G100UQP/NPAT","8570931","8-18 X 1in PAN SQ RECESS TEK SC NYL PAT","3110","group 50","EA",700,1.796E-2,12.571999999999999,"3874799"]
["14879","07/17/2012","8G100UQP0B/NPAT","8570936","8-18 X 1in PAN SQ RECESS TEK SC NYL PAT","3110","BLK","EA",300,1.95E-2,5.85,"3874799"]
["14879","07/17/2012","8G100UQP0B/NPAT","8570936","8-18 X 1in PAN SQ RECESS TEK SC NYL PAT","3110","BLK","EA",500,1.95E-2,19.5,"3874799"]
["14879","07/17/2012","8G150UQP","8570768","8-18 X 1 1/2 PAN SQ RECESS TEK SC ZINC","3110","final","EA",600,1.12E-2,6.72,"3874799"]
["14879","07/17/2012","8G75UQP4","8570788","8-18 X 3/4 PAN SQ RECESS TEK SC 410 S/S","3110","group 50","EA",751,2.6200000000000001E-2,19.676200000000001,"3874799"]
["14879","07/17/2012","8G75URW0Z/NPAT","8570948","8-18 X 3/4 RND WASH HD TEK NYL PAT  ZNC","3110","group 22 - 24","EA",500,1.66E-2,8.3000000000000007,"3874799"]
["14879","07/17/2012","8N100SSD0Z","8570774","#8 X 1in FLT SQ DR DEEP/THRD SC  ZNC","3110","final","EA",600,8.6999999999999994E-3,5.22,"3874799"]
["14879","07/17/2012","8N150TQP0Z","8570735","#8 X 1 1/2 PAN SQUARE RECESS T/S  ZNC","3110","final","EA",400,3.1800000000000002E-2,12.72,"3874799"]
["14879","07/17/2012","8N200SSD0Z","8570702","#8 X 2 FLT SQ DR DEEP/THRD SC  ZNC","3110","final","EA",596,2.6800000000000001E-2,15.972799999999999,"3874799"]
["14879","07/17/2012","8N250TRW0Z","8570766","#8 X 2 1/2 T/S RND WSH COM  ZNC","3110","final","EA",300,1.7399999999999999E-2,5.22,"3874799"]
["14879","07/17/2012","8N62TQP0Z/BL","8570739","#8 X 5/8 PAN SQUARE RECESS T/S BLK HD  Z","3110","NC","EA",800,7.0000000000000001E-3,11.2,"3874799"]
["14879","07/17/2012","8N62TQP0Z/BL","8570739","#8 X 5/8 PAN SQUARE RECESS T/S BLK HD  Z","3110","NC","EA",2500,7.0000000000000001E-3,17.5,"3874799"]
["14879","07/17/2012","8NWFFS","8542219","#8 FLANGED FINISH WASHER 18-8","3110","final","EA",500,1.9099999999999999E-2,9.5500000000000007,"3874799"]
[null,null,null,null,null,null,null,null,null,null,{"$f":"SUBTOTAL(9,K1501:K1913)","v":7527.6306600000044},"3874799 Total"]
["14879","07/18/2012",".120NWA30P/6916","8571279","M12 A325 FLAT WASHER DIN 125A TP200  PLN","3110","group 42","EA",250,0.1414,35.35,"3875482"]
["14879","07/18/2012",".80CNNE0Z","8570784","M8-1.25 NYLOC INSERT L/N CL.8  ZNC","","214775","EA",1,8.0979999999999996E-2,8.0979999999999996E-2,"3875482"]
["14879","07/18/2012","/3M12-10P","3942299","16-14 #10 TERMINAL","3110","214761","EA",12,3.9800000000000002E-2,0.47760000000000002,"3875482"]
["14879","07/18/2012","/3M1700","8970416","3M 1700  TEM FLEX ELECTRICAL TAPE","3110","214748","EA",1,0.63,0.63,"3875482"]
["14879","07/18/2012","/3M1700","8970416","3M 1700  TEM FLEX ELECTRICAL TAPE","3110","273648","EA",1,0.63,0.63,"3875482"]
["14879","07/18/2012","/3M2097/07184","/3M2097/07184","PARTICULATE FILTER P100 W/NUISANCE LEVE","E","163217","EA",2,4.2,8.4,"3875482"]
["14879","07/18/2012","/3M2097/07184","/3M2097/07184","PARTICULATE FILTER P100 W/NUISANCE LEVE","E","215719","EA",2,4.2,8.4,"3875482"]
["14879","07/18/2012","/3M72F-250-32P","3944485","16-14 .250 X .032 FUL/INS QUICK/DISC","3110","group 22 - 24","EA",250,0.05,12.5,"3875482"]
["14879","07/18/2012","/A0630ATB","/A0630ATB",".157 - .472 ALUM TRI BULB RIVET","3110","103163","EA",24,0.12,2.88,"3875482"]
["14879","07/18/2012","/A10","0601058","A10 HOLE SAW ARBOR","A","221011","EA",1,8.3699999999999992,8.3699999999999992,"3875482"]
["14879","07/18/2012","/A10","0601058","A10 HOLE SAW ARBOR","A","s000000000","EA",1,8.3699999999999992,8.3699999999999992,"3875482"]
["14879","07/18/2012","/AD616ABS","/AD616ABS","AD 616 ABS POP RIVET A/A","3110","141802","EA",12,9.5000000000000001E-2,1.1399999999999999,"3875482"]
["14879","07/18/2012","/AL-14-50-0-CW-M","/AL-14-50-0-CW-M","14in BLACK CABLE TIE 50lb","D","final","EA",500,4.2000000000000003E-2,21,"3875482"]
["14879","07/18/2012","/AL-14-50-0-CW-M","/AL-14-50-0-CW-M","14in BLACK CABLE TIE 50lb","D","group 20 - 21","EA",500,4.2000000000000003E-2,21,"3875482"]
["14879","07/18/2012","/AL-14-50-0-CW-M","/AL-14-50-0-CW-M","14in BLACK CABLE TIE 50lb","D","group 22 - 24","EA",500,4.2000000000000003E-2,21,"3875482"]
["14879","07/18/2012","/AS400SM","0613336","8 STATIC MIXER 400ml","A","214791","EA",2,1.25,2.5,"3875482"]
["14879","07/18/2012","/AS50SM","0613337","STATIC MIXER 50ml","A","221018","EA",12,1.25,15,"3875482"]
["14879","07/18/2012","/AS55300-50","7970040","METHACYLATE ADHESIVE 50ml","3110","221018","EA",3,8.98,26.94,"3875482"]
["14879","07/18/2012","/ASMP55300-400","7970041","METHACYLATE ADHESIVE 400ml","3110","214791","EA",1,27.6,27.6,"3875482"]
["14879","07/18/2012","/ASMP55300-400","7970041","METHACYLATE ADHESIVE 400ml","3110","221018","EA",2,27.6,55.2,"3875482"]
["14879","07/18/2012","/AT2","4970611","2 X 50yds ALUMINUM TAPE UT-41","3110","221055","EA",1,6.82,6.82,"3875482"]
["14879","07/18/2012","/AW20-202","0612410","20-202 T-SHIRT/POLOKNIT","D","214761","EA",100,0.52,52,"3875482"]
["14879","07/18/2012","/AW20-202","0612410","20-202 T-SHIRT/POLOKNIT","D","220986","EA",50,0.52,26,"3875482"]
["14879","07/18/2012","/AW20-202","0612410","20-202 T-SHIRT/POLOKNIT","D","s000000000","EA",50,0.52,26,"3875482"]
["14879","07/18/2012","/BB433-934","0607017","NAIL APRON","D","214732","EA",1,1.93,1.93,"3875482"]
["14879","07/18/2012","/BB433-934","0607017","NAIL APRON","D","273417","EA",1,1.93,1.93,"3875482"]
["14879","07/18/2012","/BI-CP0399","0611745","CTR PUNCH CLAMP 13/16x3/8x.025 GC","D","s000000000","EA",2,0.29459999999999997,0.58919999999999995,"3875482"]
["14879","07/18/2012","/CCPV-06-04","8570968","3/16 MONO BOLT .062 - .270 GRIP S/S","3110","g0000 26","EA",100,0.4,40,"3875482"]
["14879","07/18/2012","/COV2509Z1","3971511","1-1/2in VYL COATED WIRING/TUBE CLIP","3110","group 10 - 11","EA",500,0.26300000000000001,131.5,"3875482"]
["14879","07/18/2012","/COV3313Z1","3971520","2in VYL COATED WIRING/TUBE CLIP","3110","69550","EA",250,0.28299999999999997,70.75,"3875482"]
["14879","07/18/2012","/EN91","0607049","AA ALKALINE BATTERY","D","221018","EA",2,0.43,0.86,"3875482"]
["14879","07/18/2012","/EN92","0612342","AAA ALKALINE BATTERY","D","213455","EA",3,0.45,1.35,"3875482"]
["14879","07/18/2012","/EN92","0612342","AAA ALKALINE BATTERY","D","215719","EA",3,0.45,1.35,"3875482"]
["14879","07/18/2012","/EN92","0612342","AAA ALKALINE BATTERY","D","221057","EA",3,0.45,1.35,"3875482"]
["14879","07/18/2012","/EN92","0612342","AAA ALKALINE BATTERY","D","s000000000","EA",3,0.45,1.35,"3875482"]
["14879","07/18/2012","/ET66RED","/ET66RED","3/4 X 66ft RED ELECTRICAL TAPE","3110","214748","EA",1,0.68,0.68,"3875482"]
["14879","07/18/2012","/ET66RED","/ET66RED","3/4 X 66ft RED ELECTRICAL TAPE","3110","273648","EA",1,0.68,0.68,"3875482"]
["14879","07/18/2012","/FWABMD445X","0613367","ABMAST WHEEL A30R GRADE","A","215719","EA",6,2.15,12.9,"3875482"]
["14879","07/18/2012","/FWBEANIES-L","/FWBEANIES-L","WELDING BEANIES  - LARGE","E","s000000000","EA",1,4.3499999999999996,4.3499999999999996,"3875482"]
["14879","07/18/2012","/FWBEANIES-S","0613305","WELDING BEANIES  - SMALL","E","215719","EA",1,4.3499999999999996,4.3499999999999996,"3875482"]
["14879","07/18/2012","/FWBEANIES-S","0613305","WELDING BEANIES  - SMALL","E","221012","EA",1,4.3499999999999996,4.3499999999999996,"3875482"]
["14879","07/18/2012","/FWCEP932-1040","0612258","2in X 4-1/4 COVER PLATE","D","163217","EA",1,0.72,0.72,"3875482"]
["14879","07/18/2012","/FWCEP932-1042","0612967","4-1/2 X 5-1/4 COVER PLATE","A","163217","EA",1,0.9,0.9,"3875482"]
["14879","07/18/2012","/FWCEP932-1042","0612967","4-1/2 X 5-1/4 COVER PLATE","A","210972","EA",1,0.9,0.9,"3875482"]
["14879","07/18/2012","/FWMOL2310N99","0613362","WELDERS FACE MASK CARBON LINER","E","215766","EA",10,4.0625,40.625,"3875482"]
["14879","07/18/2012","/FWMOL2310N99","0613362","WELDERS FACE MASK CARBON LINER","E","273394","EA",10,4.0625,40.625,"3875482"]
["14879","07/18/2012","/FWTRU1411-04-016","8571042","STUDS","3110","215766","EA",1000,0.14000000000000001,140,"3875482"]
["14879","07/18/2012","/FWTWE14-35","0602003","CONTACT TIP 1140-1102","A","163217","EA",7,0.76,5.32,"3875482"]
["14879","07/18/2012","/FWTWE14-35","0602003","CONTACT TIP 1140-1102","A","215719","EA",2,0.76,1.52,"3875482"]
["14879","07/18/2012","/FWTWE24A-62-SS","0602004","NOZZLE 1240-121","A","163217","EA",2,3.3125,6.625,"3875482"]
["14879","07/18/2012","/FWTWE24A-62-SS","0602004","NOZZLE 1240-121","A","215719","EA",2,3.3125,6.625,"3875482"]
["14879","07/18/2012","/FWTWE24A-62-SS","0602004","NOZZLE 1240-121","A","215751","EA",1,3.3125,3.3125,"3875482"]
["14879","07/18/2012","/FWTWE34A","0616178","NOZZLE INSULATOR 1340-1100","A","163217","EA",1,1.7124999999999999,1.7124999999999999,"3875482"]
["14879","07/18/2012","/FWTWE34A","0616178","NOZZLE INSULATOR 1340-1100","A","215719","EA",3,1.7124999999999999,5.1375000000000002,"3875482"]
["14879","07/18/2012","/FWTWE34A","0616178","NOZZLE INSULATOR 1340-1100","A","215751","EA",1,1.7124999999999999,1.7124999999999999,"3875482"]
["14879","07/18/2012","/FWTWE54A","0602011","GAS DIFFUSER 100-54A ANCHOR BRAND","A","163217","EA",1,3.41,3.41,"3875482"]
["14879","07/18/2012","/FWTWE54A","0602011","GAS DIFFUSER 100-54A ANCHOR BRAND","A","215719","EA",1,3.41,3.41,"3875482"]
["14879","07/18/2012","/FWWEL20-3100","0613306","SWEAT BAND, HELMET COMFORTER","E","214742","EA",2,2.21,4.42,"3875482"]
["14879","07/18/2012","/GCGFQM-B25N","/GCGFQM-B25N","16-14ga FULL INS MALE QUICK CONNECT","3110","group 22 - 24","EA",250,5.5E-2,13.75,"3875482"]
["14879","07/18/2012","/GJ1115","0612289","GJ1115  4.5lbs GOJO HAND LOTION CREME","D","s000000000","EA",1,10.6,10.6,"3875482"]
["14879","07/18/2012","/HS55018","0601050","1-1/8 HOLE SAW H S S","A","s000000000","EA",1,3.34,3.34,"3875482"]
["14879","07/18/2012","/HS55020","0610867","1-1/4 HOLE SAW H S S","A","221011","EA",1,3.38,3.38,"3875482"]
["14879","07/18/2012","/HS55020","0610867","1-1/4 HOLE SAW H S S","A","s000000000","EA",1,3.38,3.38,"3875482"]
["14879","07/18/2012","/HS55024","0601052","1-1/2 HOLE SAW H S S","A","87596","EA",1,3.6,3.6,"3875482"]
["14879","07/18/2012","/IDL5210","4970430","9/16 TO 1-1/16 HOSE CLAMP","3110","group 10 - 11","EA",80,0.28999999999999998,23.2,"3875482"]
["14879","07/18/2012","/IDL62606","4970421","5/16-7/8 ALL STAINLESS HOSE CLAMP","3110","final","EA",40,0.34,13.6,"3875482"]
["14879","07/18/2012","/IDL6736","4970435","1-13/16 - 2-3/4 ALL STAINLESS HOSE CLAMP","3110","213523","EA",2,0.82,1.64,"3875482"]
["14879","07/18/2012","/IDL6736","4970435","1-13/16 - 2-3/4 ALL STAINLESS HOSE CLAMP","3110","214775","EA",1,0.82,0.82,"3875482"]
["14879","07/18/2012","/IRW10233","/IRW10233","3 9 HOLE SZ (1/4-3/4) 1/16 INCREMENTS","B","221008","EA",1,37.979999999999997,37.979999999999997,"3875482"]
["14879","07/18/2012","/ISW00","0612556"," STEEL WOOL 00gr    16/PK","D","103160","EA",1,2.3199999999999998,2.3199999999999998,"3875482"]
["14879","07/18/2012","/MCR103","/MCR103","RATCHET HEAD GEAR","E","214742","EA",1,8,8,"3875482"]
["14879","07/18/2012","/MCR103","/MCR103","RATCHET HEAD GEAR","E","215734","EA",1,8,8,"3875482"]
["14879","07/18/2012","/MCR3211XXXL","/MCR3211XXXL","LEATHER DRIVER GLOVE XXXL","E","214742","EA",1,5.85,5.85,"3875482"]
["14879","07/18/2012","/MCR3211XXXL","/MCR3211XXXL","LEATHER DRIVER GLOVE XXXL","E","215751","EA",1,5.85,5.85,"3875482"]
["14879","07/18/2012","/MCR9378T","/MCR9378T","18in KEVLAR SLEEVE W/THUMB SLOT","E","221044","EA",2,3.18,12.72,"3875482"]
["14879","07/18/2012","/MCR9673GW-XL","/MCR9673GW-XL","WHITE NYLON NITRILE GLOVE  X-LARGE","E","1685","EA",1,1.96,1.96,"3875482"]
["14879","07/18/2012","/MCR9673GW-XL","/MCR9673GW-XL","WHITE NYLON NITRILE GLOVE  X-LARGE","E","214762","EA",1,1.96,1.96,"3875482"]
["14879","07/18/2012","/MI3/8","0610534","MILTON  3/8 ID AIR HOSE","D","s000000000","EA",57,0.5,28.5,"3875482"]
["14879","07/18/2012","/MI602","2970730","602 1/4M X 3/8 ID HOSE FITTING","3110","s000000000","EA",2,0.73,1.46,"3875482"]
["14879","07/18/2012","/MI790","0613299","790 1/4 FEMALE BODY","D","c000 r00000","EA",1,5.82,5.82,"3875482"]
["14879","07/18/2012","/MI790","0613299","790 1/4 FEMALE BODY","D","s000000000","EA",1,5.82,5.82,"3875482"]
["14879","07/18/2012","/MI792","0613317","MILTON 792 COUPLER PLUG","D","s000000000","EA",1,1.1299999999999999,1.1299999999999999,"3875482"]
["14879","07/18/2012","/MIL49-59-0500","/MIL49-59-0500","1/2\" MILWAUKEE ANNULAR CUTTER","A","210968","EA",3,33.65,100.95,"3875482"]
["14879","07/18/2012","/MO19193-0345","3971628","2/0ga x 3/8 ELEC RING TERM NON-INSULATED","3110","214748","EA",100,0.94730000000000003,94.73,"3875482"]
["14879","07/18/2012","/MS01-8154","0613092","MS01-8154  SHIELD FOR HEADGEAR","E","214742","EA",1,3.61,3.61,"3875482"]
["14879","07/18/2012","/MS01-8154","0613092","MS01-8154  SHIELD FOR HEADGEAR","E","215719","EA",1,3.61,3.61,"3875482"]
["14879","07/18/2012","/MS01-8154","0613092","MS01-8154  SHIELD FOR HEADGEAR","E","215734","EA",1,3.61,3.61,"3875482"]
["14879","07/18/2012","/MS01-8154","0613092","MS01-8154  SHIELD FOR HEADGEAR","E","221072","EA",1,3.61,3.61,"3875482"]
["14879","07/18/2012","/MS05-593GR","0613371","17in SPARK GUARD SLEEVE    PAIR","E","1685","EA",1,5.84,5.84,"3875482"]
["14879","07/18/2012","/MS05-593GR","0613371","17in SPARK GUARD SLEEVE    PAIR","E","210927","EA",1,5.84,5.84,"3875482"]
["14879","07/18/2012","/MS05-593GR","0613371","17in SPARK GUARD SLEEVE    PAIR","E","214742","EA",1,5.84,5.84,"3875482"]
["14879","07/18/2012","/MS05-593GR","0613371","17in SPARK GUARD SLEEVE    PAIR","E","214761","EA",1,5.84,5.84,"3875482"]
["14879","07/18/2012","/MS05-593GR","0613371","17in SPARK GUARD SLEEVE    PAIR","E","215719","EA",1,5.84,5.84,"3875482"]
["14879","07/18/2012","/MS05-593GR","0613371","17in SPARK GUARD SLEEVE    PAIR","E","215734","EA",1,5.84,5.84,"3875482"]
["14879","07/18/2012","/MS05-593GR","0613371","17in SPARK GUARD SLEEVE    PAIR","E","215788","EA",1,5.84,5.84,"3875482"]
["14879","07/18/2012","/MS05-593GR","0613371","17in SPARK GUARD SLEEVE    PAIR","E","87520","EA",1,5.84,5.84,"3875482"]
["14879","07/18/2012","/MS05-593GR","0613371","17in SPARK GUARD SLEEVE    PAIR","E","87597","EA",1,5.84,5.84,"3875482"]
["14879","07/18/2012","/MS09-4320","0612134","WELDERS GLOVE (PAIR)  4320","E","215719","EA",1,3.52,3.52,"3875482"]
["14879","07/18/2012","/MS09-7005-L","0612455","NDEX NITRILE GLOVE LGE(100/BX)6020","E","214730","EA",1,9.39,9.39,"3875482"]
["14879","07/18/2012","/MS09-7005-L","0612455","NDEX NITRILE GLOVE LGE(100/BX)6020","E","214791","EA",1,9.39,9.39,"3875482"]
["14879","07/18/2012","/MS09-7005-L","0612455","NDEX NITRILE GLOVE LGE(100/BX)6020","E","215752","EA",1,9.39,9.39,"3875482"]
["14879","07/18/2012","/MS09-7005-L","0612455","NDEX NITRILE GLOVE LGE(100/BX)6020","E","87594","EA",1,9.39,9.39,"3875482"]
["14879","07/18/2012","/MSHL5/16-6","/MSHL5/16-6","MSHL 5/16-6 MAG NUTSETTER","A","214761","EA",1,6.03,6.03,"3875482"]
["14879","07/18/2012","/PB27425","/PB27425","27425 3/16 HEX BIT LONG","A","214761","EA",2,1.75,3.5,"3875482"]
["14879","07/18/2012","/PB28314","0610234","#2 PHILLIPS BIT 4in","A","87571","EA",1,1,1,"3875482"]
["14879","07/18/2012","/PB29052","0612023","29052 #1 SQ RECESS BIT LONG","A","145254","EA",1,0.52,0.52,"3875482"]
["14879","07/18/2012","/PB29052","0612023","29052 #1 SQ RECESS BIT LONG","A","214758","EA",5,0.52,2.6,"3875482"]
["14879","07/18/2012","/PB29052","0612023","29052 #1 SQ RECESS BIT LONG","A","s000000000","EA",3,0.52,1.56,"3875482"]
["14879","07/18/2012","/PB29059","0612278","#2 X 3 SQ BIT","A","141802","EA",2,0.85,1.7,"3875482"]
["14879","07/18/2012","/PB29059","0612278","#2 X 3 SQ BIT","A","155917","EA",1,0.85,0.85,"3875482"]
["14879","07/18/2012","/PB29059","0612278","#2 X 3 SQ BIT","A","213453","EA",1,0.85,0.85,"3875482"]
["14879","07/18/2012","/PB29059","0612278","#2 X 3 SQ BIT","A","213455","EA",4,0.85,3.4,"3875482"]
["14879","07/18/2012","/PB29059","0612278","#2 X 3 SQ BIT","A","214758","EA",12,0.85,10.199999999999999,"3875482"]
["14879","07/18/2012","/PB29059","0612278","#2 X 3 SQ BIT","A","214791","EA",1,0.85,0.85,"3875482"]
["14879","07/18/2012","/PB29059","0612278","#2 X 3 SQ BIT","A","273417","EA",6,0.85,5.0999999999999996,"3875482"]
["14879","07/18/2012","/PB39959","0612067","#2 SQ X 6 SQ RECESS BIT","A","221011","EA",1,1.49,1.49,"3875482"]
["14879","07/18/2012","/PER82190","7970023","PER82190  2gr. SUPER GLUE","D","213467","EA",1,1.39,1.39,"3875482"]
["14879","07/18/2012","/PER82190","7970023","PER82190  2gr. SUPER GLUE","D","213488","EA",2,1.39,2.78,"3875482"]
["14879","07/18/2012","/PIP09-K1450/L","/PIP09-K1450/L","KEVLAR GLOVE WITH NITRILE COATING LARGE","E","210918","EA",1,4.75,4.75,"3875482"]
["14879","07/18/2012","/PIP09-K1450/L","/PIP09-K1450/L","KEVLAR GLOVE WITH NITRILE COATING LARGE","E","214761","EA",1,4.75,4.75,"3875482"]
["14879","07/18/2012","/PIP09-K1450/L","/PIP09-K1450/L","KEVLAR GLOVE WITH NITRILE COATING LARGE","E","221052","EA",1,4.75,4.75,"3875482"]
["14879","07/18/2012","/PIP09-K1450/L","/PIP09-K1450/L","KEVLAR GLOVE WITH NITRILE COATING LARGE","E","221053","EA",1,4.75,4.75,"3875482"]
["14879","07/18/2012","/PIP09-K1450/L","/PIP09-K1450/L","KEVLAR GLOVE WITH NITRILE COATING LARGE","E","221058","EA",1,4.75,4.75,"3875482"]
["14879","07/18/2012","/PIP09-K1450/L","/PIP09-K1450/L","KEVLAR GLOVE WITH NITRILE COATING LARGE","E","221072","EA",1,4.75,4.75,"3875482"]
["14879","07/18/2012","/PIP09-K1450/L","/PIP09-K1450/L","KEVLAR GLOVE WITH NITRILE COATING LARGE","E","87507","EA",1,4.75,4.75,"3875482"]
["14879","07/18/2012","/PIP09-K1450/L","/PIP09-K1450/L","KEVLAR GLOVE WITH NITRILE COATING LARGE","E","s000000000","EA",1,4.75,4.75,"3875482"]
["14879","07/18/2012","/PIP09-K1450/M","/PIP09-K1450/M","KEVLAR GLOVE W/NITRILE COATING MEDIUM","E","1789","EA",1,4.75,4.75,"3875482"]
["14879","07/18/2012","/PIP09-K1450/M","/PIP09-K1450/M","KEVLAR GLOVE W/NITRILE COATING MEDIUM","E","s000000000","EA",1,4.75,4.75,"3875482"]
["14879","07/18/2012","/PIP09-K1450/XL","/PIP09-K1450/XL","KEVLAR GLOVE W/NITRILE COATING XL","E","215734","EA",1,4.75,4.75,"3875482"]
["14879","07/18/2012","/PM96011","0613380","96011  YELLOW CHINA MARKER","D","136904","EA",1,0.93,0.93,"3875482"]
["14879","07/18/2012","/SB12524","0612403","3-5/8 1/2 WIDE 24tpi AIR SAW BLADE","A","221008","EA",6,1,6,"3875482"]
["14879","07/18/2012","/SB12524","0612403","3-5/8 1/2 WIDE 24tpi AIR SAW BLADE","A","273410","EA",6,1,6,"3875482"]
["14879","07/18/2012","/SB1QTA","0607002","1 QT SPRAY APPLICATOR (NO BOTTLE)","D","155928","EA",2,0.62,1.24,"3875482"]
["14879","07/18/2012","/SB1QTA","0607002","1 QT SPRAY APPLICATOR (NO BOTTLE)","D","215752","EA",1,0.62,0.62,"3875482"]
["14879","07/18/2012","/SP11755","0612232","5in 50gr ZIRC DISC 7/8 HOLE","A","214734","EA",50,0.98,49,"3875482"]
["14879","07/18/2012","/SSD610SSBS","8571318","SSD 610 SSBS POP RIVET ST/ST","3110","141802","EA",12,0.2,2.4,"3875482"]
["14879","07/18/2012","/SSD612SSBSLF","/SSD612SSBSLF","POP RIVET ST/ST LARGE FLANGE","3110","214739","EA",2,0.87,1.74,"3875482"]
["14879","07/18/2012","/SSD612SSBSLF","/SSD612SSBSLF","POP RIVET ST/ST LARGE FLANGE","3110","g0000 26","EA",50,0.87,43.5,"3875482"]
["14879","07/18/2012","/SSD64SSBS/W","8570976","SSD 64 SSBS POP RIVET ST/ST W/WHITE HD","3110","273507","EA",125,0.11409999999999999,14.262499999999999,"3875482"]
["14879","07/18/2012","/STN11921I","0610823","UTIL KNIFE BLADES(INDIVIDUAL BLADES)","A","214793","EA",15,0.11,1.65,"3875482"]
["14879","07/18/2012","/STN11921I","0610823","UTIL KNIFE BLADES(INDIVIDUAL BLADES)","A","273398","EA",15,0.11,1.65,"3875482"]
["14879","07/18/2012","/STN11921I","0610823","UTIL KNIFE BLADES(INDIVIDUAL BLADES)","A","273417","EA",15,0.11,1.65,"3875482"]
["14879","07/18/2012","/STN11921I","0610823","UTIL KNIFE BLADES(INDIVIDUAL BLADES)","A","87607","EA",15,0.11,1.65,"3875482"]
["14879","07/18/2012","/TD365-9-8211","/TD365-9-8211","80 AMP TORCH TIP","D","215719","EA",3,6.04,18.12,"3875482"]
["14879","07/18/2012","/TD365-9-8215","/TD365-9-8215","THERMAL DYNAMICS ELECTRODE","D","215719","EA",2,7.55,15.1,"3875482"]
["14879","07/18/2012","/TD365-9-8218","/TD365-9-8218","THERMAL DYNAMICS SHIELD CUP","D","215719","EA",1,23.29,23.29,"3875482"]
["14879","07/18/2012","/WD8","0614667","8oz WD-40 LUBRICANT","D","1789","EA",1,3.97,3.97,"3875482"]
["14879","07/18/2012","/WE356","3140431","BLACK WEEKENDER SPRAY PAINT","3110","103163","EA",1,1.52,1.52,"3875482"]
["14879","07/18/2012","/WE356","3140431","BLACK WEEKENDER SPRAY PAINT","3110","215766","EA",1,1.52,1.52,"3875482"]
["14879","07/18/2012","/WE358","3142478","WEEKEND GLOSS BLACK","3110","220982","EA",2,1.55,3.1,"3875482"]
["14879","07/18/2012","/WISM3R","/WISM3R","WISM3R  WISS STR TIN SNIP","B","s000000000","EA",1,18.829999999999998,18.829999999999998,"3875482"]
["14879","07/18/2012","/WKW70001","0601006","1/4 ROUTER BIT - 3/4 CUT LENGTH","A","273417","EA",15,6.22,93.3,"3875482"]
["14879","07/18/2012","/WU3201-L","0613393","LEATHER DRIVING GLOVES LARGE 3201L","E","210968","EA",1,4.05,4.05,"3875482"]
["14879","07/18/2012","/WU3201-L","0613393","LEATHER DRIVING GLOVES LARGE 3201L","E","214758","EA",1,4.05,4.05,"3875482"]
["14879","07/18/2012","/WU3201-L","0613393","LEATHER DRIVING GLOVES LARGE 3201L","E","215719","EA",4,4.05,16.2,"3875482"]
["14879","07/18/2012","/WU3201-XL","0613394","LEATHER DRIVING GLOVES X-LG 3201XL","E","215719","EA",1,4.05,4.05,"3875482"]
["14879","07/18/2012","10F125MXPS","8570972","10/32 X 1 1/4 PHIL PAN M/S 18-8","3110","group 22 - 24","EA",200,4.2500000000000003E-2,8.5,"3875482"]
["14879","07/18/2012","10G100UQP","8570757","10-16 X 1in PAN SQ RECESS TEK SC","3110","211005","EA",20,1.7399999999999999E-2,0.34799999999999998,"3875482"]
["14879","07/18/2012","10G100UQP","8570757","10-16 X 1in PAN SQ RECESS TEK SC","3110","g0000 26","EA",200,1.7399999999999999E-2,3.48,"3875482"]
["14879","07/18/2012","10G100UQP","8570757","10-16 X 1in PAN SQ RECESS TEK SC","3110","group 22 - 24","EA",400,1.7399999999999999E-2,13.92,"3875482"]
["14879","07/18/2012","10N100TQP0Z","8570937","#10 X 1in PAN SQUARE RECESS T/S  ZNC","3110","211005","EA",20,8.6999999999999994E-3,0.17399999999999999,"3875482"]
["14879","07/18/2012","10NWUSS","8543027","#10 USS FLAT WASHER 18-8","3110","215752","EA",25,8.5000000000000006E-3,0.21249999999999999,"3875482"]
["14879","07/18/2012","12C150MTH0Z/F/NPAT","8571508","12/24 X 1-1/2 IND HEX SLT W/H T/C T-F ZN","3110","W/PATCH","EA",200,0.22,44,"3875482"]
["14879","07/18/2012","12N75TXP0Z","12N75TXP0Z","#12 X 3/4 PHIL PAN T/S  ZNC","3110","213496","EA",50,5.4679999999999999E-2,2.734,"3875482"]
["14879","07/18/2012","14RDCO","0613320","9/64 COBALT DRILL","A","221044","EA",12,1.35,16.2,"3875482"]
["14879","07/18/2012","20RDJO","0601011","13/64 HSS JOBR DRILL BLK/135deg S/P","A","221057","EA",1,0.83,0.83,"3875482"]
["14879","07/18/2012","25C400HCS8Y","25C400HCS8Y","1/4-20 X 4in HEX C/S GR 8 Z/YEL","3110","273432","EA",1,0.14649999999999999,0.14649999999999999,"3875482"]
["14879","07/18/2012","25C400KFCS","25C400KFCS","1/4-20 X 4in FLAT SOC C/S 18-8","3110","s000000000","EA",1,0.7,0.7,"3875482"]
["14879","07/18/2012","25CNFH8Y","8570858","1/4-20 HEX FIN NUT GR 8 Z/YEL","3110","273432","EA",1,8.6999999999999994E-3,8.6999999999999994E-3,"3875482"]
["14879","07/18/2012","25NWSAS","8570915","1/4 SAE F/W 18-8","3110","g0000 26","EA",200,1.61E-2,3.22,"3875482"]
["14879","07/18/2012","25NWSAS","8570915","1/4 SAE F/W 18-8","3110","group 20 - 21","EA",500,1.61E-2,8.0500000000000007,"3875482"]
["14879","07/18/2012","25NWSAS","8570915","1/4 SAE F/W 18-8","3110","group 22 - 24","EA",300,1.61E-2,4.83,"3875482"]
["14879","07/18/2012","25NWSAS","8570915","1/4 SAE F/W 18-8","3110","group 22 - 24","EA",500,1.61E-2,16.100000000000001,"3875482"]
["14879","07/18/2012","25R125WFE0Z","8570244","1/4 X 1 1/4 FEND WASH  ZNC","3110","g0000 26","EA",100,2.5999999999999999E-2,2.6,"3875482"]
["14879","07/18/2012","25R125WFE0Z","8570244","1/4 X 1 1/4 FEND WASH  ZNC","3110","group 22 - 24","EA",175,2.5999999999999999E-2,4.55,"3875482"]
["14879","07/18/2012","25R125WFE0Z","8570244","1/4 X 1 1/4 FEND WASH  ZNC","3110","group 50","EA",100,2.5999999999999999E-2,2.6,"3875482"]
["14879","07/18/2012","31NWUS8Y","8570525","5/16 USS FLAT WASHER GR 8 Z/YEL","3110","group 22 - 24","EA",250,2.1399999999999999E-2,5.35,"3875482"]
["14879","07/18/2012","37C150HCS8Y","8570491","3/8-16 X 1 1/2 HEX C/S GR 8 Z/YEL","3110","group 10 - 11","EA",75,6.3100000000000003E-2,4.7324999999999999,"3875482"]
["14879","07/18/2012","37C400BTA5Z","8541716","3/8-16 X 4in HEX TAP BOLT GR 5 ZNC","3110","103171","EA",16,0.71730000000000005,11.476800000000001,"3875482"]
["14879","07/18/2012","37C400HCS8Y","8571128","3/8-16 X 4in HEX C/S GR 8 Z/YEL","3110","g0000 22","EA",7,0.1754,1.2278,"3875482"]
["14879","07/18/2012","37CNFH8Y","8570657","3/8-16 HEX FIN NUT GR 8 Z/YEL","3110","273454","EA",200,1.9199999999999998E-2,3.84,"3875482"]
["14879","07/18/2012","37NWUS8Y","8570509","3/8 USS FLAT WASHER GR 8 Z/YEL","3110","g0000 26","EA",200,2.7E-2,5.4,"3875482"]
["14879","07/18/2012","37NWUS8Y","8570509","3/8 USS FLAT WASHER GR 8 Z/YEL","3110","group 10 - 11","EA",250,2.7E-2,6.75,"3875482"]
["14879","07/18/2012","43C100HCS8Y","8571277","7/16-14 X 1in HEX C/S GR 8 Z/YEL","3110","group 42","EA",300,0.11,33,"3875482"]
["14879","07/18/2012","43F250HCS8Y","8571283","7/16-20 X 2 1/2 HEX C/S GR 8 Z/YEL","3110","group 42","EA",125,0.16919999999999999,21.15,"3875482"]
["14879","07/18/2012","43FNNE8Y","8571284","7/16-20 NYLOC INSERT LOCKNUT GR 8 Z/YEL","3110","group 42","EA",150,5.2200000000000003E-2,7.83,"3875482"]
["14879","07/18/2012","50C150BCG81","8540403","1/2-13 X 1-1/2 CARR BOLT GR 8 BLK ZINC","3110","group 22 - 24","EA",100,0.66759999999999997,66.760000000000005,"3875482"]
["14879","07/18/2012","50CNFH8Y","8542896","1/2-13 HEX FIN NUT GR 8 Z/YEL","3110","s000000000","EA",3,4.2799999999999998E-2,0.12839999999999999,"3875482"]
["14879","07/18/2012","50FNNE8Y","8571282","1/2-20 NYLOC INSERT LOCKNUT GR 8 Z/YEL","3110","group 42","EA",250,9.8599999999999993E-2,24.65,"3875482"]
["14879","07/18/2012","50NLOC8Y","8542938","1/2 SPLIT LOCKWASHER GR 8 Z/YEL","3110","s000000000","EA",4,3.5999999999999997E-2,0.14399999999999999,"3875482"]
["14879","07/18/2012","6C25MSP0Z","6C25MSP0Z","6/32 X 1/4 SLOT PAN M/S  ZNC","3110","214739","EA",1,0.05,0.05,"3875482"]
["14879","07/18/2012","6N62TQF0Z","8571065","#6 X 5/8 FLAT SQUARE RECESS T/S  ZNC","3110","group 22 - 24","EA",1000,8.6999999999999994E-3,8.6999999999999993,"3875482"]
["14879","07/18/2012","8C50BPTA","8C50BPTA","8/32 X 1/2 BINDING POST-THRU HOLE ALUM","","103171","EA",25,0.14000000000000001,3.5,"3875482"]
["14879","07/18/2012","8C50MXP0Z","8543464","8/32 X 1/2 PHIL PAN M/S  ZNC","3110","103171","EA",25,4.1000000000000003E-3,0.10249999999999999,"3875482"]
["14879","07/18/2012","8C50MXP0Z","8543464","8/32 X 1/2 PHIL PAN M/S  ZNC","3110","221008","EA",1,4.1000000000000003E-3,4.1000000000000003E-3,"3875482"]
["14879","07/18/2012","8G100UQP0B/NPAT","8570936","8-18 X 1in PAN SQ RECESS TEK SC NYL PAT","3110","BLK","EA",500,1.95E-2,9.75,"3875482"]
["14879","07/18/2012","8G150UQP","8570768","8-18 X 1 1/2 PAN SQ RECESS TEK SC ZINC","3110","g0000 26","EA",300,1.12E-2,3.36,"3875482"]
["14879","07/18/2012","8G75URW0Z/NPAT","8570948","8-18 X 3/4 RND WASH HD TEK NYL PAT  ZNC","3110","g0000 26","EA",300,1.66E-2,4.9800000000000004,"3875482"]
["14879","07/18/2012","8N100TQP01","8570932","#8 X 1in PAN SQUARE RECESS T/S  BLK ZNC","3110","final","EA",400,1.1900000000000001E-2,4.76,"3875482"]
["14879","07/18/2012","8N100TQP0Z/NPAT","8570718","#8 X 1in PAN SQUARE RECESS T/S NYL PAT","3110","ZNC","EA",1000,1.6199999999999999E-2,16.2,"3875482"]
["14879","07/18/2012","8N200SSD0Z","8570702","#8 X 2 FLT SQ DR DEEP/THRD SC  ZNC","3110","group 22 - 24","EA",500,2.6800000000000001E-2,13.4,"3875482"]
["14879","07/18/2012","8N62TQP0Z/BL","8570739","#8 X 5/8 PAN SQUARE RECESS T/S BLK HD  Z","3110","NC","EA",2500,7.0000000000000001E-3,17.5,"3875482"]
[null,null,null,null,null,null,null,null,null,null,{"$f":"SUBTOTAL(9,K1915:K2116)","v":2287.3850799999991},"3875482 Total"]
["14879","07/19/2012",".120NWA30P/6916","8571279","M12 A325 FLAT WASHER DIN 125A TP200  PLN","3110","group 42","EA",250,0.1414,70.7,"3876274"]
["14879","07/19/2012",".80CNNE0Z","8570784","M8-1.25 NYLOC INSERT L/N CL.8  ZNC","","214775","EA",1,8.0979999999999996E-2,8.0979999999999996E-2,"3876274"]
["14879","07/19/2012","/3M2097/07184","/3M2097/07184","PARTICULATE FILTER P100 W/NUISANCE LEVE","E","220998","EA",2,4.2,8.4,"3876274"]
["14879","07/19/2012","/3M2097/07184","/3M2097/07184","PARTICULATE FILTER P100 W/NUISANCE LEVE","E","221012","EA",2,4.2,8.4,"3876274"]
["14879","07/19/2012","/3M2097/07184","/3M2097/07184","PARTICULATE FILTER P100 W/NUISANCE LEVE","E","221062","EA",2,4.2,8.4,"3876274"]
["14879","07/19/2012","/A1","0610567","A1  HOLE SAW ARBOR","A","221001","EA",1,6.05,6.05,"3876274"]
["14879","07/19/2012","/A1","0610567","A1  HOLE SAW ARBOR","A","9999","EA",1,6.05,6.05,"3876274"]
["14879","07/19/2012","/A10","0601058","A10 HOLE SAW ARBOR","A","213455","EA",1,8.3699999999999992,8.3699999999999992,"3876274"]
["14879","07/19/2012","/AEZ1416","/AEZ1416","AERVOE FLOURSCENT GREEN","3110","221003","EA",1,3.6,3.6,"3876274"]
["14879","07/19/2012","/AL-14-50-0-CW-M","/AL-14-50-0-CW-M","14in BLACK CABLE TIE 50lb","D","final","EA",500,4.2000000000000003E-2,21,"3876274"]
["14879","07/19/2012","/AL-14-50-0-CW-M","/AL-14-50-0-CW-M","14in BLACK CABLE TIE 50lb","D","group 10 - 11","EA",500,4.2000000000000003E-2,21,"3876274"]
["14879","07/19/2012","/AL-14-50-0-CW-M","/AL-14-50-0-CW-M","14in BLACK CABLE TIE 50lb","D","group 20 - 21","EA",500,4.2000000000000003E-2,21,"3876274"]
["14879","07/19/2012","/AL-14-50-0-CW-M","/AL-14-50-0-CW-M","14in BLACK CABLE TIE 50lb","D","group 42","EA",100,4.2000000000000003E-2,4.2,"3876274"]
["14879","07/19/2012","/AL-14-50-0-CW-M","/AL-14-50-0-CW-M","14in BLACK CABLE TIE 50lb","D","group 50","EA",500,4.2000000000000003E-2,21,"3876274"]
["14879","07/19/2012","/AS50SM","0613337","STATIC MIXER 50ml","A","145254","EA",8,1.25,10,"3876274"]
["14879","07/19/2012","/AS50SM","0613337","STATIC MIXER 50ml","A","163219","EA",8,1.25,10,"3876274"]
["14879","07/19/2012","/AS50SM","0613337","STATIC MIXER 50ml","A","87569","EA",20,1.25,25,"3876274"]
["14879","07/19/2012","/AS55300-50","7970040","METHACYLATE ADHESIVE 50ml","3110","145254","EA",3,8.98,26.94,"3876274"]
["14879","07/19/2012","/AS55300-50","7970040","METHACYLATE ADHESIVE 50ml","3110","163219","EA",2,8.98,17.96,"3876274"]
["14879","07/19/2012","/AS55300-50","7970040","METHACYLATE ADHESIVE 50ml","3110","213492","EA",10,8.98,89.8,"3876274"]
["14879","07/19/2012","/AV2293","8570920","1/4-20 MACHINE/SCR SIZE U/J NUT 100/UNIT","3110","group 42","EA",100,7.9000000000000001E-2,7.9,"3876274"]
["14879","07/19/2012","/AVK1/4-20-260","8571190","1/4-20-260 THD INSERT","3110","221011","EA",4,0.14000000000000001,0.56000000000000005,"3876274"]
["14879","07/19/2012","/AVK1/4-20-260","8571190","1/4-20-260 THD INSERT","3110","69541","EA",30,0.14000000000000001,4.2,"3876274"]
["14879","07/19/2012","/AW20-202","0612410","20-202 T-SHIRT/POLOKNIT","D","103160","EA",50,0.52,26,"3876274"]
["14879","07/19/2012","/AW20-202","0612410","20-202 T-SHIRT/POLOKNIT","D","213492","EA",50,0.52,26,"3876274"]
["14879","07/19/2012","/AW20-202","0612410","20-202 T-SHIRT/POLOKNIT","D","221044","EA",50,0.52,26,"3876274"]
["14879","07/19/2012","/BB433-934","0607017","NAIL APRON","D","213523","EA",1,1.93,1.93,"3876274"]
["14879","07/19/2012","/BI-CP0399","0611745","CTR PUNCH CLAMP 13/16x3/8x.025 GC","D","c000 r00000","EA",1,0.29459999999999997,0.29459999999999997,"3876274"]
["14879","07/19/2012","/CB0377498","0377498","3/4 X .88 BLACK PIPE SPACER","3110","group 42","EA",175,0.58899999999999997,103.075,"3876274"]
["14879","07/19/2012","/CB0377963","0377963","3/4 X .75 BLACK PIPE SPACER","3110","group 42","EA",200,0.58899999999999997,117.8,"3876274"]
["14879","07/19/2012","/CCPV8-10","8570809","1/4 MONO BOLT .35-.625 GRIP  STNL/STNL","3110","final","EA",200,0.67,134,"3876274"]
["14879","07/19/2012","/CCPV8-10","8570809","1/4 MONO BOLT .35-.625 GRIP  STNL/STNL","3110","group 22 - 24","EA",200,0.67,134,"3876274"]
["14879","07/19/2012","/CCPV8-6","8570815","1/4 MONO BOLT .08-.375 GRIP S/S","3110","g0000 26","EA",100,0.60809999999999997,60.81,"3876274"]
["14879","07/19/2012","/CCPV8-6","8570815","1/4 MONO BOLT .08-.375 GRIP S/S","3110","group 22 - 24","EA",250,0.60809999999999997,152.02500000000001,"3876274"]
["14879","07/19/2012","/COV1709Z1","3971519","1in VYL COATED WIRING/TUBE CLIP","3110","g0000 26","EA",561,0.18809999999999999,105.5241,"3876274"]
["14879","07/19/2012","/COV2509Z1","3971511","1-1/2in VYL COATED WIRING/TUBE CLIP","3110","final","EA",500,0.26300000000000001,131.5,"3876274"]
["14879","07/19/2012","/COV3313Z1","3971520","2in VYL COATED WIRING/TUBE CLIP","3110","group 10 - 11","EA",250,0.28299999999999997,70.75,"3876274"]
["14879","07/19/2012","/COV4511Z1","0374037","2-3/4in VYL COATED WIRING/TUBE CLIP","3110","213455","EA",200,0.66539999999999999,133.08000000000001,"3876274"]
["14879","07/19/2012","/CRL216","0610545","CRL216 PLASTIC PUSH STICK","A","221011","EA",1,0.66,0.66,"3876274"]
["14879","07/19/2012","/EN92","0612342","AAA ALKALINE BATTERY","D","155985","EA",3,0.45,1.35,"3876274"]
["14879","07/19/2012","/EN92","0612342","AAA ALKALINE BATTERY","D","213438","EA",3,0.45,1.35,"3876274"]
["14879","07/19/2012","/EN92","0612342","AAA ALKALINE BATTERY","D","213455","EA",7,0.45,3.15,"3876274"]
["14879","07/19/2012","/EN92","0612342","AAA ALKALINE BATTERY","D","220998","EA",2,0.45,0.9,"3876274"]
["14879","07/19/2012","/EN92","0612342","AAA ALKALINE BATTERY","D","221030","EA",3,0.45,1.35,"3876274"]
["14879","07/19/2012","/FWBEANIES-S","0613305","WELDING BEANIES  - SMALL","E","215719","EA",1,4.3499999999999996,4.3499999999999996,"3876274"]
["14879","07/19/2012","/FWCEP932-1040","0612258","2in X 4-1/4 COVER PLATE","D","87596","EA",1,0.72,0.72,"3876274"]
["14879","07/19/2012","/FWCEP932-1042","0612967","4-1/2 X 5-1/4 COVER PLATE","A","87596","EA",1,0.9,0.9,"3876274"]
["14879","07/19/2012","/FWFAL50504","/FWFAL50504","2 X .050 X 1/4 CUT OFF WHEEL","A","220985","EA",12,1.45,17.399999999999999,"3876274"]
["14879","07/19/2012","/FWMOL2310N99","0613362","WELDERS FACE MASK CARBON LINER","E","215778","EA",20,4.0625,81.25,"3876274"]
["14879","07/19/2012","/FWMOL2310N99","0613362","WELDERS FACE MASK CARBON LINER","E","221001","EA",10,4.0625,40.625,"3876274"]
["14879","07/19/2012","/FWTIL3221-14-L","0602021","CAPE SLEEVE W/BIB LARGE","E","221062","EA",1,41.72,41.72,"3876274"]
["14879","07/19/2012","/FWTIL4242","0602020","APRON 24 X 42","E","214742","EA",1,28.57,28.57,"3876274"]
["14879","07/19/2012","/FWTIL4242","0602020","APRON 24 X 42","E","221062","EA",1,28.57,28.57,"3876274"]
["14879","07/19/2012","/FWTWE14-35","0602003","CONTACT TIP 1140-1102","A","210927","EA",1,0.76,0.76,"3876274"]
["14879","07/19/2012","/FWTWE14-35","0602003","CONTACT TIP 1140-1102","A","214742","EA",5,0.76,3.8,"3876274"]
["14879","07/19/2012","/FWTWE14-35","0602003","CONTACT TIP 1140-1102","A","215751","EA",2,0.76,1.52,"3876274"]
["14879","07/19/2012","/FWTWE14-35","0602003","CONTACT TIP 1140-1102","A","221012","EA",4,0.76,3.04,"3876274"]
["14879","07/19/2012","/FWTWE14-35","0602003","CONTACT TIP 1140-1102","A","87596","EA",9,0.76,6.84,"3876274"]
["14879","07/19/2012","/FWTWE24A-62-SS","0602004","NOZZLE 1240-121","A","210927","EA",1,3.3125,3.3125,"3876274"]
["14879","07/19/2012","/FWTWE24A-62-SS","0602004","NOZZLE 1240-121","A","214742","EA",2,3.3125,6.625,"3876274"]
["14879","07/19/2012","/FWTWE24A-62-SS","0602004","NOZZLE 1240-121","A","221012","EA",2,3.3125,6.625,"3876274"]
["14879","07/19/2012","/FWTWE24A-62-SS","0602004","NOZZLE 1240-121","A","87596","EA",2,3.3125,6.625,"3876274"]
["14879","07/19/2012","/FWTWE34A","0616178","NOZZLE INSULATOR 1340-1100","A","210927","EA",1,1.7124999999999999,1.7124999999999999,"3876274"]
["14879","07/19/2012","/FWTWE34A","0616178","NOZZLE INSULATOR 1340-1100","A","214742","EA",2,1.7124999999999999,3.4249999999999998,"3876274"]
["14879","07/19/2012","/FWTWE34A","0616178","NOZZLE INSULATOR 1340-1100","A","221012","EA",2,1.7124999999999999,3.4249999999999998,"3876274"]
["14879","07/19/2012","/FWTWE34A","0616178","NOZZLE INSULATOR 1340-1100","A","87596","EA",2,1.7124999999999999,3.4249999999999998,"3876274"]
["14879","07/19/2012","/FWTWE54A","0602011","GAS DIFFUSER 100-54A ANCHOR BRAND","A","210927","EA",1,3.41,3.41,"3876274"]
["14879","07/19/2012","/FWTWE54A","0602011","GAS DIFFUSER 100-54A ANCHOR BRAND","A","221012","EA",1,3.41,3.41,"3876274"]
["14879","07/19/2012","/FWWEL20-3100","0613306","SWEAT BAND, HELMET COMFORTER","E","220982","EA",2,2.21,4.42,"3876274"]
["14879","07/19/2012","/FWWEL20-3100","0613306","SWEAT BAND, HELMET COMFORTER","E","221012","EA",2,2.21,4.42,"3876274"]
["14879","07/19/2012","/FWWEL20-3100","0613306","SWEAT BAND, HELMET COMFORTER","E","87596","EA",2,2.21,4.42,"3876274"]
["14879","07/19/2012","/HIMGL100-R8-E16.4","/HIMGL100-R8-E16.4","1/4 X 1 CTSK MONO-BOLT","3110","group 20 - 21","EA",350,0.44,154,"3876274"]
["14879","07/19/2012","/HS55012","0613445","3/4 HOLE SAW H S S","A","9999","EA",1,3.19,3.19,"3876274"]
["14879","07/19/2012","/HS55016","0601056","1in HOLE SAW H S S","A","107536","EA",1,2.88,2.88,"3876274"]
["14879","07/19/2012","/HS55016","0601056","1in HOLE SAW H S S","A","221001","EA",1,2.88,2.88,"3876274"]
["14879","07/19/2012","/HS55036","0601049","2-1/4 HOLE SAW H S S","A","214734","EA",1,5.53,5.53,"3876274"]
["14879","07/19/2012","/IDL62606","4970421","5/16-7/8 ALL STAINLESS HOSE CLAMP","3110","group 22 - 24","EA",80,0.34,27.2,"3876274"]
["14879","07/19/2012","/ISW00","0612556"," STEEL WOOL 00gr    16/PK","D","215739","EA",1,2.3199999999999998,2.3199999999999998,"3876274"]
["14879","07/19/2012","/LAI997","0612286","LAI997  BRASS DETAIL BRUSH","D","155928","EA",4,1.27,5.08,"3876274"]
["14879","07/19/2012","/MCR9378T","/MCR9378T","18in KEVLAR SLEEVE W/THUMB SLOT","E","221044","EA",2,3.18,6.36,"3876274"]
["14879","07/19/2012","/MCR9673GW-XL","/MCR9673GW-XL","WHITE NYLON NITRILE GLOVE  X-LARGE","E","210928","EA",1,1.96,1.96,"3876274"]
["14879","07/19/2012","/MCREPRC25","/MCREPRC25","EAR PLUG W/CORD REUSABLE","E","221044","EA",1,0.93500000000000005,0.93500000000000005,"3876274"]
["14879","07/19/2012","/MCRSS110","0616389","STRATOS SAFETY GLASS CLR LEN BLK FRAME","E","87569","EA",1,1.5,1.5,"3876274"]
["14879","07/19/2012","/MHC11822-4-4DOT","2971213","1/4MPT X 1/4TUBE 90 DEG SWIV ELB BRS DOT","3110","134472","EA",1,5.3,5.3,"3876274"]
["14879","07/19/2012","/MHC11822-4-4DOT","2971213","1/4MPT X 1/4TUBE 90 DEG SWIV ELB BRS DOT","3110","273560","EA",4,5.3,21.2,"3876274"]
["14879","07/19/2012","/MI790","0613299","790 1/4 FEMALE BODY","D","221009","EA",1,5.82,5.82,"3876274"]
["14879","07/19/2012","/MKNMPD4S","0601065","1/4 PILOT BIT SHORT","A","221012","EA",2,1.68,3.36,"3876274"]
["14879","07/19/2012","/MO19193-0305","3970365","2ga 1/4 STUD RING NON INSULATED","3110","group 10 - 11","EA",100,0.56599999999999995,56.6,"3876274"]
["14879","07/19/2012","/MS01-8154","0613092","MS01-8154  SHIELD FOR HEADGEAR","E","215719","EA",1,3.61,3.61,"3876274"]
["14879","07/19/2012","/MS01-8154","0613092","MS01-8154  SHIELD FOR HEADGEAR","E","221051","EA",1,3.61,3.61,"3876274"]
["14879","07/19/2012","/MS05-593GR","0613371","17in SPARK GUARD SLEEVE    PAIR","E","141802","EA",1,5.84,5.84,"3876274"]
["14879","07/19/2012","/MS05-593GR","0613371","17in SPARK GUARD SLEEVE    PAIR","E","214742","EA",1,5.84,5.84,"3876274"]
["14879","07/19/2012","/MS05-593GR","0613371","17in SPARK GUARD SLEEVE    PAIR","E","215719","EA",1,5.84,5.84,"3876274"]
["14879","07/19/2012","/MS05-593GR","0613371","17in SPARK GUARD SLEEVE    PAIR","E","215731","EA",1,5.84,5.84,"3876274"]
["14879","07/19/2012","/MS05-593GR","0613371","17in SPARK GUARD SLEEVE    PAIR","E","221012","EA",1,5.84,5.84,"3876274"]
["14879","07/19/2012","/MS09-224-10","0613301","CHEMI PRO NEO LATEX GLOVE-sz10 5400S","E","215717","EA",24,1.9125000000000001,45.9,"3876274"]
["14879","07/19/2012","/MS09-4320","0612134","WELDERS GLOVE (PAIR)  4320","E","221062","EA",1,3.52,3.52,"3876274"]
["14879","07/19/2012","/MS09-5060L","0612190","LATEX DISPOSABLE GLOVE(DISPENSER-100)","E","221017","EA",1,6.2125000000000004,6.2125000000000004,"3876274"]
["14879","07/19/2012","/MS09-7005-L","0612455","NDEX NITRILE GLOVE LGE(100/BX)6020","E","221002","EA",1,9.39,9.39,"3876274"]
["14879","07/19/2012","/MSHL5/16-6","/MSHL5/16-6","MSHL 5/16-6 MAG NUTSETTER","A","69541","EA",1,6.03,6.03,"3876274"]
["14879","07/19/2012","/PB27361","0610245","PB27361 #2 PHIL BIT LONG 1/4 HEX","A","221054","EA",1,0.39,0.39,"3876274"]
["14879","07/19/2012","/PB28314","0610234","#2 PHILLIPS BIT 4in","A","103160","EA",2,1,2,"3876274"]
["14879","07/19/2012","/PB28314","0610234","#2 PHILLIPS BIT 4in","A","141886","EA",1,1,1,"3876274"]
["14879","07/19/2012","/PB28314","0610234","#2 PHILLIPS BIT 4in","A","210966","EA",2,1,2,"3876274"]
["14879","07/19/2012","/PB28314","0610234","#2 PHILLIPS BIT 4in","A","85388","EA",4,1,4,"3876274"]
["14879","07/19/2012","/PB29052","0612023","29052 #1 SQ RECESS BIT LONG","A","107707","EA",1,0.52,0.52,"3876274"]
["14879","07/19/2012","/PB29052","0612023","29052 #1 SQ RECESS BIT LONG","A","215752","EA",1,0.52,0.52,"3876274"]
["14879","07/19/2012","/PB29059","0612278","#2 X 3 SQ BIT","A","103160","EA",2,0.85,1.7,"3876274"]
["14879","07/19/2012","/PB29059","0612278","#2 X 3 SQ BIT","A","141886","EA",1,0.85,0.85,"3876274"]
["14879","07/19/2012","/PB29059","0612278","#2 X 3 SQ BIT","A","145295","EA",1,0.85,0.85,"3876274"]
["14879","07/19/2012","/PB29059","0612278","#2 X 3 SQ BIT","A","210966","EA",1,0.85,0.85,"3876274"]
["14879","07/19/2012","/PB29059","0612278","#2 X 3 SQ BIT","A","213455","EA",4,0.85,3.4,"3876274"]
["14879","07/19/2012","/PB29059","0612278","#2 X 3 SQ BIT","A","213488","EA",1,0.85,0.85,"3876274"]
["14879","07/19/2012","/PB29059","0612278","#2 X 3 SQ BIT","A","214756","EA",1,0.85,0.85,"3876274"]
["14879","07/19/2012","/PB29059","0612278","#2 X 3 SQ BIT","A","214791","EA",1,0.85,0.85,"3876274"]
["14879","07/19/2012","/PB29059","0612278","#2 X 3 SQ BIT","A","214798","EA",4,0.85,3.4,"3876274"]
["14879","07/19/2012","/PB29059","0612278","#2 X 3 SQ BIT","A","221057","EA",1,0.85,0.85,"3876274"]
["14879","07/19/2012","/PB29059","0612278","#2 X 3 SQ BIT","A","69541","EA",1,0.85,0.85,"3876274"]
["14879","07/19/2012","/PB29059","0612278","#2 X 3 SQ BIT","A","s000000000","EA",1,0.85,0.85,"3876274"]
["14879","07/19/2012","/PB37719","0612431","37719 T-20 TORX BIT LONG","A","213454","EA",2,1.96,3.92,"3876274"]
["14879","07/19/2012","/PB39959","0612067","#2 SQ X 6 SQ RECESS BIT","A","213522","EA",1,1.49,1.49,"3876274"]
["14879","07/19/2012","/PER82190","7970023","PER82190  2gr. SUPER GLUE","D","213496","EA",2,1.39,2.78,"3876274"]
["14879","07/19/2012","/PER82190","7970023","PER82190  2gr. SUPER GLUE","D","214793","EA",1,1.39,1.39,"3876274"]
["14879","07/19/2012","/PFSDW1034","/PFSDW1034","#10 X 1-3/4 FH TORX DR TEK SC","3110","PAM SELF FEEDING SYSTEM","EA",3000,6.0699999999999997E-2,182.1,"3876274"]
["14879","07/19/2012","/PIP09-K1450/L","/PIP09-K1450/L","KEVLAR GLOVE WITH NITRILE COATING LARGE","E","155917","EA",1,4.75,4.75,"3876274"]
["14879","07/19/2012","/PIP09-K1450/L","/PIP09-K1450/L","KEVLAR GLOVE WITH NITRILE COATING LARGE","E","214798","EA",1,4.75,4.75,"3876274"]
["14879","07/19/2012","/PIP09-K1450/L","/PIP09-K1450/L","KEVLAR GLOVE WITH NITRILE COATING LARGE","E","87594","EA",1,4.75,4.75,"3876274"]
["14879","07/19/2012","/PIP09-K1450/M","/PIP09-K1450/M","KEVLAR GLOVE W/NITRILE COATING MEDIUM","E","145295","EA",1,4.75,4.75,"3876274"]
["14879","07/19/2012","/PIP09-K1450/M","/PIP09-K1450/M","KEVLAR GLOVE W/NITRILE COATING MEDIUM","E","87594","EA",1,4.75,4.75,"3876274"]
["14879","07/19/2012","/PIP09-K1450/XL","/PIP09-K1450/XL","KEVLAR GLOVE W/NITRILE COATING XL","E","213506","EA",1,4.75,4.75,"3876274"]
["14879","07/19/2012","/PIP09-K1450/XL","/PIP09-K1450/XL","KEVLAR GLOVE W/NITRILE COATING XL","E","273454","EA",1,4.75,4.75,"3876274"]
["14879","07/19/2012","/PIP09-K1450/XL","/PIP09-K1450/XL","KEVLAR GLOVE W/NITRILE COATING XL","E","69550","EA",1,4.75,4.75,"3876274"]
["14879","07/19/2012","/PM96014","0613381","96014  CRIMSON CHINA MARKER","D","145295","EA",2,0.57999999999999996,1.1599999999999999,"3876274"]
["14879","07/19/2012","/SB12524","0612403","3-5/8 1/2 WIDE 24tpi AIR SAW BLADE","A","145295","EA",25,1,25,"3876274"]
["14879","07/19/2012","/SB12524","0612403","3-5/8 1/2 WIDE 24tpi AIR SAW BLADE","A","213454","EA",8,1,8,"3876274"]
["14879","07/19/2012","/SB12524","0612403","3-5/8 1/2 WIDE 24tpi AIR SAW BLADE","A","213488","EA",1,1,1,"3876274"]
["14879","07/19/2012","/SB1QTA","0607002","1 QT SPRAY APPLICATOR (NO BOTTLE)","D","220979","EA",2,0.62,1.24,"3876274"]
["14879","07/19/2012","/SB1QTA","0607002","1 QT SPRAY APPLICATOR (NO BOTTLE)","D","220987","EA",6,0.62,3.72,"3876274"]
["14879","07/19/2012","/SB1QTA","0607002","1 QT SPRAY APPLICATOR (NO BOTTLE)","D","221000","EA",1,0.62,0.62,"3876274"]
["14879","07/19/2012","/SB1QTA","0607002","1 QT SPRAY APPLICATOR (NO BOTTLE)","D","221051","EA",1,0.62,0.62,"3876274"]
["14879","07/19/2012","/SB1QTA","0607002","1 QT SPRAY APPLICATOR (NO BOTTLE)","D","87594","EA",1,0.62,0.62,"3876274"]
["14879","07/19/2012","/SB1QTB","0607001","1 QT SPRAY BOTTLE  (NO APPLICATOR)","D","221051","EA",1,0.66,0.66,"3876274"]
["14879","07/19/2012","/SB1QTB","0607001","1 QT SPRAY BOTTLE  (NO APPLICATOR)","D","87594","EA",1,0.66,0.66,"3876274"]
["14879","07/19/2012","/SB40614","0610790","40614 6 14T RECIP SAW","A","215717","EA",3,1.18,3.54,"3876274"]
["14879","07/19/2012","/SB40814","0612269","40814 8 14T RECIP SAW","A","210927","EA",1,1.88,1.88,"3876274"]
["14879","07/19/2012","/SB40814","0612269","40814 8 14T RECIP SAW","A","210968","EA",50,1.88,94,"3876274"]
["14879","07/19/2012","/SB40814","0612269","40814 8 14T RECIP SAW","A","213500","EA",10,1.88,18.8,"3876274"]
["14879","07/19/2012","/SB40814","0612269","40814 8 14T RECIP SAW","A","221012","EA",5,1.88,9.4,"3876274"]
["14879","07/19/2012","/SB40814","0612269","40814 8 14T RECIP SAW","A","s000000000","EA",12,1.88,22.56,"3876274"]
["14879","07/19/2012","/SP11755","0612232","5in 50gr ZIRC DISC 7/8 HOLE","A","273507","EA",3,0.98,2.94,"3876274"]
["14879","07/19/2012","/SP2","/SP2","2 MED QUICK CHG DISC HOLDER TYPE S","A","221017","EA",1,8.7899999999999991,8.7899999999999991,"3876274"]
["14879","07/19/2012","/SP40311","/SP40311","2in  36grit CERAMIC Q/C DISC TYPE S","A","221017","EA",40,0.82,32.799999999999997,"3876274"]
["14879","07/19/2012","/SSD612SSBSLF","/SSD612SSBSLF","POP RIVET ST/ST LARGE FLANGE","3110","214739","EA",2,0.87,1.74,"3876274"]
["14879","07/19/2012","/SSD68SSBSLF","8571005","POP RIVET ST/ST LARGE FLANGE","3110","final","EA",150,0.19289999999999999,28.934999999999999,"3876274"]
["14879","07/19/2012","/STN11515","0601034","#9 S/E RAZOR BLADES (INDIVIDUAL)","A","214756","EA",100,7.0000000000000007E-2,7,"3876274"]
["14879","07/19/2012","/STN11515","0601034","#9 S/E RAZOR BLADES (INDIVIDUAL)","A","220979","EA",100,7.0000000000000007E-2,7,"3876274"]
["14879","07/19/2012","/STN11921I","0610823","UTIL KNIFE BLADES(INDIVIDUAL BLADES)","A","145295","EA",15,0.11,1.65,"3876274"]
["14879","07/19/2012","/STN11921I","0610823","UTIL KNIFE BLADES(INDIVIDUAL BLADES)","A","220979","EA",15,0.11,1.65,"3876274"]
["14879","07/19/2012","/STN11921I","0610823","UTIL KNIFE BLADES(INDIVIDUAL BLADES)","A","87594","EA",15,0.11,1.65,"3876274"]
["14879","07/19/2012","/TD365-9-8211","/TD365-9-8211","80 AMP TORCH TIP","D","87597","EA",11,6.04,66.44,"3876274"]
["14879","07/19/2012","/TD365-9-8215","/TD365-9-8215","THERMAL DYNAMICS ELECTRODE","D","87597","EA",11,7.55,83.05,"3876274"]
["14879","07/19/2012","/TD365-9-8218","/TD365-9-8218","THERMAL DYNAMICS SHIELD CUP","D","87597","EA",1,23.29,23.29,"3876274"]
["14879","07/19/2012","/UT-1033","8970411","2 X 60 YD GRAY DUCT TAPE - THIN 8mil","3110","210918","EA",1,3.51,3.51,"3876274"]
["14879","07/19/2012","/UT-1033","8970411","2 X 60 YD GRAY DUCT TAPE - THIN 8mil","3110","210966","EA",2,3.51,7.02,"3876274"]
["14879","07/19/2012","/UT-1033","8970411","2 X 60 YD GRAY DUCT TAPE - THIN 8mil","3110","215731","EA",1,3.51,3.51,"3876274"]
["14879","07/19/2012","/UT-1033","8970411","2 X 60 YD GRAY DUCT TAPE - THIN 8mil","3110","273507","EA",1,3.51,3.51,"3876274"]
["14879","07/19/2012","/WB17609","0613351","2dia .006 WIRE WHEEL 1/4shk","A","155913","EA",2,7.93,15.86,"3876274"]
["14879","07/19/2012","/WB40068","0611056","2 CHIP & OIL BRUSH","D","273619","EA",4,0.71,2.84,"3876274"]
["14879","07/19/2012","/WD8","0614667","8oz WD-40 LUBRICANT","D","134472","EA",1,3.97,3.97,"3876274"]
["14879","07/19/2012","/WE356","3140431","BLACK WEEKENDER SPRAY PAINT","3110","134472","EA",14,1.52,21.28,"3876274"]
["14879","07/19/2012","/WE356","3140431","BLACK WEEKENDER SPRAY PAINT","3110","221003","EA",1,1.52,1.52,"3876274"]
["14879","07/19/2012","/WE356","3140431","BLACK WEEKENDER SPRAY PAINT","3110","221018","EA",1,1.52,1.52,"3876274"]
["14879","07/19/2012","/WE356","3140431","BLACK WEEKENDER SPRAY PAINT","3110","221054","EA",1,1.52,1.52,"3876274"]
["14879","07/19/2012","/WE357","3142429","WEEKEND WHITE","3110","103160","EA",2,1.55,3.1,"3876274"]
["14879","07/19/2012","/WE362","3143971","CHERRY RED WEEKENDER SPRAY PAINT","D","134472","EA",1,1.55,1.55,"3876274"]
["14879","07/19/2012","/WH1862X4","2970674","1862 X 4  1/4 AIR BRAKE UNION BRASS","3110","213456","EA",2,3.25,6.5,"3876274"]
["14879","07/19/2012","/WH1862X6","2970675","1862 X 6  3/8 AIR BRAKE UNION BRASS","3110","213456","EA",3,3.74,11.22,"3876274"]
["14879","07/19/2012","/WH1862X8","2970676","1862 X 8  1/2 AIR BRAKE UNION BRASS","3110","213524","EA",8,4.4800000000000004,35.840000000000003,"3876274"]
["14879","07/19/2012","/WH3400X4","2970630","1/4 MALE/FEMALE STREET ELBOW BRASS","3110","107612","EA",1,0.81,0.81,"3876274"]
["14879","07/19/2012","/WISM3R","/WISM3R","WISM3R  WISS STR TIN SNIP","B","221011","EA",1,18.829999999999998,18.829999999999998,"3876274"]
["14879","07/19/2012","/WISM3R","/WISM3R","WISM3R  WISS STR TIN SNIP","B","273410","EA",1,18.829999999999998,18.829999999999998,"3876274"]
["14879","07/19/2012","/WISM3R","/WISM3R","WISM3R  WISS STR TIN SNIP","B","s000000000","EA",2,18.829999999999998,37.659999999999997,"3876274"]
["14879","07/19/2012","/WU3201-L","0613393","LEATHER DRIVING GLOVES LARGE 3201L","E","163231","EA",1,4.05,4.05,"3876274"]
["14879","07/19/2012","/WU3201-L","0613393","LEATHER DRIVING GLOVES LARGE 3201L","E","213500","EA",1,4.05,4.05,"3876274"]
["14879","07/19/2012","/WU3201-L","0613393","LEATHER DRIVING GLOVES LARGE 3201L","E","214756","EA",2,4.05,8.1,"3876274"]
["14879","07/19/2012","/WU3201-L","0613393","LEATHER DRIVING GLOVES LARGE 3201L","E","214758","EA",1,4.05,4.05,"3876274"]
["14879","07/19/2012","/WU3201-L","0613393","LEATHER DRIVING GLOVES LARGE 3201L","E","221012","EA",1,4.05,4.05,"3876274"]
["14879","07/19/2012","/WU3201-M","/WU3201-M","LEATHER DRIVING GLOVES MEDIUM","E","107755","EA",2,4.05,8.1,"3876274"]
["14879","07/19/2012","/WU3201-M","/WU3201-M","LEATHER DRIVING GLOVES MEDIUM","E","221012","EA",1,4.05,4.05,"3876274"]
["14879","07/19/2012","/WU3201-M","/WU3201-M","LEATHER DRIVING GLOVES MEDIUM","E","85336","EA",1,4.05,4.05,"3876274"]
["14879","07/19/2012","/WU3201-XL","0613394","LEATHER DRIVING GLOVES X-LG 3201XL","E","214742","EA",1,4.05,4.05,"3876274"]
["14879","07/19/2012","/WU3201-XL","0613394","LEATHER DRIVING GLOVES X-LG 3201XL","E","215719","EA",2,4.05,8.1,"3876274"]
["14879","07/19/2012","/WU3201-XL","0613394","LEATHER DRIVING GLOVES X-LG 3201XL","E","215731","EA",1,4.05,4.05,"3876274"]
["14879","07/19/2012","/WU3201-XL","0613394","LEATHER DRIVING GLOVES X-LG 3201XL","E","221062","EA",1,4.05,4.05,"3876274"]
["14879","07/19/2012","/WU3201-XL","0613394","LEATHER DRIVING GLOVES X-LG 3201XL","E","87597","EA",2,4.05,8.1,"3876274"]
["14879","07/19/2012","10F150MXP0Z","8570998","10/32 X 1 1/2 PHIL PAN M/S  ZNC","3110","group 10 - 11","EA",150,1.01E-2,1.5149999999999999,"3876274"]
["14879","07/19/2012","10N50WBO/W","10N50WBO/W","#10 X 1/2 BONDED SEALER WASHER WHITE","3110","final","EA",800,7.0000000000000007E-2,56,"3876274"]
["14879","07/19/2012","12C100MTH0Z/F/NPAT","8571507","12/24 X 1 IND HEX SLT W/H T/C T-F ZN","3110","W/PATCH","EA",200,0.17,34,"3876274"]
["14879","07/19/2012","12C150MTH0Z/F/NPAT","8571508","12/24 X 1-1/2 IND HEX SLT W/H T/C T-F ZN","3110","W/PATCH","EA",100,0.22,22,"3876274"]
["14879","07/19/2012","14RDAI","0601024","9/64 6 AIRCRAFT EXTENSION DRILL","A","103151","EA",12,1.3625,16.350000000000001,"3876274"]
["14879","07/19/2012","14RDAI","0601024","9/64 6 AIRCRAFT EXTENSION DRILL","A","210966","EA",12,1.3625,16.350000000000001,"3876274"]
["14879","07/19/2012","14RDCO","0613320","9/64 COBALT DRILL","A","134472","EA",12,1.35,16.2,"3876274"]
["14879","07/19/2012","14RDCO","0613320","9/64 COBALT DRILL","A","215740","EA",12,1.35,16.2,"3876274"]
["14879","07/19/2012","14RDCO","0613320","9/64 COBALT DRILL","A","m0000000000","EA",12,1.35,16.2,"3876274"]
["14879","07/19/2012","14RDJO","0601023","9/64 HSS JOBR DRILL BLK/135deg S/P","A","210966","EA",24,0.55000000000000004,13.2,"3876274"]
["14879","07/19/2012","18RDAI","0613364","3/16 6 AIRCRAFT EXTENSION DRILL","A","214793","EA",1,1.53,1.53,"3876274"]
["14879","07/19/2012","18RDCO","0612440","3/16 COBALT DRILL","A","134472","EA",12,1.3,15.6,"3876274"]
["14879","07/19/2012","18RDCO","0612440","3/16 COBALT DRILL","A","210968","EA",12,1.3,15.6,"3876274"]
["14879","07/19/2012","25C1000BCG0Z","8571501","1/4-20 X 10in CARRIAGE BOLT  ZNC","3110","group 20 - 21","EA",50,0.6,30,"3876274"]
["14879","07/19/2012","25C100HCS8Y","8541021","1/4-20 X 1in HEX C/S GR 8 Z/YEL","3110","group 10 - 11","EA",150,2.3800000000000002E-2,3.57,"3876274"]
["14879","07/19/2012","25C100HCSS","8570384","1/4-20 X 1in HEX C/S 18-8","3110","group 22 - 24","EA",150,2.9700000000000001E-2,4.4550000000000001,"3876274"]
["14879","07/19/2012","25C150HCS8Y","8570911","1/4-20 X 1 1/2 HEX C/S GR 8 Z/YEL","3110","69541","EA",2,3.44E-2,6.88E-2,"3876274"]
["14879","07/19/2012","25C200KBCS","8571044","1/4-20 X 2 BUTTON SOC C/S 18-8","3110","group 22 - 24","EA",125,9.1800000000000007E-2,11.475,"3876274"]
["14879","07/19/2012","25C200KCS","25C200KCS","1/4-20 X 2 SOC C/S","3110","69541","EA",2,6.182E-2,0.12364,"3876274"]
["14879","07/19/2012","25CNNE8Y","8570194","1/4-20 NYLOC INSERT LOCKNUT GR 8 Z/YEL","3110","group 10 - 11","EA",400,1.9400000000000001E-2,15.52,"3876274"]
["14879","07/19/2012","25CNNE8Y","8570194","1/4-20 NYLOC INSERT LOCKNUT GR 8 Z/YEL","3110","group 22 - 24","EA",400,1.9400000000000001E-2,7.76,"3876274"]
["14879","07/19/2012","25G75UHW","8571129","1/4-14 X 3/4 HEX WSH HD TEK","3110","group 10 - 11","EA",250,1.9199999999999998E-2,4.8,"3876274"]
["14879","07/19/2012","25NWUS8Y","8571249","1/4 USS FLAT WASHER GR 8 Z/YEL","3110","group 10 - 11","EA",400,1.4E-2,5.6,"3876274"]
["14879","07/19/2012","25R125WFE0Z","8570244","1/4 X 1 1/4 FEND WASH  ZNC","3110","group 22 - 24","EA",175,2.5999999999999999E-2,9.1,"3876274"]
["14879","07/19/2012","26RDCO","0613325","17/64 COBALT DRILL","A","210968","EA",12,2.44,29.28,"3876274"]
["14879","07/19/2012","26RDCO","0613325","17/64 COBALT DRILL","A","213523","EA",12,2.44,29.28,"3876274"]
["14879","07/19/2012","31C100HSF0Z","8570862","5/16-18 X 1in HEX SERR FLG BOLT  ZNC","3110","group 20 - 21","EA",100,0.09,9,"3876274"]
["14879","07/19/2012","31C125HCS8Y","8570616","5/16-18 X 1 1/4 HEX C/S GR 8 Z/YEL","3110","163231","EA",30,4.0599999999999997E-2,1.218,"3876274"]
["14879","07/19/2012","31C225HCS8Y","31C225HCS8Y","5/16-18 X 2 1/4 HEX C/S GR 8 Z/YEL","3110","213500","EA",6,9.6000000000000002E-2,0.57599999999999996,"3876274"]
["14879","07/19/2012","31NLOC8Y","8570874","5/16 SPLIT LOCKWASHER GR 8 Z/YEL","3110","273394","EA",20,1.2699999999999999E-2,0.254,"3876274"]
["14879","07/19/2012","31NLOC8Y","8570874","5/16 SPLIT LOCKWASHER GR 8 Z/YEL","3110","g0000 26","EA",100,1.2699999999999999E-2,1.27,"3876274"]
["14879","07/19/2012","37C200KBCS","37C200KBCS","3/8-16 X 2 BUTTON SOC C/S 18-8","3110","group 42","EA",40,0.38,15.2,"3876274"]
["14879","07/19/2012","37CNFH8Y","8570657","3/8-16 HEX FIN NUT GR 8 Z/YEL","3110","163231","EA",60,1.9199999999999998E-2,1.1519999999999999,"3876274"]
["14879","07/19/2012","37CNNE8Y","8540700","3/8-16 NYLOC INSERT LOCKNUT GR 8 Z/YEL","3110","group 10 - 11","EA",175,3.9300000000000002E-2,6.8775000000000004,"3876274"]
["14879","07/19/2012","37NWUS8Y","8570509","3/8 USS FLAT WASHER GR 8 Z/YEL","3110","group 10 - 11","EA",250,2.7E-2,6.75,"3876274"]
["14879","07/19/2012","37RDCO","0613369","3/8 COBALT DRILL","A","134472","EA",6,5.7,34.200000000000003,"3876274"]
["14879","07/19/2012","37RDCO","0613369","3/8 COBALT DRILL","A","134475","EA",1,5.7,5.7,"3876274"]
["14879","07/19/2012","37RDCO","0613369","3/8 COBALT DRILL","A","145295","EA",2,5.7,11.4,"3876274"]
["14879","07/19/2012","37RDCO","0613369","3/8 COBALT DRILL","A","210968","EA",6,5.7,34.200000000000003,"3876274"]
["14879","07/19/2012","37RDCO","0613369","3/8 COBALT DRILL","A","69541","EA",1,5.7,5.7,"3876274"]
["14879","07/19/2012","37RDCO","0613369","3/8 COBALT DRILL","A","m0000000000","EA",2,5.7,11.4,"3876274"]
["14879","07/19/2012","43C100HCS8Y","8571277","7/16-14 X 1in HEX C/S GR 8 Z/YEL","3110","group 42","EA",300,0.11,33,"3876274"]
["14879","07/19/2012","43F250HCS8Y","8571283","7/16-20 X 2 1/2 HEX C/S GR 8 Z/YEL","3110","group 42","EA",125,0.16919999999999999,21.15,"3876274"]
["14879","07/19/2012","43FNNE8Y","8571284","7/16-20 NYLOC INSERT LOCKNUT GR 8 Z/YEL","3110","group 42","EA",150,5.2200000000000003E-2,7.83,"3876274"]
["14879","07/19/2012","43NWUS8Y","8571206","7/16 USS FLAT WASHER GR 8 Z/YEL","3110","group 22 - 24","EA",200,5.57E-2,11.14,"3876274"]
["14879","07/19/2012","43NWUS8Y","8571206","7/16 USS FLAT WASHER GR 8 Z/YEL","3110","group 42","EA",600,5.57E-2,66.84,"3876274"]
["14879","07/19/2012","4C100MSP0Z","4C100MSP0Z","4/40 X 1in SLOT PAN M/S  ZNC","3110","221008","EA",30,1.188E-2,0.35639999999999999,"3876274"]
["14879","07/19/2012","4C75MXP0Z","8570467","4/40 X 3/4 PHIL PAN M/S  ZNC","3110","273398","EA",7,9.1000000000000004E-3,6.3700000000000007E-2,"3876274"]
["14879","07/19/2012","4C75MXP0Z","8570467","4/40 X 3/4 PHIL PAN M/S  ZNC","3110","s000000000","EA",12,9.1000000000000004E-3,0.10920000000000001,"3876274"]
["14879","07/19/2012","4CNMS0Z","8570475","4/40 MACHINE SCR NUT  ZNC","3110","221008","EA",30,2.5999999999999999E-3,7.8E-2,"3876274"]
["14879","07/19/2012","50C200HCS8Y","8570951","1/2-13 X 2 HEX C/S GR 8 Z/YEL","3110","group 10 - 11","EA",125,0.15759999999999999,19.7,"3876274"]
["14879","07/19/2012","50C250HCS8Y","8570683","1/2-13 X 2 1/2 HEX C/S GR 8 Z/YEL","3110","s000000000","EA",12,0.19939999999999999,2.3927999999999998,"3876274"]
["14879","07/19/2012","50CNNE8Y","8541468","1/2-13 NYLOC INSERT LOCKNUT GR 8 Z/YEL","3110","group 10 - 11","EA",300,9.69E-2,29.07,"3876274"]
["14879","07/19/2012","50CNNE8Y","8541468","1/2-13 NYLOC INSERT LOCKNUT GR 8 Z/YEL","3110","group 20 - 21","EA",100,9.69E-2,9.69,"3876274"]
["14879","07/19/2012","50F250HCS8Y","8571280","1/2-20 X 2 1/2 HEX C/S GR 8 Z/YEL","3110","group 42","EA",100,0.23230000000000001,23.23,"3876274"]
["14879","07/19/2012","50NWUS8Y","8570876","1/2 USS FLAT WASHER GR 8 Z/YEL","3110","group 10 - 11","EA",350,7.6499999999999999E-2,26.774999999999999,"3876274"]
["14879","07/19/2012","50NWUS8Y","8570876","1/2 USS FLAT WASHER GR 8 Z/YEL","3110","s000000000","EA",12,7.6499999999999999E-2,0.91800000000000004,"3876274"]
["14879","07/19/2012","50RDRS/38S","0611012","1/2 S & D DRILL 3/8shk","A","213488","EA",1,4.66,4.66,"3876274"]
["14879","07/19/2012","8C100MTM0Z/F","8C100MTM0Z/F","8/32 X 1in PAN PHIL T/C T-F  ZNC","3110","final","EA",500,0.04,20,"3876274"]
["14879","07/19/2012","8C100MTM0Z/F","8C100MTM0Z/F","8/32 X 1in PAN PHIL T/C T-F  ZNC","3110","group 22 - 24","EA",1500,0.04,60,"3876274"]
["14879","07/19/2012","8C100MTM0Z/F/NPAT","8571376","8/32 X 1 PAN PHIL T-F W/NYLOC PATCH","3110","final","EA",500,7.0000000000000007E-2,35,"3876274"]
["14879","07/19/2012","8C100MTM0Z/FWH","8C100MTM0Z/FWH","8-32 X 1 PAN PHIL T/C T-F ZINC WHITE HD","3110","final","EA",600,0.05,30,"3876274"]
["14879","07/19/2012","8G100UQF0Z/NPAT","8570935","8-18 X 1in F.H. SQ DRIVE TEK SC NYL PAT","3110","ZNC","EA",2500,1.55E-2,38.75,"3876274"]
["14879","07/19/2012","8G100UQP0B/NPAT","8570936","8-18 X 1in PAN SQ RECESS TEK SC NYL PAT","3110","BLK","EA",500,1.95E-2,19.5,"3876274"]
["14879","07/19/2012","8G100UWA","8570765","8-18 X 1in PHIL WAFER HEAD TEK","3110","group 10 - 11","EA",300,1.5299999999999999E-2,4.59,"3876274"]
["14879","07/19/2012","8G75UQP4","8570788","8-18 X 3/4 PAN SQ RECESS TEK SC 410 S/S","3110","group 20 - 21","EA",600,2.6200000000000001E-2,15.72,"3876274"]
["14879","07/19/2012","8N100SSD0Z","8570774","#8 X 1in FLT SQ DR DEEP/THRD SC  ZNC","3110","final","EA",700,8.6999999999999994E-3,6.09,"3876274"]
["14879","07/19/2012","8N100TQP01","8570932","#8 X 1in PAN SQUARE RECESS T/S  BLK ZNC","3110","final","EA",400,1.1900000000000001E-2,4.76,"3876274"]
["14879","07/19/2012","8N150TXPS","8N150TXPS","#8 X 1 1/2 PHIL PAN T/S 18-8","3110","215752","EA",12,0.05,0.6,"3876274"]
["14879","07/19/2012","8N200SSD0Z","8570702","#8 X 2 FLT SQ DR DEEP/THRD SC  ZNC","3110","final","EA",500,2.6800000000000001E-2,13.4,"3876274"]
["14879","07/19/2012","8N250TRW0Z","8570766","#8 X 2 1/2 T/S RND WSH COM  ZNC","3110","final","EA",300,1.7399999999999999E-2,5.22,"3876274"]
["14879","07/19/2012","8N62TQP0Z/BL","8570739","#8 X 5/8 PAN SQUARE RECESS T/S BLK HD  Z","3110","NC","EA",800,7.0000000000000001E-3,5.6,"3876274"]
["14879","07/19/2012","8NWFFS","8542219","#8 FLANGED FINISH WASHER 18-8","3110","final","EA",500,1.9099999999999999E-2,19.100000000000001,"3876274"]
[null,null,null,null,null,null,null,null,null,null,{"$f":"SUBTOTAL(9,K2118:K2385)","v":4419.0002200000017},"3876274 Total"]
["14879","07/20/2012",".120NWA30P/6916","8571279","M12 A325 FLAT WASHER DIN 125A TP200  PLN","3110","group 42","EA",250,0.1414,106.05,"3877037"]
["14879","07/20/2012","/3M1700","8970416","3M 1700  TEM FLEX ELECTRICAL TAPE","3110","214748","EA",2,0.63,1.26,"3877037"]
["14879","07/20/2012","/AL-14-50-0-CW-M","/AL-14-50-0-CW-M","14in BLACK CABLE TIE 50lb","D","group 10 - 11","EA",500,4.2000000000000003E-2,21,"3877037"]
["14879","07/20/2012","/AL-14-50-0-CW-M","/AL-14-50-0-CW-M","14in BLACK CABLE TIE 50lb","D","group 42","EA",200,4.2000000000000003E-2,8.4,"3877037"]
["14879","07/20/2012","/AS50SM","0613337","STATIC MIXER 50ml","A","213454","EA",4,1.25,5,"3877037"]
["14879","07/20/2012","/AS50SM","0613337","STATIC MIXER 50ml","A","213454","EA",8,1.25,10,"3877037"]
["14879","07/20/2012","/AS55300-50","7970040","METHACYLATE ADHESIVE 50ml","3110","213454","EA",2,8.98,17.96,"3877037"]
["14879","07/20/2012","/AS55300-50","7970040","METHACYLATE ADHESIVE 50ml","3110","213454","EA",3,8.98,26.94,"3877037"]
["14879","07/20/2012","/AV8814","8570095","5/16-18 U-NUT 25/UNIT","3110","group 20 - 21","EA",75,0.20799999999999999,15.6,"3877037"]
["14879","07/20/2012","/AW20-202","0612410","20-202 T-SHIRT/POLOKNIT","D","s000000000","EA",200,0.52,104,"3877037"]
["14879","07/20/2012","/BB433-934","0607017","NAIL APRON","D","136948","EA",1,1.93,1.93,"3877037"]
["14879","07/20/2012","/BB433-934","0607017","NAIL APRON","D","215734","EA",1,1.93,1.93,"3877037"]
["14879","07/20/2012","/BI-CP0399","0611745","CTR PUNCH CLAMP 13/16x3/8x.025 GC","D","c000 r00000","EA",2,0.29459999999999997,1.1783999999999999,"3877037"]
["14879","07/20/2012","/BI-CP0399","0611745","CTR PUNCH CLAMP 13/16x3/8x.025 GC","D","s000000000","EA",4,0.29459999999999997,1.1783999999999999,"3877037"]
["14879","07/20/2012","/CCPV8-6","8570815","1/4 MONO BOLT .08-.375 GRIP S/S","3110","group 20 - 21","EA",250,0.60809999999999997,152.02500000000001,"3877037"]
["14879","07/20/2012","/COV2509Z1","3971511","1-1/2in VYL COATED WIRING/TUBE CLIP","3110","group 10 - 11","EA",500,0.26300000000000001,131.5,"3877037"]
["14879","07/20/2012","/COV4511Z1","0374037","2-3/4in VYL COATED WIRING/TUBE CLIP","3110","group 10 - 11","EA",200,0.66539999999999999,133.08000000000001,"3877037"]
["14879","07/20/2012","/EN91","0607049","AA ALKALINE BATTERY","D","107536","EA",10,0.43,4.3,"3877037"]
["14879","07/20/2012","/EN92","0612342","AAA ALKALINE BATTERY","D","213455","EA",3,0.45,1.35,"3877037"]
["14879","07/20/2012","/EN92","0612342","AAA ALKALINE BATTERY","D","214761","EA",3,0.45,1.35,"3877037"]
["14879","07/20/2012","/EN92","0612342","AAA ALKALINE BATTERY","D","215734","EA",3,0.45,1.35,"3877037"]
["14879","07/20/2012","/EN92","0612342","AAA ALKALINE BATTERY","D","220985","EA",6,0.45,2.7,"3877037"]
["14879","07/20/2012","/EN92","0612342","AAA ALKALINE BATTERY","D","221001","EA",2,0.45,0.9,"3877037"]
["14879","07/20/2012","/EN92","0612342","AAA ALKALINE BATTERY","D","221047","EA",3,0.45,1.35,"3877037"]
["14879","07/20/2012","/ET66RED","/ET66RED","3/4 X 66ft RED ELECTRICAL TAPE","3110","214748","EA",4,0.68,2.72,"3877037"]
["14879","07/20/2012","/FWCEP932-1040","0612258","2in X 4-1/4 COVER PLATE","D","107755","EA",2,0.72,1.44,"3877037"]
["14879","07/20/2012","/FWCEP932-1040","0612258","2in X 4-1/4 COVER PLATE","D","215751","EA",2,0.72,1.44,"3877037"]
["14879","07/20/2012","/FWCEP932-1040","0612258","2in X 4-1/4 COVER PLATE","D","221001","EA",1,0.72,0.72,"3877037"]
["14879","07/20/2012","/FWCEP932-1042","0612967","4-1/2 X 5-1/4 COVER PLATE","A","107755","EA",2,0.9,1.8,"3877037"]
["14879","07/20/2012","/FWCEP932-1042","0612967","4-1/2 X 5-1/4 COVER PLATE","A","214742","EA",1,0.9,0.9,"3877037"]
["14879","07/20/2012","/FWCEP932-1042","0612967","4-1/2 X 5-1/4 COVER PLATE","A","215751","EA",1,0.9,0.9,"3877037"]
["14879","07/20/2012","/FWCEP932-1042","0612967","4-1/2 X 5-1/4 COVER PLATE","A","221001","EA",1,0.9,0.9,"3877037"]
["14879","07/20/2012","/FWMOL2310N99","0613362","WELDERS FACE MASK CARBON LINER","E","215717","EA",10,4.0625,40.625,"3877037"]
["14879","07/20/2012","/FWMOL2310N99","0613362","WELDERS FACE MASK CARBON LINER","E","215766","EA",10,4.0625,40.625,"3877037"]
["14879","07/20/2012","/FWTRU1411-04-016","8571042","STUDS","3110","107767","EA",1000,0.14000000000000001,140,"3877037"]
["14879","07/20/2012","/FWTWE14-35","0602003","CONTACT TIP 1140-1102","A","163217","EA",8,0.76,6.08,"3877037"]
["14879","07/20/2012","/FWTWE14-35","0602003","CONTACT TIP 1140-1102","A","87597","EA",5,0.76,3.8,"3877037"]
["14879","07/20/2012","/FWTWE24A-62-SS","0602004","NOZZLE 1240-121","A","163217","EA",1,3.3125,3.3125,"3877037"]
["14879","07/20/2012","/FWTWE24A-62-SS","0602004","NOZZLE 1240-121","A","87597","EA",2,3.3125,6.625,"3877037"]
["14879","07/20/2012","/FWTWE34A","0616178","NOZZLE INSULATOR 1340-1100","A","87597","EA",2,1.7124999999999999,3.4249999999999998,"3877037"]
["14879","07/20/2012","/FWTWE54A","0602011","GAS DIFFUSER 100-54A ANCHOR BRAND","A","163217","EA",1,3.41,3.41,"3877037"]
["14879","07/20/2012","/FWTWE54A","0602011","GAS DIFFUSER 100-54A ANCHOR BRAND","A","87597","EA",2,3.41,6.82,"3877037"]
["14879","07/20/2012","/HS55020","0610867","1-1/4 HOLE SAW H S S","A","221054","EA",1,3.38,3.38,"3877037"]
["14879","07/20/2012","/IDL6736","4970435","1-13/16 - 2-3/4 ALL STAINLESS HOSE CLAMP","3110","213523","EA",4,0.82,3.28,"3877037"]
["14879","07/20/2012","/ISW00","0612556"," STEEL WOOL 00gr    16/PK","D","213460","EA",2,2.3199999999999998,4.6399999999999997,"3877037"]
["14879","07/20/2012","/MBT14H-S","0377165","14in - 250H 304 ST/ST TIE","3110","210968","EA",100,0.72789999999999999,72.790000000000006,"3877037"]
["14879","07/20/2012","/MCR9378T","/MCR9378T","18in KEVLAR SLEEVE W/THUMB SLOT","E","221044","EA",2,3.18,6.36,"3877037"]
["14879","07/20/2012","/MCR9673GW-XL","/MCR9673GW-XL","WHITE NYLON NITRILE GLOVE  X-LARGE","E","210928","EA",1,1.96,1.96,"3877037"]
["14879","07/20/2012","/MCR9673GW-XXL","/MCR9673GW-XXL","WHITE NYLON NITRILE GLOVE- XX-LARGE","E","107663","EA",1,1.96,1.96,"3877037"]
["14879","07/20/2012","/MCRSS110","0616389","STRATOS SAFETY GLASS CLR LEN BLK FRAME","E","87594","EA",1,1.5,1.5,"3877037"]
["14879","07/20/2012","/MI3/8","0610534","MILTON  3/8 ID AIR HOSE","D","s000000000","EA",60,0.5,30,"3877037"]
["14879","07/20/2012","/MI602","2970730","602 1/4M X 3/8 ID HOSE FITTING","3110","s000000000","EA",4,0.73,2.92,"3877037"]
["14879","07/20/2012","/MI790","0613299","790 1/4 FEMALE BODY","D","c000 r00000","EA",2,5.82,11.64,"3877037"]
["14879","07/20/2012","/MI790","0613299","790 1/4 FEMALE BODY","D","s000000000","EA",2,5.82,11.64,"3877037"]
["14879","07/20/2012","/MI792","0613317","MILTON 792 COUPLER PLUG","D","c000 r00000","EA",1,1.1299999999999999,1.1299999999999999,"3877037"]
["14879","07/20/2012","/MI792","0613317","MILTON 792 COUPLER PLUG","D","s000000000","EA",2,1.1299999999999999,2.2599999999999998,"3877037"]
["14879","07/20/2012","/MIL49-59-0500","/MIL49-59-0500","1/2\" MILWAUKEE ANNULAR CUTTER","A","210968","EA",2,33.65,67.3,"3877037"]
["14879","07/20/2012","/MM32-020","2943314","5/8 BARB X 1/2 NPT MALE BRASS FITTING","3110","group 10 - 11","EA",50,1.3875,69.375,"3877037"]
["14879","07/20/2012","/MS01-8154","0613092","MS01-8154  SHIELD FOR HEADGEAR","E","220982","EA",1,3.61,3.61,"3877037"]
["14879","07/20/2012","/MS04-2200N95","0612445","DUST MASK 20/BOX","E","215734","EA",1,0.64,0.64,"3877037"]
["14879","07/20/2012","/MS05-593GR","0613371","17in SPARK GUARD SLEEVE    PAIR","E","214742","EA",1,5.84,5.84,"3877037"]
["14879","07/20/2012","/MS09-5060L","0612190","LATEX DISPOSABLE GLOVE(DISPENSER-100)","E","s000000000","EA",1,6.2125000000000004,6.2125000000000004,"3877037"]
["14879","07/20/2012","/MS09-7005-L","0612455","NDEX NITRILE GLOVE LGE(100/BX)6020","E","107767","EA",1,9.39,9.39,"3877037"]
["14879","07/20/2012","/MS09-7005-L","0612455","NDEX NITRILE GLOVE LGE(100/BX)6020","E","213460","EA",2,9.39,18.78,"3877037"]
["14879","07/20/2012","/MS09-7005-L","0612455","NDEX NITRILE GLOVE LGE(100/BX)6020","E","221044","EA",1,9.39,9.39,"3877037"]
["14879","07/20/2012","/MS09-7005-L","0612455","NDEX NITRILE GLOVE LGE(100/BX)6020","E","72986","EA",1,9.39,9.39,"3877037"]
["14879","07/20/2012","/PB27425","/PB27425","27425 3/16 HEX BIT LONG","A","s000000000","EA",1,1.75,1.75,"3877037"]
["14879","07/20/2012","/PB29059","0612278","#2 X 3 SQ BIT","A","211005","EA",1,0.85,0.85,"3877037"]
["14879","07/20/2012","/PB29059","0612278","#2 X 3 SQ BIT","A","213455","EA",2,0.85,1.7,"3877037"]
["14879","07/20/2012","/PB29059","0612278","#2 X 3 SQ BIT","A","213488","EA",3,0.85,2.5499999999999998,"3877037"]
["14879","07/20/2012","/PB29059","0612278","#2 X 3 SQ BIT","A","213523","EA",2,0.85,1.7,"3877037"]
["14879","07/20/2012","/PB29059","0612278","#2 X 3 SQ BIT","A","214798","EA",2,0.85,1.7,"3877037"]
["14879","07/20/2012","/PB29059","0612278","#2 X 3 SQ BIT","A","214798","EA",4,0.85,3.4,"3877037"]
["14879","07/20/2012","/PB29059","0612278","#2 X 3 SQ BIT","A","215740","EA",1,0.85,0.85,"3877037"]
["14879","07/20/2012","/PB29059","0612278","#2 X 3 SQ BIT","A","221011","EA",1,0.85,0.85,"3877037"]
["14879","07/20/2012","/PB29059","0612278","#2 X 3 SQ BIT","A","273410","EA",3,0.85,2.5499999999999998,"3877037"]
["14879","07/20/2012","/PB29059","0612278","#2 X 3 SQ BIT","A","87571","EA",1,0.85,0.85,"3877037"]
["14879","07/20/2012","/PB39959","0612067","#2 SQ X 6 SQ RECESS BIT","A","107518","EA",2,1.49,2.98,"3877037"]
["14879","07/20/2012","/PB39959","0612067","#2 SQ X 6 SQ RECESS BIT","A","221011","EA",1,1.49,1.49,"3877037"]
["14879","07/20/2012","/PB39959","0612067","#2 SQ X 6 SQ RECESS BIT","A","9999","EA",4,1.49,5.96,"3877037"]
["14879","07/20/2012","/PER82190","7970023","PER82190  2gr. SUPER GLUE","D","213460","EA",1,1.39,1.39,"3877037"]
["14879","07/20/2012","/PER82190","7970023","PER82190  2gr. SUPER GLUE","D","215766","EA",1,1.39,1.39,"3877037"]
["14879","07/20/2012","/PER82190","7970023","PER82190  2gr. SUPER GLUE","D","69541","EA",1,1.39,1.39,"3877037"]
["14879","07/20/2012","/PIP09-K1450/L","/PIP09-K1450/L","KEVLAR GLOVE WITH NITRILE COATING LARGE","E","213453","EA",1,4.75,4.75,"3877037"]
["14879","07/20/2012","/PIP09-K1450/L","/PIP09-K1450/L","KEVLAR GLOVE WITH NITRILE COATING LARGE","E","221002","EA",1,4.75,4.75,"3877037"]
["14879","07/20/2012","/PIP09-K1450/L","/PIP09-K1450/L","KEVLAR GLOVE WITH NITRILE COATING LARGE","E","221022","EA",1,4.75,4.75,"3877037"]
["14879","07/20/2012","/PIP09-K1450/L","/PIP09-K1450/L","KEVLAR GLOVE WITH NITRILE COATING LARGE","E","221054","EA",1,4.75,4.75,"3877037"]
["14879","07/20/2012","/PIP09-K1450/L","/PIP09-K1450/L","KEVLAR GLOVE WITH NITRILE COATING LARGE","E","221055","EA",1,4.75,4.75,"3877037"]
["14879","07/20/2012","/PIP09-K1450/L","/PIP09-K1450/L","KEVLAR GLOVE WITH NITRILE COATING LARGE","E","72986","EA",1,4.75,4.75,"3877037"]
["14879","07/20/2012","/PIP09-K1450/M","/PIP09-K1450/M","KEVLAR GLOVE W/NITRILE COATING MEDIUM","E","215718","EA",1,4.75,4.75,"3877037"]
["14879","07/20/2012","/PIP09-K1450/M","/PIP09-K1450/M","KEVLAR GLOVE W/NITRILE COATING MEDIUM","E","221051","EA",1,4.75,4.75,"3877037"]
["14879","07/20/2012","/PIP09-K1450/M","/PIP09-K1450/M","KEVLAR GLOVE W/NITRILE COATING MEDIUM","E","87571","EA",1,4.75,4.75,"3877037"]
["14879","07/20/2012","/PIP09-K1450/XL","/PIP09-K1450/XL","KEVLAR GLOVE W/NITRILE COATING XL","E","273417","EA",1,4.75,4.75,"3877037"]
["14879","07/20/2012","/S00740","3143963","ZINC RICH COLD GALV COMPOUND","3110","221053","EA",9,4.3499999999999996,39.15,"3877037"]
["14879","07/20/2012","/SB1QTA","0607002","1 QT SPRAY APPLICATOR (NO BOTTLE)","D","221044","EA",1,0.62,0.62,"3877037"]
["14879","07/20/2012","/SB40614","0610790","40614 6 14T RECIP SAW","A","221008","EA",10,1.18,11.8,"3877037"]
["14879","07/20/2012","/SB40814","0612269","40814 8 14T RECIP SAW","A","134475","EA",6,1.88,11.28,"3877037"]
["14879","07/20/2012","/SP11755","0612232","5in 50gr ZIRC DISC 7/8 HOLE","A","s000000000","EA",12,0.98,11.76,"3877037"]
["14879","07/20/2012","/SP42440","0609076","4 X 24 X 40 A/O SANDING BELT","A","214734","EA",20,2.77,55.4,"3877037"]
["14879","07/20/2012","/STN11921I","0610823","UTIL KNIFE BLADES(INDIVIDUAL BLADES)","A","215757","EA",15,0.11,1.65,"3877037"]
["14879","07/20/2012","/STN11921I","0610823","UTIL KNIFE BLADES(INDIVIDUAL BLADES)","A","273417","EA",30,0.11,3.3,"3877037"]
["14879","07/20/2012","/STN11921I","0610823","UTIL KNIFE BLADES(INDIVIDUAL BLADES)","A","87571","EA",15,0.11,1.65,"3877037"]
["14879","07/20/2012","/USP4009","0375851","P4009  SPRING NUT","3110","g0000 22","EA",500,0.49,245,"3877037"]
["14879","07/20/2012","/UT-1033","8970411","2 X 60 YD GRAY DUCT TAPE - THIN 8mil","3110","103171","EA",1,3.51,3.51,"3877037"]
["14879","07/20/2012","/UT-1033","8970411","2 X 60 YD GRAY DUCT TAPE - THIN 8mil","3110","213500","EA",1,3.51,3.51,"3877037"]
["14879","07/20/2012","/UT-1033","8970411","2 X 60 YD GRAY DUCT TAPE - THIN 8mil","3110","215766","EA",1,3.51,3.51,"3877037"]
["14879","07/20/2012","/WB1","0612335","BUTANE REFILL 2.1oz","D","221053","EA",1,3.45,3.45,"3877037"]
["14879","07/20/2012","/WB1","0612335","BUTANE REFILL 2.1oz","D","9999","EA",3,3.45,10.35,"3877037"]
["14879","07/20/2012","/WE356","3140431","BLACK WEEKENDER SPRAY PAINT","3110","141818","EA",3,1.52,4.5599999999999996,"3877037"]
["14879","07/20/2012","/WE356","3140431","BLACK WEEKENDER SPRAY PAINT","3110","215717","EA",1,1.52,1.52,"3877037"]
["14879","07/20/2012","/WE357","3142429","WEEKEND WHITE","3110","214739","EA",1,1.55,1.55,"3877037"]
["14879","07/20/2012","/WE358","3142478","WEEKEND GLOSS BLACK","3110","215717","EA",2,1.55,3.1,"3877037"]
["14879","07/20/2012","/WU3201-L","0613393","LEATHER DRIVING GLOVES LARGE 3201L","E","221061","EA",2,4.05,8.1,"3877037"]
["14879","07/20/2012","/WU3201-M","/WU3201-M","LEATHER DRIVING GLOVES MEDIUM","E","221031","EA",1,4.05,4.05,"3877037"]
["14879","07/20/2012","/WU3201-XL","0613394","LEATHER DRIVING GLOVES X-LG 3201XL","E","163217","EA",1,4.05,4.05,"3877037"]
["14879","07/20/2012","/WU3201-XL","0613394","LEATHER DRIVING GLOVES X-LG 3201XL","E","273445","EA",1,4.05,4.05,"3877037"]
["14879","07/20/2012","/ZORMO400-05800-V75","/ZORMO400-05800-V75","ORMO400-05800 V75   O-RING","3110","273619","EA",1,7.8,7.8,"3877037"]
["14879","07/20/2012","/ZORMO400-05800-V75","/ZORMO400-05800-V75","ORMO400-05800 V75   O-RING","3110","s000000000","EA",1,7.8,7.8,"3877037"]
["14879","07/20/2012","10F125MXPS","8570972","10/32 X 1 1/4 PHIL PAN M/S 18-8","3110","group 50","EA",150,4.2500000000000003E-2,6.375,"3877037"]
["14879","07/20/2012","10F50MXP0Z","8570996","10/32 X 1/2 PHIL PAN M/S  ZNC","3110","215752","EA",3,4.8999999999999998E-3,1.47E-2,"3877037"]
["14879","07/20/2012","10FNKE0Z","8570985","10/32 KEPS NUT  ZNC","3110","221047","EA",2,6.7999999999999996E-3,1.3599999999999999E-2,"3877037"]
["14879","07/20/2012","10G100UQP","8570757","10-16 X 1in PAN SQ RECESS TEK SC","3110","final","EA",800,1.7399999999999999E-2,13.92,"3877037"]
["14879","07/20/2012","10N75TQP0Z","8570945","#10-16 X 3/4 PAN SQUARE RECESS T/S  ZNC","3110","group 20 - 21","EA",490,7.4000000000000003E-3,3.6259999999999999,"3877037"]
["14879","07/20/2012","12C100MFUS","8572843","12/24 X 1in FLAT PHIL U/C M/S 18-8","3110","s000000000","EA",1,0.09,0.09,"3877037"]
["14879","07/20/2012","12C150MTH0Z/F/NPAT","8571508","12/24 X 1-1/2 IND HEX SLT W/H T/C T-F ZN","3110","W/PATCH","EA",150,0.22,33,"3877037"]
["14879","07/20/2012","14RDAI","0601024","9/64 6 AIRCRAFT EXTENSION DRILL","A","221044","EA",12,1.3625,16.350000000000001,"3877037"]
["14879","07/20/2012","14RDAI","0601024","9/64 6 AIRCRAFT EXTENSION DRILL","A","221054","EA",12,1.3625,16.350000000000001,"3877037"]
["14879","07/20/2012","14RDCO","0613320","9/64 COBALT DRILL","A","85388","EA",12,1.35,16.2,"3877037"]
["14879","07/20/2012","18RDCO","0612440","3/16 COBALT DRILL","A","213488","EA",12,1.3,15.6,"3877037"]
["14879","07/20/2012","18RDCO","0612440","3/16 COBALT DRILL","A","215740","EA",12,1.3,15.6,"3877037"]
["14879","07/20/2012","25C1000BCG0Z","8571501","1/4-20 X 10in CARRIAGE BOLT  ZNC","3110","group 20 - 21","EA",50,0.6,30,"3877037"]
["14879","07/20/2012","25C100HCSS","8570384","1/4-20 X 1in HEX C/S 18-8","3110","group 50","EA",75,2.9700000000000001E-2,2.2275,"3877037"]
["14879","07/20/2012","25C150HCS8Y","8570911","1/4-20 X 1 1/2 HEX C/S GR 8 Z/YEL","3110","s000000000","EA",60,3.44E-2,2.0640000000000001,"3877037"]
["14879","07/20/2012","25C3600RAT0Z","8571503","1/4-20 X 3 FT THRD ROD  ZNC","3110","215766","EA",6,0.504,3.024,"3877037"]
["14879","07/20/2012","25CNNE8Y","8570194","1/4-20 NYLOC INSERT LOCKNUT GR 8 Z/YEL","3110","group 10 - 11","EA",400,1.9400000000000001E-2,7.76,"3877037"]
["14879","07/20/2012","25NWSAS","8570915","1/4 SAE F/W 18-8","3110","g0000 26","EA",200,1.61E-2,3.22,"3877037"]
["14879","07/20/2012","25NWUS8Y","8571249","1/4 USS FLAT WASHER GR 8 Z/YEL","3110","group 10 - 11","EA",400,1.4E-2,5.6,"3877037"]
["14879","07/20/2012","26RDCO","0613325","17/64 COBALT DRILL","A","69527","EA",24,2.44,58.56,"3877037"]
["14879","07/20/2012","31C100MTH0Z/F","8540171","5/16-18 X 1in IND HEX SLT W/H T/C T-F  Z","3110","NC","EA",100,0.155,15.5,"3877037"]
["14879","07/20/2012","31CNNE8Y","8541500","5/16-18 NYLOC INSERT LOCKNUT GR 8 Z/YEL","3110","s000000000","EA",60,2.8299999999999999E-2,1.698,"3877037"]
["14879","07/20/2012","37C125HCS8Y","8542797","3/8-16 X 1 1/4 HEX C/S GR 8 Z/YEL","3110","g0000 26","EA",100,5.5300000000000002E-2,5.53,"3877037"]
["14879","07/20/2012","37C150BCG0Z","37C150BCG0Z","3/8-16 X 1 1/2 CARRIAGE BOLT  ZNC","3110","136948","EA",2,7.0000000000000007E-2,0.14000000000000001,"3877037"]
["14879","07/20/2012","37C150HCS8Y","8570491","3/8-16 X 1 1/2 HEX C/S GR 8 Z/YEL","3110","136948","EA",2,6.3100000000000003E-2,0.12620000000000001,"3877037"]
["14879","07/20/2012","37C150HCS8Y","8570491","3/8-16 X 1 1/2 HEX C/S GR 8 Z/YEL","3110","group 10 - 11","EA",75,6.3100000000000003E-2,4.7324999999999999,"3877037"]
["14879","07/20/2012","37C350HCS8Y","8571040","3/8-16 X 3 1/2 HEX C/S GR 8 Z/YEL","3110","group 20 - 21","EA",25,0.15379999999999999,3.8450000000000002,"3877037"]
["14879","07/20/2012","37CNNE8Y","8540700","3/8-16 NYLOC INSERT LOCKNUT GR 8 Z/YEL","3110","136948","EA",4,3.9300000000000002E-2,0.15720000000000001,"3877037"]
["14879","07/20/2012","37CNNE8Y","8540700","3/8-16 NYLOC INSERT LOCKNUT GR 8 Z/YEL","3110","group 22 - 24","EA",150,3.9300000000000002E-2,5.8949999999999996,"3877037"]
["14879","07/20/2012","37NLET0Z","8543151","3/8 EXTERNAL TOOTH L/W  ZNC","3110","group 10 - 11","EA",300,7.7000000000000002E-3,2.31,"3877037"]
["14879","07/20/2012","37NWUS8Y","8570509","3/8 USS FLAT WASHER GR 8 Z/YEL","3110","group 10 - 11","EA",250,2.7E-2,6.75,"3877037"]
["14879","07/20/2012","43C100HCS8Y","8571277","7/16-14 X 1in HEX C/S GR 8 Z/YEL","3110","group 42","EA",300,0.11,66,"3877037"]
["14879","07/20/2012","43F150HCS8Y","8571289","7/16-20 X 1 1/2 HEX C/S GR 8 Z/YEL","3110","group 42","EA",175,0.1396,24.43,"3877037"]
["14879","07/20/2012","43FNNE8Y","8571284","7/16-20 NYLOC INSERT LOCKNUT GR 8 Z/YEL","3110","group 42","EA",150,5.2200000000000003E-2,7.83,"3877037"]
["14879","07/20/2012","43NWUS8Y","8571206","7/16 USS FLAT WASHER GR 8 Z/YEL","3110","group 42","EA",600,5.57E-2,33.42,"3877037"]
["14879","07/20/2012","8C100MTM0Z/F","8C100MTM0Z/F","8/32 X 1in PAN PHIL T/C T-F  ZNC","3110","final","EA",500,0.04,20,"3877037"]
["14879","07/20/2012","8C100MTM0Z/FWH","8C100MTM0Z/FWH","8-32 X 1 PAN PHIL T/C T-F ZINC WHITE HD","3110","final","EA",600,0.05,30,"3877037"]
["14879","07/20/2012","8G100UQF0Z/NPAT","8570935","8-18 X 1in F.H. SQ DRIVE TEK SC NYL PAT","3110","ZNC","EA",2500,1.55E-2,77.5,"3877037"]
["14879","07/20/2012","8G100UQP/NPAT","8570931","8-18 X 1in PAN SQ RECESS TEK SC NYL PAT","3110","final","EA",2000,1.796E-2,35.92,"3877037"]
["14879","07/20/2012","8G100UQP/NPAT","8570931","8-18 X 1in PAN SQ RECESS TEK SC NYL PAT","3110","group 22 - 24","EA",2000,1.796E-2,35.92,"3877037"]
["14879","07/20/2012","8G100UQP0B/NPAT","8570936","8-18 X 1in PAN SQ RECESS TEK SC NYL PAT","3110","BLK","EA",500,1.95E-2,19.5,"3877037"]
["14879","07/20/2012","8G100UQP0B/NPAT","8570936","8-18 X 1in PAN SQ RECESS TEK SC NYL PAT","3110","BLK","EA",1560,1.95E-2,30.42,"3877037"]
["14879","07/20/2012","8G150UXF0Z","8G150UXF0Z","8-18 X 1 1/2 FLAT PHIL TEK SCREW  ZNC","3110","221047","EA",100,1.8800000000000001E-2,1.88,"3877037"]
["14879","07/20/2012","8N62TQP0Z/BL","8570739","#8 X 5/8 PAN SQUARE RECESS T/S BLK HD  Z","3110","NC","EA",2500,7.0000000000000001E-3,17.5,"3877037"]
[null,null,null,null,null,null,null,null,null,null,{"$f":"SUBTOTAL(9,K2387:K2548)","v":2603.2304999999997},"3877037 Total"]
["14879","07/21/2012","/3M1700","8970416","3M 1700  TEM FLEX ELECTRICAL TAPE","3110","214793","EA",1,0.63,0.63,"3877343"]
["14879","07/21/2012","/3M1700","8970416","3M 1700  TEM FLEX ELECTRICAL TAPE","3110","215254","EA",1,0.63,0.63,"3877343"]
["14879","07/21/2012","/3M1700","8970416","3M 1700  TEM FLEX ELECTRICAL TAPE","3110","m0000000000","EA",2,0.63,1.26,"3877343"]
["14879","07/21/2012","/A10","0601058","A10 HOLE SAW ARBOR","A","221011","EA",1,8.3699999999999992,8.3699999999999992,"3877343"]
["14879","07/21/2012","/AB493X","0601008","#3 X 1-15/16 APEX BIT","A","103171","EA",1,1.66,1.66,"3877343"]
["14879","07/21/2012","/AL-14-50-0-CW-M","/AL-14-50-0-CW-M","14in BLACK CABLE TIE 50lb","D","group 20 - 21","EA",500,4.2000000000000003E-2,21,"3877343"]
["14879","07/21/2012","/AL-14-50-0-CW-M","/AL-14-50-0-CW-M","14in BLACK CABLE TIE 50lb","D","group 22 - 24","EA",500,4.2000000000000003E-2,21,"3877343"]
["14879","07/21/2012","/AV13009","6170120","10/32 WELL NUT .035/.232 GRIP 10/UNIT","3110","group 22 - 24","EA",150,0.24,36,"3877343"]
["14879","07/21/2012","/AVK1/4-20-260","8571190","1/4-20-260 THD INSERT","3110","215752","EA",20,0.14000000000000001,2.8,"3877343"]
["14879","07/21/2012","/AW20-202","0612410","20-202 T-SHIRT/POLOKNIT","D","215766","EA",50,0.52,26,"3877343"]
["14879","07/21/2012","/BI-CP0399","0611745","CTR PUNCH CLAMP 13/16x3/8x.025 GC","D","c000 r00000","EA",2,0.29459999999999997,0.58919999999999995,"3877343"]
["14879","07/21/2012","/CCPV8-6","8570815","1/4 MONO BOLT .08-.375 GRIP S/S","3110","final","EA",250,0.60809999999999997,152.02500000000001,"3877343"]
["14879","07/21/2012","/COV3313Z1","3971520","2in VYL COATED WIRING/TUBE CLIP","3110","group 10 - 11","EA",250,0.28299999999999997,70.75,"3877343"]
["14879","07/21/2012","/CRL216","0610545","CRL216 PLASTIC PUSH STICK","A","87507","EA",1,0.66,0.66,"3877343"]
["14879","07/21/2012","/CT08462","/CT08462","1in ACRYLIC ADHESIVE MOUNT","D","69550","EA",100,0.13,13,"3877343"]
["14879","07/21/2012","/EN91","0607049","AA ALKALINE BATTERY","D","273648","EA",2,0.43,0.86,"3877343"]
["14879","07/21/2012","/EN92","0612342","AAA ALKALINE BATTERY","D","213455","EA",3,0.45,1.35,"3877343"]
["14879","07/21/2012","/EN92","0612342","AAA ALKALINE BATTERY","D","214732","EA",3,0.45,1.35,"3877343"]
["14879","07/21/2012","/EN92","0612342","AAA ALKALINE BATTERY","D","220982","EA",3,0.45,1.35,"3877343"]
["14879","07/21/2012","/EN92","0612342","AAA ALKALINE BATTERY","D","69534","EA",3,0.45,1.35,"3877343"]
["14879","07/21/2012","/EN92","0612342","AAA ALKALINE BATTERY","D","85336","EA",2,0.45,0.9,"3877343"]
["14879","07/21/2012","/ET66RED","/ET66RED","3/4 X 66ft RED ELECTRICAL TAPE","3110","m0000000000","EA",2,0.68,1.36,"3877343"]
["14879","07/21/2012","/FWABMD445X","0613367","ABMAST WHEEL A30R GRADE","A","221019","EA",8,2.15,17.2,"3877343"]
["14879","07/21/2012","/FWFAL50504","/FWFAL50504","2 X .050 X 1/4 CUT OFF WHEEL","A","163231","EA",17,1.45,24.65,"3877343"]
["14879","07/21/2012","/FWMOL2310N99","0613362","WELDERS FACE MASK CARBON LINER","E","221053","EA",10,4.0625,40.625,"3877343"]
["14879","07/21/2012","/FWTWE14-35","0602003","CONTACT TIP 1140-1102","A","221019","EA",1,0.76,0.76,"3877343"]
["14879","07/21/2012","/FWTWE14-35","0602003","CONTACT TIP 1140-1102","A","221019","EA",3,0.76,2.2799999999999998,"3877343"]
["14879","07/21/2012","/FWTWE24A-62-SS","0602004","NOZZLE 1240-121","A","221019","EA",5,3.3125,16.5625,"3877343"]
["14879","07/21/2012","/FWTWE34A","0616178","NOZZLE INSULATOR 1340-1100","A","221019","EA",4,1.7124999999999999,6.85,"3877343"]
["14879","07/21/2012","/HS55020","0610867","1-1/4 HOLE SAW H S S","A","221011","EA",1,3.38,3.38,"3877343"]
["14879","07/21/2012","/IDL5210","4970430","9/16 TO 1-1/16 HOSE CLAMP","3110","final","EA",20,0.28999999999999998,5.8,"3877343"]
["14879","07/21/2012","/IDL62606","4970421","5/16-7/8 ALL STAINLESS HOSE CLAMP","3110","group 22 - 24","EA",80,0.34,27.2,"3877343"]
["14879","07/21/2012","/IRW10233","/IRW10233","3 9 HOLE SZ (1/4-3/4) 1/16 INCREMENTS","B","213496","EA",1,37.979999999999997,37.979999999999997,"3877343"]
["14879","07/21/2012","/K1307","3170107","K1307 BATTERY PROTECTOR","3110","273619","EA",1,2.85,2.85,"3877343"]
["14879","07/21/2012","/MCR3211XXXL","/MCR3211XXXL","LEATHER DRIVER GLOVE XXXL","E","215751","EA",1,5.85,5.85,"3877343"]
["14879","07/21/2012","/MCR9673GW-XL","/MCR9673GW-XL","WHITE NYLON NITRILE GLOVE  X-LARGE","E","214724","EA",1,1.96,1.96,"3877343"]
["14879","07/21/2012","/MCREPRC25","/MCREPRC25","EAR PLUG W/CORD REUSABLE","E","69527","EA",5,0.93500000000000005,4.6749999999999998,"3877343"]
["14879","07/21/2012","/MCRSS110","0616389","STRATOS SAFETY GLASS CLR LEN BLK FRAME","E","221053","EA",1,1.5,1.5,"3877343"]
["14879","07/21/2012","/MHC11922-6-6B","2971240","3/8 FPT BRASS TEE","","273648","EA",1,5.44,5.44,"3877343"]
["14879","07/21/2012","/MI602","2970730","602 1/4M X 3/8 ID HOSE FITTING","3110","c000 r00000","EA",2,0.73,1.46,"3877343"]
["14879","07/21/2012","/MI790","0613299","790 1/4 FEMALE BODY","D","c000 r00000","EA",1,5.82,5.82,"3877343"]
["14879","07/21/2012","/MI791","0613300","MILTON 791 COUPLER PLUG","D","273648","EA",1,1.1200000000000001,1.1200000000000001,"3877343"]
["14879","07/21/2012","/MI792","0613317","MILTON 792 COUPLER PLUG","D","c000 r00000","EA",1,1.1299999999999999,1.1299999999999999,"3877343"]
["14879","07/21/2012","/MS05-593GR","0613371","17in SPARK GUARD SLEEVE    PAIR","E","215751","EA",1,5.84,5.84,"3877343"]
["14879","07/21/2012","/MS09-224-10","0613301","CHEMI PRO NEO LATEX GLOVE-sz10 5400S","E","141900","EA",12,1.9125000000000001,22.95,"3877343"]
["14879","07/21/2012","/MS09-7005-L","0612455","NDEX NITRILE GLOVE LGE(100/BX)6020","E","87540","EA",1,9.39,9.39,"3877343"]
["14879","07/21/2012","/PB28314","0610234","#2 PHILLIPS BIT 4in","A","215766","EA",1,1,1,"3877343"]
["14879","07/21/2012","/PB29059","0612278","#2 X 3 SQ BIT","A","213455","EA",4,0.85,3.4,"3877343"]
["14879","07/21/2012","/PB29059","0612278","#2 X 3 SQ BIT","A","215752","EA",3,0.85,2.5499999999999998,"3877343"]
["14879","07/21/2012","/PB29059","0612278","#2 X 3 SQ BIT","A","221011","EA",1,0.85,1.7,"3877343"]
["14879","07/21/2012","/PB29059","0612278","#2 X 3 SQ BIT","A","273619","EA",2,0.85,1.7,"3877343"]
["14879","07/21/2012","/PB39959","0612067","#2 SQ X 6 SQ RECESS BIT","A","221009","EA",2,1.49,2.98,"3877343"]
["14879","07/21/2012","/PB39959","0612067","#2 SQ X 6 SQ RECESS BIT","A","221011","EA",1,1.49,1.49,"3877343"]
["14879","07/21/2012","/PFSDW1034","/PFSDW1034","#10 X 1-3/4 FH TORX DR TEK SC","3110","PAM SELF FEEDING SYSTEM","EA",3000,6.0699999999999997E-2,182.1,"3877343"]
["14879","07/21/2012","/PIP09-K1450/L","/PIP09-K1450/L","KEVLAR GLOVE WITH NITRILE COATING LARGE","E","215752","EA",1,4.75,4.75,"3877343"]
["14879","07/21/2012","/PIP09-K1450/L","/PIP09-K1450/L","KEVLAR GLOVE WITH NITRILE COATING LARGE","E","87507","EA",1,4.75,9.5,"3877343"]
["14879","07/21/2012","/PIP09-K1450/M","/PIP09-K1450/M","KEVLAR GLOVE W/NITRILE COATING MEDIUM","E","215797","EA",1,4.75,4.75,"3877343"]
["14879","07/21/2012","/PIP09-K1450/XL","/PIP09-K1450/XL","KEVLAR GLOVE W/NITRILE COATING XL","E","215734","EA",1,4.75,4.75,"3877343"]
["14879","07/21/2012","/RESHARP2","/RESHARP2","RESHARP FEE - 9/64 AND LARGER DRILL BITS","214450","c000 r00000","EA",5,0.55125000000000002,2.7562500000000001,"3877343"]
["14879","07/21/2012","/RESHARP2","/RESHARP2","RESHARP FEE - 9/64 AND LARGER DRILL BITS","214450","c000 r00000","EA",178,0.55125000000000002,98.122500000000002,"3877343"]
["14879","07/21/2012","/SB1QTA","0607002","1 QT SPRAY APPLICATOR (NO BOTTLE)","D","155993","EA",1,0.62,0.62,"3877343"]
["14879","07/21/2012","/SB1QTA","0607002","1 QT SPRAY APPLICATOR (NO BOTTLE)","D","87507","EA",1,0.62,0.62,"3877343"]
["14879","07/21/2012","/SB1QTA","0607002","1 QT SPRAY APPLICATOR (NO BOTTLE)","D","87540","EA",1,0.62,0.62,"3877343"]
["14879","07/21/2012","/SB1QTB","0607001","1 QT SPRAY BOTTLE  (NO APPLICATOR)","D","155993","EA",1,0.66,0.66,"3877343"]
["14879","07/21/2012","/STN-10778","/STN-10778","#10778 STANLEY FAT MAX UTILTY KNIFE","B","213496","EA",1,9.19,9.19,"3877343"]
["14879","07/21/2012","/STN-10778","/STN-10778","#10778 STANLEY FAT MAX UTILTY KNIFE","B","221030","EA",1,9.19,9.19,"3877343"]
["14879","07/21/2012","/STN-10778","/STN-10778","#10778 STANLEY FAT MAX UTILTY KNIFE","B","s000000000","EA",1,9.19,9.19,"3877343"]
["14879","07/21/2012","/STN11921I","0610823","UTIL KNIFE BLADES(INDIVIDUAL BLADES)","A","215752","EA",15,0.11,1.65,"3877343"]
["14879","07/21/2012","/STN11921I","0610823","UTIL KNIFE BLADES(INDIVIDUAL BLADES)","A","221055","EA",15,0.11,1.65,"3877343"]
["14879","07/21/2012","/TD365-9-8211","/TD365-9-8211","80 AMP TORCH TIP","D","221019","EA",1,6.04,6.04,"3877343"]
["14879","07/21/2012","/TD365-9-8213","/TD365-9-8213","THERMAL DYNAMICS 1 TORCH START CARTRIDGE","D","221019","EA",1,30.13,30.13,"3877343"]
["14879","07/21/2012","/TD365-9-8215","/TD365-9-8215","THERMAL DYNAMICS ELECTRODE","D","221019","EA",1,7.55,7.55,"3877343"]
["14879","07/21/2012","/UT-1033","8970411","2 X 60 YD GRAY DUCT TAPE - THIN 8mil","3110","145254","EA",2,3.51,7.02,"3877343"]
["14879","07/21/2012","/WH1468X8","/WH1468X8","MALE CONNECTOR 1/2 TUBE X 3/8 MALE PIPE","3110","273648","EA",3,2.42,7.26,"3877343"]
["14879","07/21/2012","/WH1862X4","2970674","1862 X 4  1/4 AIR BRAKE UNION BRASS","3110","273360","EA",7,3.25,22.75,"3877343"]
["14879","07/21/2012","/WH3220X8X4","2970931","1/2 X 1/4 HEX BUSHING BRASS","3110","273648","EA",1,0.99,0.99,"3877343"]
["14879","07/21/2012","/WH3300X8","2970990","3300 X 8  1/2 BRASS COUPLING","3110","273648","EA",1,1.34,1.34,"3877343"]
["14879","07/21/2012","/WI9624","0615523","WILSON # 9624 SHADE S WELDING GLASSES","E","273619","EA",1,7.96,7.96,"3877343"]
["14879","07/21/2012","/WU3201-M","/WU3201-M","LEATHER DRIVING GLOVES MEDIUM","E","m0000000000","EA",1,4.05,4.05,"3877343"]
["14879","07/21/2012","/WU3201-XL","0613394","LEATHER DRIVING GLOVES X-LG 3201XL","E","221019","EA",2,4.05,8.1,"3877343"]
["14879","07/21/2012","10F250MXP0Z","10F250MXP0Z","10/32 X 2 1/2 PHIL PAN M/S  ZNC","3110","155993","EA",3,5.6000000000000001E-2,0.16800000000000001,"3877343"]
["14879","07/21/2012","10F50MXP0Z","8570996","10/32 X 1/2 PHIL PAN M/S  ZNC","3110","215752","EA",20,4.8999999999999998E-3,9.8000000000000004E-2,"3877343"]
["14879","07/21/2012","10FNCAS","8571085","10/32 ACORN CAP NUT 18-8","3110","group 10 - 11","EA",500,0.18,90,"3877343"]
["14879","07/21/2012","10FNKE0Z","8570985","10/32 KEPS NUT  ZNC","3110","group 10 - 11","EA",500,6.7999999999999996E-3,3.4,"3877343"]
["14879","07/21/2012","10G100UQP","8570757","10-16 X 1in PAN SQ RECESS TEK SC","3110","group 22 - 24","EA",400,1.7399999999999999E-2,6.96,"3877343"]
["14879","07/21/2012","12C100MTH0Z/F/NPAT","8571507","12/24 X 1 IND HEX SLT W/H T/C T-F ZN","3110","W/PATCH","EA",200,0.17,34,"3877343"]
["14879","07/21/2012","12C100MTH0Z/F/NPAT","8571507","12/24 X 1 IND HEX SLT W/H T/C T-F ZN","3110","W/PATCH","EA",250,0.17,42.5,"3877343"]
["14879","07/21/2012","14RDAI","0601024","9/64 6 AIRCRAFT EXTENSION DRILL","A","85388","EA",12,1.3625,16.350000000000001,"3877343"]
["14879","07/21/2012","17RDJO","0601013","11/64 HSS JOBR DRILL 135/deg S/P","A","273410","EA",4,0.59,2.36,"3877343"]
["14879","07/21/2012","18RDAI","0613364","3/16 6 AIRCRAFT EXTENSION DRILL","A","273614","EA",2,1.53,3.06,"3877343"]
["14879","07/21/2012","18RDAI","0613364","3/16 6 AIRCRAFT EXTENSION DRILL","A","69527","EA",2,1.53,3.06,"3877343"]
["14879","07/21/2012","18RDCO","0612440","3/16 COBALT DRILL","A","103171","EA",4,1.3,5.2,"3877343"]
["14879","07/21/2012","18RDCO","0612440","3/16 COBALT DRILL","A","221011","EA",1,1.3,1.3,"3877343"]
["14879","07/21/2012","25C100HCSS","8570384","1/4-20 X 1in HEX C/S 18-8","3110","g0000 26","EA",100,2.9700000000000001E-2,2.97,"3877343"]
["14879","07/21/2012","25C100HCSS","8570384","1/4-20 X 1in HEX C/S 18-8","3110","group 22 - 24","EA",150,2.9700000000000001E-2,4.4550000000000001,"3877343"]
["14879","07/21/2012","25C200KBCS","8571044","1/4-20 X 2 BUTTON SOC C/S 18-8","3110","155917","EA",7,9.1800000000000007E-2,0.64259999999999995,"3877343"]
["14879","07/21/2012","25C300HCS8Y","8542870","1/4-20 X 3 HEX C/S GR 8 Z/YEL","3110","214793","EA",6,8.8300000000000003E-2,0.52980000000000005,"3877343"]
["14879","07/21/2012","25C300KFCS","25C300KFCS","1/4-20 X 3 FLAT SOC C/S 18-8","3110","1698","EA",8,0.27,2.16,"3877343"]
["14879","07/21/2012","25CNNE8Y","8570194","1/4-20 NYLOC INSERT LOCKNUT GR 8 Z/YEL","3110","group 10 - 11","EA",400,1.9400000000000001E-2,7.76,"3877343"]
["14879","07/21/2012","25NWSAS","8570915","1/4 SAE F/W 18-8","3110","group 20 - 21","EA",500,1.61E-2,8.0500000000000007,"3877343"]
["14879","07/21/2012","25R125WFE0Z","8570244","1/4 X 1 1/4 FEND WASH  ZNC","3110","group 22 - 24","EA",175,2.5999999999999999E-2,9.1,"3877343"]
["14879","07/21/2012","31C225HCS8Y","31C225HCS8Y","5/16-18 X 2 1/4 HEX C/S GR 8 Z/YEL","3110","213500","EA",6,9.6000000000000002E-2,0.57599999999999996,"3877343"]
["14879","07/21/2012","31C75BCGS","8570111","5/16-18 X 3/4 CARRIAGE BOLT 18-8","3110","group 22 - 24","EA",120,7.9600000000000004E-2,9.5519999999999996,"3877343"]
["14879","07/21/2012","34RDJO","0612255","11/32 HSS JOBR DRILL BLK/135deg S/P","A","220986","EA",2,2.11,4.22,"3877343"]
["14879","07/21/2012","37C125HCS8Y","8542797","3/8-16 X 1 1/4 HEX C/S GR 8 Z/YEL","3110","group 10 - 11","EA",100,5.5300000000000002E-2,5.53,"3877343"]
["14879","07/21/2012","37C200MUT0Z/F","8543431","3/8-16 X 2 IND HEX UNSLT W/H T/C T-F  ZN","3110","C","EA",25,0.3,15,"3877343"]
["14879","07/21/2012","37C250HCS8Y","8542714","3/8-16 X 2 1/2 HEX C/S GR 8 Z/YEL","3110","107767","EA",4,0.1026,0.41039999999999999,"3877343"]
["14879","07/21/2012","37C250HCS8Y","8542714","3/8-16 X 2 1/2 HEX C/S GR 8 Z/YEL","3110","group 20 - 21","EA",30,0.1026,3.0779999999999998,"3877343"]
["14879","07/21/2012","43C125HCS8Y","43C125HCS8Y","7/16-14 X 1 1/4 HEX C/S GR 8 Z/YEL","3110","221057","EA",2,8.4000000000000005E-2,0.16800000000000001,"3877343"]
["14879","07/21/2012","50C150HCS8Y","8570954","1/2-13 X 1 1/2 HEX C/S GR 8 Z/YEL","3110","group 22 - 24","EA",40,0.1275,5.0999999999999996,"3877343"]
["14879","07/21/2012","50CNNE8Y","8541468","1/2-13 NYLOC INSERT LOCKNUT GR 8 Z/YEL","3110","group 22 - 24","EA",100,9.69E-2,9.69,"3877343"]
["14879","07/21/2012","75NWUS8Y","8571523","3/4 USS FLAT WASHER GR 8 Z/YEL","3110","s000000000","EA",1,0.42,0.84,"3877343"]
["14879","07/21/2012","8C100MTM0Z/F","8C100MTM0Z/F","8/32 X 1in PAN PHIL T/C T-F  ZNC","3110","final","EA",500,0.04,20,"3877343"]
["14879","07/21/2012","8C100MTM0Z/F","8C100MTM0Z/F","8/32 X 1in PAN PHIL T/C T-F  ZNC","3110","group 22 - 24","EA",1500,0.04,60,"3877343"]
["14879","07/21/2012","8G100UQP0B/NPAT","8570936","8-18 X 1in PAN SQ RECESS TEK SC NYL PAT","3110","BLK","EA",500,1.95E-2,9.75,"3877343"]
["14879","07/21/2012","8G75UQP4","8570788","8-18 X 3/4 PAN SQ RECESS TEK SC 410 S/S","3110","group 20 - 21","EA",600,2.6200000000000001E-2,15.72,"3877343"]
["14879","07/21/2012","8N62TQP0Z/BL","8570739","#8 X 5/8 PAN SQUARE RECESS T/S BLK HD  Z","3110","NC","EA",2500,7.0000000000000001E-3,17.5,"3877343"]
["14879","07/21/2012","8NWSA0Z","8570990","#8 SAE F/W  ZNC","3110","final","EA",500,4.0000000000000001E-3,2,"3877343"]
[null,null,null,null,null,null,null,null,null,null,{"$f":"SUBTOTAL(9,K2550:K2667)","v":1499.5532499999995},"3877343 Total"]
["14879","07/23/2012",".120NWA30P/6916","8571279","M12 A325 FLAT WASHER DIN 125A TP200  PLN","3110","group 42","EA",250,0.1414,70.7,"3877982"]
["14879","07/23/2012","/3M12-10P","3942299","16-14 #10 TERMINAL","3110","213496","EA",50,3.9800000000000002E-2,1.99,"3877982"]
["14879","07/23/2012","/3M1700","8970416","3M 1700  TEM FLEX ELECTRICAL TAPE","3110","214748","EA",1,0.63,0.63,"3877982"]
["14879","07/23/2012","/3M2097/07184","/3M2097/07184","PARTICULATE FILTER P100 W/NUISANCE LEVE","E","220998","EA",2,4.2,8.4,"3877982"]
["14879","07/23/2012","/3MMH10-38RK","3971613","10-12 3/8 STUD RING PERMA SEAL","3110","273454","EA",6,0.2477,1.4862,"3877982"]
["14879","07/23/2012","/AB493X","0601008","#3 X 1-15/16 APEX BIT","A","155985","EA",1,1.66,1.66,"3877982"]
["14879","07/23/2012","/AL-14-50-0-CW-M","/AL-14-50-0-CW-M","14in BLACK CABLE TIE 50lb","D","final","EA",500,4.2000000000000003E-2,21,"3877982"]
["14879","07/23/2012","/AL-14-50-0-CW-M","/AL-14-50-0-CW-M","14in BLACK CABLE TIE 50lb","D","group 10 - 11","EA",500,4.2000000000000003E-2,21,"3877982"]
["14879","07/23/2012","/AL-14-50-0-CW-M","/AL-14-50-0-CW-M","14in BLACK CABLE TIE 50lb","D","group 22 - 24","EA",500,4.2000000000000003E-2,21,"3877982"]
["14879","07/23/2012","/AL-14-50-0-CW-M","/AL-14-50-0-CW-M","14in BLACK CABLE TIE 50lb","D","group 42","EA",100,4.2000000000000003E-2,4.2,"3877982"]
["14879","07/23/2012","/AL-14-50-0-CW-M","/AL-14-50-0-CW-M","14in BLACK CABLE TIE 50lb","D","group 50","EA",500,4.2000000000000003E-2,42,"3877982"]
["14879","07/23/2012","/AS400SM","0613336","8 STATIC MIXER 400ml","A","213438","EA",10,1.25,12.5,"3877982"]
["14879","07/23/2012","/AS400SM","0613336","8 STATIC MIXER 400ml","A","213523","EA",10,1.25,12.5,"3877982"]
["14879","07/23/2012","/AS50SM","0613337","STATIC MIXER 50ml","A","213438","EA",16,1.25,20,"3877982"]
["14879","07/23/2012","/AS50SM","0613337","STATIC MIXER 50ml","A","221053","EA",12,1.25,15,"3877982"]
["14879","07/23/2012","/AS55300-50","7970040","METHACYLATE ADHESIVE 50ml","3110","213438","EA",10,8.98,89.8,"3877982"]
["14879","07/23/2012","/ASCCC-126","/ASCCC-126","HARD CAP KNEE PADS 1 PAIR","E","s000000000","EA",1,12.95,12.95,"3877982"]
["14879","07/23/2012","/ASMP55300-400","7970041","METHACYLATE ADHESIVE 400ml","3110","213438","EA",3,27.6,82.8,"3877982"]
["14879","07/23/2012","/AT2","4970611","2 X 50yds ALUMINUM TAPE UT-41","3110","273614","EA",1,6.82,6.82,"3877982"]
["14879","07/23/2012","/AV13009","6170120","10/32 WELL NUT .035/.232 GRIP 10/UNIT","3110","group 22 - 24","EA",200,0.24,48,"3877982"]
["14879","07/23/2012","/AW20-202","0612410","20-202 T-SHIRT/POLOKNIT","D","214724","EA",50,0.52,26,"3877982"]
["14879","07/23/2012","/AW20-202","0612410","20-202 T-SHIRT/POLOKNIT","D","214762","EA",50,0.52,26,"3877982"]
["14879","07/23/2012","/AW20-202","0612410","20-202 T-SHIRT/POLOKNIT","D","85811","EA",50,0.52,26,"3877982"]
["14879","07/23/2012","/AW20-202","0612410","20-202 T-SHIRT/POLOKNIT","D","s000000000","EA",50,0.52,26,"3877982"]
["14879","07/23/2012","/BB433-934","0607017","NAIL APRON","D","220992","EA",1,1.93,1.93,"3877982"]
["14879","07/23/2012","/BB433-934","0607017","NAIL APRON","D","221011","EA",1,1.93,1.93,"3877982"]
["14879","07/23/2012","/BI-CP0399","0611745","CTR PUNCH CLAMP 13/16x3/8x.025 GC","D","c000 r00000","EA",1,0.29459999999999997,0.29459999999999997,"3877982"]
["14879","07/23/2012","/BI-CP0399","0611745","CTR PUNCH CLAMP 13/16x3/8x.025 GC","D","c000 r00000","EA",2,0.29459999999999997,0.58919999999999995,"3877982"]
["14879","07/23/2012","/COV2509Z1","3971511","1-1/2in VYL COATED WIRING/TUBE CLIP","3110","group 10 - 11","EA",500,0.26300000000000001,131.5,"3877982"]
["14879","07/23/2012","/COV4511Z1","0374037","2-3/4in VYL COATED WIRING/TUBE CLIP","3110","group 10 - 11","EA",125,0.66539999999999999,83.174999999999997,"3877982"]
["14879","07/23/2012","/COV4511Z1","0374037","2-3/4in VYL COATED WIRING/TUBE CLIP","3110","group 10 - 11","EA",200,0.66539999999999999,133.08000000000001,"3877982"]
["14879","07/23/2012","/CRL216","0610545","CRL216 PLASTIC PUSH STICK","A","145295","EA",4,0.66,2.64,"3877982"]
["14879","07/23/2012","/CRL216","0610545","CRL216 PLASTIC PUSH STICK","A","155984","EA",2,0.66,1.32,"3877982"]
["14879","07/23/2012","/CTGT-50S2","/CTGT-50S2","7-3/8 NATURAL CABLE TIE","3110","group 10 - 11","EA",200,6.9949999999999998E-2,13.99,"3877982"]
["14879","07/23/2012","/CTGT-50S2","/CTGT-50S2","7-3/8 NATURAL CABLE TIE","3110","group 22 - 24","EA",150,6.9949999999999998E-2,10.4925,"3877982"]
["14879","07/23/2012","/DYN49635","9770042","DYN49635  DIELECTRIC GREASE","3110","273454","EA",1,19.899999999999999,19.899999999999999,"3877982"]
["14879","07/23/2012","/EL6527","/EL6527","1 X 25ft TAPE MEASURE","D","s000000000","EA",1,5.38,5.38,"3877982"]
["14879","07/23/2012","/EN92","0612342","AAA ALKALINE BATTERY","D","155985","EA",3,0.45,1.35,"3877982"]
["14879","07/23/2012","/EN92","0612342","AAA ALKALINE BATTERY","D","214741","EA",3,0.45,1.35,"3877982"]
["14879","07/23/2012","/EN92","0612342","AAA ALKALINE BATTERY","D","215778","EA",2,0.45,0.9,"3877982"]
["14879","07/23/2012","/EN92","0612342","AAA ALKALINE BATTERY","D","273398","EA",2,0.45,0.9,"3877982"]
["14879","07/23/2012","/EN92","0612342","AAA ALKALINE BATTERY","D","87571","EA",3,0.45,1.35,"3877982"]
["14879","07/23/2012","/EN92","0612342","AAA ALKALINE BATTERY","D","s000000000","EA",2,0.45,0.9,"3877982"]
["14879","07/23/2012","/EN92","0612342","AAA ALKALINE BATTERY","D","s000000000","EA",3,0.45,2.7,"3877982"]
["14879","07/23/2012","/ET66RED","/ET66RED","3/4 X 66ft RED ELECTRICAL TAPE","3110","134472","EA",4,0.68,2.72,"3877982"]
["14879","07/23/2012","/ET66RED","/ET66RED","3/4 X 66ft RED ELECTRICAL TAPE","3110","214748","EA",2,0.68,1.36,"3877982"]
["14879","07/23/2012","/ET66RED","/ET66RED","3/4 X 66ft RED ELECTRICAL TAPE","3110","85823","EA",1,0.68,0.68,"3877982"]
["14879","07/23/2012","/FWABMX481R","0601064","ABMAST WHEEL A30R GRADE","A","214742","EA",20,7.48,149.6,"3877982"]
["14879","07/23/2012","/FWBEANIES-L","/FWBEANIES-L","WELDING BEANIES  - LARGE","E","215751","EA",1,4.3499999999999996,4.3499999999999996,"3877982"]
["14879","07/23/2012","/FWBEANIES-S","0613305","WELDING BEANIES  - SMALL","E","221012","EA",1,4.3499999999999996,4.3499999999999996,"3877982"]
["14879","07/23/2012","/FWCEP932-1040","0612258","2in X 4-1/4 COVER PLATE","D","215778","EA",1,0.72,0.72,"3877982"]
["14879","07/23/2012","/FWCEP932-1040","0612258","2in X 4-1/4 COVER PLATE","D","221012","EA",1,0.72,0.72,"3877982"]
["14879","07/23/2012","/FWCEP932-1042","0612967","4-1/2 X 5-1/4 COVER PLATE","A","215778","EA",1,0.9,0.9,"3877982"]
["14879","07/23/2012","/FWCEP932-1042","0612967","4-1/2 X 5-1/4 COVER PLATE","A","215788","EA",1,0.9,0.9,"3877982"]
["14879","07/23/2012","/FWCEP932-1042","0612967","4-1/2 X 5-1/4 COVER PLATE","A","220998","EA",1,0.9,0.9,"3877982"]
["14879","07/23/2012","/FWCEP932-1042","0612967","4-1/2 X 5-1/4 COVER PLATE","A","85336","EA",1,0.9,0.9,"3877982"]
["14879","07/23/2012","/FWMOL2310N99","0613362","WELDERS FACE MASK CARBON LINER","E","141879","EA",10,4.0625,40.625,"3877982"]
["14879","07/23/2012","/FWMOL2310N99","0613362","WELDERS FACE MASK CARBON LINER","E","215778","EA",20,4.0625,81.25,"3877982"]
["14879","07/23/2012","/FWMOL2310N99","0613362","WELDERS FACE MASK CARBON LINER","E","221058","EA",10,4.0625,40.625,"3877982"]
["14879","07/23/2012","/FWTIL4242","0602020","APRON 24 X 42","E","210927","EA",1,28.57,28.57,"3877982"]
["14879","07/23/2012","/FWTWE14-35","0602003","CONTACT TIP 1140-1102","A","141879","EA",10,0.76,7.6,"3877982"]
["14879","07/23/2012","/FWTWE14-35","0602003","CONTACT TIP 1140-1102","A","163217","EA",7,0.76,5.32,"3877982"]
["14879","07/23/2012","/FWTWE14-35","0602003","CONTACT TIP 1140-1102","A","214741","EA",6,0.76,4.5599999999999996,"3877982"]
["14879","07/23/2012","/FWTWE14-35","0602003","CONTACT TIP 1140-1102","A","215778","EA",6,0.76,4.5599999999999996,"3877982"]
["14879","07/23/2012","/FWTWE14-35","0602003","CONTACT TIP 1140-1102","A","221012","EA",3,0.76,2.2799999999999998,"3877982"]
["14879","07/23/2012","/FWTWE14-35","0602003","CONTACT TIP 1140-1102","A","87596","EA",4,0.76,3.04,"3877982"]
["14879","07/23/2012","/FWTWE24A-62-SS","0602004","NOZZLE 1240-121","A","141879","EA",7,3.3125,23.1875,"3877982"]
["14879","07/23/2012","/FWTWE24A-62-SS","0602004","NOZZLE 1240-121","A","163217","EA",1,3.3125,3.3125,"3877982"]
["14879","07/23/2012","/FWTWE24A-62-SS","0602004","NOZZLE 1240-121","A","214741","EA",1,3.3125,3.3125,"3877982"]
["14879","07/23/2012","/FWTWE24A-62-SS","0602004","NOZZLE 1240-121","A","221012","EA",3,3.3125,9.9375,"3877982"]
["14879","07/23/2012","/FWTWE24A-62-SS","0602004","NOZZLE 1240-121","A","85823","EA",2,3.3125,6.625,"3877982"]
["14879","07/23/2012","/FWTWE24A-62-SS","0602004","NOZZLE 1240-121","A","87596","EA",1,3.3125,3.3125,"3877982"]
["14879","07/23/2012","/FWTWE34A","0616178","NOZZLE INSULATOR 1340-1100","A","141879","EA",2,1.7124999999999999,3.4249999999999998,"3877982"]
["14879","07/23/2012","/FWTWE34A","0616178","NOZZLE INSULATOR 1340-1100","A","163217","EA",1,1.7124999999999999,1.7124999999999999,"3877982"]
["14879","07/23/2012","/FWTWE34A","0616178","NOZZLE INSULATOR 1340-1100","A","214741","EA",1,1.7124999999999999,1.7124999999999999,"3877982"]
["14879","07/23/2012","/FWTWE34A","0616178","NOZZLE INSULATOR 1340-1100","A","215778","EA",4,1.7124999999999999,6.85,"3877982"]
["14879","07/23/2012","/FWTWE34A","0616178","NOZZLE INSULATOR 1340-1100","A","221012","EA",3,1.7124999999999999,5.1375000000000002,"3877982"]
["14879","07/23/2012","/FWTWE34A","0616178","NOZZLE INSULATOR 1340-1100","A","85823","EA",1,1.7124999999999999,1.7124999999999999,"3877982"]
["14879","07/23/2012","/FWTWE34A","0616178","NOZZLE INSULATOR 1340-1100","A","87596","EA",1,1.7124999999999999,1.7124999999999999,"3877982"]
["14879","07/23/2012","/FWTWE54A","0602011","GAS DIFFUSER 100-54A ANCHOR BRAND","A","141879","EA",1,3.41,3.41,"3877982"]
["14879","07/23/2012","/FWTWE54A","0602011","GAS DIFFUSER 100-54A ANCHOR BRAND","A","163217","EA",1,3.41,6.82,"3877982"]
["14879","07/23/2012","/FWTWE54A","0602011","GAS DIFFUSER 100-54A ANCHOR BRAND","A","214741","EA",1,3.41,3.41,"3877982"]
["14879","07/23/2012","/FWTWE54A","0602011","GAS DIFFUSER 100-54A ANCHOR BRAND","A","215778","EA",2,3.41,6.82,"3877982"]
["14879","07/23/2012","/FWWEL20-3100","0613306","SWEAT BAND, HELMET COMFORTER","E","210927","EA",2,2.21,4.42,"3877982"]
["14879","07/23/2012","/FWWEL20-3100","0613306","SWEAT BAND, HELMET COMFORTER","E","211005","EA",2,2.21,4.42,"3877982"]
["14879","07/23/2012","/FWWEL20-3100","0613306","SWEAT BAND, HELMET COMFORTER","E","214742","EA",2,2.21,4.42,"3877982"]
["14879","07/23/2012","/FWWEL20-3100","0613306","SWEAT BAND, HELMET COMFORTER","E","85823","EA",2,2.21,4.42,"3877982"]
["14879","07/23/2012","/FWWEL20-3100","0613306","SWEAT BAND, HELMET COMFORTER","E","87520","EA",2,2.21,4.42,"3877982"]
["14879","07/23/2012","/HIMGL100-R8-E16.4","/HIMGL100-R8-E16.4","1/4 X 1 CTSK MONO-BOLT","3110","group 20 - 21","EA",350,0.44,154,"3877982"]
["14879","07/23/2012","/HS55020","0610867","1-1/4 HOLE SAW H S S","A","213500","EA",3,3.38,10.14,"3877982"]
["14879","07/23/2012","/HS55020","0610867","1-1/4 HOLE SAW H S S","A","221058","EA",1,3.38,3.38,"3877982"]
["14879","07/23/2012","/HS55024","0601052","1-1/2 HOLE SAW H S S","A","213500","EA",3,3.6,10.8,"3877982"]
["14879","07/23/2012","/HS55028","0610889","1-3/4 HOLE SAW H S S","A","213453","EA",1,4.45,4.45,"3877982"]
["14879","07/23/2012","/HS55028","0610889","1-3/4 HOLE SAW H S S","A","214758","EA",1,4.45,4.45,"3877982"]
["14879","07/23/2012","/HS55028","0610889","1-3/4 HOLE SAW H S S","A","214758","EA",2,4.45,8.9,"3877982"]
["14879","07/23/2012","/HS55048","0610945","3in HOLE SAW H S S","A","221058","EA",1,6.11,6.11,"3877982"]
["14879","07/23/2012","/HTDCT110HIRC2","/HTDCT110HIRC2","DUAL CLAMP CABLE TIE 150 lb, 19in","3110","s000000000","EA",1,1.95,1.95,"3877982"]
["14879","07/23/2012","/IDL5210","4970430","9/16 TO 1-1/16 HOSE CLAMP","3110","final","EA",20,0.28999999999999998,5.8,"3877982"]
["14879","07/23/2012","/IDL5210","4970430","9/16 TO 1-1/16 HOSE CLAMP","3110","group 10 - 11","EA",80,0.28999999999999998,23.2,"3877982"]
["14879","07/23/2012","/IDL62606","4970421","5/16-7/8 ALL STAINLESS HOSE CLAMP","3110","final","EA",20,0.34,6.8,"3877982"]
["14879","07/23/2012","/IDL6736","4970435","1-13/16 - 2-3/4 ALL STAINLESS HOSE CLAMP","3110","213523","EA",2,0.82,1.64,"3877982"]
["14879","07/23/2012","/LDFSM","/LDFSM","LETTER F DRILL SCREW MACH LENGTH","A","215718","EA",12,1.61,19.32,"3877982"]
["14879","07/23/2012","/MCM7437K19","/MCM7437K19","RED BATTERY PROTECTANT  15.25 OZ.","3110","273507","EA",1,7.18,7.18,"3877982"]
["14879","07/23/2012","/MCR9378T","/MCR9378T","18in KEVLAR SLEEVE W/THUMB SLOT","E","221044","EA",2,3.18,6.36,"3877982"]
["14879","07/23/2012","/MCR9378T","/MCR9378T","18in KEVLAR SLEEVE W/THUMB SLOT","E","87594","EA",2,3.18,6.36,"3877982"]
["14879","07/23/2012","/MCREPRC25","/MCREPRC25","EAR PLUG W/CORD REUSABLE","E","215751","EA",1,0.93500000000000005,0.93500000000000005,"3877982"]
["14879","07/23/2012","/MCREPRC25","/MCREPRC25","EAR PLUG W/CORD REUSABLE","E","s000000000","EA",2,0.93500000000000005,1.87,"3877982"]
["14879","07/23/2012","/MCRSS110","0616389","STRATOS SAFETY GLASS CLR LEN BLK FRAME","E","214739","EA",1,1.5,1.5,"3877982"]
["14879","07/23/2012","/MCRSS110","0616389","STRATOS SAFETY GLASS CLR LEN BLK FRAME","E","214798","EA",1,1.5,1.5,"3877982"]
["14879","07/23/2012","/MHC11180-16-12B","2971148","3/4 MPT X 1 BARB BRASS","3110","214745","EA",2,2.73,5.46,"3877982"]
["14879","07/23/2012","/MHC11822-4-4DOT","2971213","1/4MPT X 1/4TUBE 90 DEG SWIV ELB BRS DOT","3110","134472","EA",8,5.3,42.4,"3877982"]
["14879","07/23/2012","/MI790","0613299","790 1/4 FEMALE BODY","D","c000 r00000","EA",1,5.82,5.82,"3877982"]
["14879","07/23/2012","/MI791","0613300","MILTON 791 COUPLER PLUG","D","163201","EA",1,1.1200000000000001,1.1200000000000001,"3877982"]
["14879","07/23/2012","/MI791","0613300","MILTON 791 COUPLER PLUG","D","c000 r00000","EA",1,1.1200000000000001,1.1200000000000001,"3877982"]
["14879","07/23/2012","/MIL49-59-0500","/MIL49-59-0500","1/2\" MILWAUKEE ANNULAR CUTTER","A","141879","EA",3,33.65,100.95,"3877982"]
["14879","07/23/2012","/MKNMPD4S","0601065","1/4 PILOT BIT SHORT","A","141879","EA",1,1.68,1.68,"3877982"]
["14879","07/23/2012","/MKNMPD4S","0601065","1/4 PILOT BIT SHORT","A","214758","EA",1,1.68,1.68,"3877982"]
["14879","07/23/2012","/MO19193-0345","3971628","2/0ga x 3/8 ELEC RING TERM NON-INSULATED","3110","214748","EA",100,0.94730000000000003,94.73,"3877982"]
["14879","07/23/2012","/MOL6644","/MOL6644","MOLDEX UNCORDED EAR PLUG DISPENSER 250PR","E","215778","EA",1,33.5,33.5,"3877982"]
["14879","07/23/2012","/MOL6644","/MOL6644","MOLDEX UNCORDED EAR PLUG DISPENSER 250PR","E","s000000000","EA",1,33.5,33.5,"3877982"]
["14879","07/23/2012","/MS05-593GR","0613371","17in SPARK GUARD SLEEVE    PAIR","E","211005","EA",1,5.84,5.84,"3877982"]
["14879","07/23/2012","/MS05-593GR","0613371","17in SPARK GUARD SLEEVE    PAIR","E","214742","EA",1,5.84,5.84,"3877982"]
["14879","07/23/2012","/MS05-593GR","0613371","17in SPARK GUARD SLEEVE    PAIR","E","214798","EA",1,5.84,5.84,"3877982"]
["14879","07/23/2012","/MS05-593GR","0613371","17in SPARK GUARD SLEEVE    PAIR","E","215778","EA",1,5.84,5.84,"3877982"]
["14879","07/23/2012","/MS05-593GR","0613371","17in SPARK GUARD SLEEVE    PAIR","E","215788","EA",1,5.84,5.84,"3877982"]
["14879","07/23/2012","/MS05-593GR","0613371","17in SPARK GUARD SLEEVE    PAIR","E","221012","EA",1,5.84,5.84,"3877982"]
["14879","07/23/2012","/MS09-4320","0612134","WELDERS GLOVE (PAIR)  4320","E","213523","EA",1,3.52,3.52,"3877982"]
["14879","07/23/2012","/MS09-5060L","0612190","LATEX DISPOSABLE GLOVE(DISPENSER-100)","E","134465","EA",1,6.2125000000000004,6.2125000000000004,"3877982"]
["14879","07/23/2012","/MS09-5060L","0612190","LATEX DISPOSABLE GLOVE(DISPENSER-100)","E","s000000000","EA",5,6.2125000000000004,31.0625,"3877982"]
["14879","07/23/2012","/MS09-7005-L","0612455","NDEX NITRILE GLOVE LGE(100/BX)6020","E","107767","EA",1,9.39,9.39,"3877982"]
["14879","07/23/2012","/MS09-7005-L","0612455","NDEX NITRILE GLOVE LGE(100/BX)6020","E","s000000000","EA",1,9.39,9.39,"3877982"]
["14879","07/23/2012","/MS09-7005-L","0612455","NDEX NITRILE GLOVE LGE(100/BX)6020","E","s000000000","EA",2,9.39,18.78,"3877982"]
["14879","07/23/2012","/MS09-9780-8","0613097","NITRILE GLOVES SIZE 8   97980M","E","1719","EA",2,1.83,3.66,"3877982"]
["14879","07/23/2012","/MT55788","0607077","7in 1/4 ST(MAX-Z) 27 GRINDING WHEEL","A","5/8-11 ARBOR HOLE","EA",1,6.74,6.74,"3877982"]
["14879","07/23/2012","/PB27360","0612262","PB27360 #1 PHIL BIT LONG 1/4 HEX","A","87611","EA",1,0.42,0.42,"3877982"]
["14879","07/23/2012","/PB27361","0610245","PB27361 #2 PHIL BIT LONG 1/4 HEX","A","215766","EA",1,0.39,0.39,"3877982"]
["14879","07/23/2012","/PB28314","0610234","#2 PHILLIPS BIT 4in","A","213522","EA",1,1,1,"3877982"]
["14879","07/23/2012","/PB28314","0610234","#2 PHILLIPS BIT 4in","A","213523","EA",3,1,3,"3877982"]
["14879","07/23/2012","/PB28314","0610234","#2 PHILLIPS BIT 4in","A","215732","EA",1,1,1,"3877982"]
["14879","07/23/2012","/PB28314","0610234","#2 PHILLIPS BIT 4in","A","273560","EA",1,1,1,"3877982"]
["14879","07/23/2012","/PB29050","0612331","29050 #2 SQ RECESS BIT SHORT","A","221011","EA",1,0.28000000000000003,0.28000000000000003,"3877982"]
["14879","07/23/2012","/PB29052","0612023","29052 #1 SQ RECESS BIT LONG","A","221011","EA",1,0.52,0.52,"3877982"]
["14879","07/23/2012","/PB29059","0612278","#2 X 3 SQ BIT","A","145295","EA",1,0.85,0.85,"3877982"]
["14879","07/23/2012","/PB29059","0612278","#2 X 3 SQ BIT","A","213496","EA",3,0.85,2.5499999999999998,"3877982"]
["14879","07/23/2012","/PB29059","0612278","#2 X 3 SQ BIT","A","214798","EA",5,0.85,4.25,"3877982"]
["14879","07/23/2012","/PB29059","0612278","#2 X 3 SQ BIT","A","215732","EA",1,0.85,0.85,"3877982"]
["14879","07/23/2012","/PB29059","0612278","#2 X 3 SQ BIT","A","215740","EA",1,0.85,0.85,"3877982"]
["14879","07/23/2012","/PB29059","0612278","#2 X 3 SQ BIT","A","221011","EA",1,0.85,0.85,"3877982"]
["14879","07/23/2012","/PB29059","0612278","#2 X 3 SQ BIT","A","221018","EA",2,0.85,1.7,"3877982"]
["14879","07/23/2012","/PB29059","0612278","#2 X 3 SQ BIT","A","221055","EA",4,0.85,3.4,"3877982"]
["14879","07/23/2012","/PB29059","0612278","#2 X 3 SQ BIT","A","s000000000","EA",3,0.85,2.5499999999999998,"3877982"]
["14879","07/23/2012","/PB38348","/PB38348","PB38348  T-25H TORX T/R INSERT BIT","A","9999","EA",1,2.82,2.82,"3877982"]
["14879","07/23/2012","/PB39959","0612067","#2 SQ X 6 SQ RECESS BIT","A","221011","EA",1,1.49,1.49,"3877982"]
["14879","07/23/2012","/PER82190","7970023","PER82190  2gr. SUPER GLUE","D","155917","EA",1,1.39,1.39,"3877982"]
["14879","07/23/2012","/PIP09-K1450/L","/PIP09-K1450/L","KEVLAR GLOVE WITH NITRILE COATING LARGE","E","211005","EA",1,4.75,4.75,"3877982"]
["14879","07/23/2012","/PIP09-K1450/L","/PIP09-K1450/L","KEVLAR GLOVE WITH NITRILE COATING LARGE","E","213453","EA",1,4.75,4.75,"3877982"]
["14879","07/23/2012","/PIP09-K1450/L","/PIP09-K1450/L","KEVLAR GLOVE WITH NITRILE COATING LARGE","E","213523","EA",1,4.75,4.75,"3877982"]
["14879","07/23/2012","/PIP09-K1450/L","/PIP09-K1450/L","KEVLAR GLOVE WITH NITRILE COATING LARGE","E","214798","EA",1,4.75,4.75,"3877982"]
["14879","07/23/2012","/PIP09-K1450/L","/PIP09-K1450/L","KEVLAR GLOVE WITH NITRILE COATING LARGE","E","220991","EA",1,4.75,4.75,"3877982"]
["14879","07/23/2012","/PIP09-K1450/L","/PIP09-K1450/L","KEVLAR GLOVE WITH NITRILE COATING LARGE","E","220992","EA",1,4.75,4.75,"3877982"]
["14879","07/23/2012","/PIP09-K1450/L","/PIP09-K1450/L","KEVLAR GLOVE WITH NITRILE COATING LARGE","E","221058","EA",1,4.75,4.75,"3877982"]
["14879","07/23/2012","/PIP09-K1450/L","/PIP09-K1450/L","KEVLAR GLOVE WITH NITRILE COATING LARGE","E","72986","EA",1,4.75,4.75,"3877982"]
["14879","07/23/2012","/PIP09-K1450/L","/PIP09-K1450/L","KEVLAR GLOVE WITH NITRILE COATING LARGE","E","85388","EA",1,4.75,4.75,"3877982"]
["14879","07/23/2012","/PIP09-K1450/L","/PIP09-K1450/L","KEVLAR GLOVE WITH NITRILE COATING LARGE","E","87507","EA",1,4.75,4.75,"3877982"]
["14879","07/23/2012","/PIP09-K1450/M","/PIP09-K1450/M","KEVLAR GLOVE W/NITRILE COATING MEDIUM","E","136904","EA",1,4.75,4.75,"3877982"]
["14879","07/23/2012","/PIP09-K1450/M","/PIP09-K1450/M","KEVLAR GLOVE W/NITRILE COATING MEDIUM","E","85809","EA",1,4.75,4.75,"3877982"]
["14879","07/23/2012","/PIP09-K1450/XL","/PIP09-K1450/XL","KEVLAR GLOVE W/NITRILE COATING XL","E","103163","EA",1,4.75,4.75,"3877982"]
["14879","07/23/2012","/PM96014","0613381","96014  CRIMSON CHINA MARKER","D","145295","EA",4,0.57999999999999996,2.3199999999999998,"3877982"]
["14879","07/23/2012","/SB12524","0612403","3-5/8 1/2 WIDE 24tpi AIR SAW BLADE","A","141879","EA",5,1,5,"3877982"]
["14879","07/23/2012","/SB12524","0612403","3-5/8 1/2 WIDE 24tpi AIR SAW BLADE","A","213488","EA",1,1,1,"3877982"]
["14879","07/23/2012","/SB12524","0612403","3-5/8 1/2 WIDE 24tpi AIR SAW BLADE","A","273614","EA",10,1,10,"3877982"]
["14879","07/23/2012","/SB13-4X3/4X.035","/SB13-4X3/4X.035","13ft 4in X 3/4 X 14T BAND SAW BLADE","A","m0000000000","EA",1,48.84,48.84,"3877982"]
["14879","07/23/2012","/SB1QTA","0607002","1 QT SPRAY APPLICATOR (NO BOTTLE)","D","155985","EA",3,0.62,1.86,"3877982"]
["14879","07/23/2012","/SB1QTB","0607001","1 QT SPRAY BOTTLE  (NO APPLICATOR)","D","155985","EA",3,0.66,1.98,"3877982"]
["14879","07/23/2012","/SB40814","0612269","40814 8 14T RECIP SAW","A","141879","EA",50,1.88,94,"3877982"]
["14879","07/23/2012","/SB40814","0612269","40814 8 14T RECIP SAW","A","163217","EA",14,1.88,26.32,"3877982"]
["14879","07/23/2012","/SB40814","0612269","40814 8 14T RECIP SAW","A","221012","EA",7,1.88,13.16,"3877982"]
["14879","07/23/2012","/SB40814","0612269","40814 8 14T RECIP SAW","A","85823","EA",15,1.88,28.2,"3877982"]
["14879","07/23/2012","/SBT101B","0612167","BOSCH T101B SABRE SAW BLADE","A","155993","EA",1,1.76,1.76,"3877982"]
["14879","07/23/2012","/SBT101B","0612167","BOSCH T101B SABRE SAW BLADE","A","273614","EA",3,1.76,5.28,"3877982"]
["14879","07/23/2012","/SP11755","0612232","5in 50gr ZIRC DISC 7/8 HOLE","A","213454","EA",2,0.98,1.96,"3877982"]
["14879","07/23/2012","/SP524","0607039","5 X 24 GRIT A/O SANDING DISC","A","141879","EA",2,0.69,1.38,"3877982"]
["14879","07/23/2012","/SSD610SSBS","8571318","SSD 610 SSBS POP RIVET ST/ST","3110","141879","EA",250,0.2,50,"3877982"]
["14879","07/23/2012","/SSD68SSBSLF","8571005","POP RIVET ST/ST LARGE FLANGE","3110","final","EA",150,0.19289999999999999,28.934999999999999,"3877982"]
["14879","07/23/2012","/STN11921I","0610823","UTIL KNIFE BLADES(INDIVIDUAL BLADES)","A","72986","EA",15,0.11,1.65,"3877982"]
["14879","07/23/2012","/STN11921I","0610823","UTIL KNIFE BLADES(INDIVIDUAL BLADES)","A","R&D","EA",15,0.11,1.65,"3877982"]
["14879","07/23/2012","/UT-1033","8970411","2 X 60 YD GRAY DUCT TAPE - THIN 8mil","3110","141879","EA",1,3.51,3.51,"3877982"]
["14879","07/23/2012","/UT-1033","8970411","2 X 60 YD GRAY DUCT TAPE - THIN 8mil","3110","155993","EA",1,3.51,3.51,"3877982"]
["14879","07/23/2012","/UT-1033","8970411","2 X 60 YD GRAY DUCT TAPE - THIN 8mil","3110","163202","EA",3,3.51,10.53,"3877982"]
["14879","07/23/2012","/UT-1033","8970411","2 X 60 YD GRAY DUCT TAPE - THIN 8mil","3110","215718","EA",3,3.51,10.53,"3877982"]
["14879","07/23/2012","/WD8","0614667","8oz WD-40 LUBRICANT","D","210968","EA",1,3.97,3.97,"3877982"]
["14879","07/23/2012","/WE356","3140431","BLACK WEEKENDER SPRAY PAINT","3110","141802","EA",2,1.52,3.04,"3877982"]
["14879","07/23/2012","/WH3152X6","2970559","3152 X 6  3/8 HEX HEAD PLUG BRASS","3110","213456","EA",1,0.81,0.81,"3877982"]
["14879","07/23/2012","/WKW70001","0601006","1/4 ROUTER BIT - 3/4 CUT LENGTH","A","215734","EA",25,6.22,155.5,"3877982"]
["14879","07/23/2012","/WKW70001","0601006","1/4 ROUTER BIT - 3/4 CUT LENGTH","A","c000 r00000","EA",1,6.22,6.22,"3877982"]
["14879","07/23/2012","/WU3201-L","0613393","LEATHER DRIVING GLOVES LARGE 3201L","E","213523","EA",1,4.05,4.05,"3877982"]
["14879","07/23/2012","/WU3201-L","0613393","LEATHER DRIVING GLOVES LARGE 3201L","E","220998","EA",1,4.05,4.05,"3877982"]
["14879","07/23/2012","/WU3201-M","/WU3201-M","LEATHER DRIVING GLOVES MEDIUM","E","215788","EA",3,4.05,12.15,"3877982"]
["14879","07/23/2012","/WU3201-M","/WU3201-M","LEATHER DRIVING GLOVES MEDIUM","E","221012","EA",1,4.05,4.05,"3877982"]
["14879","07/23/2012","/WU3201-M","/WU3201-M","LEATHER DRIVING GLOVES MEDIUM","E","85336","EA",1,4.05,4.05,"3877982"]
["14879","07/23/2012","/WU3201-XL","0613394","LEATHER DRIVING GLOVES X-LG 3201XL","E","214742","EA",1,4.05,4.05,"3877982"]
["14879","07/23/2012","/WU3201-XL","0613394","LEATHER DRIVING GLOVES X-LG 3201XL","E","273394","EA",1,4.05,4.05,"3877982"]
["14879","07/23/2012","10G100UQP","8570757","10-16 X 1in PAN SQ RECESS TEK SC","3110","final","EA",400,1.7399999999999999E-2,6.96,"3877982"]
["14879","07/23/2012","10G100UQP","8570757","10-16 X 1in PAN SQ RECESS TEK SC","3110","group 10 - 11","EA",400,1.7399999999999999E-2,6.96,"3877982"]
["14879","07/23/2012","10G100UQP","8570757","10-16 X 1in PAN SQ RECESS TEK SC","3110","group 22 - 24","EA",400,1.7399999999999999E-2,13.92,"3877982"]
["14879","07/23/2012","12C100MTH0Z/F/NPAT","8571507","12/24 X 1 IND HEX SLT W/H T/C T-F ZN","3110","W/PATCH","EA",250,0.17,42.5,"3877982"]
["14879","07/23/2012","12C150MTH0Z/F/NPAT","8571508","12/24 X 1-1/2 IND HEX SLT W/H T/C T-F ZN","3110","W/PATCH","EA",200,0.22,44,"3877982"]
["14879","07/23/2012","12RDJO","0601021","1/8 HSS JOBR DRILL BLK/135deg S/P","A","213454","EA",12,0.55000000000000004,6.6,"3877982"]
["14879","07/23/2012","14RDAI","0601024","9/64 6 AIRCRAFT EXTENSION DRILL","A","141802","EA",12,1.3625,16.350000000000001,"3877982"]
["14879","07/23/2012","14RDAI","0601024","9/64 6 AIRCRAFT EXTENSION DRILL","A","221042","EA",12,1.3625,16.350000000000001,"3877982"]
["14879","07/23/2012","14RDCO","0613320","9/64 COBALT DRILL","A","214793","EA",12,1.35,16.2,"3877982"]
["14879","07/23/2012","14RDCO","0613320","9/64 COBALT DRILL","A","273543","EA",12,1.35,16.2,"3877982"]
["14879","07/23/2012","14RDCO","0613320","9/64 COBALT DRILL","A","s000000000","EA",12,1.35,16.2,"3877982"]
["14879","07/23/2012","17RDJO","0601013","11/64 HSS JOBR DRILL 135/deg S/P","A","273523","EA",4,0.59,2.36,"3877982"]
["14879","07/23/2012","25C100HCS8Y","8541021","1/4-20 X 1in HEX C/S GR 8 Z/YEL","3110","group 10 - 11","EA",150,2.3800000000000002E-2,3.57,"3877982"]
["14879","07/23/2012","25C3600RAT0Z","8571503","1/4-20 X 3 FT THRD ROD  ZNC","3110","134465","EA",2,0.504,1.008,"3877982"]
["14879","07/23/2012","25C3600RAT0Z","8571503","1/4-20 X 3 FT THRD ROD  ZNC","3110","s000000000","EA",2,0.504,1.008,"3877982"]
["14879","07/23/2012","25NWSAS","8570915","1/4 SAE F/W 18-8","3110","group 22 - 24","EA",500,1.61E-2,8.0500000000000007,"3877982"]
["14879","07/23/2012","25R125WFE0Z","8570244","1/4 X 1 1/4 FEND WASH  ZNC","3110","group 22 - 24","EA",175,2.5999999999999999E-2,9.1,"3877982"]
["14879","07/23/2012","31NWUS8Y","8570525","5/16 USS FLAT WASHER GR 8 Z/YEL","3110","group 22 - 24","EA",300,2.1399999999999999E-2,6.42,"3877982"]
["14879","07/23/2012","37C175BCG0Z","37C175BCG0Z","3/8-16 X 1 3/4 CARRIAGE BOLT  ZNC","3110","215752","EA",4,0.17302000000000001,0.69208000000000003,"3877982"]
["14879","07/23/2012","37C250HCS8Y","8542714","3/8-16 X 2 1/2 HEX C/S GR 8 Z/YEL","3110","group 20 - 21","EA",30,0.1026,3.0779999999999998,"3877982"]
["14879","07/23/2012","37C400BTA5Z","8541716","3/8-16 X 4in HEX TAP BOLT GR 5 ZNC","3110","103171","EA",30,0.71730000000000005,21.518999999999998,"3877982"]
["14879","07/23/2012","37NWUS8Y","8570509","3/8 USS FLAT WASHER GR 8 Z/YEL","3110","group 10 - 11","EA",250,2.7E-2,13.5,"3877982"]
["14879","07/23/2012","37NWUS8Y","8570509","3/8 USS FLAT WASHER GR 8 Z/YEL","3110","group 20 - 21","EA",250,2.7E-2,6.75,"3877982"]
["14879","07/23/2012","37NWUS8Y","8570509","3/8 USS FLAT WASHER GR 8 Z/YEL","3110","group 50","EA",200,2.7E-2,5.4,"3877982"]
["14879","07/23/2012","43C100HCS8Y","8571277","7/16-14 X 1in HEX C/S GR 8 Z/YEL","3110","group 42","EA",300,0.11,33,"3877982"]
["14879","07/23/2012","43F150HCS8Y","8571289","7/16-20 X 1 1/2 HEX C/S GR 8 Z/YEL","3110","group 42","EA",175,0.1396,24.43,"3877982"]
["14879","07/23/2012","43F250HCS8Y","8571283","7/16-20 X 2 1/2 HEX C/S GR 8 Z/YEL","3110","group 42","EA",125,0.16919999999999999,21.15,"3877982"]
["14879","07/23/2012","43F250HCS8Y","8571283","7/16-20 X 2 1/2 HEX C/S GR 8 Z/YEL","3110","group 42","EA",250,0.16919999999999999,42.3,"3877982"]
["14879","07/23/2012","43FNNE8Y","8571284","7/16-20 NYLOC INSERT LOCKNUT GR 8 Z/YEL","3110","group 42","EA",150,5.2200000000000003E-2,7.83,"3877982"]
["14879","07/23/2012","43NWUS8Y","8571206","7/16 USS FLAT WASHER GR 8 Z/YEL","3110","group 22 - 24","EA",150,5.57E-2,8.3550000000000004,"3877982"]
["14879","07/23/2012","43NWUS8Y","8571206","7/16 USS FLAT WASHER GR 8 Z/YEL","3110","group 42","EA",600,5.57E-2,33.42,"3877982"]
["14879","07/23/2012","50C150HCS8Y","8570954","1/2-13 X 1 1/2 HEX C/S GR 8 Z/YEL","3110","group 10 - 11","EA",175,0.1275,22.3125,"3877982"]
["14879","07/23/2012","50C150HCS8Y","8570954","1/2-13 X 1 1/2 HEX C/S GR 8 Z/YEL","3110","group 22 - 24","EA",40,0.1275,5.0999999999999996,"3877982"]
["14879","07/23/2012","50NWUS8Y","8570876","1/2 USS FLAT WASHER GR 8 Z/YEL","3110","group 10 - 11","EA",350,7.6499999999999999E-2,26.774999999999999,"3877982"]
["14879","07/23/2012","8C100MTM0Z/F","8C100MTM0Z/F","8/32 X 1in PAN PHIL T/C T-F  ZNC","3110","final","EA",500,0.04,20,"3877982"]
["14879","07/23/2012","8C100MTM0Z/FWH","8C100MTM0Z/FWH","8-32 X 1 PAN PHIL T/C T-F ZINC WHITE HD","3110","final","EA",600,0.05,30,"3877982"]
["14879","07/23/2012","8G100UQF0Z/NPAT","8570935","8-18 X 1in F.H. SQ DRIVE TEK SC NYL PAT","3110","ZNC","EA",2500,1.55E-2,38.75,"3877982"]
["14879","07/23/2012","8N150TXPS","8N150TXPS","#8 X 1 1/2 PHIL PAN T/S 18-8","3110","213522","EA",104,0.05,5.2,"3877982"]
["14879","07/23/2012","8N62TQP0Z/BL","8570739","#8 X 5/8 PAN SQUARE RECESS T/S BLK HD  Z","3110","NC","EA",800,7.0000000000000001E-3,5.6,"3877982"]
["14879","07/23/2012","8N62TQP0Z/BL","8570739","#8 X 5/8 PAN SQUARE RECESS T/S BLK HD  Z","3110","NC","EA",1256,7.0000000000000001E-3,8.7919999999999998,"3877982"]
["14879","07/23/2012","8NWFFS","8542219","#8 FLANGED FINISH WASHER 18-8","3110","final","EA",500,1.9099999999999999E-2,9.5500000000000007,"3877982"]
["14879","07/23/2012","8NWFFS","8542219","#8 FLANGED FINISH WASHER 18-8","3110","group 50","EA",500,1.9099999999999999E-2,9.5500000000000007,"3877982"]
[null,null,null,null,null,null,null,null,null,null,{"$f":"SUBTOTAL(9,K2669:K2912)","v":3536.6320800000021},"3877982 Total"]
["14879","07/25/2012",".120NWA30P/6916","8571279","M12 A325 FLAT WASHER DIN 125A TP200  PLN","3110","group 42","EA",250,0.1414,35.35,"3879085"]
["14879","07/25/2012","/3M16-14W","3970381","3M16-14W  4ga 1/4 TERMINAL","3110","group 10 - 11","EA",100,0.32,32,"3879085"]
["14879","07/25/2012","/3M16-38-W","3945284","4ga  3/8 STUD RING NON INSULATED","3110","group 10 - 11","EA",100,0.34339999999999998,34.340000000000003,"3879085"]
["14879","07/25/2012","/3M1700","8970416","3M 1700  TEM FLEX ELECTRICAL TAPE","3110","141818","EA",1,0.63,0.63,"3879085"]
["14879","07/25/2012","/3M1700","8970416","3M 1700  TEM FLEX ELECTRICAL TAPE","3110","214775","EA",1,0.63,0.63,"3879085"]
["14879","07/25/2012","/3M2097/07184","/3M2097/07184","PARTICULATE FILTER P100 W/NUISANCE LEVE","E","213500","EA",2,4.2,8.4,"3879085"]
["14879","07/25/2012","/3M2097/07184","/3M2097/07184","PARTICULATE FILTER P100 W/NUISANCE LEVE","E","87521","EA",2,4.2,8.4,"3879085"]
["14879","07/25/2012","/3M72F-250-32P","3944485","16-14 .250 X .032 FUL/INS QUICK/DISC","3110","final","EA",350,0.05,17.5,"3879085"]
["14879","07/25/2012","/A10","0601058","A10 HOLE SAW ARBOR","A","221011","EA",1,8.3699999999999992,8.3699999999999992,"3879085"]
["14879","07/25/2012","/AL-14-50-0-CW-M","/AL-14-50-0-CW-M","14in BLACK CABLE TIE 50lb","D","final","EA",500,4.2000000000000003E-2,21,"3879085"]
["14879","07/25/2012","/AL-14-50-0-CW-M","/AL-14-50-0-CW-M","14in BLACK CABLE TIE 50lb","D","group 10 - 11","EA",500,4.2000000000000003E-2,21,"3879085"]
["14879","07/25/2012","/AL-14-50-0-CW-M","/AL-14-50-0-CW-M","14in BLACK CABLE TIE 50lb","D","group 22 - 24","EA",500,4.2000000000000003E-2,21,"3879085"]
["14879","07/25/2012","/AS400SM","0613336","8 STATIC MIXER 400ml","A","273507","EA",10,1.25,12.5,"3879085"]
["14879","07/25/2012","/AS50SM","0613337","STATIC MIXER 50ml","A","s000000000","EA",6,1.25,7.5,"3879085"]
["14879","07/25/2012","/AS55300-50","7970040","METHACYLATE ADHESIVE 50ml","3110","s000000000","EA",3,8.98,26.94,"3879085"]
["14879","07/25/2012","/ASMP55300-400","7970041","METHACYLATE ADHESIVE 400ml","3110","273507","EA",2,27.6,55.2,"3879085"]
["14879","07/25/2012","/AT2","4970611","2 X 50yds ALUMINUM TAPE UT-41","3110","221055","EA",1,6.82,6.82,"3879085"]
["14879","07/25/2012","/AV13009","6170120","10/32 WELL NUT .035/.232 GRIP 10/UNIT","3110","group 50","EA",100,0.24,24,"3879085"]
["14879","07/25/2012","/AW20-202","0612410","20-202 T-SHIRT/POLOKNIT","D","141886","EA",50,0.52,26,"3879085"]
["14879","07/25/2012","/AW20-202","0612410","20-202 T-SHIRT/POLOKNIT","D","221041","EA",50,0.52,26,"3879085"]
["14879","07/25/2012","/AW20-202","0612410","20-202 T-SHIRT/POLOKNIT","D","s000000000","EA",50,0.52,26,"3879085"]
["14879","07/25/2012","/BB433-934","0607017","NAIL APRON","D","214732","EA",1,1.93,1.93,"3879085"]
["14879","07/25/2012","/BI-CP0399","0611745","CTR PUNCH CLAMP 13/16x3/8x.025 GC","D","c000 r00000","EA",1,0.29459999999999997,0.29459999999999997,"3879085"]
["14879","07/25/2012","/BI-CP0399","0611745","CTR PUNCH CLAMP 13/16x3/8x.025 GC","D","c000 r00000","EA",5,0.29459999999999997,1.4730000000000001,"3879085"]
["14879","07/25/2012","/CCPV8-10","8570809","1/4 MONO BOLT .35-.625 GRIP  STNL/STNL","3110","final","EA",200,0.67,134,"3879085"]
["14879","07/25/2012","/CCPV8-6","8570815","1/4 MONO BOLT .08-.375 GRIP S/S","3110","group 22 - 24","EA",250,0.60809999999999997,152.02500000000001,"3879085"]
["14879","07/25/2012","/COV3313Z1","3971520","2in VYL COATED WIRING/TUBE CLIP","3110","group 10 - 11","EA",250,0.28299999999999997,70.75,"3879085"]
["14879","07/25/2012","/COV4511Z1","0374037","2-3/4in VYL COATED WIRING/TUBE CLIP","3110","group 10 - 11","EA",200,0.66539999999999999,133.08000000000001,"3879085"]
["14879","07/25/2012","/EN92","0612342","AAA ALKALINE BATTERY","D","141886","EA",3,0.45,1.35,"3879085"]
["14879","07/25/2012","/EN92","0612342","AAA ALKALINE BATTERY","D","213454","EA",4,0.45,1.8,"3879085"]
["14879","07/25/2012","/EN92","0612342","AAA ALKALINE BATTERY","D","213455","EA",3,0.45,1.35,"3879085"]
["14879","07/25/2012","/EN92","0612342","AAA ALKALINE BATTERY","D","213473","EA",12,0.45,5.4,"3879085"]
["14879","07/25/2012","/EN92","0612342","AAA ALKALINE BATTERY","D","221030","EA",3,0.45,1.35,"3879085"]
["14879","07/25/2012","/EN92","0612342","AAA ALKALINE BATTERY","D","221057","EA",3,0.45,1.35,"3879085"]
["14879","07/25/2012","/EN92","0612342","AAA ALKALINE BATTERY","D","273455","EA",3,0.45,1.35,"3879085"]
["14879","07/25/2012","/EN92","0612342","AAA ALKALINE BATTERY","D","m0000000000","EA",3,0.45,1.35,"3879085"]
["14879","07/25/2012","/ET66RED","/ET66RED","3/4 X 66ft RED ELECTRICAL TAPE","3110","214775","EA",3,0.68,2.04,"3879085"]
["14879","07/25/2012","/FWABMX481R","0601064","ABMAST WHEEL A30R GRADE","A","214741","EA",20,7.48,149.6,"3879085"]
["14879","07/25/2012","/FWBEANIES-L","/FWBEANIES-L","WELDING BEANIES  - LARGE","E","155928","EA",2,4.3499999999999996,8.6999999999999993,"3879085"]
["14879","07/25/2012","/FWBEANIES-L","/FWBEANIES-L","WELDING BEANIES  - LARGE","E","221061","EA",1,4.3499999999999996,4.3499999999999996,"3879085"]
["14879","07/25/2012","/FWBEANIES-L","/FWBEANIES-L","WELDING BEANIES  - LARGE","E","85823","EA",1,4.3499999999999996,4.3499999999999996,"3879085"]
["14879","07/25/2012","/FWBEANIES-L","/FWBEANIES-L","WELDING BEANIES  - LARGE","E","87597","EA",1,4.3499999999999996,4.3499999999999996,"3879085"]
["14879","07/25/2012","/FWCEP932-1040","0612258","2in X 4-1/4 COVER PLATE","D","87521","EA",1,0.72,0.72,"3879085"]
["14879","07/25/2012","/FWCEP932-1040","0612258","2in X 4-1/4 COVER PLATE","D","87597","EA",1,0.72,0.72,"3879085"]
["14879","07/25/2012","/FWCEP932-1042","0612967","4-1/2 X 5-1/4 COVER PLATE","A","221031","EA",1,0.9,0.9,"3879085"]
["14879","07/25/2012","/FWCEP932-1042","0612967","4-1/2 X 5-1/4 COVER PLATE","A","221053","EA",1,0.9,0.9,"3879085"]
["14879","07/25/2012","/FWCEP932-1042","0612967","4-1/2 X 5-1/4 COVER PLATE","A","87521","EA",1,0.9,0.9,"3879085"]
["14879","07/25/2012","/FWCEP932-1042","0612967","4-1/2 X 5-1/4 COVER PLATE","A","87597","EA",1,0.9,0.9,"3879085"]
["14879","07/25/2012","/FWFAL50504","/FWFAL50504","2 X .050 X 1/4 CUT OFF WHEEL","A","213473","EA",6,1.45,8.6999999999999993,"3879085"]
["14879","07/25/2012","/FWFAL50504","/FWFAL50504","2 X .050 X 1/4 CUT OFF WHEEL","A","s000000000","EA",10,1.45,14.5,"3879085"]
["14879","07/25/2012","/FWMOL2310N99","0613362","WELDERS FACE MASK CARBON LINER","E","221001","EA",10,4.0625,40.625,"3879085"]
["14879","07/25/2012","/FWMOL2310N99","0613362","WELDERS FACE MASK CARBON LINER","E","87520","EA",10,4.0625,40.625,"3879085"]
["14879","07/25/2012","/FWTWE14-35","0602003","CONTACT TIP 1140-1102","A","155928","EA",2,0.76,1.52,"3879085"]
["14879","07/25/2012","/FWTWE14-35","0602003","CONTACT TIP 1140-1102","A","213500","EA",4,0.76,3.04,"3879085"]
["14879","07/25/2012","/FWTWE14-35","0602003","CONTACT TIP 1140-1102","A","87521","EA",1,0.76,0.76,"3879085"]
["14879","07/25/2012","/FWTWE24A-62-SS","0602004","NOZZLE 1240-121","A","155928","EA",4,3.3125,13.25,"3879085"]
["14879","07/25/2012","/FWTWE24A-62-SS","0602004","NOZZLE 1240-121","A","213500","EA",3,3.3125,9.9375,"3879085"]
["14879","07/25/2012","/FWTWE24A-62-SS","0602004","NOZZLE 1240-121","A","87521","EA",1,3.3125,3.3125,"3879085"]
["14879","07/25/2012","/FWTWE34A","0616178","NOZZLE INSULATOR 1340-1100","A","87521","EA",1,1.7124999999999999,1.7124999999999999,"3879085"]
["14879","07/25/2012","/FWWEL20-3100","0613306","SWEAT BAND, HELMET COMFORTER","E","163217","EA",2,2.21,4.42,"3879085"]
["14879","07/25/2012","/FWWEL20-3100","0613306","SWEAT BAND, HELMET COMFORTER","E","221001","EA",2,2.21,4.42,"3879085"]
["14879","07/25/2012","/GCGFQM-B25N","/GCGFQM-B25N","16-14ga FULL INS MALE QUICK CONNECT","3110","final","EA",250,5.5E-2,13.75,"3879085"]
["14879","07/25/2012","/HS55020","0610867","1-1/4 HOLE SAW H S S","A","221011","EA",1,3.38,3.38,"3879085"]
["14879","07/25/2012","/HS55020","0610867","1-1/4 HOLE SAW H S S","A","69541","EA",1,3.38,3.38,"3879085"]
["14879","07/25/2012","/HS55022","0613678","1-3/8 HOLE SAW H S S","A","214793","EA",1,3.6,3.6,"3879085"]
["14879","07/25/2012","/HS55032","0610890","2in HOLE SAW H S S","A","214739","EA",1,4.45,4.45,"3879085"]
["14879","07/25/2012","/IDL5210","4970430","9/16 TO 1-1/16 HOSE CLAMP","3110","final","EA",40,0.28999999999999998,11.6,"3879085"]
["14879","07/25/2012","/ISW00","0612556"," STEEL WOOL 00gr    16/PK","D","107536","EA",1,2.3199999999999998,2.3199999999999998,"3879085"]
["14879","07/25/2012","/ISW00","0612556"," STEEL WOOL 00gr    16/PK","D","213456","EA",1,2.3199999999999998,2.3199999999999998,"3879085"]
["14879","07/25/2012","/LAI997","0612286","LAI997  BRASS DETAIL BRUSH","D","87594","EA",1,1.27,1.27,"3879085"]
["14879","07/25/2012","/LPC6-3/8","/LPC6-3/8","3/8 BLACK PLASTIC TUBE CLAMP","3110","final","EA",500,1.4E-2,7,"3879085"]
["14879","07/25/2012","/MCM7437K19","/MCM7437K19","RED BATTERY PROTECTANT  15.25 OZ.","3110","134472","EA",1,7.18,7.18,"3879085"]
["14879","07/25/2012","/MCR103","/MCR103","RATCHET HEAD GEAR","E","69534","EA",1,8,8,"3879085"]
["14879","07/25/2012","/MCR9378T","/MCR9378T","18in KEVLAR SLEEVE W/THUMB SLOT","E","221044","EA",2,3.18,6.36,"3879085"]
["14879","07/25/2012","/MCR9378T","/MCR9378T","18in KEVLAR SLEEVE W/THUMB SLOT","E","69534","EA",2,3.18,6.36,"3879085"]
["14879","07/25/2012","/MCR9673GW-XL","/MCR9673GW-XL","WHITE NYLON NITRILE GLOVE  X-LARGE","E","69550","EA",1,1.96,1.96,"3879085"]
["14879","07/25/2012","/MCRSS110","0616389","STRATOS SAFETY GLASS CLR LEN BLK FRAME","E","211005","EA",1,1.5,1.5,"3879085"]
["14879","07/25/2012","/MCRSS110","0616389","STRATOS SAFETY GLASS CLR LEN BLK FRAME","E","213473","EA",1,1.5,1.5,"3879085"]
["14879","07/25/2012","/MCRSS110","0616389","STRATOS SAFETY GLASS CLR LEN BLK FRAME","E","9999","EA",2,1.5,3,"3879085"]
["14879","07/25/2012","/MCRSS110","0616389","STRATOS SAFETY GLASS CLR LEN BLK FRAME","E","s000000000","EA",1,1.5,1.5,"3879085"]
["14879","07/25/2012","/MI642","0611867","642 3/8 HOSE MENDER","D","c000 r00000","EA",2,1,2,"3879085"]
["14879","07/25/2012","/MI791","0613300","MILTON 791 COUPLER PLUG","D","210918","EA",1,1.1200000000000001,1.1200000000000001,"3879085"]
["14879","07/25/2012","/MI791","0613300","MILTON 791 COUPLER PLUG","D","215739","EA",2,1.1200000000000001,2.2400000000000002,"3879085"]
["14879","07/25/2012","/MI792","0613317","MILTON 792 COUPLER PLUG","D","210918","EA",1,1.1299999999999999,1.1299999999999999,"3879085"]
["14879","07/25/2012","/MKNMPD4S","0601065","1/4 PILOT BIT SHORT","A","s000000000","EA",1,1.68,1.68,"3879085"]
["14879","07/25/2012","/MM32-020","2943314","5/8 BARB X 1/2 NPT MALE BRASS FITTING","3110","group 10 - 11","EA",50,1.3875,69.375,"3879085"]
["14879","07/25/2012","/MS01-8154","0613092","MS01-8154  SHIELD FOR HEADGEAR","E","214741","EA",1,3.61,3.61,"3879085"]
["14879","07/25/2012","/MS01-8154","0613092","MS01-8154  SHIELD FOR HEADGEAR","E","69534","EA",1,3.61,3.61,"3879085"]
["14879","07/25/2012","/MS01-8154","0613092","MS01-8154  SHIELD FOR HEADGEAR","E","87521","EA",1,3.61,3.61,"3879085"]
["14879","07/25/2012","/MS05-593GR","0613371","17in SPARK GUARD SLEEVE    PAIR","E","214742","EA",1,5.84,5.84,"3879085"]
["14879","07/25/2012","/MS05-593GR","0613371","17in SPARK GUARD SLEEVE    PAIR","E","87520","EA",1,5.84,5.84,"3879085"]
["14879","07/25/2012","/MS09-4320","0612134","WELDERS GLOVE (PAIR)  4320","E","87521","EA",1,3.52,3.52,"3879085"]
["14879","07/25/2012","/MS09-5060L","0612190","LATEX DISPOSABLE GLOVE(DISPENSER-100)","E","141900","EA",1,6.2125000000000004,6.2125000000000004,"3879085"]
["14879","07/25/2012","/MS09-7005-L","0612455","NDEX NITRILE GLOVE LGE(100/BX)6020","E","136906","EA",1,9.39,9.39,"3879085"]
["14879","07/25/2012","/MS09-7005-L","0612455","NDEX NITRILE GLOVE LGE(100/BX)6020","E","220991","EA",1,9.39,9.39,"3879085"]
["14879","07/25/2012","/MS09-7005-L","0612455","NDEX NITRILE GLOVE LGE(100/BX)6020","E","220998","EA",1,9.39,9.39,"3879085"]
["14879","07/25/2012","/PB28314","0610234","#2 PHILLIPS BIT 4in","A","134465","EA",6,1,6,"3879085"]
["14879","07/25/2012","/PB29059","0612278","#2 X 3 SQ BIT","A","134465","EA",6,0.85,5.0999999999999996,"3879085"]
["14879","07/25/2012","/PB29059","0612278","#2 X 3 SQ BIT","A","211005","EA",12,0.85,10.199999999999999,"3879085"]
["14879","07/25/2012","/PB29059","0612278","#2 X 3 SQ BIT","A","213438","EA",3,0.85,2.5499999999999998,"3879085"]
["14879","07/25/2012","/PB29059","0612278","#2 X 3 SQ BIT","A","213455","EA",2,0.85,1.7,"3879085"]
["14879","07/25/2012","/PB29059","0612278","#2 X 3 SQ BIT","A","213500","EA",1,0.85,0.85,"3879085"]
["14879","07/25/2012","/PB29059","0612278","#2 X 3 SQ BIT","A","215734","EA",1,0.85,0.85,"3879085"]
["14879","07/25/2012","/PB29059","0612278","#2 X 3 SQ BIT","A","221057","EA",1,0.85,0.85,"3879085"]
["14879","07/25/2012","/PB39959","0612067","#2 SQ X 6 SQ RECESS BIT","A","221011","EA",2,1.49,2.98,"3879085"]
["14879","07/25/2012","/PB39959","0612067","#2 SQ X 6 SQ RECESS BIT","A","221057","EA",1,1.49,1.49,"3879085"]
["14879","07/25/2012","/PER82190","7970023","PER82190  2gr. SUPER GLUE","D","87596","EA",1,1.39,1.39,"3879085"]
["14879","07/25/2012","/PFSDW1034","/PFSDW1034","#10 X 1-3/4 FH TORX DR TEK SC","3110","PAM SELF FEEDING SYSTEM","EA",3000,6.0699999999999997E-2,182.1,"3879085"]
["14879","07/25/2012","/PIP09-K1450/L","/PIP09-K1450/L","KEVLAR GLOVE WITH NITRILE COATING LARGE","E","136948","EA",1,4.75,4.75,"3879085"]
["14879","07/25/2012","/PIP09-K1450/L","/PIP09-K1450/L","KEVLAR GLOVE WITH NITRILE COATING LARGE","E","211005","EA",1,4.75,4.75,"3879085"]
["14879","07/25/2012","/PIP09-K1450/L","/PIP09-K1450/L","KEVLAR GLOVE WITH NITRILE COATING LARGE","E","221052","EA",1,4.75,4.75,"3879085"]
["14879","07/25/2012","/PIP09-K1450/L","/PIP09-K1450/L","KEVLAR GLOVE WITH NITRILE COATING LARGE","E","221072","EA",1,4.75,4.75,"3879085"]
["14879","07/25/2012","/PIP09-K1450/L","/PIP09-K1450/L","KEVLAR GLOVE WITH NITRILE COATING LARGE","E","69534","EA",1,4.75,4.75,"3879085"]
["14879","07/25/2012","/PIP09-K1450/L","/PIP09-K1450/L","KEVLAR GLOVE WITH NITRILE COATING LARGE","E","85815","EA",2,4.75,9.5,"3879085"]
["14879","07/25/2012","/PIP09-K1450/M","/PIP09-K1450/M","KEVLAR GLOVE W/NITRILE COATING MEDIUM","E","155985","EA",1,4.75,4.75,"3879085"]
["14879","07/25/2012","/PIP09-K1450/M","/PIP09-K1450/M","KEVLAR GLOVE W/NITRILE COATING MEDIUM","E","1789","EA",1,4.75,4.75,"3879085"]
["14879","07/25/2012","/PIP09-K1450/M","/PIP09-K1450/M","KEVLAR GLOVE W/NITRILE COATING MEDIUM","E","273360","EA",1,4.75,4.75,"3879085"]
["14879","07/25/2012","/S00542","0612252","S00542 ANTI SPATER SPRAY","D","87594","EA",1,2.63,2.63,"3879085"]
["14879","07/25/2012","/S00740","3143963","ZINC RICH COLD GALV COMPOUND","3110","87521","EA",12,4.3499999999999996,52.2,"3879085"]
["14879","07/25/2012","/SB12524","0612403","3-5/8 1/2 WIDE 24tpi AIR SAW BLADE","A","221011","EA",1,1,1,"3879085"]
["14879","07/25/2012","/SB12524","0612403","3-5/8 1/2 WIDE 24tpi AIR SAW BLADE","A","s000000000","EA",25,1,25,"3879085"]
["14879","07/25/2012","/SB13014","/SB13014","13014 4 14T AIR SAW BLADE","A","155993","EA",3,1.0900000000000001,3.27,"3879085"]
["14879","07/25/2012","/SB40814","0612269","40814 8 14T RECIP SAW","A","213500","EA",20,1.88,37.6,"3879085"]
["14879","07/25/2012","/SB40814","0612269","40814 8 14T RECIP SAW","A","m0000000000","EA",12,1.88,22.56,"3879085"]
["14879","07/25/2012","/SB40814","0612269","40814 8 14T RECIP SAW","A","s000000000","EA",5,1.88,9.4,"3879085"]
["14879","07/25/2012","/ST2201B","0616090","#2201B  SIOUX AIR CHISEL","A","s000000000","EA",1,27.87,27.87,"3879085"]
["14879","07/25/2012","/STN11515","0601034","#9 S/E RAZOR BLADES (INDIVIDUAL)","A","136906","EA",100,7.0000000000000007E-2,7,"3879085"]
["14879","07/25/2012","/STN11921I","0610823","UTIL KNIFE BLADES(INDIVIDUAL BLADES)","A","214739","EA",15,0.11,1.65,"3879085"]
["14879","07/25/2012","/STN11921I","0610823","UTIL KNIFE BLADES(INDIVIDUAL BLADES)","A","273543","EA",15,0.11,1.65,"3879085"]
["14879","07/25/2012","/STN11921I","0610823","UTIL KNIFE BLADES(INDIVIDUAL BLADES)","A","s000000000","EA",15,0.11,1.65,"3879085"]
["14879","07/25/2012","/TAP10012EL","0613114","12oz AEROSOL W/EP-EXTRA","D","136948","EA",1,7.88,7.88,"3879085"]
["14879","07/25/2012","/UT-1033","8970411","2 X 60 YD GRAY DUCT TAPE - THIN 8mil","3110","163217","EA",1,3.51,3.51,"3879085"]
["14879","07/25/2012","/UT-1033","8970411","2 X 60 YD GRAY DUCT TAPE - THIN 8mil","3110","214756","EA",3,3.51,10.53,"3879085"]
["14879","07/25/2012","/WE356","3140431","BLACK WEEKENDER SPRAY PAINT","3110","213453","EA",5,1.52,7.6,"3879085"]
["14879","07/25/2012","/WE356","3140431","BLACK WEEKENDER SPRAY PAINT","3110","213506","EA",2,1.52,3.04,"3879085"]
["14879","07/25/2012","/WE358","3142478","WEEKEND GLOSS BLACK","3110","87521","EA",1,1.55,1.55,"3879085"]
["14879","07/25/2012","/WE362","3143971","CHERRY RED WEEKENDER SPRAY PAINT","D","215740","EA",1,1.55,1.55,"3879085"]
["14879","07/25/2012","/WH1862X6","2970675","1862 X 6  3/8 AIR BRAKE UNION BRASS","3110","213524","EA",6,3.74,22.44,"3879085"]
["14879","07/25/2012","/WISM3R","/WISM3R","WISM3R  WISS STR TIN SNIP","B","221027","EA",2,18.829999999999998,37.659999999999997,"3879085"]
["14879","07/25/2012","/WISM3R","/WISM3R","WISM3R  WISS STR TIN SNIP","B","s000000000","EA",2,18.829999999999998,37.659999999999997,"3879085"]
["14879","07/25/2012","/WKW70001","0601006","1/4 ROUTER BIT - 3/4 CUT LENGTH","A","221052","EA",30,6.22,186.6,"3879085"]
["14879","07/25/2012","/WU3201-L","0613393","LEATHER DRIVING GLOVES LARGE 3201L","E","221001","EA",1,4.05,4.05,"3879085"]
["14879","07/25/2012","/WU3201-L","0613393","LEATHER DRIVING GLOVES LARGE 3201L","E","87520","EA",1,4.05,4.05,"3879085"]
["14879","07/25/2012","/WU3201-XL","0613394","LEATHER DRIVING GLOVES X-LG 3201XL","E","213532","EA",1,4.05,4.05,"3879085"]
["14879","07/25/2012","/WU3201-XL","0613394","LEATHER DRIVING GLOVES X-LG 3201XL","E","87597","EA",1,4.05,4.05,"3879085"]
["14879","07/25/2012","10F225MXP0Z","10F225MXP0Z","10/32 X 2 1/4 PHIL PAN M/S  ZNC","3110","155913","EA",250,3.5000000000000003E-2,8.75,"3879085"]
["14879","07/25/2012","10F75MXPS","8570981","10/32 X 3/4 PHIL PAN M/S 18-8","3110","103171","EA",4,3.04E-2,0.1216,"3879085"]
["14879","07/25/2012","10FNCAS","8571085","10/32 ACORN CAP NUT 18-8","3110","103171","EA",171,0.18,30.78,"3879085"]
["14879","07/25/2012","10FNKE0Z","8570985","10/32 KEPS NUT  ZNC","3110","221047","EA",10,6.7999999999999996E-3,6.8000000000000005E-2,"3879085"]
["14879","07/25/2012","10G100UQP","8570757","10-16 X 1in PAN SQ RECESS TEK SC","3110","group 22 - 24","EA",400,1.7399999999999999E-2,6.96,"3879085"]
["14879","07/25/2012","10N50WBO/W","10N50WBO/W","#10 X 1/2 BONDED SEALER WASHER WHITE","3110","final","EA",800,7.0000000000000007E-2,56,"3879085"]
["14879","07/25/2012","10N75TQP0Z","8570945","#10-16 X 3/4 PAN SQUARE RECESS T/S  ZNC","3110","210972","EA",750,7.4000000000000003E-3,5.55,"3879085"]
["14879","07/25/2012","10NWUSS","8543027","#10 USS FLAT WASHER 18-8","3110","103171","EA",4,8.5000000000000006E-3,3.4000000000000002E-2,"3879085"]
["14879","07/25/2012","14RDAI","0601024","9/64 6 AIRCRAFT EXTENSION DRILL","A","213488","EA",2,1.3625,2.7250000000000001,"3879085"]
["14879","07/25/2012","14RDAI","0601024","9/64 6 AIRCRAFT EXTENSION DRILL","A","221010","EA",12,1.3625,16.350000000000001,"3879085"]
["14879","07/25/2012","14RDAI","0601024","9/64 6 AIRCRAFT EXTENSION DRILL","A","221054","EA",12,1.3625,16.350000000000001,"3879085"]
["14879","07/25/2012","14RDAI","0601024","9/64 6 AIRCRAFT EXTENSION DRILL","A","s000000000","EA",10,1.3625,13.625,"3879085"]
["14879","07/25/2012","14RDCO","0613320","9/64 COBALT DRILL","A","214761","EA",12,1.35,16.2,"3879085"]
["14879","07/25/2012","18RDAI","0613364","3/16 6 AIRCRAFT EXTENSION DRILL","A","69527","EA",12,1.53,18.36,"3879085"]
["14879","07/25/2012","18RDCO","0612440","3/16 COBALT DRILL","A","214761","EA",12,1.3,15.6,"3879085"]
["14879","07/25/2012","18RDCO","0612440","3/16 COBALT DRILL","A","69541","EA",12,1.3,15.6,"3879085"]
["14879","07/25/2012","25C100HCS8Y","8541021","1/4-20 X 1in HEX C/S GR 8 Z/YEL","3110","group 10 - 11","EA",150,2.3800000000000002E-2,3.57,"3879085"]
["14879","07/25/2012","25C100MTM0Z/F","8571312","1/4-20 X 1in PAN PHIL T/C T-F  ZNC","3110","214793","EA",6,0.05,0.3,"3879085"]
["14879","07/25/2012","25CNNE8Y","8570194","1/4-20 NYLOC INSERT LOCKNUT GR 8 Z/YEL","3110","group 10 - 11","EA",400,1.9400000000000001E-2,15.52,"3879085"]
["14879","07/25/2012","25CNNE8Y","8570194","1/4-20 NYLOC INSERT LOCKNUT GR 8 Z/YEL","3110","group 20 - 21","EA",400,1.9400000000000001E-2,7.76,"3879085"]
["14879","07/25/2012","25CNNE8Y","8570194","1/4-20 NYLOC INSERT LOCKNUT GR 8 Z/YEL","3110","group 22 - 24","EA",400,1.9400000000000001E-2,7.76,"3879085"]
["14879","07/25/2012","31C100HSF0Z","8570862","5/16-18 X 1in HEX SERR FLG BOLT  ZNC","3110","group 20 - 21","EA",100,0.09,9,"3879085"]
["14879","07/25/2012","31C100MTH0Z/F","8540171","5/16-18 X 1in IND HEX SLT W/H T/C T-F  Z","3110","NC","EA",50,0.155,7.75,"3879085"]
["14879","07/25/2012","31C225HCS8Y","31C225HCS8Y","5/16-18 X 2 1/4 HEX C/S GR 8 Z/YEL","3110","163217","EA",6,9.6000000000000002E-2,0.57599999999999996,"3879085"]
["14879","07/25/2012","31CNNE8Y","8541500","5/16-18 NYLOC INSERT LOCKNUT GR 8 Z/YEL","3110","group 22 - 24","EA",300,2.8299999999999999E-2,8.49,"3879085"]
["14879","07/25/2012","37C150BCG0Z","37C150BCG0Z","3/8-16 X 1 1/2 CARRIAGE BOLT  ZNC","3110","215752","EA",8,7.0000000000000007E-2,0.56000000000000005,"3879085"]
["14879","07/25/2012","37C150HCS8Y","8570491","3/8-16 X 1 1/2 HEX C/S GR 8 Z/YEL","3110","group 10 - 11","EA",75,6.3100000000000003E-2,4.7324999999999999,"3879085"]
["14879","07/25/2012","37C300HCS8Y","8542680","3/8-16 X 3 HEX C/S GR 8 Z/YEL","3110","163217","EA",2,0.13869999999999999,0.27739999999999998,"3879085"]
["14879","07/25/2012","37C50HCS5Z","37C50HCS5Z","3/8-16 X 1/2 HEX C/S GR 5 ZNC","3110","214775","EA",51,6.8900000000000003E-2,3.5139,"3879085"]
["14879","07/25/2012","37CNNE8Y","8540700","3/8-16 NYLOC INSERT LOCKNUT GR 8 Z/YEL","3110","g0000 26","EA",200,3.9300000000000002E-2,7.86,"3879085"]
["14879","07/25/2012","37CNNE8Y","8540700","3/8-16 NYLOC INSERT LOCKNUT GR 8 Z/YEL","3110","group 10 - 11","EA",175,3.9300000000000002E-2,6.8775000000000004,"3879085"]
["14879","07/25/2012","37CNNE8Y","8540700","3/8-16 NYLOC INSERT LOCKNUT GR 8 Z/YEL","3110","group 22 - 24","EA",400,3.9300000000000002E-2,15.72,"3879085"]
["14879","07/25/2012","43C100HCS8Y","8571277","7/16-14 X 1in HEX C/S GR 8 Z/YEL","3110","group 42","EA",300,0.11,33,"3879085"]
["14879","07/25/2012","43F100HCS8Y","8571319","7/16-20 X 1in HEX C/S GR 8 Z/YEL","3110","group 42","EA",200,0.1244,24.88,"3879085"]
["14879","07/25/2012","43F300HCS8Y","8571285","7/16-20 X 3 HEX C/S GR 8 Z/YEL","3110","136904","EA",2,0.21629999999999999,0.43259999999999998,"3879085"]
["14879","07/25/2012","43FNNE8Y","8571284","7/16-20 NYLOC INSERT LOCKNUT GR 8 Z/YEL","3110","group 42","EA",300,5.2200000000000003E-2,15.66,"3879085"]
["14879","07/25/2012","50C150HCS8Y","8570954","1/2-13 X 1 1/2 HEX C/S GR 8 Z/YEL","3110","group 22 - 24","EA",400,0.1275,51,"3879085"]
["14879","07/25/2012","50C200HCS8Y","8570951","1/2-13 X 2 HEX C/S GR 8 Z/YEL","3110","group 10 - 11","EA",125,0.15759999999999999,19.7,"3879085"]
["14879","07/25/2012","50CNNE8Y","8541468","1/2-13 NYLOC INSERT LOCKNUT GR 8 Z/YEL","3110","group 22 - 24","EA",100,9.69E-2,9.69,"3879085"]
["14879","07/25/2012","50CNST0Z","8582896","1/2-13 STOVER LOCKNUT GR C  ZNC","3110","group 10 - 11","EA",242,4.7500000000000001E-2,11.494999999999999,"3879085"]
["14879","07/25/2012","8C100MTM0Z/F","8C100MTM0Z/F","8/32 X 1in PAN PHIL T/C T-F  ZNC","3110","group 22 - 24","EA",1500,0.04,60,"3879085"]
["14879","07/25/2012","8C100MTM0Z/FWH","8C100MTM0Z/FWH","8-32 X 1 PAN PHIL T/C T-F ZINC WHITE HD","3110","final","EA",600,0.05,30,"3879085"]
["14879","07/25/2012","8CNKE0Z","8570984","8/32 KEPS NUT  ZNC","3110","s000000000","EA",2,5.7999999999999996E-3,1.1599999999999999E-2,"3879085"]
["14879","07/25/2012","8G100UQF0Z/NPAT","8570935","8-18 X 1in F.H. SQ DRIVE TEK SC NYL PAT","3110","ZNC","EA",2500,1.55E-2,38.75,"3879085"]
["14879","07/25/2012","8G100UQP/NPAT","8570931","8-18 X 1in PAN SQ RECESS TEK SC NYL PAT","3110","final","EA",2000,1.796E-2,35.92,"3879085"]
["14879","07/25/2012","8G100UQP0B/NPAT","8570936","8-18 X 1in PAN SQ RECESS TEK SC NYL PAT","3110","BLK","EA",500,1.95E-2,9.75,"3879085"]
["14879","07/25/2012","8G100UWA","8570765","8-18 X 1in PHIL WAFER HEAD TEK","3110","group 10 - 11","EA",300,1.5299999999999999E-2,4.59,"3879085"]
["14879","07/25/2012","8G75UQP4","8570788","8-18 X 3/4 PAN SQ RECESS TEK SC 410 S/S","3110","group 20 - 21","EA",600,2.6200000000000001E-2,15.72,"3879085"]
[null,null,null,null,null,null,null,null,null,null,{"$f":"SUBTOTAL(9,K2914:K3106)","v":2959.2727000000009},"3879085 Total"]
["14879","07/25/2012",".120NWA30P/6916","8571279","M12 A325 FLAT WASHER DIN 125A TP200  PLN","3110","group 42","EA",500,0.1414,70.7,"3879691"]
["14879","07/25/2012","/3M12-56-SP","3971590","16-14 5/16 STUD RING INSULATED","3110","s000000000","EA",200,5.21E-2,10.42,"3879691"]
["14879","07/25/2012","/3M13-38-P","3942273","10-12  3/8  STUD RING INSULATED","3110","273619","EA",9,5.5899999999999998E-2,0.50309999999999999,"3879691"]
["14879","07/25/2012","/3M16-14W","3970381","3M16-14W  4ga 1/4 TERMINAL","3110","group 20 - 21","EA",100,0.32,32,"3879691"]
["14879","07/25/2012","/3M1700","8970416","3M 1700  TEM FLEX ELECTRICAL TAPE","3110","134472","EA",1,0.63,0.63,"3879691"]
["14879","07/25/2012","/3M1700","8970416","3M 1700  TEM FLEX ELECTRICAL TAPE","3110","145254","EA",1,0.63,0.63,"3879691"]
["14879","07/25/2012","/3M1700","8970416","3M 1700  TEM FLEX ELECTRICAL TAPE","3110","214748","EA",4,0.63,2.52,"3879691"]
["14879","07/25/2012","/3M2097/07184","/3M2097/07184","PARTICULATE FILTER P100 W/NUISANCE LEVE","E","214742","EA",2,4.2,8.4,"3879691"]
["14879","07/25/2012","/3M2097/07184","/3M2097/07184","PARTICULATE FILTER P100 W/NUISANCE LEVE","E","220998","EA",1,4.2,4.2,"3879691"]
["14879","07/25/2012","/3M2097/07184","/3M2097/07184","PARTICULATE FILTER P100 W/NUISANCE LEVE","E","221062","EA",4,4.2,16.8,"3879691"]
["14879","07/25/2012","/3M72F-250-32P","3944485","16-14 .250 X .032 FUL/INS QUICK/DISC","3110","final","EA",350,0.05,17.5,"3879691"]
["14879","07/25/2012","/3M72F-250-32P","3944485","16-14 .250 X .032 FUL/INS QUICK/DISC","3110","group 22 - 24","EA",300,0.05,15,"3879691"]
["14879","07/25/2012","/A10","0601058","A10 HOLE SAW ARBOR","A","214756","EA",1,8.3699999999999992,8.3699999999999992,"3879691"]
["14879","07/25/2012","/ACS3114-04","/ACS3114-04","#8 J-NUT .045-.062 PANEL RANGE BLK","3110","group 22 - 24","EA",400,0.18,72,"3879691"]
["14879","07/25/2012","/AL-14-50-0-CW-M","/AL-14-50-0-CW-M","14in BLACK CABLE TIE 50lb","D","final","EA",500,4.2000000000000003E-2,42,"3879691"]
["14879","07/25/2012","/AL-14-50-0-CW-M","/AL-14-50-0-CW-M","14in BLACK CABLE TIE 50lb","D","group 20 - 21","EA",500,4.2000000000000003E-2,21,"3879691"]
["14879","07/25/2012","/AL-14-50-0-CW-M","/AL-14-50-0-CW-M","14in BLACK CABLE TIE 50lb","D","group 22 - 24","EA",500,4.2000000000000003E-2,21,"3879691"]
["14879","07/25/2012","/AS50SM","0613337","STATIC MIXER 50ml","A","155993","EA",1,1.25,1.25,"3879691"]
["14879","07/25/2012","/AS50SM","0613337","STATIC MIXER 50ml","A","87507","EA",12,1.25,15,"3879691"]
["14879","07/25/2012","/AS55300-50","7970040","METHACYLATE ADHESIVE 50ml","3110","155993","EA",1,8.98,8.98,"3879691"]
["14879","07/25/2012","/ASCCC-126","/ASCCC-126","HARD CAP KNEE PADS 1 PAIR","E","273480","EA",1,12.95,12.95,"3879691"]
["14879","07/25/2012","/AV13004","8571030","1/4-20 WELL NUT 015/011 GRIP 25/UNIT","3110","group 22 - 24","EA",25,0.4556,11.39,"3879691"]
["14879","07/25/2012","/AVK1/4-20-260","8571190","1/4-20-260 THD INSERT","3110","g0000 26","EA",50,0.14000000000000001,7,"3879691"]
["14879","07/25/2012","/AW20-202","0612410","20-202 T-SHIRT/POLOKNIT","D","214761","EA",100,0.52,52,"3879691"]
["14879","07/25/2012","/AW20-202","0612410","20-202 T-SHIRT/POLOKNIT","D","221044","EA",50,0.52,26,"3879691"]
["14879","07/25/2012","/BI-CP0399","0611745","CTR PUNCH CLAMP 13/16x3/8x.025 GC","D","c000 r00000","EA",1,0.29459999999999997,0.58919999999999995,"3879691"]
["14879","07/25/2012","/BI-CP0399","0611745","CTR PUNCH CLAMP 13/16x3/8x.025 GC","D","c000 r00000","EA",3,0.29459999999999997,0.88380000000000003,"3879691"]
["14879","07/25/2012","/CCPV8-10","8570809","1/4 MONO BOLT .35-.625 GRIP  STNL/STNL","3110","group 22 - 24","EA",200,0.67,134,"3879691"]
["14879","07/25/2012","/CCPV8-6","8570815","1/4 MONO BOLT .08-.375 GRIP S/S","3110","R&D","EA",150,0.60809999999999997,91.215000000000003,"3879691"]
["14879","07/25/2012","/COV1709Z1","3971519","1in VYL COATED WIRING/TUBE CLIP","3110","group 10 - 11","EA",500,0.18809999999999999,94.05,"3879691"]
["14879","07/25/2012","/COV2509Z1","3971511","1-1/2in VYL COATED WIRING/TUBE CLIP","3110","group 10 - 11","EA",500,0.26300000000000001,131.5,"3879691"]
["14879","07/25/2012","/EN91","0607049","AA ALKALINE BATTERY","D","221051","EA",2,0.43,0.86,"3879691"]
["14879","07/25/2012","/EN92","0612342","AAA ALKALINE BATTERY","D","213455","EA",3,0.45,1.35,"3879691"]
["14879","07/25/2012","/EN92","0612342","AAA ALKALINE BATTERY","D","85823","EA",3,0.45,1.35,"3879691"]
["14879","07/25/2012","/EN92","0612342","AAA ALKALINE BATTERY","D","s000000000","EA",4,0.45,1.8,"3879691"]
["14879","07/25/2012","/ET66RED","/ET66RED","3/4 X 66ft RED ELECTRICAL TAPE","3110","163231","EA",1,0.68,0.68,"3879691"]
["14879","07/25/2012","/ET66RED","/ET66RED","3/4 X 66ft RED ELECTRICAL TAPE","3110","214748","EA",3,0.68,2.04,"3879691"]
["14879","07/25/2012","/FWABMX481R","0601064","ABMAST WHEEL A30R GRADE","A","85336","EA",10,7.48,74.8,"3879691"]
["14879","07/25/2012","/FWBEANIES-L","/FWBEANIES-L","WELDING BEANIES  - LARGE","E","87550","EA",2,4.3499999999999996,8.6999999999999993,"3879691"]
["14879","07/25/2012","/FWBEANIES-S","0613305","WELDING BEANIES  - SMALL","E","215719","EA",1,4.3499999999999996,4.3499999999999996,"3879691"]
["14879","07/25/2012","/FWCEP932-1040","0612258","2in X 4-1/4 COVER PLATE","D","215719","EA",2,0.72,1.44,"3879691"]
["14879","07/25/2012","/FWCEP932-1040","0612258","2in X 4-1/4 COVER PLATE","D","87596","EA",1,0.72,0.72,"3879691"]
["14879","07/25/2012","/FWCEP932-1042","0612967","4-1/2 X 5-1/4 COVER PLATE","A","215719","EA",4,0.9,3.6,"3879691"]
["14879","07/25/2012","/FWCEP932-1042","0612967","4-1/2 X 5-1/4 COVER PLATE","A","87596","EA",1,0.9,0.9,"3879691"]
["14879","07/25/2012","/FWMOL2310N99","0613362","WELDERS FACE MASK CARBON LINER","E","221012","EA",10,4.0625,40.625,"3879691"]
["14879","07/25/2012","/FWMOL2310N99","0613362","WELDERS FACE MASK CARBON LINER","E","273417","EA",10,4.0625,40.625,"3879691"]
["14879","07/25/2012","/FWTIL4242","0602020","APRON 24 X 42","E","215719","EA",1,28.57,28.57,"3879691"]
["14879","07/25/2012","/FWTRU1411-04-016","8571042","STUDS","3110","134472","EA",1000,0.14000000000000001,140,"3879691"]
["14879","07/25/2012","/FWTWE14-35","0602003","CONTACT TIP 1140-1102","A","141879","EA",2,0.76,1.52,"3879691"]
["14879","07/25/2012","/FWTWE14-35","0602003","CONTACT TIP 1140-1102","A","214742","EA",6,0.76,4.5599999999999996,"3879691"]
["14879","07/25/2012","/FWTWE14-35","0602003","CONTACT TIP 1140-1102","A","215719","EA",3,0.76,2.2799999999999998,"3879691"]
["14879","07/25/2012","/FWTWE14-35","0602003","CONTACT TIP 1140-1102","A","220982","EA",6,0.76,4.5599999999999996,"3879691"]
["14879","07/25/2012","/FWTWE14-35","0602003","CONTACT TIP 1140-1102","A","87596","EA",6,0.76,4.5599999999999996,"3879691"]
["14879","07/25/2012","/FWTWE14-35","0602003","CONTACT TIP 1140-1102","A","s000000000","EA",4,0.76,3.04,"3879691"]
["14879","07/25/2012","/FWTWE24A-62-SS","0602004","NOZZLE 1240-121","A","141879","EA",1,3.3125,3.3125,"3879691"]
["14879","07/25/2012","/FWTWE24A-62-SS","0602004","NOZZLE 1240-121","A","214742","EA",4,3.3125,13.25,"3879691"]
["14879","07/25/2012","/FWTWE24A-62-SS","0602004","NOZZLE 1240-121","A","215719","EA",6,3.3125,19.875,"3879691"]
["14879","07/25/2012","/FWTWE24A-62-SS","0602004","NOZZLE 1240-121","A","220982","EA",5,3.3125,16.5625,"3879691"]
["14879","07/25/2012","/FWTWE24A-62-SS","0602004","NOZZLE 1240-121","A","87596","EA",4,3.3125,13.25,"3879691"]
["14879","07/25/2012","/FWTWE24A-62-SS","0602004","NOZZLE 1240-121","A","s000000000","EA",2,3.3125,6.625,"3879691"]
["14879","07/25/2012","/FWTWE34A","0616178","NOZZLE INSULATOR 1340-1100","A","141879","EA",2,1.7124999999999999,3.4249999999999998,"3879691"]
["14879","07/25/2012","/FWTWE34A","0616178","NOZZLE INSULATOR 1340-1100","A","214742","EA",3,1.7124999999999999,5.1375000000000002,"3879691"]
["14879","07/25/2012","/FWTWE34A","0616178","NOZZLE INSULATOR 1340-1100","A","215719","EA",6,1.7124999999999999,10.275,"3879691"]
["14879","07/25/2012","/FWTWE34A","0616178","NOZZLE INSULATOR 1340-1100","A","220982","EA",4,1.7124999999999999,6.85,"3879691"]
["14879","07/25/2012","/FWTWE34A","0616178","NOZZLE INSULATOR 1340-1100","A","87596","EA",4,1.7124999999999999,6.85,"3879691"]
["14879","07/25/2012","/FWTWE34A","0616178","NOZZLE INSULATOR 1340-1100","A","s000000000","EA",2,1.7124999999999999,3.4249999999999998,"3879691"]
["14879","07/25/2012","/FWTWE54A","0602011","GAS DIFFUSER 100-54A ANCHOR BRAND","A","214742","EA",1,3.41,3.41,"3879691"]
["14879","07/25/2012","/FWTWE54A","0602011","GAS DIFFUSER 100-54A ANCHOR BRAND","A","215719","EA",1,3.41,3.41,"3879691"]
["14879","07/25/2012","/FWTWE54A","0602011","GAS DIFFUSER 100-54A ANCHOR BRAND","A","220982","EA",1,3.41,3.41,"3879691"]
["14879","07/25/2012","/FWTWE54A","0602011","GAS DIFFUSER 100-54A ANCHOR BRAND","A","87596","EA",1,3.41,3.41,"3879691"]
["14879","07/25/2012","/FWWEL20-3100","0613306","SWEAT BAND, HELMET COMFORTER","E","87596","EA",2,2.21,4.42,"3879691"]
["14879","07/25/2012","/HS55012","0613445","3/4 HOLE SAW H S S","A","107518","EA",2,3.19,6.38,"3879691"]
["14879","07/25/2012","/HS55012","0613445","3/4 HOLE SAW H S S","A","107518","EA",3,3.19,9.57,"3879691"]
["14879","07/25/2012","/HS55022","0613678","1-3/8 HOLE SAW H S S","A","214756","EA",1,3.6,3.6,"3879691"]
["14879","07/25/2012","/IDL62606","4970421","5/16-7/8 ALL STAINLESS HOSE CLAMP","3110","group 22 - 24","EA",80,0.34,27.2,"3879691"]
["14879","07/25/2012","/IRW2078310","/IRW2078310","CRIMPING PLIERS","B","213523","EA",1,19.850000000000001,19.850000000000001,"3879691"]
["14879","07/25/2012","/MCR103","/MCR103","RATCHET HEAD GEAR","E","211005","EA",1,8,8,"3879691"]
["14879","07/25/2012","/MCR3211XXXL","/MCR3211XXXL","LEATHER DRIVER GLOVE XXXL","E","215751","EA",1,5.85,5.85,"3879691"]
["14879","07/25/2012","/MCR3211XXXL","/MCR3211XXXL","LEATHER DRIVER GLOVE XXXL","E","87550","EA",1,5.85,5.85,"3879691"]
["14879","07/25/2012","/MCR9378T","/MCR9378T","18in KEVLAR SLEEVE W/THUMB SLOT","E","220998","EA",2,3.18,6.36,"3879691"]
["14879","07/25/2012","/MCR9378T","/MCR9378T","18in KEVLAR SLEEVE W/THUMB SLOT","E","221044","EA",2,3.18,6.36,"3879691"]
["14879","07/25/2012","/MCR9673GW-XL","/MCR9673GW-XL","WHITE NYLON NITRILE GLOVE  X-LARGE","E","210928","EA",1,1.96,1.96,"3879691"]
["14879","07/25/2012","/MCRSS110","0616389","STRATOS SAFETY GLASS CLR LEN BLK FRAME","E","221017","EA",1,1.5,1.5,"3879691"]
["14879","07/25/2012","/MHC11180-16-12B","2971148","3/4 MPT X 1 BARB BRASS","3110","g0000 26","EA",10,2.73,27.3,"3879691"]
["14879","07/25/2012","/MI602","2970730","602 1/4M X 3/8 ID HOSE FITTING","3110","c000 r00000","EA",3,0.73,2.19,"3879691"]
["14879","07/25/2012","/MI790","0613299","790 1/4 FEMALE BODY","D","c000 r00000","EA",1,5.82,5.82,"3879691"]
["14879","07/25/2012","/MI790","0613299","790 1/4 FEMALE BODY","D","c000 r00000","EA",2,5.82,11.64,"3879691"]
["14879","07/25/2012","/MI792","0613317","MILTON 792 COUPLER PLUG","D","c000 r00000","EA",2,1.1299999999999999,2.2599999999999998,"3879691"]
["14879","07/25/2012","/MIL49-59-0500","/MIL49-59-0500","1/2\" MILWAUKEE ANNULAR CUTTER","A","141879","EA",4,33.65,134.6,"3879691"]
["14879","07/25/2012","/MM640400","2970669","1/4 D.O.T UNION TEE BRASS","3110","134475","EA",4,7.4,29.6,"3879691"]
["14879","07/25/2012","/MO19193-0345","3971628","2/0ga x 3/8 ELEC RING TERM NON-INSULATED","3110","214748","EA",100,0.94730000000000003,94.73,"3879691"]
["14879","07/25/2012","/MS01-8154","0613092","MS01-8154  SHIELD FOR HEADGEAR","E","211005","EA",1,3.61,3.61,"3879691"]
["14879","07/25/2012","/MS01-8154","0613092","MS01-8154  SHIELD FOR HEADGEAR","E","220998","EA",1,3.61,3.61,"3879691"]
["14879","07/25/2012","/MS01-8154","0613092","MS01-8154  SHIELD FOR HEADGEAR","E","221031","EA",1,3.61,3.61,"3879691"]
["14879","07/25/2012","/MS01-8154","0613092","MS01-8154  SHIELD FOR HEADGEAR","E","221062","EA",1,3.61,3.61,"3879691"]
["14879","07/25/2012","/MS01-8154","0613092","MS01-8154  SHIELD FOR HEADGEAR","E","87596","EA",1,3.61,3.61,"3879691"]
["14879","07/25/2012","/MS05-593GR","0613371","17in SPARK GUARD SLEEVE    PAIR","E","213455","EA",1,5.84,5.84,"3879691"]
["14879","07/25/2012","/MS05-593GR","0613371","17in SPARK GUARD SLEEVE    PAIR","E","214742","EA",1,5.84,5.84,"3879691"]
["14879","07/25/2012","/MS05-593GR","0613371","17in SPARK GUARD SLEEVE    PAIR","E","215719","EA",1,5.84,5.84,"3879691"]
["14879","07/25/2012","/MS09-224-10","0613301","CHEMI PRO NEO LATEX GLOVE-sz10 5400S","E","141900","EA",12,1.9125000000000001,22.95,"3879691"]
["14879","07/25/2012","/MS09-4320","0612134","WELDERS GLOVE (PAIR)  4320","E","87596","EA",1,3.52,3.52,"3879691"]
["14879","07/25/2012","/MS09-7005-L","0612455","NDEX NITRILE GLOVE LGE(100/BX)6020","E","141886","EA",2,9.39,18.78,"3879691"]
["14879","07/25/2012","/MS09-7005-L","0612455","NDEX NITRILE GLOVE LGE(100/BX)6020","E","214730","EA",1,9.39,9.39,"3879691"]
["14879","07/25/2012","/MS09-7005-L","0612455","NDEX NITRILE GLOVE LGE(100/BX)6020","E","221044","EA",1,9.39,9.39,"3879691"]
["14879","07/25/2012","/PB27370","0614978","PB27370 #2 PHIL BIT 6in","A","213496","EA",1,1.34,1.34,"3879691"]
["14879","07/25/2012","/PB27424","0600114","27424 5/32 HEX BIT LONG","A","215732","EA",1,1.64,1.64,"3879691"]
["14879","07/25/2012","/PB28314","0610234","#2 PHILLIPS BIT 4in","A","145295","EA",1,1,1,"3879691"]
["14879","07/25/2012","/PB28314","0610234","#2 PHILLIPS BIT 4in","A","s000000000","EA",1,1,1,"3879691"]
["14879","07/25/2012","/PB29053","0612034","29053 #2 SQ RECESS BIT LONG","A","211005","EA",1,0.46,0.46,"3879691"]
["14879","07/25/2012","/PB29059","0612278","#2 X 3 SQ BIT","A","141879","EA",2,0.85,1.7,"3879691"]
["14879","07/25/2012","/PB29059","0612278","#2 X 3 SQ BIT","A","155993","EA",2,0.85,1.7,"3879691"]
["14879","07/25/2012","/PB29059","0612278","#2 X 3 SQ BIT","A","213455","EA",3,0.85,2.5499999999999998,"3879691"]
["14879","07/25/2012","/PB29059","0612278","#2 X 3 SQ BIT","A","214734","EA",2,0.85,1.7,"3879691"]
["14879","07/25/2012","/PB29059","0612278","#2 X 3 SQ BIT","A","214798","EA",5,0.85,4.25,"3879691"]
["14879","07/25/2012","/PB29059","0612278","#2 X 3 SQ BIT","A","221009","EA",4,0.85,3.4,"3879691"]
["14879","07/25/2012","/PB29059","0612278","#2 X 3 SQ BIT","A","221054","EA",1,0.85,0.85,"3879691"]
["14879","07/25/2012","/PB29059","0612278","#2 X 3 SQ BIT","A","273417","EA",2,0.85,1.7,"3879691"]
["14879","07/25/2012","/PB29059","0612278","#2 X 3 SQ BIT","A","69534","EA",3,0.85,2.5499999999999998,"3879691"]
["14879","07/25/2012","/PB39959","0612067","#2 SQ X 6 SQ RECESS BIT","A","221054","EA",1,1.49,1.49,"3879691"]
["14879","07/25/2012","/PER82190","7970023","PER82190  2gr. SUPER GLUE","D","136948","EA",2,1.39,2.78,"3879691"]
["14879","07/25/2012","/PER82190","7970023","PER82190  2gr. SUPER GLUE","D","213492","EA",2,1.39,2.78,"3879691"]
["14879","07/25/2012","/PER82190","7970023","PER82190  2gr. SUPER GLUE","D","85322","EA",1,1.39,1.39,"3879691"]
["14879","07/25/2012","/PFBBDE2140","/PFBBDE2140","TORX DRIVE BIT FOR SELF FEEDING SYSTEM","A","214734","EA",6,4.41,26.46,"3879691"]
["14879","07/25/2012","/PFSDW1034","/PFSDW1034","#10 X 1-3/4 FH TORX DR TEK SC","3110","PAM SELF FEEDING SYSTEM","EA",3000,6.0699999999999997E-2,182.1,"3879691"]
["14879","07/25/2012","/PIP09-K1450/L","/PIP09-K1450/L","KEVLAR GLOVE WITH NITRILE COATING LARGE","E","213455","EA",1,4.75,4.75,"3879691"]
["14879","07/25/2012","/PIP09-K1450/L","/PIP09-K1450/L","KEVLAR GLOVE WITH NITRILE COATING LARGE","E","214741","EA",1,4.75,4.75,"3879691"]
["14879","07/25/2012","/PIP09-K1450/L","/PIP09-K1450/L","KEVLAR GLOVE WITH NITRILE COATING LARGE","E","69534","EA",2,4.75,9.5,"3879691"]
["14879","07/25/2012","/PIP09-K1450/L","/PIP09-K1450/L","KEVLAR GLOVE WITH NITRILE COATING LARGE","E","87520","EA",1,4.75,4.75,"3879691"]
["14879","07/25/2012","/PIP09-K1450/M","/PIP09-K1450/M","KEVLAR GLOVE W/NITRILE COATING MEDIUM","E","273560","EA",1,4.75,4.75,"3879691"]
["14879","07/25/2012","/PIP09-K1450/XL","/PIP09-K1450/XL","KEVLAR GLOVE W/NITRILE COATING XL","E","213506","EA",1,4.75,4.75,"3879691"]
["14879","07/25/2012","/PIP09-K1450/XL","/PIP09-K1450/XL","KEVLAR GLOVE W/NITRILE COATING XL","E","214748","EA",1,4.75,4.75,"3879691"]
["14879","07/25/2012","/PIP09-K1450/XL","/PIP09-K1450/XL","KEVLAR GLOVE W/NITRILE COATING XL","E","215734","EA",2,4.75,9.5,"3879691"]
["14879","07/25/2012","/PIP09-K1450/XL","/PIP09-K1450/XL","KEVLAR GLOVE W/NITRILE COATING XL","E","273417","EA",1,4.75,4.75,"3879691"]
["14879","07/25/2012","/PM96014","0613381","96014  CRIMSON CHINA MARKER","D","145295","EA",4,0.57999999999999996,2.3199999999999998,"3879691"]
["14879","07/25/2012","/S00100","0613076","S00100  WHITE LITHIUM LUBRICANT","D","220982","EA",1,2.87,2.87,"3879691"]
["14879","07/25/2012","/SB12524","0612403","3-5/8 1/2 WIDE 24tpi AIR SAW BLADE","A","141879","EA",5,1,5,"3879691"]
["14879","07/25/2012","/SB1QTB","0607001","1 QT SPRAY BOTTLE  (NO APPLICATOR)","D","136906","EA",1,0.66,1.32,"3879691"]
["14879","07/25/2012","/SB5-8X1/2X.035X14","/SB5-8X1/2X.035X14","5ft-8in X 1/2 X 14T BAND SAW BLADE","A","m0000000000","EA",1,22.72,22.72,"3879691"]
["14879","07/25/2012","/SSD68SSBSLF","8571005","POP RIVET ST/ST LARGE FLANGE","3110","final","EA",150,0.19289999999999999,28.934999999999999,"3879691"]
["14879","07/25/2012","/ST2201B","0616090","#2201B  SIOUX AIR CHISEL","A","141879","EA",1,27.87,27.87,"3879691"]
["14879","07/25/2012","/STN11921I","0610823","UTIL KNIFE BLADES(INDIVIDUAL BLADES)","A","273417","EA",15,0.11,1.65,"3879691"]
["14879","07/25/2012","/TD365-9-8211","/TD365-9-8211","80 AMP TORCH TIP","D","221062","EA",1,6.04,6.04,"3879691"]
["14879","07/25/2012","/TD365-9-8211","/TD365-9-8211","80 AMP TORCH TIP","D","273543","EA",4,6.04,24.16,"3879691"]
["14879","07/25/2012","/TD365-9-8211","/TD365-9-8211","80 AMP TORCH TIP","D","87596","EA",8,6.04,48.32,"3879691"]
["14879","07/25/2012","/TD365-9-8213","/TD365-9-8213","THERMAL DYNAMICS 1 TORCH START CARTRIDGE","D","221062","EA",1,30.13,30.13,"3879691"]
["14879","07/25/2012","/TD365-9-8213","/TD365-9-8213","THERMAL DYNAMICS 1 TORCH START CARTRIDGE","D","87596","EA",8,30.13,241.04,"3879691"]
["14879","07/25/2012","/TD365-9-8215","/TD365-9-8215","THERMAL DYNAMICS ELECTRODE","D","221062","EA",1,7.55,7.55,"3879691"]
["14879","07/25/2012","/TD365-9-8215","/TD365-9-8215","THERMAL DYNAMICS ELECTRODE","D","273543","EA",2,7.55,15.1,"3879691"]
["14879","07/25/2012","/TD365-9-8215","/TD365-9-8215","THERMAL DYNAMICS ELECTRODE","D","87596","EA",8,7.55,60.4,"3879691"]
["14879","07/25/2012","/TD365-9-8218","/TD365-9-8218","THERMAL DYNAMICS SHIELD CUP","D","221062","EA",1,23.29,23.29,"3879691"]
["14879","07/25/2012","/USP4009","0375851","P4009  SPRING NUT","3110","g0000 22","EA",500,0.49,245,"3879691"]
["14879","07/25/2012","/UT-1033","8970411","2 X 60 YD GRAY DUCT TAPE - THIN 8mil","3110","134472","EA",2,3.51,7.02,"3879691"]
["14879","07/25/2012","/UT-1033","8970411","2 X 60 YD GRAY DUCT TAPE - THIN 8mil","3110","141879","EA",1,3.51,3.51,"3879691"]
["14879","07/25/2012","/UT-1033","8970411","2 X 60 YD GRAY DUCT TAPE - THIN 8mil","3110","145254","EA",3,3.51,10.53,"3879691"]
["14879","07/25/2012","/UT-1033","8970411","2 X 60 YD GRAY DUCT TAPE - THIN 8mil","3110","155993","EA",1,3.51,3.51,"3879691"]
["14879","07/25/2012","/UT-1033","8970411","2 X 60 YD GRAY DUCT TAPE - THIN 8mil","3110","213500","EA",2,3.51,7.02,"3879691"]
["14879","07/25/2012","/WE356","3140431","BLACK WEEKENDER SPRAY PAINT","3110","141818","EA",2,1.52,3.04,"3879691"]
["14879","07/25/2012","/WE358","3142478","WEEKEND GLOSS BLACK","3110","103163","EA",1,1.55,1.55,"3879691"]
["14879","07/25/2012","/WE358","3142478","WEEKEND GLOSS BLACK","3110","145254","EA",1,1.55,1.55,"3879691"]
["14879","07/25/2012","/WU3201-L","0613393","LEATHER DRIVING GLOVES LARGE 3201L","E","213500","EA",1,4.05,4.05,"3879691"]
["14879","07/25/2012","/WU3201-L","0613393","LEATHER DRIVING GLOVES LARGE 3201L","E","215719","EA",1,4.05,4.05,"3879691"]
["14879","07/25/2012","/WU3201-L","0613393","LEATHER DRIVING GLOVES LARGE 3201L","E","220998","EA",2,4.05,8.1,"3879691"]
["14879","07/25/2012","/WU3201-M","/WU3201-M","LEATHER DRIVING GLOVES MEDIUM","E","221031","EA",1,4.05,4.05,"3879691"]
["14879","07/25/2012","/WU3201-M","/WU3201-M","LEATHER DRIVING GLOVES MEDIUM","E","85336","EA",1,4.05,4.05,"3879691"]
["14879","07/25/2012","/WU3201-XL","0613394","LEATHER DRIVING GLOVES X-LG 3201XL","E","214742","EA",1,4.05,4.05,"3879691"]
["14879","07/25/2012","10F100MXPS","8571007","10/32 X 1in PHIL PAN M/S 18-8","3110","213496","EA",10,2.8899999999999999E-2,0.28899999999999998,"3879691"]
["14879","07/25/2012","10F150MXP0Z","8570998","10/32 X 1 1/2 PHIL PAN M/S  ZNC","3110","group 50","EA",125,1.01E-2,1.2625,"3879691"]
["14879","07/25/2012","10G100UQP","8570757","10-16 X 1in PAN SQ RECESS TEK SC","3110","group 22 - 24","EA",400,1.7399999999999999E-2,13.92,"3879691"]
["14879","07/25/2012","10N150TQP0Z","8570706","#10 X 1 1/2 PAN SQUARE RECESS T/S  ZNC","3110","final","EA",500,1.38E-2,6.9,"3879691"]
["14879","07/25/2012","14N100TXPS","8571260","#14 X 1in PHIL PAN T/S 18-8","3110","103171","EA",8,5.7799999999999997E-2,0.46239999999999998,"3879691"]
["14879","07/25/2012","14RDAI","0601024","9/64 6 AIRCRAFT EXTENSION DRILL","A","136948","EA",12,1.3625,16.350000000000001,"3879691"]
["14879","07/25/2012","14RDAI","0601024","9/64 6 AIRCRAFT EXTENSION DRILL","A","214791","EA",12,1.3625,16.350000000000001,"3879691"]
["14879","07/25/2012","14RDAI","0601024","9/64 6 AIRCRAFT EXTENSION DRILL","A","214793","EA",12,1.3625,16.350000000000001,"3879691"]
["14879","07/25/2012","14RDAI","0601024","9/64 6 AIRCRAFT EXTENSION DRILL","A","215732","EA",12,1.3625,16.350000000000001,"3879691"]
["14879","07/25/2012","14RDAI","0601024","9/64 6 AIRCRAFT EXTENSION DRILL","A","s000000000","EA",12,1.3625,16.350000000000001,"3879691"]
["14879","07/25/2012","14RDCO","0613320","9/64 COBALT DRILL","A","210928","EA",12,1.35,16.2,"3879691"]
["14879","07/25/2012","18RDCO","0612440","3/16 COBALT DRILL","A","214756","EA",12,1.3,15.6,"3879691"]
["14879","07/25/2012","25C100HCSS","8570384","1/4-20 X 1in HEX C/S 18-8","3110","273543","EA",8,2.9700000000000001E-2,0.23760000000000001,"3879691"]
["14879","07/25/2012","25C100HCSS","8570384","1/4-20 X 1in HEX C/S 18-8","3110","group 22 - 24","EA",150,2.9700000000000001E-2,4.4550000000000001,"3879691"]
["14879","07/25/2012","25C200KBCS","8571044","1/4-20 X 2 BUTTON SOC C/S 18-8","3110","group 22 - 24","EA",125,9.1800000000000007E-2,11.475,"3879691"]
["14879","07/25/2012","25C300KFCS","25C300KFCS","1/4-20 X 3 FLAT SOC C/S 18-8","3110","141818","EA",1,0.27,0.27,"3879691"]
["14879","07/25/2012","25CNNE8Y","8570194","1/4-20 NYLOC INSERT LOCKNUT GR 8 Z/YEL","3110","group 10 - 11","EA",400,1.9400000000000001E-2,7.76,"3879691"]
["14879","07/25/2012","25CNNE8Y","8570194","1/4-20 NYLOC INSERT LOCKNUT GR 8 Z/YEL","3110","group 50","EA",400,1.9400000000000001E-2,7.76,"3879691"]
["14879","07/25/2012","25G125UHW","25G125UHW","1/4-14 X 1 1/4 HEX WSH HD TEK","3110","221054","EA",100,0.10188999999999999,10.189,"3879691"]
["14879","07/25/2012","25NWSAS","8570915","1/4 SAE F/W 18-8","3110","273543","EA",16,1.61E-2,0.2576,"3879691"]
["14879","07/25/2012","25NWSAS","8570915","1/4 SAE F/W 18-8","3110","group 20 - 21","EA",500,1.61E-2,8.0500000000000007,"3879691"]
["14879","07/25/2012","25NWSAS","8570915","1/4 SAE F/W 18-8","3110","group 22 - 24","EA",500,1.61E-2,8.0500000000000007,"3879691"]
["14879","07/25/2012","25NWUS8Y","8571249","1/4 USS FLAT WASHER GR 8 Z/YEL","3110","group 10 - 11","EA",400,1.4E-2,5.6,"3879691"]
["14879","07/25/2012","25R125WFE0Z","8570244","1/4 X 1 1/4 FEND WASH  ZNC","3110","group 22 - 24","EA",175,2.5999999999999999E-2,4.55,"3879691"]
["14879","07/25/2012","31F25KKC","31F25KKC","5/16-24 X 1/4 SOC SET C/P","3110","107518","EA",1,0.1,0.1,"3879691"]
["14879","07/25/2012","37C150HCS8Y","8570491","3/8-16 X 1 1/2 HEX C/S GR 8 Z/YEL","3110","group 10 - 11","EA",75,6.3100000000000003E-2,9.4649999999999999,"3879691"]
["14879","07/25/2012","37C200MUT0Z/F","8543431","3/8-16 X 2 IND HEX UNSLT W/H T/C T-F  ZN","3110","C","EA",150,0.3,45,"3879691"]
["14879","07/25/2012","37NWUS8Y","8570509","3/8 USS FLAT WASHER GR 8 Z/YEL","3110","group 10 - 11","EA",250,2.7E-2,13.5,"3879691"]
["14879","07/25/2012","43C100HCS8Y","8571277","7/16-14 X 1in HEX C/S GR 8 Z/YEL","3110","group 42","EA",300,0.11,33,"3879691"]
["14879","07/25/2012","43F250HCS8Y","8571283","7/16-20 X 2 1/2 HEX C/S GR 8 Z/YEL","3110","group 42","EA",125,0.16919999999999999,21.15,"3879691"]
["14879","07/25/2012","43FNNE8Y","8571284","7/16-20 NYLOC INSERT LOCKNUT GR 8 Z/YEL","3110","group 42","EA",300,5.2200000000000003E-2,15.66,"3879691"]
["14879","07/25/2012","43NWUS8Y","8571206","7/16 USS FLAT WASHER GR 8 Z/YEL","3110","group 22 - 24","EA",200,5.57E-2,11.14,"3879691"]
["14879","07/25/2012","43NWUS8Y","8571206","7/16 USS FLAT WASHER GR 8 Z/YEL","3110","group 42","EA",600,5.57E-2,33.42,"3879691"]
["14879","07/25/2012","50C200HCS8Y","8570951","1/2-13 X 2 HEX C/S GR 8 Z/YEL","3110","group 22 - 24","EA",35,0.15759999999999999,5.516,"3879691"]
["14879","07/25/2012","50N75WSFN/.125","8570893","1/2 X 3/4 F/W .125 THK NYL","3110","69527","EA",300,1.6500000000000001E-2,4.95,"3879691"]
["14879","07/25/2012","53DDND","53DDND","#53 WIRE GA JOBBER DRILL","A","87594","EA",2,0.88,1.76,"3879691"]
["14879","07/25/2012","6N100TQO0Z","8570750","#6 X 1in OVAL SQUARE RECESS T/S  ZNC","3110","group 50","EA",1000,1.2500000000000001E-2,12.5,"3879691"]
["14879","07/25/2012","6N62TQF0Z","8571065","#6 X 5/8 FLAT SQUARE RECESS T/S  ZNC","3110","group 22 - 24","EA",800,8.6999999999999994E-3,6.96,"3879691"]
["14879","07/25/2012","8C100MTM0Z/F","8C100MTM0Z/F","8/32 X 1in PAN PHIL T/C T-F  ZNC","3110","group 22 - 24","EA",1500,0.04,60,"3879691"]
["14879","07/25/2012","8C100MTM0Z/F/NPAT","8571376","8/32 X 1 PAN PHIL T-F W/NYLOC PATCH","3110","final","EA",500,7.0000000000000007E-2,35,"3879691"]
["14879","07/25/2012","8G100UQP0B/NPAT","8570936","8-18 X 1in PAN SQ RECESS TEK SC NYL PAT","3110","BLK","EA",500,1.95E-2,29.25,"3879691"]
["14879","07/25/2012","8N100TQP01","8570932","#8 X 1in PAN SQUARE RECESS T/S  BLK ZNC","3110","final","EA",400,1.1900000000000001E-2,4.76,"3879691"]
["14879","07/25/2012","8N250TRW0Z","8570766","#8 X 2 1/2 T/S RND WSH COM  ZNC","3110","final","EA",300,1.7399999999999999E-2,5.22,"3879691"]
["14879","07/25/2012","8N300TQF0B","8570711","#8 X 3 FLAT SQUARE RECESS T/S  BLK","3110","1789","EA",350,3.6900000000000002E-2,12.914999999999999,"3879691"]
["14879","07/25/2012","8N62TQP0Z/BL","8570739","#8 X 5/8 PAN SQUARE RECESS T/S BLK HD  Z","3110","NC","EA",2500,7.0000000000000001E-3,35,"3879691"]
["14879","07/25/2012","8NWFFS","8542219","#8 FLANGED FINISH WASHER 18-8","3110","final","EA",500,1.9099999999999999E-2,9.5500000000000007,"3879691"]
[null,null,null,null,null,null,null,null,null,null,{"$f":"SUBTOTAL(9,K3108:K3318)","v":3706.2677000000008},"3879691 Total"]
["14879","07/26/2012",".120NWA30P/6916","8571279","M12 A325 FLAT WASHER DIN 125A TP200  PLN","3110","group 42","EA",250,0.1414,70.7,"3880471"]
["14879","07/26/2012","/3M1700","8970416","3M 1700  TEM FLEX ELECTRICAL TAPE","3110","214739","EA",2,0.63,1.26,"3880471"]
["14879","07/26/2012","/3M1700","8970416","3M 1700  TEM FLEX ELECTRICAL TAPE","3110","214748","EA",2,0.63,1.26,"3880471"]
["14879","07/26/2012","/3M1700","8970416","3M 1700  TEM FLEX ELECTRICAL TAPE","3110","9999","EA",10,0.63,6.3,"3880471"]
["14879","07/26/2012","/3M2097/07184","/3M2097/07184","PARTICULATE FILTER P100 W/NUISANCE LEVE","E","221019","EA",2,4.2,8.4,"3880471"]
["14879","07/26/2012","/3M72F187-20NBL","3971595","16-14 .187 X .020 FUL/INS QUICK/DISC","3110","s000000000","EA",26,4.8599999999999997E-2,1.2636000000000001,"3880471"]
["14879","07/26/2012","/3MMH14-38RK","3971597","16-14ga 3/8 STUD HEAT SHRINK RING TERM","3110","85823","EA",4,0.21410000000000001,0.85640000000000005,"3880471"]
["14879","07/26/2012","/ACS3114-04","/ACS3114-04","#8 J-NUT .045-.062 PANEL RANGE BLK","3110","group 22 - 24","EA",400,0.18,72,"3880471"]
["14879","07/26/2012","/AL-14-50-0-CW-M","/AL-14-50-0-CW-M","14in BLACK CABLE TIE 50lb","D","group 20 - 21","EA",500,4.2000000000000003E-2,21,"3880471"]
["14879","07/26/2012","/AL-14-50-0-CW-M","/AL-14-50-0-CW-M","14in BLACK CABLE TIE 50lb","D","group 22 - 24","EA",500,4.2000000000000003E-2,21,"3880471"]
["14879","07/26/2012","/AL-14-50-0-CW-M","/AL-14-50-0-CW-M","14in BLACK CABLE TIE 50lb","D","group 50","EA",500,4.2000000000000003E-2,21,"3880471"]
["14879","07/26/2012","/AS50SM","0613337","STATIC MIXER 50ml","A","213454","EA",4,1.25,5,"3880471"]
["14879","07/26/2012","/AS50SM","0613337","STATIC MIXER 50ml","A","213460","EA",10,1.25,12.5,"3880471"]
["14879","07/26/2012","/AS50SM","0613337","STATIC MIXER 50ml","A","221032","EA",20,1.25,25,"3880471"]
["14879","07/26/2012","/AS55300-50","7970040","METHACYLATE ADHESIVE 50ml","3110","213454","EA",3,8.98,26.94,"3880471"]
["14879","07/26/2012","/AS55300-50","7970040","METHACYLATE ADHESIVE 50ml","3110","213460","EA",1,8.98,8.98,"3880471"]
["14879","07/26/2012","/AS55300-50","7970040","METHACYLATE ADHESIVE 50ml","3110","221032","EA",15,8.98,134.69999999999999,"3880471"]
["14879","07/26/2012","/AV13009","6170120","10/32 WELL NUT .035/.232 GRIP 10/UNIT","3110","g0000 26","EA",100,0.24,24,"3880471"]
["14879","07/26/2012","/AV13009","6170120","10/32 WELL NUT .035/.232 GRIP 10/UNIT","3110","group 22 - 24","EA",100,0.24,24,"3880471"]
["14879","07/26/2012","/AV8814","8570095","5/16-18 U-NUT 25/UNIT","3110","group 20 - 21","EA",75,0.20799999999999999,15.6,"3880471"]
["14879","07/26/2012","/AVK1/4-20-260","8571190","1/4-20-260 THD INSERT","3110","107707","EA",12,0.14000000000000001,1.68,"3880471"]
["14879","07/26/2012","/AVK1/4-20-260","8571190","1/4-20-260 THD INSERT","3110","1698","EA",100,0.14000000000000001,14,"3880471"]
["14879","07/26/2012","/AW20-202","0612410","20-202 T-SHIRT/POLOKNIT","D","103163","EA",50,0.52,26,"3880471"]
["14879","07/26/2012","/AW20-202","0612410","20-202 T-SHIRT/POLOKNIT","D","213522","EA",50,0.52,26,"3880471"]
["14879","07/26/2012","/AW20-202","0612410","20-202 T-SHIRT/POLOKNIT","D","215717","EA",50,0.52,26,"3880471"]
["14879","07/26/2012","/AW20-202","0612410","20-202 T-SHIRT/POLOKNIT","D","221010","EA",50,0.52,26,"3880471"]
["14879","07/26/2012","/AW20-202","0612410","20-202 T-SHIRT/POLOKNIT","D","85322","EA",50,0.52,26,"3880471"]
["14879","07/26/2012","/AW20-202","0612410","20-202 T-SHIRT/POLOKNIT","D","s000000000","EA",50,0.52,26,"3880471"]
["14879","07/26/2012","/BB433-934","0607017","NAIL APRON","D","s000000000","EA",1,1.93,1.93,"3880471"]
["14879","07/26/2012","/CCPV8-6","8570815","1/4 MONO BOLT .08-.375 GRIP S/S","3110","group 22 - 24","EA",250,0.60809999999999997,152.02500000000001,"3880471"]
["14879","07/26/2012","/COV1309Z1","3971518","3/4in VYL COATED WIRING/TUBE CLIP","3110","group 10 - 11","EA",1000,0.19239999999999999,192.4,"3880471"]
["14879","07/26/2012","/COV1709Z1","3971519","1in VYL COATED WIRING/TUBE CLIP","3110","group 10 - 11","EA",124,0.18809999999999999,23.324400000000001,"3880471"]
["14879","07/26/2012","/COV2509Z1","3971511","1-1/2in VYL COATED WIRING/TUBE CLIP","3110","group 10 - 11","EA",500,0.26300000000000001,131.5,"3880471"]
["14879","07/26/2012","/COV4511Z1","0374037","2-3/4in VYL COATED WIRING/TUBE CLIP","3110","group 10 - 11","EA",200,0.66539999999999999,133.08000000000001,"3880471"]
["14879","07/26/2012","/COV6509Z1","3971922","4in VYL COATED WIRING/TUBE CLIP","3110","group 10 - 11","EA",125,0.84360000000000002,105.45,"3880471"]
["14879","07/26/2012","/CRL216","0610545","CRL216 PLASTIC PUSH STICK","A","221053","EA",1,0.66,0.66,"3880471"]
["14879","07/26/2012","/EL6527","/EL6527","1 X 25ft TAPE MEASURE","D","221058","EA",1,5.38,5.38,"3880471"]
["14879","07/26/2012","/EL6527","/EL6527","1 X 25ft TAPE MEASURE","D","s000000000","EA",1,5.38,5.38,"3880471"]
["14879","07/26/2012","/EN92","0612342","AAA ALKALINE BATTERY","D","155985","EA",3,0.45,1.35,"3880471"]
["14879","07/26/2012","/EN92","0612342","AAA ALKALINE BATTERY","D","213460","EA",3,0.45,1.35,"3880471"]
["14879","07/26/2012","/EN92","0612342","AAA ALKALINE BATTERY","D","213467","EA",3,0.45,1.35,"3880471"]
["14879","07/26/2012","/EN92","0612342","AAA ALKALINE BATTERY","D","213500","EA",2,0.45,0.9,"3880471"]
["14879","07/26/2012","/EN92","0612342","AAA ALKALINE BATTERY","D","215717","EA",18,0.45,8.1,"3880471"]
["14879","07/26/2012","/EN92","0612342","AAA ALKALINE BATTERY","D","221047","EA",3,0.45,1.35,"3880471"]
["14879","07/26/2012","/EN92","0612342","AAA ALKALINE BATTERY","D","273418","EA",3,0.45,1.35,"3880471"]
["14879","07/26/2012","/EN92","0612342","AAA ALKALINE BATTERY","D","87571","EA",3,0.45,1.35,"3880471"]
["14879","07/26/2012","/EN92","0612342","AAA ALKALINE BATTERY","D","9999","EA",12,0.45,5.4,"3880471"]
["14879","07/26/2012","/EN92","0612342","AAA ALKALINE BATTERY","D","m0000000000","EA",4,0.45,1.8,"3880471"]
["14879","07/26/2012","/EN92","0612342","AAA ALKALINE BATTERY","D","s000000000","EA",3,0.45,1.35,"3880471"]
["14879","07/26/2012","/ET66RED","/ET66RED","3/4 X 66ft RED ELECTRICAL TAPE","3110","214748","EA",3,0.68,2.04,"3880471"]
["14879","07/26/2012","/FWBEANIES-S","0613305","WELDING BEANIES  - SMALL","E","221043","EA",1,4.3499999999999996,4.3499999999999996,"3880471"]
["14879","07/26/2012","/FWCEP932-1042","0612967","4-1/2 X 5-1/4 COVER PLATE","A","213500","EA",1,0.9,0.9,"3880471"]
["14879","07/26/2012","/FWCEP932-1042","0612967","4-1/2 X 5-1/4 COVER PLATE","A","221043","EA",1,0.9,0.9,"3880471"]
["14879","07/26/2012","/FWFAL50504","/FWFAL50504","2 X .050 X 1/4 CUT OFF WHEEL","A","273507","EA",10,1.45,14.5,"3880471"]
["14879","07/26/2012","/FWMOL2310N99","0613362","WELDERS FACE MASK CARBON LINER","E","141879","EA",10,4.0625,40.625,"3880471"]
["14879","07/26/2012","/FWMOL2310N99","0613362","WELDERS FACE MASK CARBON LINER","E","155917","EA",10,4.0625,40.625,"3880471"]
["14879","07/26/2012","/FWMOL2310N99","0613362","WELDERS FACE MASK CARBON LINER","E","213532","EA",20,4.0625,81.25,"3880471"]
["14879","07/26/2012","/FWTIL3221-14-L","0602021","CAPE SLEEVE W/BIB LARGE","E","210968","EA",1,41.72,41.72,"3880471"]
["14879","07/26/2012","/FWTWE14-35","0602003","CONTACT TIP 1140-1102","A","210927","EA",11,0.76,8.36,"3880471"]
["14879","07/26/2012","/FWTWE14-35","0602003","CONTACT TIP 1140-1102","A","221043","EA",12,0.76,9.1199999999999992,"3880471"]
["14879","07/26/2012","/FWTWE14-35","0602003","CONTACT TIP 1140-1102","A","87596","EA",3,0.76,2.2799999999999998,"3880471"]
["14879","07/26/2012","/FWTWE24A-62-SS","0602004","NOZZLE 1240-121","A","210927","EA",2,3.3125,6.625,"3880471"]
["14879","07/26/2012","/FWTWE24A-62-SS","0602004","NOZZLE 1240-121","A","215751","EA",1,3.3125,3.3125,"3880471"]
["14879","07/26/2012","/FWTWE24A-62-SS","0602004","NOZZLE 1240-121","A","215778","EA",1,3.3125,3.3125,"3880471"]
["14879","07/26/2012","/FWTWE24A-62-SS","0602004","NOZZLE 1240-121","A","221019","EA",1,3.3125,3.3125,"3880471"]
["14879","07/26/2012","/FWTWE24A-62-SS","0602004","NOZZLE 1240-121","A","221043","EA",7,3.3125,23.1875,"3880471"]
["14879","07/26/2012","/FWTWE24A-62-SS","0602004","NOZZLE 1240-121","A","87596","EA",3,3.3125,9.9375,"3880471"]
["14879","07/26/2012","/FWTWE34A","0616178","NOZZLE INSULATOR 1340-1100","A","210927","EA",1,1.7124999999999999,1.7124999999999999,"3880471"]
["14879","07/26/2012","/FWTWE34A","0616178","NOZZLE INSULATOR 1340-1100","A","215751","EA",1,1.7124999999999999,1.7124999999999999,"3880471"]
["14879","07/26/2012","/FWTWE34A","0616178","NOZZLE INSULATOR 1340-1100","A","215778","EA",3,1.7124999999999999,5.1375000000000002,"3880471"]
["14879","07/26/2012","/FWTWE34A","0616178","NOZZLE INSULATOR 1340-1100","A","221019","EA",1,1.7124999999999999,1.7124999999999999,"3880471"]
["14879","07/26/2012","/FWTWE34A","0616178","NOZZLE INSULATOR 1340-1100","A","221043","EA",7,1.7124999999999999,11.987500000000001,"3880471"]
["14879","07/26/2012","/FWTWE34A","0616178","NOZZLE INSULATOR 1340-1100","A","87596","EA",3,1.7124999999999999,5.1375000000000002,"3880471"]
["14879","07/26/2012","/FWTWE54A","0602011","GAS DIFFUSER 100-54A ANCHOR BRAND","A","210927","EA",1,3.41,3.41,"3880471"]
["14879","07/26/2012","/FWTWE54A","0602011","GAS DIFFUSER 100-54A ANCHOR BRAND","A","221043","EA",2,3.41,6.82,"3880471"]
["14879","07/26/2012","/FWWEL20-3100","0613306","SWEAT BAND, HELMET COMFORTER","E","221043","EA",2,2.21,4.42,"3880471"]
["14879","07/26/2012","/HDL33AINE","/HDL33AINE","ENERGIZER 6 LED HEADLAMP","D","221027","EA",1,24.69,24.69,"3880471"]
["14879","07/26/2012","/HDL33AINE","/HDL33AINE","ENERGIZER 6 LED HEADLAMP","D","273543","EA",1,24.69,24.69,"3880471"]
["14879","07/26/2012","/HIMGL100-R8-E16.4","/HIMGL100-R8-E16.4","1/4 X 1 CTSK MONO-BOLT","3110","group 20 - 21","EA",350,0.44,154,"3880471"]
["14879","07/26/2012","/IDL6736","4970435","1-13/16 - 2-3/4 ALL STAINLESS HOSE CLAMP","3110","214775","EA",1,0.82,0.82,"3880471"]
["14879","07/26/2012","/IRW10233","/IRW10233","3 9 HOLE SZ (1/4-3/4) 1/16 INCREMENTS","B","69541","EA",1,37.979999999999997,37.979999999999997,"3880471"]
["14879","07/26/2012","/IRW88814","0601054","7/8 SPEEDBOR SPADE BIT","A","220991","EA",1,2.98,2.98,"3880471"]
["14879","07/26/2012","/IRW88822","0611845","2000-22 1-3/8 SPEEDBOR","A","221058","EA",1,4.54,4.54,"3880471"]
["14879","07/26/2012","/MCM7437K19","/MCM7437K19","RED BATTERY PROTECTANT  15.25 OZ.","3110","214732","EA",1,7.18,7.18,"3880471"]
["14879","07/26/2012","/MCR9378T","/MCR9378T","18in KEVLAR SLEEVE W/THUMB SLOT","E","221044","EA",2,3.18,6.36,"3880471"]
["14879","07/26/2012","/MCR9673GW-XL","/MCR9673GW-XL","WHITE NYLON NITRILE GLOVE  X-LARGE","E","215718","EA",1,1.96,1.96,"3880471"]
["14879","07/26/2012","/MCREPRC25","/MCREPRC25","EAR PLUG W/CORD REUSABLE","E","134472","EA",10,0.93500000000000005,9.35,"3880471"]
["14879","07/26/2012","/MCREPRC25","/MCREPRC25","EAR PLUG W/CORD REUSABLE","E","69527","EA",5,0.93500000000000005,4.6749999999999998,"3880471"]
["14879","07/26/2012","/MCRSS110","0616389","STRATOS SAFETY GLASS CLR LEN BLK FRAME","E","141886","EA",1,1.5,1.5,"3880471"]
["14879","07/26/2012","/MI790","0613299","790 1/4 FEMALE BODY","D","c000 r00000","EA",1,5.82,5.82,"3880471"]
["14879","07/26/2012","/MKNMPD4S","0601065","1/4 PILOT BIT SHORT","A","215740","EA",1,1.68,1.68,"3880471"]
["14879","07/26/2012","/MO19193-0345","3971628","2/0ga x 3/8 ELEC RING TERM NON-INSULATED","3110","214748","EA",100,0.94730000000000003,94.73,"3880471"]
["14879","07/26/2012","/MOL6644","/MOL6644","MOLDEX UNCORDED EAR PLUG DISPENSER 250PR","E","141879","EA",1,33.5,33.5,"3880471"]
["14879","07/26/2012","/MP784811-A","/MP784811-A","784811-A  FINDER/DRIVER","A","9999","EA",1,6.45,6.45,"3880471"]
["14879","07/26/2012","/MS01-8154","0613092","MS01-8154  SHIELD FOR HEADGEAR","E","221012","EA",1,3.61,3.61,"3880471"]
["14879","07/26/2012","/MS01-8154","0613092","MS01-8154  SHIELD FOR HEADGEAR","E","221043","EA",1,3.61,3.61,"3880471"]
["14879","07/26/2012","/MS05-593GR","0613371","17in SPARK GUARD SLEEVE    PAIR","E","213532","EA",1,5.84,5.84,"3880471"]
["14879","07/26/2012","/MS05-593GR","0613371","17in SPARK GUARD SLEEVE    PAIR","E","214739","EA",1,5.84,5.84,"3880471"]
["14879","07/26/2012","/MS05-593GR","0613371","17in SPARK GUARD SLEEVE    PAIR","E","214742","EA",1,5.84,5.84,"3880471"]
["14879","07/26/2012","/MS05-593GR","0613371","17in SPARK GUARD SLEEVE    PAIR","E","87597","EA",1,5.84,5.84,"3880471"]
["14879","07/26/2012","/MS09-224-10","0613301","CHEMI PRO NEO LATEX GLOVE-sz10 5400S","E","215717","EA",36,1.9125000000000001,68.849999999999994,"3880471"]
["14879","07/26/2012","/MS09-4320","0612134","WELDERS GLOVE (PAIR)  4320","E","210968","EA",1,3.52,3.52,"3880471"]
["14879","07/26/2012","/MS09-9780-10","0613098","NITRILE GLOVES SIZE 10  97980XL","E","273507","EA",1,1.83,1.83,"3880471"]
["14879","07/26/2012","/MSHL5/16-6","/MSHL5/16-6","MSHL 5/16-6 MAG NUTSETTER","A","221019","EA",1,6.03,6.03,"3880471"]
["14879","07/26/2012","/MSHL5/16-6","/MSHL5/16-6","MSHL 5/16-6 MAG NUTSETTER","A","221057","EA",1,6.03,6.03,"3880471"]
["14879","07/26/2012","/PB27361","0610245","PB27361 #2 PHIL BIT LONG 1/4 HEX","A","213522","EA",1,0.39,0.39,"3880471"]
["14879","07/26/2012","/PB28314","0610234","#2 PHILLIPS BIT 4in","A","213522","EA",1,1,1,"3880471"]
["14879","07/26/2012","/PB28314","0610234","#2 PHILLIPS BIT 4in","A","221047","EA",1,1,1,"3880471"]
["14879","07/26/2012","/PB28314","0610234","#2 PHILLIPS BIT 4in","A","221054","EA",1,1,1,"3880471"]
["14879","07/26/2012","/PB29052","0612023","29052 #1 SQ RECESS BIT LONG","A","221047","EA",1,0.52,0.52,"3880471"]
["14879","07/26/2012","/PB29059","0612278","#2 X 3 SQ BIT","A","221011","EA",1,0.85,0.85,"3880471"]
["14879","07/26/2012","/PB29059","0612278","#2 X 3 SQ BIT","A","221019","EA",1,0.85,0.85,"3880471"]
["14879","07/26/2012","/PB29059","0612278","#2 X 3 SQ BIT","A","221047","EA",2,0.85,1.7,"3880471"]
["14879","07/26/2012","/PB29059","0612278","#2 X 3 SQ BIT","A","221057","EA",1,0.85,0.85,"3880471"]
["14879","07/26/2012","/PB29059","0612278","#2 X 3 SQ BIT","A","87507","EA",1,0.85,0.85,"3880471"]
["14879","07/26/2012","/PER82190","7970023","PER82190  2gr. SUPER GLUE","D","213454","EA",4,1.39,5.56,"3880471"]
["14879","07/26/2012","/PIP09-K1450/L","/PIP09-K1450/L","KEVLAR GLOVE WITH NITRILE COATING LARGE","E","155917","EA",1,4.75,4.75,"3880471"]
["14879","07/26/2012","/PIP09-K1450/L","/PIP09-K1450/L","KEVLAR GLOVE WITH NITRILE COATING LARGE","E","211005","EA",1,4.75,4.75,"3880471"]
["14879","07/26/2012","/PIP09-K1450/L","/PIP09-K1450/L","KEVLAR GLOVE WITH NITRILE COATING LARGE","E","213453","EA",1,4.75,4.75,"3880471"]
["14879","07/26/2012","/PIP09-K1450/L","/PIP09-K1450/L","KEVLAR GLOVE WITH NITRILE COATING LARGE","E","220991","EA",1,4.75,4.75,"3880471"]
["14879","07/26/2012","/PIP09-K1450/L","/PIP09-K1450/L","KEVLAR GLOVE WITH NITRILE COATING LARGE","E","221002","EA",1,4.75,4.75,"3880471"]
["14879","07/26/2012","/PIP09-K1450/L","/PIP09-K1450/L","KEVLAR GLOVE WITH NITRILE COATING LARGE","E","221011","EA",1,4.75,4.75,"3880471"]
["14879","07/26/2012","/PIP09-K1450/L","/PIP09-K1450/L","KEVLAR GLOVE WITH NITRILE COATING LARGE","E","221058","EA",1,4.75,4.75,"3880471"]
["14879","07/26/2012","/PIP09-K1450/L","/PIP09-K1450/L","KEVLAR GLOVE WITH NITRILE COATING LARGE","E","72992","EA",1,4.75,4.75,"3880471"]
["14879","07/26/2012","/PIP09-K1450/L","/PIP09-K1450/L","KEVLAR GLOVE WITH NITRILE COATING LARGE","E","87507","EA",1,4.75,4.75,"3880471"]
["14879","07/26/2012","/PIP09-K1450/M","/PIP09-K1450/M","KEVLAR GLOVE W/NITRILE COATING MEDIUM","E","155985","EA",1,4.75,4.75,"3880471"]
["14879","07/26/2012","/PIP09-K1450/M","/PIP09-K1450/M","KEVLAR GLOVE W/NITRILE COATING MEDIUM","E","215718","EA",1,4.75,4.75,"3880471"]
["14879","07/26/2012","/PIP09-K1450/M","/PIP09-K1450/M","KEVLAR GLOVE W/NITRILE COATING MEDIUM","E","215757","EA",1,4.75,4.75,"3880471"]
["14879","07/26/2012","/PIP09-K1450/M","/PIP09-K1450/M","KEVLAR GLOVE W/NITRILE COATING MEDIUM","E","221010","EA",1,4.75,4.75,"3880471"]
["14879","07/26/2012","/PIP09-K1450/M","/PIP09-K1450/M","KEVLAR GLOVE W/NITRILE COATING MEDIUM","E","87571","EA",1,4.75,4.75,"3880471"]
["14879","07/26/2012","/PIP09-K1450/XL","/PIP09-K1450/XL","KEVLAR GLOVE W/NITRILE COATING XL","E","211005","EA",1,4.75,4.75,"3880471"]
["14879","07/26/2012","/PIP09-K1450-2XL","/PIP09-K1450-2XL","KEVLAR GLOVE WITH NITRILE COATING 2XL","E","273410","EA",1,4.75,4.75,"3880471"]
["14879","07/26/2012","/PM96011","0613380","96011  YELLOW CHINA MARKER","D","136948","EA",2,0.93,1.86,"3880471"]
["14879","07/26/2012","/S00542","0612252","S00542 ANTI SPATER SPRAY","D","221043","EA",1,2.63,2.63,"3880471"]
["14879","07/26/2012","/SB12524","0612403","3-5/8 1/2 WIDE 24tpi AIR SAW BLADE","A","145295","EA",25,1,25,"3880471"]
["14879","07/26/2012","/SB12524","0612403","3-5/8 1/2 WIDE 24tpi AIR SAW BLADE","A","215740","EA",25,1,25,"3880471"]
["14879","07/26/2012","/SB12524","0612403","3-5/8 1/2 WIDE 24tpi AIR SAW BLADE","A","273507","EA",10,1,10,"3880471"]
["14879","07/26/2012","/SB12524","0612403","3-5/8 1/2 WIDE 24tpi AIR SAW BLADE","A","273614","EA",6,1,6,"3880471"]
["14879","07/26/2012","/SB1QTA","0607002","1 QT SPRAY APPLICATOR (NO BOTTLE)","D","214724","EA",2,0.62,1.24,"3880471"]
["14879","07/26/2012","/SB40814","0612269","40814 8 14T RECIP SAW","A","134472","EA",50,1.88,94,"3880471"]
["14879","07/26/2012","/SB40814","0612269","40814 8 14T RECIP SAW","A","215778","EA",15,1.88,28.2,"3880471"]
["14879","07/26/2012","/SB40814","0612269","40814 8 14T RECIP SAW","A","221043","EA",10,1.88,18.8,"3880471"]
["14879","07/26/2012","/SP11755","0612232","5in 50gr ZIRC DISC 7/8 HOLE","A","273614","EA",5,0.98,4.9000000000000004,"3880471"]
["14879","07/26/2012","/SP12X60","0607073","12 X 60  PSA CLOTH DISC","D","273394","EA",5,3.76,18.8,"3880471"]
["14879","07/26/2012","/SP40311","/SP40311","2in  36grit CERAMIC Q/C DISC TYPE S","A","213454","EA",5,0.82,4.0999999999999996,"3880471"]
["14879","07/26/2012","/SSD612SSBSLF","/SSD612SSBSLF","POP RIVET ST/ST LARGE FLANGE","3110","g0000 26","EA",50,0.87,43.5,"3880471"]
["14879","07/26/2012","/STN-10778","/STN-10778","#10778 STANLEY FAT MAX UTILTY KNIFE","B","s000000000","EA",1,9.19,9.19,"3880471"]
["14879","07/26/2012","/STN11921I","0610823","UTIL KNIFE BLADES(INDIVIDUAL BLADES)","A","103171","EA",15,0.11,1.65,"3880471"]
["14879","07/26/2012","/STN11921I","0610823","UTIL KNIFE BLADES(INDIVIDUAL BLADES)","A","163201","EA",15,0.11,1.65,"3880471"]
["14879","07/26/2012","/STN11921I","0610823","UTIL KNIFE BLADES(INDIVIDUAL BLADES)","A","221011","EA",15,0.11,1.65,"3880471"]
["14879","07/26/2012","/STN11921I","0610823","UTIL KNIFE BLADES(INDIVIDUAL BLADES)","A","72986","EA",15,0.11,1.65,"3880471"]
["14879","07/26/2012","/STN11961A","/STN11961A","STN11961A HOOK KNIFE BLADES/100ct","D","221011","EA",1,49.95,49.95,"3880471"]
["14879","07/26/2012","/TD365-9-8218","/TD365-9-8218","THERMAL DYNAMICS SHIELD CUP","D","210927","EA",1,23.29,23.29,"3880471"]
["14879","07/26/2012","/USP4009","0375851","P4009  SPRING NUT","3110","g0000 22","EA",500,0.49,245,"3880471"]
["14879","07/26/2012","/UT-1033","8970411","2 X 60 YD GRAY DUCT TAPE - THIN 8mil","3110","136948","EA",1,3.51,3.51,"3880471"]
["14879","07/26/2012","/UT-1033","8970411","2 X 60 YD GRAY DUCT TAPE - THIN 8mil","3110","141879","EA",2,3.51,7.02,"3880471"]
["14879","07/26/2012","/UT-1033","8970411","2 X 60 YD GRAY DUCT TAPE - THIN 8mil","3110","155985","EA",1,3.51,3.51,"3880471"]
["14879","07/26/2012","/UT-1033","8970411","2 X 60 YD GRAY DUCT TAPE - THIN 8mil","3110","221023","EA",4,3.51,14.04,"3880471"]
["14879","07/26/2012","/UT-1033","8970411","2 X 60 YD GRAY DUCT TAPE - THIN 8mil","3110","221043","EA",1,3.51,3.51,"3880471"]
["14879","07/26/2012","/WB40068","0611056","2 CHIP & OIL BRUSH","D","s000000000","EA",1,0.71,0.71,"3880471"]
["14879","07/26/2012","/WE356","3140431","BLACK WEEKENDER SPRAY PAINT","3110","107678","EA",12,1.52,18.239999999999998,"3880471"]
["14879","07/26/2012","/WE356","3140431","BLACK WEEKENDER SPRAY PAINT","3110","141879","EA",1,1.52,1.52,"3880471"]
["14879","07/26/2012","/WE358","3142478","WEEKEND GLOSS BLACK","3110","213455","EA",1,1.55,1.55,"3880471"]
["14879","07/26/2012","/WISM3R","/WISM3R","WISM3R  WISS STR TIN SNIP","B","221011","EA",1,18.829999999999998,18.829999999999998,"3880471"]
["14879","07/26/2012","/WKW70001","0601006","1/4 ROUTER BIT - 3/4 CUT LENGTH","A","103171","EA",1,6.22,6.22,"3880471"]
["14879","07/26/2012","/WKW70001","0601006","1/4 ROUTER BIT - 3/4 CUT LENGTH","A","214739","EA",6,6.22,37.32,"3880471"]
["14879","07/26/2012","/WKW70001","0601006","1/4 ROUTER BIT - 3/4 CUT LENGTH","A","273507","EA",10,6.22,62.2,"3880471"]
["14879","07/26/2012","/WKW70001","0601006","1/4 ROUTER BIT - 3/4 CUT LENGTH","A","72992","EA",15,6.22,93.3,"3880471"]
["14879","07/26/2012","/WS140","0612310","WAX TUBE LUBRICANT","D","69527","EA",2,2.2000000000000002,4.4000000000000004,"3880471"]
["14879","07/26/2012","/WU3201-L","0613393","LEATHER DRIVING GLOVES LARGE 3201L","E","87594","EA",1,4.05,4.05,"3880471"]
["14879","07/26/2012","/WU3201-M","/WU3201-M","LEATHER DRIVING GLOVES MEDIUM","E","163222","EA",4,4.05,16.2,"3880471"]
["14879","07/26/2012","/WU3201-M","/WU3201-M","LEATHER DRIVING GLOVES MEDIUM","E","215778","EA",2,4.05,8.1,"3880471"]
["14879","07/26/2012","/WU3201-M","/WU3201-M","LEATHER DRIVING GLOVES MEDIUM","E","221043","EA",3,4.05,12.15,"3880471"]
["14879","07/26/2012","/WU3201-XL","0613394","LEATHER DRIVING GLOVES X-LG 3201XL","E","221019","EA",1,4.05,4.05,"3880471"]
["14879","07/26/2012","/WU3201-XL","0613394","LEATHER DRIVING GLOVES X-LG 3201XL","E","87597","EA",1,4.05,4.05,"3880471"]
["14879","07/26/2012","10F100MXPS","8571007","10/32 X 1in PHIL PAN M/S 18-8","3110","s000000000","EA",6,2.8899999999999999E-2,0.1734,"3880471"]
["14879","07/26/2012","10F125MXPS","8570972","10/32 X 1 1/4 PHIL PAN M/S 18-8","3110","g0000 26","EA",100,4.2500000000000003E-2,4.25,"3880471"]
["14879","07/26/2012","10F200MXP0Z","10F200MXP0Z","10/32 X 2 PHIL PAN M/S  ZNC","3110","155993","EA",3,2.0081999999999999E-2,6.0246000000000001E-2,"3880471"]
["14879","07/26/2012","10G100UQP","8570757","10-16 X 1in PAN SQ RECESS TEK SC","3110","group 22 - 24","EA",400,1.7399999999999999E-2,6.96,"3880471"]
["14879","07/26/2012","10G100UQP","8570757","10-16 X 1in PAN SQ RECESS TEK SC","3110","group 50","EA",400,1.7399999999999999E-2,6.96,"3880471"]
["14879","07/26/2012","14RDAI","0601024","9/64 6 AIRCRAFT EXTENSION DRILL","A","163201","EA",12,1.3625,16.350000000000001,"3880471"]
["14879","07/26/2012","14RDAI","0601024","9/64 6 AIRCRAFT EXTENSION DRILL","A","273507","EA",12,1.3625,16.350000000000001,"3880471"]
["14879","07/26/2012","14RDCO","0613320","9/64 COBALT DRILL","A","103171","EA",12,1.35,16.2,"3880471"]
["14879","07/26/2012","14RDCO","0613320","9/64 COBALT DRILL","A","134472","EA",12,1.35,16.2,"3880471"]
["14879","07/26/2012","14RDCO","0613320","9/64 COBALT DRILL","A","163201","EA",12,1.35,16.2,"3880471"]
["14879","07/26/2012","14RDCO","0613320","9/64 COBALT DRILL","A","221044","EA",12,1.35,16.2,"3880471"]
["14879","07/26/2012","14RDCO","0613320","9/64 COBALT DRILL","A","69527","EA",24,1.35,32.4,"3880471"]
["14879","07/26/2012","14RDCO","0613320","9/64 COBALT DRILL","A","87607","EA",12,1.35,16.2,"3880471"]
["14879","07/26/2012","14RDCO","0613320","9/64 COBALT DRILL","A","s000000000","EA",9,1.35,12.15,"3880471"]
["14879","07/26/2012","18RDCO","0612440","3/16 COBALT DRILL","A","103171","EA",12,1.3,15.6,"3880471"]
["14879","07/26/2012","18RDCO","0612440","3/16 COBALT DRILL","A","134472","EA",12,1.3,15.6,"3880471"]
["14879","07/26/2012","18RDCO","0612440","3/16 COBALT DRILL","A","214791","EA",12,1.3,15.6,"3880471"]
["14879","07/26/2012","18RDCO","0612440","3/16 COBALT DRILL","A","221017","EA",12,1.3,15.6,"3880471"]
["14879","07/26/2012","25C1000BCG0Z","8571501","1/4-20 X 10in CARRIAGE BOLT  ZNC","3110","group 20 - 21","EA",53,0.6,31.8,"3880471"]
["14879","07/26/2012","25C100HCSS","8570384","1/4-20 X 1in HEX C/S 18-8","3110","g0000 26","EA",100,2.9700000000000001E-2,2.97,"3880471"]
["14879","07/26/2012","25C300KFCS","25C300KFCS","1/4-20 X 3 FLAT SOC C/S 18-8","3110","141818","EA",2,0.27,0.54,"3880471"]
["14879","07/26/2012","25C50MXPS","8542920","1/4-20 X 1/2 PHIL PAN M/S 18-8","3110","g0000 26","EA",50,4.4200000000000003E-2,2.21,"3880471"]
["14879","07/26/2012","25CNNE8Y","8570194","1/4-20 NYLOC INSERT LOCKNUT GR 8 Z/YEL","3110","g0000 26","EA",200,1.9400000000000001E-2,3.88,"3880471"]
["14879","07/26/2012","25CNNE8Y","8570194","1/4-20 NYLOC INSERT LOCKNUT GR 8 Z/YEL","3110","R&D","EA",300,1.9400000000000001E-2,5.82,"3880471"]
["14879","07/26/2012","25G75UHW","8571129","1/4-14 X 3/4 HEX WSH HD TEK","3110","group 10 - 11","EA",250,1.9199999999999998E-2,4.8,"3880471"]
["14879","07/26/2012","25NWSAS","8570915","1/4 SAE F/W 18-8","3110","g0000 26","EA",200,1.61E-2,3.22,"3880471"]
["14879","07/26/2012","25NWUS8Y","8571249","1/4 USS FLAT WASHER GR 8 Z/YEL","3110","R&D","EA",300,1.4E-2,4.2,"3880471"]
["14879","07/26/2012","25R125WFE0Z","8570244","1/4 X 1 1/4 FEND WASH  ZNC","3110","group 22 - 24","EA",175,2.5999999999999999E-2,4.55,"3880471"]
["14879","07/26/2012","26RDCO","0613325","17/64 COBALT DRILL","A","214791","EA",12,2.44,29.28,"3880471"]
["14879","07/26/2012","26RDCO","0613325","17/64 COBALT DRILL","A","273507","EA",12,2.44,29.28,"3880471"]
["14879","07/26/2012","31C100HSF0Z","8570862","5/16-18 X 1in HEX SERR FLG BOLT  ZNC","3110","group 20 - 21","EA",100,0.09,9,"3880471"]
["14879","07/26/2012","31C225HCS8Y","31C225HCS8Y","5/16-18 X 2 1/4 HEX C/S GR 8 Z/YEL","3110","163217","EA",6,9.6000000000000002E-2,0.57599999999999996,"3880471"]
["14879","07/26/2012","31F37KKC","31F37KKC","5/16-24 X 3/8 SOC SET C/P","3110","215740","EA",1,0.14000000000000001,0.14000000000000001,"3880471"]
["14879","07/26/2012","31NWUS8Y","8570525","5/16 USS FLAT WASHER GR 8 Z/YEL","3110","group 50","EA",125,2.1399999999999999E-2,2.6749999999999998,"3880471"]
["14879","07/26/2012","37C250HCS8Y","8542714","3/8-16 X 2 1/2 HEX C/S GR 8 Z/YEL","3110","group 20 - 21","EA",30,0.1026,3.0779999999999998,"3880471"]
["14879","07/26/2012","37C300HCS8Y","8542680","3/8-16 X 3 HEX C/S GR 8 Z/YEL","3110","163217","EA",2,0.13869999999999999,0.27739999999999998,"3880471"]
["14879","07/26/2012","37NLOC8Y","B10-1117","3/8 SPLIT LOCKWASHER GR 8 Z/YEL","3110","o00000","EA",1,1.8100000000000002E-2,1.8100000000000002E-2,"3880471"]
["14879","07/26/2012","37NWUS8Y","8570509","3/8 USS FLAT WASHER GR 8 Z/YEL","3110","group 10 - 11","EA",250,2.7E-2,6.75,"3880471"]
["14879","07/26/2012","37NWUS8Y","8570509","3/8 USS FLAT WASHER GR 8 Z/YEL","3110","group 20 - 21","EA",250,2.7E-2,6.75,"3880471"]
["14879","07/26/2012","43C100HCS8Y","8571277","7/16-14 X 1in HEX C/S GR 8 Z/YEL","3110","group 42","EA",300,0.11,66,"3880471"]
["14879","07/26/2012","43F250HCS8Y","8571283","7/16-20 X 2 1/2 HEX C/S GR 8 Z/YEL","3110","group 42","EA",125,0.16919999999999999,21.15,"3880471"]
["14879","07/26/2012","43FNNE8Y","8571284","7/16-20 NYLOC INSERT LOCKNUT GR 8 Z/YEL","3110","group 42","EA",300,5.2200000000000003E-2,15.66,"3880471"]
["14879","07/26/2012","43NWUS8Y","8571206","7/16 USS FLAT WASHER GR 8 Z/YEL","3110","group 42","EA",600,5.57E-2,66.84,"3880471"]
["14879","07/26/2012","4N50TXP0O","8570737","#4 X 1/2 PHIL PAN T/S  BLK OX","3110","273454","EA",100,1.03E-2,1.03,"3880471"]
["14879","07/26/2012","50CNNE8Y","8541468","1/2-13 NYLOC INSERT LOCKNUT GR 8 Z/YEL","3110","group 20 - 21","EA",300,9.69E-2,29.07,"3880471"]
["14879","07/26/2012","50CNNE8Y","8541468","1/2-13 NYLOC INSERT LOCKNUT GR 8 Z/YEL","3110","group 22 - 24","EA",100,9.69E-2,9.69,"3880471"]
["14879","07/26/2012","50NWUS8Y","8570876","1/2 USS FLAT WASHER GR 8 Z/YEL","3110","group 50","EA",100,7.6499999999999999E-2,7.65,"3880471"]
["14879","07/26/2012","62C250HCS8Y","8543381","5/8-11 X 2 1/2 HEX C/S GR 8 Z/YEL","3110","group 10 - 11","EA",18,0.28949999999999998,5.2110000000000003,"3880471"]
["14879","07/26/2012","62CNNE8Y","62CNNE8Y","5/8-11 NYLOC INSERT LOCKNUT GR 8 Z/YEL","3110","group 10 - 11","EA",18,0.84296000000000004,15.17328,"3880471"]
["14879","07/26/2012","62NWUS8Y","8571050","5/8 USS FLAT WASHER GR 8 Z/YEL","3110","group 10 - 11","EA",36,0.13730000000000001,4.9428000000000001,"3880471"]
["14879","07/26/2012","6N100TXPS","6N100TXPS","#6 X 1in PHIL PAN T/S 18-8","3110","107518","EA",20,0.04,0.8,"3880471"]
["14879","07/26/2012","75C350HCS8Y","8571516","3/4-10 X 3 1/2 HEX C/S GR 8 Z/YEL","3110","group 10 - 11","EA",12,1.2,14.4,"3880471"]
["14879","07/26/2012","75CNNE8Y","8571517","3/4-10 NYLOC INSERT LOCKNUT GR 8 Z/YEL","3110","group 10 - 11","EA",12,0.63,7.56,"3880471"]
["14879","07/26/2012","75NWUS8Y","8571523","3/4 USS FLAT WASHER GR 8 Z/YEL","3110","group 10 - 11","EA",24,0.42,10.08,"3880471"]
["14879","07/26/2012","8C100MTM0Z/F","8C100MTM0Z/F","8/32 X 1in PAN PHIL T/C T-F  ZNC","3110","final","EA",1000,0.04,40,"3880471"]
["14879","07/26/2012","8G100UQF0Z/NPAT","8570935","8-18 X 1in F.H. SQ DRIVE TEK SC NYL PAT","3110","ZNC","EA",1000,1.55E-2,15.5,"3880471"]
["14879","07/26/2012","8G100UQP0B/NPAT","8570936","8-18 X 1in PAN SQ RECESS TEK SC NYL PAT","3110","BLK","EA",500,1.95E-2,9.75,"3880471"]
["14879","07/26/2012","8G100UWA","8570765","8-18 X 1in PHIL WAFER HEAD TEK","3110","group 10 - 11","EA",300,1.5299999999999999E-2,4.59,"3880471"]
["14879","07/26/2012","8N100TQP0Z/NPAT","8570718","#8 X 1in PAN SQUARE RECESS T/S NYL PAT","3110","ZNC","EA",1000,1.6199999999999999E-2,16.2,"3880471"]
["14879","07/26/2012","8N100TRW0Z","8570725","#8 X 1in T/S RND WSH COM  ZNC","3110","g0000 22","EA",50,8.2000000000000007E-3,0.41,"3880471"]
["14879","07/26/2012","8N100TRW0Z","8570725","#8 X 1in T/S RND WSH COM  ZNC","3110","g0000 22","EA",500,8.2000000000000007E-3,4.0999999999999996,"3880471"]
["14879","07/26/2012","8N250TRW0Z","8570766","#8 X 2 1/2 T/S RND WSH COM  ZNC","3110","g0000 26","EA",300,1.7399999999999999E-2,5.22,"3880471"]
["14879","07/26/2012","8N62TQP0Z/BL","8570739","#8 X 5/8 PAN SQUARE RECESS T/S BLK HD  Z","3110","NC","EA",2500,1.12E-2,28,"3880471"]
[null,null,null,null,null,null,null,null,null,null,{"$f":"SUBTOTAL(9,K3320:K3557)","v":4151.3771260000012},"3880471 Total"]
["14879","07/27/2012",".120C1500HCS0P/10.9/NPAT",".120C1500HCS0P/10.9/NPAT","M12-1.75 X 150 HEX C/S 10.9 PLN W/ NY PA","3110","group 10 - 11","EA",6,1.92,11.52,"3881275"]
["14879","07/27/2012",".120NWA30P/6916","8571279","M12 A325 FLAT WASHER DIN 125A TP200  PLN","3110","group 42","EA",250,0.1414,35.35,"3881275"]
["14879","07/27/2012",".60C250MXP0Z",".60C250MXP0Z","M6-1 X 25 PHIL PAN M/S  ZNC","3110","163202","EA",1,7.0000000000000007E-2,7.0000000000000007E-2,"3881275"]
["14879","07/27/2012","/3M16-14W","3970381","3M16-14W  4ga 1/4 TERMINAL","3110","group 10 - 11","EA",100,0.32,32,"3881275"]
["14879","07/27/2012","/3M16-38-W","3945284","4ga  3/8 STUD RING NON INSULATED","3110","group 10 - 11","EA",100,0.34339999999999998,34.340000000000003,"3881275"]
["14879","07/27/2012","/3M16-56-W","3971625","4ga 5/16 STUD RING NON INSULATED","3110","group 10 - 11","EA",100,0.2135,21.35,"3881275"]
["14879","07/27/2012","/3M1700","8970416","3M 1700  TEM FLEX ELECTRICAL TAPE","3110","103171","EA",1,0.63,0.63,"3881275"]
["14879","07/27/2012","/3M1700","8970416","3M 1700  TEM FLEX ELECTRICAL TAPE","3110","220996","EA",1,0.63,0.63,"3881275"]
["14879","07/27/2012","/3M1700","8970416","3M 1700  TEM FLEX ELECTRICAL TAPE","3110","221053","EA",1,0.63,0.63,"3881275"]
["14879","07/27/2012","/3M2097/07184","/3M2097/07184","PARTICULATE FILTER P100 W/NUISANCE LEVE","E","213500","EA",2,4.2,8.4,"3881275"]
["14879","07/27/2012","/3M2097/07184","/3M2097/07184","PARTICULATE FILTER P100 W/NUISANCE LEVE","E","215751","EA",2,4.2,8.4,"3881275"]
["14879","07/27/2012","/3M2097/07184","/3M2097/07184","PARTICULATE FILTER P100 W/NUISANCE LEVE","E","221019","EA",2,4.2,8.4,"3881275"]
["14879","07/27/2012","/3M72F-250-32P","3944485","16-14 .250 X .032 FUL/INS QUICK/DISC","3110","final","EA",350,0.05,17.5,"3881275"]
["14879","07/27/2012","/AB493X","0601008","#3 X 1-15/16 APEX BIT","A","273543","EA",2,1.66,3.32,"3881275"]
["14879","07/27/2012","/AD44ABS","8570804","AD 44 ABS POP RIVET A/A","3110","final","EA",1000,1.18E-2,11.8,"3881275"]
["14879","07/27/2012","/AD44ABS","8570804","AD 44 ABS POP RIVET A/A","3110","m0000000000","EA",50,1.18E-2,0.59,"3881275"]
["14879","07/27/2012","/AL-14-50-0-CW-M","/AL-14-50-0-CW-M","14in BLACK CABLE TIE 50lb","D","final","EA",500,4.2000000000000003E-2,21,"3881275"]
["14879","07/27/2012","/AL-14-50-0-CW-M","/AL-14-50-0-CW-M","14in BLACK CABLE TIE 50lb","D","group 10 - 11","EA",500,4.2000000000000003E-2,21,"3881275"]
["14879","07/27/2012","/AL-14-50-0-CW-M","/AL-14-50-0-CW-M","14in BLACK CABLE TIE 50lb","D","group 22 - 24","EA",500,4.2000000000000003E-2,21,"3881275"]
["14879","07/27/2012","/AS50SM","0613337","STATIC MIXER 50ml","A","145254","EA",6,1.25,7.5,"3881275"]
["14879","07/27/2012","/AS50SM","0613337","STATIC MIXER 50ml","A","221047","EA",10,1.25,12.5,"3881275"]
["14879","07/27/2012","/AS50SM","0613337","STATIC MIXER 50ml","A","273614","EA",20,1.25,25,"3881275"]
["14879","07/27/2012","/AS55300-50","7970040","METHACYLATE ADHESIVE 50ml","3110","145254","EA",2,8.98,17.96,"3881275"]
["14879","07/27/2012","/AS55300-50","7970040","METHACYLATE ADHESIVE 50ml","3110","273614","EA",15,8.98,134.69999999999999,"3881275"]
["14879","07/27/2012","/AV8814","8570095","5/16-18 U-NUT 25/UNIT","3110","g0000 26","EA",50,0.20799999999999999,10.4,"3881275"]
["14879","07/27/2012","/AVK1/4-20-260","8571190","1/4-20-260 THD INSERT","3110","221027","EA",3,0.14000000000000001,0.42,"3881275"]
["14879","07/27/2012","/AW20-202","0612410","20-202 T-SHIRT/POLOKNIT","D","213492","EA",50,0.52,26,"3881275"]
["14879","07/27/2012","/AW20-202","0612410","20-202 T-SHIRT/POLOKNIT","D","214758","EA",50,0.52,26,"3881275"]
["14879","07/27/2012","/AW20-202","0612410","20-202 T-SHIRT/POLOKNIT","D","s000000000","EA",50,0.52,26,"3881275"]
["14879","07/27/2012","/BB433-934","0607017","NAIL APRON","D","141802","EA",1,1.93,1.93,"3881275"]
["14879","07/27/2012","/BB433-934","0607017","NAIL APRON","D","69534","EA",1,1.93,1.93,"3881275"]
["14879","07/27/2012","/BI-CP0399","0611745","CTR PUNCH CLAMP 13/16x3/8x.025 GC","D","s000000000","EA",4,0.29459999999999997,1.1783999999999999,"3881275"]
["14879","07/27/2012","/CCPV-06-04","8570968","3/16 MONO BOLT .062 - .270 GRIP S/S","3110","210916","EA",100,0.4,40,"3881275"]
["14879","07/27/2012","/CCPV8-10","8570809","1/4 MONO BOLT .35-.625 GRIP  STNL/STNL","3110","group 22 - 24","EA",200,0.67,134,"3881275"]
["14879","07/27/2012","/CCPV8-6","8570815","1/4 MONO BOLT .08-.375 GRIP S/S","3110","group 20 - 21","EA",250,0.60809999999999997,152.02500000000001,"3881275"]
["14879","07/27/2012","/COV4511Z1","0374037","2-3/4in VYL COATED WIRING/TUBE CLIP","3110","215797","EA",200,0.66539999999999999,133.08000000000001,"3881275"]
["14879","07/27/2012","/EN91","0607049","AA ALKALINE BATTERY","D","103163","EA",3,0.43,1.29,"3881275"]
["14879","07/27/2012","/EN92","0612342","AAA ALKALINE BATTERY","D","210916","EA",3,0.45,1.35,"3881275"]
["14879","07/27/2012","/EN92","0612342","AAA ALKALINE BATTERY","D","213455","EA",3,0.45,1.35,"3881275"]
["14879","07/27/2012","/EN92","0612342","AAA ALKALINE BATTERY","D","220998","EA",4,0.45,1.8,"3881275"]
["14879","07/27/2012","/EN92","0612342","AAA ALKALINE BATTERY","D","221047","EA",3,0.45,1.35,"3881275"]
["14879","07/27/2012","/EN92","0612342","AAA ALKALINE BATTERY","D","273445","EA",3,0.45,1.35,"3881275"]
["14879","07/27/2012","/EN92","0612342","AAA ALKALINE BATTERY","D","85823","EA",3,0.45,1.35,"3881275"]
["14879","07/27/2012","/ET66RED","/ET66RED","3/4 X 66ft RED ELECTRICAL TAPE","3110","163231","EA",1,0.68,0.68,"3881275"]
["14879","07/27/2012","/ET66RED","/ET66RED","3/4 X 66ft RED ELECTRICAL TAPE","3110","220996","EA",1,0.68,0.68,"3881275"]
["14879","07/27/2012","/FWABMX481R","0601064","ABMAST WHEEL A30R GRADE","A","163231","EA",20,7.48,149.6,"3881275"]
["14879","07/27/2012","/FWBEANIES-M","/FWBEANIES-M","WELDING BEANIES  - MEDIUM","E","221019","EA",1,4.3499999999999996,4.3499999999999996,"3881275"]
["14879","07/27/2012","/FWCEP932-1040","0612258","2in X 4-1/4 COVER PLATE","D","134472","EA",1,0.72,0.72,"3881275"]
["14879","07/27/2012","/FWCEP932-1042","0612967","4-1/2 X 5-1/4 COVER PLATE","A","134472","EA",1,0.9,0.9,"3881275"]
["14879","07/27/2012","/FWFAL50504","/FWFAL50504","2 X .050 X 1/4 CUT OFF WHEEL","A","221027","EA",12,1.45,17.399999999999999,"3881275"]
["14879","07/27/2012","/FWMOL2310N99","0613362","WELDERS FACE MASK CARBON LINER","E","214775","EA",10,4.0625,40.625,"3881275"]
["14879","07/27/2012","/FWMOL2310N99","0613362","WELDERS FACE MASK CARBON LINER","E","214798","EA",10,4.0625,40.625,"3881275"]
["14879","07/27/2012","/FWMOL2310N99","0613362","WELDERS FACE MASK CARBON LINER","E","221012","EA",10,4.0625,40.625,"3881275"]
["14879","07/27/2012","/FWTIL3221-14-L","0602021","CAPE SLEEVE W/BIB LARGE","E","215788","EA",1,41.72,41.72,"3881275"]
["14879","07/27/2012","/FWTWE14-35","0602003","CONTACT TIP 1140-1102","A","163217","EA",10,0.76,7.6,"3881275"]
["14879","07/27/2012","/FWTWE14-35","0602003","CONTACT TIP 1140-1102","A","221019","EA",5,0.76,3.8,"3881275"]
["14879","07/27/2012","/FWTWE24A-62-SS","0602004","NOZZLE 1240-121","A","163217","EA",2,3.3125,6.625,"3881275"]
["14879","07/27/2012","/FWTWE24A-62-SS","0602004","NOZZLE 1240-121","A","221019","EA",1,3.3125,3.3125,"3881275"]
["14879","07/27/2012","/FWTWE34A","0616178","NOZZLE INSULATOR 1340-1100","A","163217","EA",1,1.7124999999999999,1.7124999999999999,"3881275"]
["14879","07/27/2012","/FWTWE34A","0616178","NOZZLE INSULATOR 1340-1100","A","221019","EA",1,1.7124999999999999,1.7124999999999999,"3881275"]
["14879","07/27/2012","/FWWEL20-3100","0613306","SWEAT BAND, HELMET COMFORTER","E","134472","EA",2,2.21,4.42,"3881275"]
["14879","07/27/2012","/GCGFQM-B25N","/GCGFQM-B25N","16-14ga FULL INS MALE QUICK CONNECT","3110","final","EA",250,5.5E-2,13.75,"3881275"]
["14879","07/27/2012","/GCGFQM-B25N","/GCGFQM-B25N","16-14ga FULL INS MALE QUICK CONNECT","3110","group 22 - 24","EA",250,5.5E-2,13.75,"3881275"]
["14879","07/27/2012","/HDL33AINE","/HDL33AINE","ENERGIZER 6 LED HEADLAMP","D","s000000000","EA",1,24.69,24.69,"3881275"]
["14879","07/27/2012","/HS55010","0611756","5/8 HOLE SAW H S S","A","213438","EA",1,3.27,3.27,"3881275"]
["14879","07/27/2012","/HS55012","0613445","3/4 HOLE SAW H S S","A","107663","EA",1,3.19,3.19,"3881275"]
["14879","07/27/2012","/HS55012","0613445","3/4 HOLE SAW H S S","A","155993","EA",1,3.19,3.19,"3881275"]
["14879","07/27/2012","/HS55018","0601050","1-1/8 HOLE SAW H S S","A","9999","EA",1,3.34,3.34,"3881275"]
["14879","07/27/2012","/HS55020","0610867","1-1/4 HOLE SAW H S S","A","210972","EA",3,3.38,10.14,"3881275"]
["14879","07/27/2012","/HS55036","0601049","2-1/4 HOLE SAW H S S","A","213523","EA",1,5.53,5.53,"3881275"]
["14879","07/27/2012","/HS55044","0610923","#55044  2-3/4 HOLE SAW H S S","A","9999","EA",2,5.93,11.86,"3881275"]
["14879","07/27/2012","/HS55072","0610590","#55072  4-1/2 HOLE SAW H S S","A","s000000000","EA",1,18.28,18.28,"3881275"]
["14879","07/27/2012","/HS55088","0610612","#55088  5-1/2 HOLE SAW H S S","A","145254","EA",1,26.87,26.87,"3881275"]
["14879","07/27/2012","/IDL6736","4970435","1-13/16 - 2-3/4 ALL STAINLESS HOSE CLAMP","3110","273400","EA",2,0.82,1.64,"3881275"]
["14879","07/27/2012","/IRW10233","/IRW10233","3 9 HOLE SZ (1/4-3/4) 1/16 INCREMENTS","B","210916","EA",1,37.979999999999997,37.979999999999997,"3881275"]
["14879","07/27/2012","/ISW00","0612556"," STEEL WOOL 00gr    16/PK","D","213460","EA",2,2.3199999999999998,4.6399999999999997,"3881275"]
["14879","07/27/2012","/K1307","3170107","K1307 BATTERY PROTECTOR","3110","213473","EA",1,2.85,2.85,"3881275"]
["14879","07/27/2012","/LAI997","0612286","LAI997  BRASS DETAIL BRUSH","D","214756","EA",6,1.27,7.62,"3881275"]
["14879","07/27/2012","/LT24221","0613071","10ml THDLOCKER 242 REMOVABLE STRENGTH","D","273543","EA",1,7.87,7.87,"3881275"]
["14879","07/27/2012","/MCR103","/MCR103","RATCHET HEAD GEAR","E","221005","EA",1,8,8,"3881275"]
["14879","07/27/2012","/MCR3211XXXL","/MCR3211XXXL","LEATHER DRIVER GLOVE XXXL","E","215751","EA",1,5.85,5.85,"3881275"]
["14879","07/27/2012","/MCR9378T","/MCR9378T","18in KEVLAR SLEEVE W/THUMB SLOT","E","221005","EA",2,3.18,6.36,"3881275"]
["14879","07/27/2012","/MCR9378T","/MCR9378T","18in KEVLAR SLEEVE W/THUMB SLOT","E","221022","EA",2,3.18,6.36,"3881275"]
["14879","07/27/2012","/MCR9378T","/MCR9378T","18in KEVLAR SLEEVE W/THUMB SLOT","E","221027","EA",2,3.18,6.36,"3881275"]
["14879","07/27/2012","/MCR9378T","/MCR9378T","18in KEVLAR SLEEVE W/THUMB SLOT","E","221044","EA",2,3.18,6.36,"3881275"]
["14879","07/27/2012","/MHC11180-10-6B","2971221","3/8 MPT X 5/8 BARB BRASS","3110","273648","EA",1,1.32,1.32,"3881275"]
["14879","07/27/2012","/MHC11180-16-12B","2971148","3/4 MPT X 1 BARB BRASS","3110","g0000 26","EA",16,2.73,43.68,"3881275"]
["14879","07/27/2012","/MHC11822-4-4DOT","2971213","1/4MPT X 1/4TUBE 90 DEG SWIV ELB BRS DOT","3110","273648","EA",2,5.3,10.6,"3881275"]
["14879","07/27/2012","/MHC11911-12-12B","2971154","3/4 PIPE NIPPLE BRASS","3110","g0000 26","EA",10,3.06,30.6,"3881275"]
["14879","07/27/2012","/MI3/8","0610534","MILTON  3/8 ID AIR HOSE","D","s000000000","EA",50,0.5,25,"3881275"]
["14879","07/27/2012","/MI602","2970730","602 1/4M X 3/8 ID HOSE FITTING","3110","s000000000","EA",4,0.73,2.92,"3881275"]
["14879","07/27/2012","/MI790","0613299","790 1/4 FEMALE BODY","D","c000 r00000","EA",1,5.82,5.82,"3881275"]
["14879","07/27/2012","/MI790","0613299","790 1/4 FEMALE BODY","D","s000000000","EA",2,5.82,11.64,"3881275"]
["14879","07/27/2012","/MI791","0613300","MILTON 791 COUPLER PLUG","D","103171","EA",1,1.1200000000000001,1.1200000000000001,"3881275"]
["14879","07/27/2012","/MI792","0613317","MILTON 792 COUPLER PLUG","D","s000000000","EA",2,1.1299999999999999,2.2599999999999998,"3881275"]
["14879","07/27/2012","/MKNMPD4S","0601065","1/4 PILOT BIT SHORT","A","210916","EA",1,1.68,1.68,"3881275"]
["14879","07/27/2012","/MKNMPD4S","0601065","1/4 PILOT BIT SHORT","A","210972","EA",1,1.68,1.68,"3881275"]
["14879","07/27/2012","/MM32-020","2943314","5/8 BARB X 1/2 NPT MALE BRASS FITTING","3110","group 10 - 11","EA",60,1.3875,83.25,"3881275"]
["14879","07/27/2012","/MO19193-0307","3971727","2ga 3/8 STUD NON INSULATED RING TERMINAL","3110","group 10 - 11","EA",150,0.42,63,"3881275"]
["14879","07/27/2012","/MS01-8154","0613092","MS01-8154  SHIELD FOR HEADGEAR","E","221005","EA",1,3.61,3.61,"3881275"]
["14879","07/27/2012","/MS05-593GR","0613371","17in SPARK GUARD SLEEVE    PAIR","E","214742","EA",1,5.84,5.84,"3881275"]
["14879","07/27/2012","/MS05-593GR","0613371","17in SPARK GUARD SLEEVE    PAIR","E","214798","EA",1,5.84,5.84,"3881275"]
["14879","07/27/2012","/MS05-593GR","0613371","17in SPARK GUARD SLEEVE    PAIR","E","215751","EA",1,5.84,5.84,"3881275"]
["14879","07/27/2012","/MS05-593GR","0613371","17in SPARK GUARD SLEEVE    PAIR","E","215805","EA",1,5.84,5.84,"3881275"]
["14879","07/27/2012","/MS09-5060L","0612190","LATEX DISPOSABLE GLOVE(DISPENSER-100)","E","273410","EA",1,6.2125000000000004,6.2125000000000004,"3881275"]
["14879","07/27/2012","/MS09-7005-L","0612455","NDEX NITRILE GLOVE LGE(100/BX)6020","E","215766","EA",1,9.39,9.39,"3881275"]
["14879","07/27/2012","/MSHL5/16-6","/MSHL5/16-6","MSHL 5/16-6 MAG NUTSETTER","A","210916","EA",1,6.03,6.03,"3881275"]
["14879","07/27/2012","/MSHL5/16-6","/MSHL5/16-6","MSHL 5/16-6 MAG NUTSETTER","A","214741","EA",1,6.03,6.03,"3881275"]
["14879","07/27/2012","/PB27021","0612378","PB27021 #2 PHIL BIT SHORT 1/4 HEX","A","141818","EA",1,0.2,0.2,"3881275"]
["14879","07/27/2012","/PB27361","0610245","PB27361 #2 PHIL BIT LONG 1/4 HEX","A","214739","EA",2,0.39,0.78,"3881275"]
["14879","07/27/2012","/PB27425","/PB27425","27425 3/16 HEX BIT LONG","A","103171","EA",1,1.75,1.75,"3881275"]
["14879","07/27/2012","/PB28314","0610234","#2 PHILLIPS BIT 4in","A","214739","EA",2,1,2,"3881275"]
["14879","07/27/2012","/PB28314","0610234","#2 PHILLIPS BIT 4in","A","273543","EA",1,1,2,"3881275"]
["14879","07/27/2012","/PB29050","0612331","29050 #2 SQ RECESS BIT SHORT","A","214791","EA",1,0.28000000000000003,0.28000000000000003,"3881275"]
["14879","07/27/2012","/PB29050","0612331","29050 #2 SQ RECESS BIT SHORT","A","221011","EA",1,0.28000000000000003,0.28000000000000003,"3881275"]
["14879","07/27/2012","/PB29052","0612023","29052 #1 SQ RECESS BIT LONG","A","215752","EA",1,0.52,0.52,"3881275"]
["14879","07/27/2012","/PB29059","0612278","#2 X 3 SQ BIT","A","103151","EA",1,0.85,0.85,"3881275"]
["14879","07/27/2012","/PB29059","0612278","#2 X 3 SQ BIT","A","213455","EA",4,0.85,3.4,"3881275"]
["14879","07/27/2012","/PB29059","0612278","#2 X 3 SQ BIT","A","273543","EA",2,0.85,1.7,"3881275"]
["14879","07/27/2012","/PB29059","0612278","#2 X 3 SQ BIT","A","69550","EA",4,0.85,3.4,"3881275"]
["14879","07/27/2012","/PB39959","0612067","#2 SQ X 6 SQ RECESS BIT","A","221011","EA",1,1.49,1.49,"3881275"]
["14879","07/27/2012","/PFSDW1034","/PFSDW1034","#10 X 1-3/4 FH TORX DR TEK SC","3110","PAM SELF FEEDING SYSTEM","EA",3000,6.0699999999999997E-2,182.1,"3881275"]
["14879","07/27/2012","/PIP09-K1450/L","/PIP09-K1450/L","KEVLAR GLOVE WITH NITRILE COATING LARGE","E","213453","EA",1,4.75,4.75,"3881275"]
["14879","07/27/2012","/PIP09-K1450/L","/PIP09-K1450/L","KEVLAR GLOVE WITH NITRILE COATING LARGE","E","213523","EA",1,4.75,4.75,"3881275"]
["14879","07/27/2012","/PIP09-K1450/L","/PIP09-K1450/L","KEVLAR GLOVE WITH NITRILE COATING LARGE","E","214798","EA",1,4.75,4.75,"3881275"]
["14879","07/27/2012","/PIP09-K1450/L","/PIP09-K1450/L","KEVLAR GLOVE WITH NITRILE COATING LARGE","E","221002","EA",1,4.75,4.75,"3881275"]
["14879","07/27/2012","/PIP09-K1450/L","/PIP09-K1450/L","KEVLAR GLOVE WITH NITRILE COATING LARGE","E","221004","EA",1,4.75,4.75,"3881275"]
["14879","07/27/2012","/PIP09-K1450/L","/PIP09-K1450/L","KEVLAR GLOVE WITH NITRILE COATING LARGE","E","221005","EA",1,4.75,4.75,"3881275"]
["14879","07/27/2012","/PIP09-K1450/L","/PIP09-K1450/L","KEVLAR GLOVE WITH NITRILE COATING LARGE","E","221011","EA",1,4.75,4.75,"3881275"]
["14879","07/27/2012","/PIP09-K1450/L","/PIP09-K1450/L","KEVLAR GLOVE WITH NITRILE COATING LARGE","E","221022","EA",1,4.75,4.75,"3881275"]
["14879","07/27/2012","/PIP09-K1450/L","/PIP09-K1450/L","KEVLAR GLOVE WITH NITRILE COATING LARGE","E","221052","EA",1,4.75,4.75,"3881275"]
["14879","07/27/2012","/PIP09-K1450/L","/PIP09-K1450/L","KEVLAR GLOVE WITH NITRILE COATING LARGE","E","87507","EA",1,4.75,4.75,"3881275"]
["14879","07/27/2012","/PIP09-K1450/M","/PIP09-K1450/M","KEVLAR GLOVE W/NITRILE COATING MEDIUM","E","1789","EA",1,4.75,4.75,"3881275"]
["14879","07/27/2012","/PIP09-K1450/XL","/PIP09-K1450/XL","KEVLAR GLOVE W/NITRILE COATING XL","E","273543","EA",1,4.75,4.75,"3881275"]
["14879","07/27/2012","/PM96014","0613381","96014  CRIMSON CHINA MARKER","D","87594","EA",2,0.57999999999999996,1.1599999999999999,"3881275"]
["14879","07/27/2012","/SB12524","0612403","3-5/8 1/2 WIDE 24tpi AIR SAW BLADE","A","215766","EA",10,1,10,"3881275"]
["14879","07/27/2012","/SB12524","0612403","3-5/8 1/2 WIDE 24tpi AIR SAW BLADE","A","221044","EA",1,1,1,"3881275"]
["14879","07/27/2012","/SB12524","0612403","3-5/8 1/2 WIDE 24tpi AIR SAW BLADE","A","69541","EA",10,1,10,"3881275"]
["14879","07/27/2012","/SB1QTA","0607002","1 QT SPRAY APPLICATOR (NO BOTTLE)","D","103160","EA",1,0.62,0.62,"3881275"]
["14879","07/27/2012","/SB1QTA","0607002","1 QT SPRAY APPLICATOR (NO BOTTLE)","D","136906","EA",1,0.62,0.62,"3881275"]
["14879","07/27/2012","/SB1QTA","0607002","1 QT SPRAY APPLICATOR (NO BOTTLE)","D","141886","EA",1,0.62,0.62,"3881275"]
["14879","07/27/2012","/SB1QTB","0607001","1 QT SPRAY BOTTLE  (NO APPLICATOR)","D","103160","EA",1,0.66,0.66,"3881275"]
["14879","07/27/2012","/SSD612SSBSLF","/SSD612SSBSLF","POP RIVET ST/ST LARGE FLANGE","3110","g0000 26","EA",50,0.87,43.5,"3881275"]
["14879","07/27/2012","/SSD64SSBS/W","8570976","SSD 64 SSBS POP RIVET ST/ST W/WHITE HD","3110","m0000000000","EA",20,0.11409999999999999,4.5640000000000001,"3881275"]
["14879","07/27/2012","/SSD68SSBSLF","8571005","POP RIVET ST/ST LARGE FLANGE","3110","final","EA",150,0.19289999999999999,28.934999999999999,"3881275"]
["14879","07/27/2012","/USP4009","0375851","P4009  SPRING NUT","3110","g0000 22","EA",500,0.49,245,"3881275"]
["14879","07/27/2012","/UT-1033","8970411","2 X 60 YD GRAY DUCT TAPE - THIN 8mil","3110","163217","EA",1,3.51,3.51,"3881275"]
["14879","07/27/2012","/UT-1033","8970411","2 X 60 YD GRAY DUCT TAPE - THIN 8mil","3110","215718","EA",3,3.51,10.53,"3881275"]
["14879","07/27/2012","/WB1","0612335","BUTANE REFILL 2.1oz","D","215752","EA",1,3.45,3.45,"3881275"]
["14879","07/27/2012","/WE356","3140431","BLACK WEEKENDER SPRAY PAINT","3110","214793","EA",1,1.52,1.52,"3881275"]
["14879","07/27/2012","/WE358","3142478","WEEKEND GLOSS BLACK","3110","163217","EA",4,1.55,6.2,"3881275"]
["14879","07/27/2012","/WH3152X2","2970988","3152 X 2  1/8 HEX HD PLUG BRASS","3110","273648","EA",1,0.22,0.22,"3881275"]
["14879","07/27/2012","/WH3326X8","2971157","3326 X 8  1/2 CLOSE NIPPLE BRASS","3110","273648","EA",1,1.5,1.5,"3881275"]
["14879","07/27/2012","/WISM3R","/WISM3R","WISM3R  WISS STR TIN SNIP","B","69534","EA",1,18.829999999999998,18.829999999999998,"3881275"]
["14879","07/27/2012","/WKW70001","0601006","1/4 ROUTER BIT - 3/4 CUT LENGTH","A","221052","EA",35,6.22,217.7,"3881275"]
["14879","07/27/2012","/WKW70001","0601006","1/4 ROUTER BIT - 3/4 CUT LENGTH","A","273400","EA",10,6.22,62.2,"3881275"]
["14879","07/27/2012","/WU3201-L","0613393","LEATHER DRIVING GLOVES LARGE 3201L","E","163231","EA",1,4.05,4.05,"3881275"]
["14879","07/27/2012","/WU3201-L","0613393","LEATHER DRIVING GLOVES LARGE 3201L","E","214756","EA",1,4.05,4.05,"3881275"]
["14879","07/27/2012","/WU3201-L","0613393","LEATHER DRIVING GLOVES LARGE 3201L","E","221019","EA",1,4.05,4.05,"3881275"]
["14879","07/27/2012","/WU3201-L","0613393","LEATHER DRIVING GLOVES LARGE 3201L","E","221027","EA",1,4.05,4.05,"3881275"]
["14879","07/27/2012","/WU3201-XL","0613394","LEATHER DRIVING GLOVES X-LG 3201XL","E","163217","EA",1,4.05,4.05,"3881275"]
["14879","07/27/2012","/WU3201-XL","0613394","LEATHER DRIVING GLOVES X-LG 3201XL","E","214742","EA",1,4.05,4.05,"3881275"]
["14879","07/27/2012","/WU3201-XL","0613394","LEATHER DRIVING GLOVES X-LG 3201XL","E","215805","EA",1,4.05,4.05,"3881275"]
["14879","07/27/2012","/WU3201-XL","0613394","LEATHER DRIVING GLOVES X-LG 3201XL","E","221019","EA",1,4.05,4.05,"3881275"]
["14879","07/27/2012","10F100MXPS","8571007","10/32 X 1in PHIL PAN M/S 18-8","3110","220990","EA",1,2.8899999999999999E-2,2.8899999999999999E-2,"3881275"]
["14879","07/27/2012","10F100MXPS","8571007","10/32 X 1in PHIL PAN M/S 18-8","3110","220990","EA",10,2.8899999999999999E-2,0.28899999999999998,"3881275"]
["14879","07/27/2012","10F225MXP0Z","10F225MXP0Z","10/32 X 2 1/4 PHIL PAN M/S  ZNC","3110","103171","EA",3,3.5000000000000003E-2,0.105,"3881275"]
["14879","07/27/2012","10F250MXP0Z","10F250MXP0Z","10/32 X 2 1/2 PHIL PAN M/S  ZNC","3110","103171","EA",3,5.6000000000000001E-2,0.16800000000000001,"3881275"]
["14879","07/27/2012","10F50MXP0Z","8570996","10/32 X 1/2 PHIL PAN M/S  ZNC","3110","103171","EA",500,4.8999999999999998E-3,2.4500000000000002,"3881275"]
["14879","07/27/2012","10F75MXPS","8570981","10/32 X 3/4 PHIL PAN M/S 18-8","3110","220990","EA",4,3.04E-2,0.1216,"3881275"]
["14879","07/27/2012","10FNCAS","8571085","10/32 ACORN CAP NUT 18-8","3110","220990","EA",10,0.18,1.8,"3881275"]
["14879","07/27/2012","10G100UQP","8570757","10-16 X 1in PAN SQ RECESS TEK SC","3110","final","EA",400,1.7399999999999999E-2,13.92,"3881275"]
["14879","07/27/2012","10G50UHW4","10G50UHW4","10-16 X 1/2 HEX WSH HD TEK 410 S/S","3110","group 10 - 11","EA",50,0.06,3,"3881275"]
["14879","07/27/2012","10N50WBO/W","10N50WBO/W","#10 X 1/2 BONDED SEALER WASHER WHITE","3110","final","EA",800,7.0000000000000007E-2,56,"3881275"]
["14879","07/27/2012","12C100MTH0Z/F/NPAT","8571507","12/24 X 1 IND HEX SLT W/H T/C T-F ZN","3110","W/PATCH","EA",200,0.17,34,"3881275"]
["14879","07/27/2012","12RDJO","0601021","1/8 HSS JOBR DRILL BLK/135deg S/P","A","m0000000000","EA",1,0.55000000000000004,0.55000000000000004,"3881275"]
["14879","07/27/2012","14RDAI","0601024","9/64 6 AIRCRAFT EXTENSION DRILL","A","1789","EA",12,1.3625,16.350000000000001,"3881275"]
["14879","07/27/2012","14RDAI","0601024","9/64 6 AIRCRAFT EXTENSION DRILL","A","213455","EA",12,1.3625,16.350000000000001,"3881275"]
["14879","07/27/2012","14RDAI","0601024","9/64 6 AIRCRAFT EXTENSION DRILL","A","213492","EA",12,1.3625,16.350000000000001,"3881275"]
["14879","07/27/2012","14RDAI","0601024","9/64 6 AIRCRAFT EXTENSION DRILL","A","215740","EA",12,1.3625,16.350000000000001,"3881275"]
["14879","07/27/2012","14RDAI","0601024","9/64 6 AIRCRAFT EXTENSION DRILL","A","221054","EA",12,1.3625,16.350000000000001,"3881275"]
["14879","07/27/2012","14RDAI","0601024","9/64 6 AIRCRAFT EXTENSION DRILL","A","273400","EA",12,1.3625,16.350000000000001,"3881275"]
["14879","07/27/2012","14RDCO","0613320","9/64 COBALT DRILL","A","213492","EA",12,1.35,16.2,"3881275"]
["14879","07/27/2012","14RDCO","0613320","9/64 COBALT DRILL","A","s000000000","EA",12,1.35,16.2,"3881275"]
["14879","07/27/2012","25C100HCS8Y","8541021","1/4-20 X 1in HEX C/S GR 8 Z/YEL","3110","group 10 - 11","EA",150,2.3800000000000002E-2,3.57,"3881275"]
["14879","07/27/2012","25C37MST0Z","8571221","1/4-20 X 3/8 SLT TRS M/S  ZNC","3110","group 42","EA",125,4.3999999999999997E-2,5.5,"3881275"]
["14879","07/27/2012","25CNFH8Y","8570858","1/4-20 HEX FIN NUT GR 8 Z/YEL","3110","R&D","EA",200,8.6999999999999994E-3,1.74,"3881275"]
["14879","07/27/2012","25CNNE8Y","8570194","1/4-20 NYLOC INSERT LOCKNUT GR 8 Z/YEL","3110","group 10 - 11","EA",400,1.9400000000000001E-2,15.52,"3881275"]
["14879","07/27/2012","25CNNE8Y","8570194","1/4-20 NYLOC INSERT LOCKNUT GR 8 Z/YEL","3110","group 22 - 24","EA",400,1.9400000000000001E-2,7.76,"3881275"]
["14879","07/27/2012","25CNNE8Y","8570194","1/4-20 NYLOC INSERT LOCKNUT GR 8 Z/YEL","3110","R&D","EA",500,1.9400000000000001E-2,9.6999999999999993,"3881275"]
["14879","07/27/2012","25NLOC8Y","8543118","1/4 SPLIT LOCKWASHER GR 8 Z/YEL","3110","R&D","EA",300,3.7000000000000002E-3,1.1100000000000001,"3881275"]
["14879","07/27/2012","25NWSAS","8570915","1/4 SAE F/W 18-8","3110","group 50","EA",500,1.61E-2,8.0500000000000007,"3881275"]
["14879","07/27/2012","25NWUS8Y","8571249","1/4 USS FLAT WASHER GR 8 Z/YEL","3110","R&D","EA",200,1.4E-2,2.8,"3881275"]
["14879","07/27/2012","25R125WFE0Z","8570244","1/4 X 1 1/4 FEND WASH  ZNC","3110","g0000 26","EA",100,2.5999999999999999E-2,2.6,"3881275"]
["14879","07/27/2012","25R125WFE0Z","8570244","1/4 X 1 1/4 FEND WASH  ZNC","3110","group 22 - 24","EA",175,2.5999999999999999E-2,4.55,"3881275"]
["14879","07/27/2012","26RDCO","0613325","17/64 COBALT DRILL","A","141802","EA",12,2.44,29.28,"3881275"]
["14879","07/27/2012","26RDCO","0613325","17/64 COBALT DRILL","A","215766","EA",12,2.44,29.28,"3881275"]
["14879","07/27/2012","31C100MTH0Z/F","8540171","5/16-18 X 1in IND HEX SLT W/H T/C T-F  Z","3110","NC","EA",100,0.155,15.5,"3881275"]
["14879","07/27/2012","31NWUS8Y","8570525","5/16 USS FLAT WASHER GR 8 Z/YEL","3110","group 22 - 24","EA",250,2.1399999999999999E-2,5.35,"3881275"]
["14879","07/27/2012","31NWUS8Y","8570525","5/16 USS FLAT WASHER GR 8 Z/YEL","3110","R&D","EA",200,2.1399999999999999E-2,4.28,"3881275"]
["14879","07/27/2012","37C100HCS8Y","8570574","3/8-16 X 1in HEX C/S GR 8 Z/YEL","3110","R&D","EA",100,4.8300000000000003E-2,4.83,"3881275"]
["14879","07/27/2012","37C125HCS8Y","8542797","3/8-16 X 1 1/4 HEX C/S GR 8 Z/YEL","3110","group 10 - 11","EA",100,5.5300000000000002E-2,5.53,"3881275"]
["14879","07/27/2012","37C250HCS8Y","8542714","3/8-16 X 2 1/2 HEX C/S GR 8 Z/YEL","3110","107767","EA",4,0.1026,0.41039999999999999,"3881275"]
["14879","07/27/2012","37CNNE8Y","8540700","3/8-16 NYLOC INSERT LOCKNUT GR 8 Z/YEL","3110","R&D","EA",200,3.9300000000000002E-2,7.86,"3881275"]
["14879","07/27/2012","37NLOC8Y","B10-1117","3/8 SPLIT LOCKWASHER GR 8 Z/YEL","3110","R&D","EA",300,1.8100000000000002E-2,5.43,"3881275"]
["14879","07/27/2012","37NWUS8Y","8570509","3/8 USS FLAT WASHER GR 8 Z/YEL","3110","group 10 - 11","EA",250,2.7E-2,6.75,"3881275"]
["14879","07/27/2012","37NWUS8Y","8570509","3/8 USS FLAT WASHER GR 8 Z/YEL","3110","R&D","EA",200,2.7E-2,5.4,"3881275"]
["14879","07/27/2012","37RDCO","0613369","3/8 COBALT DRILL","A","215766","EA",6,5.7,34.200000000000003,"3881275"]
["14879","07/27/2012","43F150HCS8Y","8571289","7/16-20 X 1 1/2 HEX C/S GR 8 Z/YEL","3110","group 42","EA",350,0.1396,48.86,"3881275"]
["14879","07/27/2012","43F250HCS8Y","8571283","7/16-20 X 2 1/2 HEX C/S GR 8 Z/YEL","3110","group 42","EA",125,0.16919999999999999,21.15,"3881275"]
["14879","07/27/2012","43NWUS8Y","8571206","7/16 USS FLAT WASHER GR 8 Z/YEL","3110","group 22 - 24","EA",250,5.57E-2,13.925000000000001,"3881275"]
["14879","07/27/2012","50C200HCS8Y","8570951","1/2-13 X 2 HEX C/S GR 8 Z/YEL","3110","group 10 - 11","EA",125,0.15759999999999999,19.7,"3881275"]
["14879","07/27/2012","50C300HCS8Y","8541633","1/2-13 X 3 HEX C/S GR 8 Z/YEL","D","group 42","EA",25,0.23400000000000001,5.85,"3881275"]
["14879","07/27/2012","50NWUS8Y","8570876","1/2 USS FLAT WASHER GR 8 Z/YEL","3110","group 10 - 11","EA",350,7.6499999999999999E-2,26.774999999999999,"3881275"]
["14879","07/27/2012","6N100TXPS","6N100TXPS","#6 X 1in PHIL PAN T/S 18-8","3110","273648","EA",24,0.04,0.96,"3881275"]
["14879","07/27/2012","6N62TQO0Z","8571065","#6 X 5/8 OVAL SQUARE RECESS T/S  ZNC","3110","g0000 26","EA",600,8.6999999999999994E-3,5.22,"3881275"]
["14879","07/27/2012","8C100MTM0Z/F","8C100MTM0Z/F","8/32 X 1in PAN PHIL T/C T-F  ZNC","3110","final","EA",500,0.04,20,"3881275"]
["14879","07/27/2012","8C100MTM0Z/F/NPAT","8571376","8/32 X 1 PAN PHIL T-F W/NYLOC PATCH","3110","final","EA",500,7.0000000000000007E-2,35,"3881275"]
["14879","07/27/2012","8C100MTM0Z/FWH","8C100MTM0Z/FWH","8-32 X 1 PAN PHIL T/C T-F ZINC WHITE HD","3110","final","EA",600,0.05,90,"3881275"]
["14879","07/27/2012","8C50BPTA","8C50BPTA","8/32 X 1/2 BINDING POST-THRU HOLE ALUM","","107678","EA",30,0.14000000000000001,4.2,"3881275"]
["14879","07/27/2012","8C50MXP0Z","8543464","8/32 X 1/2 PHIL PAN M/S  ZNC","3110","107678","EA",30,4.1000000000000003E-3,0.123,"3881275"]
["14879","07/27/2012","8G100UQF0Z/NPAT","8570935","8-18 X 1in F.H. SQ DRIVE TEK SC NYL PAT","3110","ZNC","EA",2500,1.55E-2,116.25,"3881275"]
["14879","07/27/2012","8G100UQP/NPAT","8570931","8-18 X 1in PAN SQ RECESS TEK SC NYL PAT","3110","final","EA",2000,1.796E-2,35.92,"3881275"]
["14879","07/27/2012","8G100UQP0B/NPAT","8570936","8-18 X 1in PAN SQ RECESS TEK SC NYL PAT","3110","BLK","EA",500,1.95E-2,9.75,"3881275"]
["14879","07/27/2012","8N62TQP0Z/BL","8570739","#8 X 5/8 PAN SQUARE RECESS T/S BLK HD  Z","3110","NC","EA",800,1.12E-2,8.9600000000000009,"3881275"]
["14879","07/27/2012","8N62TQP0Z/BL","8570739","#8 X 5/8 PAN SQUARE RECESS T/S BLK HD  Z","3110","NC","EA",2500,1.12E-2,28,"3881275"]
["14879","07/27/2012","8NWSA0Z","8570990","#8 SAE F/W  ZNC","3110","final","EA",500,4.0000000000000001E-3,2,"3881275"]
["14879","07/27/2012","9RDJO","0601020","3/32 HSS JOBR DRILL BLK/135deg S/P","A","273648","EA",5,0.54,2.7,"3881275"]
[null,null,null,null,null,null,null,null,null,null,{"$f":"SUBTOTAL(9,K3559:K3786)","v":3882.2182999999995},"3881275 Total"]
["14879","07/30/2012",".120NWA30P/6916","8571279","M12 A325 FLAT WASHER DIN 125A TP200  PLN","3110","group 42","EA",250,0.1414,70.7,"3881553"]
["14879","07/30/2012","/AL-14-50-0-CW-M","/AL-14-50-0-CW-M","14in BLACK CABLE TIE 50lb","D","221053","EA",100,4.2000000000000003E-2,4.2,"3881553"]
["14879","07/30/2012","/AL-14-50-0-CW-M","/AL-14-50-0-CW-M","14in BLACK CABLE TIE 50lb","D","221053","EA",200,4.2000000000000003E-2,8.4,"3881553"]
["14879","07/30/2012","/AS400SM","0613336","8 STATIC MIXER 400ml","A","221062","EA",20,1.25,25,"3881553"]
["14879","07/30/2012","/AS50SM","0613337","STATIC MIXER 50ml","A","221041","EA",4,1.25,5,"3881553"]
["14879","07/30/2012","/AS50SM","0613337","STATIC MIXER 50ml","A","221062","EA",4,1.25,5,"3881553"]
["14879","07/30/2012","/AS55300-50","7970040","METHACYLATE ADHESIVE 50ml","3110","221041","EA",4,8.98,35.92,"3881553"]
["14879","07/30/2012","/AS55300-50","7970040","METHACYLATE ADHESIVE 50ml","3110","221062","EA",3,8.98,26.94,"3881553"]
["14879","07/30/2012","/AS55300-50","7970040","METHACYLATE ADHESIVE 50ml","3110","221062","EA",4,8.98,35.92,"3881553"]
["14879","07/30/2012","/ASMP55300-400","7970041","METHACYLATE ADHESIVE 400ml","3110","221062","EA",6,27.6,165.6,"3881553"]
["14879","07/30/2012","/AV13004","8571030","1/4-20 WELL NUT 015/011 GRIP 25/UNIT","3110","final","EA",50,0.4556,22.78,"3881553"]
["14879","07/30/2012","/AW20-202","0612410","20-202 T-SHIRT/POLOKNIT","D","s000000000","EA",50,0.52,26,"3881553"]
["14879","07/30/2012","/BB433-934","0607017","NAIL APRON","D","213455","EA",1,1.93,1.93,"3881553"]
["14879","07/30/2012","/BI-CP0399","0611745","CTR PUNCH CLAMP 13/16x3/8x.025 GC","D","c000 r00000","EA",1,0.29459999999999997,0.29459999999999997,"3881553"]
["14879","07/30/2012","/BI-CP0399","0611745","CTR PUNCH CLAMP 13/16x3/8x.025 GC","D","c000 r00000","EA",6,0.29459999999999997,1.7676000000000001,"3881553"]
["14879","07/30/2012","/EN91","0607049","AA ALKALINE BATTERY","D","107611","EA",2,0.43,0.86,"3881553"]
["14879","07/30/2012","/EN92","0612342","AAA ALKALINE BATTERY","D","103151","EA",3,0.45,1.35,"3881553"]
["14879","07/30/2012","/EN92","0612342","AAA ALKALINE BATTERY","D","1720","EA",3,0.45,1.35,"3881553"]
["14879","07/30/2012","/EN92","0612342","AAA ALKALINE BATTERY","D","214798","EA",3,0.45,1.35,"3881553"]
["14879","07/30/2012","/EN92","0612342","AAA ALKALINE BATTERY","D","273457","EA",2,0.45,0.9,"3881553"]
["14879","07/30/2012","/EN92","0612342","AAA ALKALINE BATTERY","D","9999","EA",12,0.45,5.4,"3881553"]
["14879","07/30/2012","/FWMOL2310N99","0613362","WELDERS FACE MASK CARBON LINER","E","215734","EA",1,4.0625,4.0625,"3881553"]
["14879","07/30/2012","/FWMOL2310N99","0613362","WELDERS FACE MASK CARBON LINER","E","215752","EA",2,4.0625,8.125,"3881553"]
["14879","07/30/2012","/FWTWE14-35","0602003","CONTACT TIP 1140-1102","A","155928","EA",2,0.76,1.52,"3881553"]
["14879","07/30/2012","/FWTWE14-35","0602003","CONTACT TIP 1140-1102","A","163222","EA",5,0.76,3.8,"3881553"]
["14879","07/30/2012","/FWTWE14-35","0602003","CONTACT TIP 1140-1102","A","214741","EA",5,0.76,3.8,"3881553"]
["14879","07/30/2012","/FWTWE14-35","0602003","CONTACT TIP 1140-1102","A","215751","EA",3,0.76,2.2799999999999998,"3881553"]
["14879","07/30/2012","/FWTWE24A-62-SS","0602004","NOZZLE 1240-121","A","163222","EA",5,3.3125,16.5625,"3881553"]
["14879","07/30/2012","/FWTWE24A-62-SS","0602004","NOZZLE 1240-121","A","214741","EA",3,3.3125,9.9375,"3881553"]
["14879","07/30/2012","/FWTWE34A","0616178","NOZZLE INSULATOR 1340-1100","A","155928","EA",1,1.7124999999999999,1.7124999999999999,"3881553"]
["14879","07/30/2012","/FWTWE34A","0616178","NOZZLE INSULATOR 1340-1100","A","163222","EA",5,1.7124999999999999,8.5625,"3881553"]
["14879","07/30/2012","/FWTWE34A","0616178","NOZZLE INSULATOR 1340-1100","A","214741","EA",3,1.7124999999999999,5.1375000000000002,"3881553"]
["14879","07/30/2012","/FWTWE54A","0602011","GAS DIFFUSER 100-54A ANCHOR BRAND","A","214741","EA",1,3.41,3.41,"3881553"]
["14879","07/30/2012","/HDL33AINE","/HDL33AINE","ENERGIZER 6 LED HEADLAMP","D","163202","EA",1,24.69,24.69,"3881553"]
["14879","07/30/2012","/HIMGL100-R8-E16.4","/HIMGL100-R8-E16.4","1/4 X 1 CTSK MONO-BOLT","3110","group 20 - 21","EA",350,0.44,154,"3881553"]
["14879","07/30/2012","/HS55020","0610867","1-1/4 HOLE SAW H S S","A","163217","EA",2,3.38,6.76,"3881553"]
["14879","07/30/2012","/HS55024","0601052","1-1/2 HOLE SAW H S S","A","163217","EA",1,3.6,3.6,"3881553"]
["14879","07/30/2012","/IDL5210","4970430","9/16 TO 1-1/16 HOSE CLAMP","3110","group 10 - 11","EA",80,0.28999999999999998,23.2,"3881553"]
["14879","07/30/2012","/IDL62606","4970421","5/16-7/8 ALL STAINLESS HOSE CLAMP","3110","final","EA",40,0.34,13.6,"3881553"]
["14879","07/30/2012","/MCM7437K19","/MCM7437K19","RED BATTERY PROTECTANT  15.25 OZ.","3110","215717","EA",3,7.18,21.54,"3881553"]
["14879","07/30/2012","/MCRSS110","0616389","STRATOS SAFETY GLASS CLR LEN BLK FRAME","E","220992","EA",1,1.5,1.5,"3881553"]
["14879","07/30/2012","/MI642","0611867","642 3/8 HOSE MENDER","D","c000 r00000","EA",2,1,2,"3881553"]
["14879","07/30/2012","/MI790","0613299","790 1/4 FEMALE BODY","D","c000 r00000","EA",5,5.82,29.1,"3881553"]
["14879","07/30/2012","/MI790","0613299","790 1/4 FEMALE BODY","D","s000000000","EA",3,5.82,17.46,"3881553"]
["14879","07/30/2012","/MI792","0613317","MILTON 792 COUPLER PLUG","D","107611","EA",2,1.1299999999999999,2.2599999999999998,"3881553"]
["14879","07/30/2012","/MI792","0613317","MILTON 792 COUPLER PLUG","D","s000000000","EA",3,1.1299999999999999,3.39,"3881553"]
["14879","07/30/2012","/MS05-593GR","0613371","17in SPARK GUARD SLEEVE    PAIR","E","215752","EA",1,5.84,5.84,"3881553"]
["14879","07/30/2012","/MS09-4320","0612134","WELDERS GLOVE (PAIR)  4320","E","210927","EA",1,3.52,3.52,"3881553"]
["14879","07/30/2012","/PB28314","0610234","#2 PHILLIPS BIT 4in","A","215732","EA",1,1,1,"3881553"]
["14879","07/30/2012","/PB29059","0612278","#2 X 3 SQ BIT","A","221011","EA",1,0.85,0.85,"3881553"]
["14879","07/30/2012","/PER82190","7970023","PER82190  2gr. SUPER GLUE","D","103160","EA",2,1.39,2.78,"3881553"]
["14879","07/30/2012","/PIP09-K1450/L","/PIP09-K1450/L","KEVLAR GLOVE WITH NITRILE COATING LARGE","E","273410","EA",1,4.75,4.75,"3881553"]
["14879","07/30/2012","/RESHARP2","/RESHARP2","RESHARP FEE - 9/64 AND LARGER DRILL BITS","214450","c000 r00000","EA",68,0.55125000000000002,37.484999999999999,"3881553"]
["14879","07/30/2012","/RTTV7A008-0","/RTTV7A008-0","3 27/32L X 13/32W X .039TK AIR SAW BLADE","A","213467","EA",5,2.7,13.5,"3881553"]
["14879","07/30/2012","/SB12524","0612403","3-5/8 1/2 WIDE 24tpi AIR SAW BLADE","A","87594","EA",3,1,3,"3881553"]
["14879","07/30/2012","/SB40814","0612269","40814 8 14T RECIP SAW","A","163217","EA",10,1.88,18.8,"3881553"]
["14879","07/30/2012","/STN-10778","/STN-10778","#10778 STANLEY FAT MAX UTILTY KNIFE","B","163202","EA",1,9.19,9.19,"3881553"]
["14879","07/30/2012","/STN11921I","0610823","UTIL KNIFE BLADES(INDIVIDUAL BLADES)","A","214734","EA",30,0.11,3.3,"3881553"]
["14879","07/30/2012","/USP4009","0375851","P4009  SPRING NUT","3110","221011","EA",200,0.49,98,"3881553"]
["14879","07/30/2012","/USP4009","0375851","P4009  SPRING NUT","3110","g0000 22","EA",500,0.49,245,"3881553"]
["14879","07/30/2012","/UT-1033","8970411","2 X 60 YD GRAY DUCT TAPE - THIN 8mil","3110","87594","EA",1,3.51,3.51,"3881553"]
["14879","07/30/2012","/WE358","3142478","WEEKEND GLOSS BLACK","3110","214798","EA",2,1.55,3.1,"3881553"]
["14879","07/30/2012","/WE358","3142478","WEEKEND GLOSS BLACK","3110","220982","EA",4,1.55,6.2,"3881553"]
["14879","07/30/2012","/WH1862X4","2970674","1862 X 4  1/4 AIR BRAKE UNION BRASS","3110","273360","EA",5,3.25,16.25,"3881553"]
["14879","07/30/2012","/WU3201-XL","0613394","LEATHER DRIVING GLOVES X-LG 3201XL","E","s000000000","EA",1,4.05,4.05,"3881553"]
["14879","07/30/2012","10F125MXPS","8570972","10/32 X 1 1/4 PHIL PAN M/S 18-8","3110","group 22 - 24","EA",225,4.2500000000000003E-2,9.5625,"3881553"]
["14879","07/30/2012","10G100UQP","8570757","10-16 X 1in PAN SQ RECESS TEK SC","3110","final","EA",400,1.7399999999999999E-2,6.96,"3881553"]
["14879","07/30/2012","10G100UQP","8570757","10-16 X 1in PAN SQ RECESS TEK SC","3110","group 22 - 24","EA",400,1.7399999999999999E-2,6.96,"3881553"]
["14879","07/30/2012","10N150TQP0Z","8570706","#10 X 1 1/2 PAN SQUARE RECESS T/S  ZNC","3110","group 22 - 24","EA",641,1.38E-2,8.8458000000000006,"3881553"]
["14879","07/30/2012","12C100MTH0Z/F/NPAT","8571507","12/24 X 1 IND HEX SLT W/H T/C T-F ZN","3110","W/PATCH","EA",250,0.17,42.5,"3881553"]
["14879","07/30/2012","12C150MTH0Z/F/NPAT","8571508","12/24 X 1-1/2 IND HEX SLT W/H T/C T-F ZN","3110","W/PATCH","EA",75,0.22,16.5,"3881553"]
["14879","07/30/2012","12C150MTH0Z/F/NPAT","8571508","12/24 X 1-1/2 IND HEX SLT W/H T/C T-F ZN","3110","W/PATCH","EA",150,0.22,33,"3881553"]
["14879","07/30/2012","12RDJO","0601021","1/8 HSS JOBR DRILL BLK/135deg S/P","A","221042","EA",1,0.55000000000000004,0.55000000000000004,"3881553"]
["14879","07/30/2012","14RDCO","0613320","9/64 COBALT DRILL","A","220992","EA",12,1.35,16.2,"3881553"]
["14879","07/30/2012","25C100HCSS","8570384","1/4-20 X 1in HEX C/S 18-8","3110","group 22 - 24","EA",150,2.9700000000000001E-2,4.4550000000000001,"3881553"]
["14879","07/30/2012","25C75MXTS","8570781","1/4-20 X 3/4 PHL TRS M/S 18-8","3110","final","EA",125,4.3400000000000001E-2,5.4249999999999998,"3881553"]
["14879","07/30/2012","25NWUS8Y","8571249","1/4 USS FLAT WASHER GR 8 Z/YEL","3110","group 10 - 11","EA",400,1.4E-2,5.6,"3881553"]
["14879","07/30/2012","25R125WFE0Z","8570244","1/4 X 1 1/4 FEND WASH  ZNC","3110","group 50","EA",100,2.5999999999999999E-2,2.6,"3881553"]
["14879","07/30/2012","26RDCO","0613325","17/64 COBALT DRILL","A","69527","EA",12,2.44,29.28,"3881553"]
["14879","07/30/2012","31C100MTH0Z/F","8540171","5/16-18 X 1in IND HEX SLT W/H T/C T-F  Z","3110","NC","EA",90,0.155,13.95,"3881553"]
["14879","07/30/2012","31C100MTH0Z/F","8540171","5/16-18 X 1in IND HEX SLT W/H T/C T-F  Z","3110","NC","EA",500,0.155,77.5,"3881553"]
["14879","07/30/2012","37CNNE8Y","8540700","3/8-16 NYLOC INSERT LOCKNUT GR 8 Z/YEL","3110","group 10 - 11","EA",175,3.9300000000000002E-2,6.8775000000000004,"3881553"]
["14879","07/30/2012","37NLET0Z","8543151","3/8 EXTERNAL TOOTH L/W  ZNC","3110","group 10 - 11","EA",300,7.7000000000000002E-3,2.31,"3881553"]
["14879","07/30/2012","43C100HCS8Y","8571277","7/16-14 X 1in HEX C/S GR 8 Z/YEL","3110","group 42","EA",300,0.11,33,"3881553"]
["14879","07/30/2012","43F100HCS8Y","8571319","7/16-20 X 1in HEX C/S GR 8 Z/YEL","3110","group 42","EA",200,0.1244,24.88,"3881553"]
["14879","07/30/2012","43NWUS8Y","8571206","7/16 USS FLAT WASHER GR 8 Z/YEL","3110","group 42","EA",600,5.57E-2,33.42,"3881553"]
["14879","07/30/2012","50C150BCG81","8540403","1/2-13 X 1-1/2 CARR BOLT GR 8 BLK ZINC","3110","group 22 - 24","EA",100,0.66759999999999997,66.760000000000005,"3881553"]
["14879","07/30/2012","8C100MTM0Z/F","8C100MTM0Z/F","8/32 X 1in PAN PHIL T/C T-F  ZNC","3110","final","EA",1000,0.04,40,"3881553"]
["14879","07/30/2012","8C100MTM0Z/F","8C100MTM0Z/F","8/32 X 1in PAN PHIL T/C T-F  ZNC","3110","group 22 - 24","EA",1500,0.04,60,"3881553"]
["14879","07/30/2012","8G100UQF0Z/NPAT","8570935","8-18 X 1in F.H. SQ DRIVE TEK SC NYL PAT","3110","ZNC","EA",2500,1.55E-2,38.75,"3881553"]
["14879","07/30/2012","8G100UQP0B/NPAT","8570936","8-18 X 1in PAN SQ RECESS TEK SC NYL PAT","3110","BLK","EA",500,1.95E-2,19.5,"3881553"]
["14879","07/30/2012","8G100UWA","8570765","8-18 X 1in PHIL WAFER HEAD TEK","3110","group 10 - 11","EA",300,1.5299999999999999E-2,4.59,"3881553"]
[null,null,null,null,null,null,null,null,null,null,{"$f":"SUBTOTAL(9,K3788:K3879)","v":1908.7730000000001},"3881553 Total"]
["14879","07/30/2012",".120NWA30P/6916","8571279","M12 A325 FLAT WASHER DIN 125A TP200  PLN","3110","group 42","EA",250,0.1414,70.7,"3882191"]
["14879","07/30/2012","/3M13-38-P","3942273","10-12  3/8  STUD RING INSULATED","3110","213523","EA",1,5.5899999999999998E-2,5.5899999999999998E-2,"3882191"]
["14879","07/30/2012","/3M13-38-P","3942273","10-12  3/8  STUD RING INSULATED","3110","213523","EA",2,5.5899999999999998E-2,0.1118,"3882191"]
["14879","07/30/2012","/3M1700","8970416","3M 1700  TEM FLEX ELECTRICAL TAPE","3110","145254","EA",1,0.63,0.63,"3882191"]
["14879","07/30/2012","/3M1700","8970416","3M 1700  TEM FLEX ELECTRICAL TAPE","3110","214748","EA",3,0.63,1.89,"3882191"]
["14879","07/30/2012","/3M1700","8970416","3M 1700  TEM FLEX ELECTRICAL TAPE","3110","220985","EA",1,0.63,0.63,"3882191"]
["14879","07/30/2012","/3M2097/07184","/3M2097/07184","PARTICULATE FILTER P100 W/NUISANCE LEVE","E","210968","EA",2,4.2,8.4,"3882191"]
["14879","07/30/2012","/3M2097/07184","/3M2097/07184","PARTICULATE FILTER P100 W/NUISANCE LEVE","E","213500","EA",2,4.2,8.4,"3882191"]
["14879","07/30/2012","/3M2097/07184","/3M2097/07184","PARTICULATE FILTER P100 W/NUISANCE LEVE","E","220998","EA",2,4.2,8.4,"3882191"]
["14879","07/30/2012","/AEZ1416","/AEZ1416","AERVOE FLOURSCENT GREEN","3110","273454","EA",2,3.6,7.2,"3882191"]
["14879","07/30/2012","/AL-14-50-0-CW-M","/AL-14-50-0-CW-M","14in BLACK CABLE TIE 50lb","D","final","EA",500,4.2000000000000003E-2,42,"3882191"]
["14879","07/30/2012","/AL-14-50-0-CW-M","/AL-14-50-0-CW-M","14in BLACK CABLE TIE 50lb","D","group 10 - 11","EA",500,4.2000000000000003E-2,21,"3882191"]
["14879","07/30/2012","/AL-14-50-0-CW-M","/AL-14-50-0-CW-M","14in BLACK CABLE TIE 50lb","D","group 22 - 24","EA",500,4.2000000000000003E-2,21,"3882191"]
["14879","07/30/2012","/AS400SM","0613336","8 STATIC MIXER 400ml","A","273507","EA",10,1.25,12.5,"3882191"]
["14879","07/30/2012","/AS50SM","0613337","STATIC MIXER 50ml","A","87569","EA",20,1.25,25,"3882191"]
["14879","07/30/2012","/ASMP55300-400","7970041","METHACYLATE ADHESIVE 400ml","3110","273507","EA",2,27.6,55.2,"3882191"]
["14879","07/30/2012","/AW20-202","0612410","20-202 T-SHIRT/POLOKNIT","D","136904","EA",50,0.52,26,"3882191"]
["14879","07/30/2012","/AW20-202","0612410","20-202 T-SHIRT/POLOKNIT","D","221044","EA",50,0.52,26,"3882191"]
["14879","07/30/2012","/BI-CP0399","0611745","CTR PUNCH CLAMP 13/16x3/8x.025 GC","D","s000000000","EA",2,0.29459999999999997,0.58919999999999995,"3882191"]
["14879","07/30/2012","/CCPV8-6","8570815","1/4 MONO BOLT .08-.375 GRIP S/S","3110","group 22 - 24","EA",250,0.60809999999999997,152.02500000000001,"3882191"]
["14879","07/30/2012","/COV2509Z1","3971511","1-1/2in VYL COATED WIRING/TUBE CLIP","3110","group 10 - 11","EA",500,0.26300000000000001,131.5,"3882191"]
["14879","07/30/2012","/COV3313Z1","3971520","2in VYL COATED WIRING/TUBE CLIP","3110","69550","EA",200,0.28299999999999997,56.6,"3882191"]
["14879","07/30/2012","/COV3313Z1","3971520","2in VYL COATED WIRING/TUBE CLIP","3110","group 10 - 11","EA",250,0.28299999999999997,70.75,"3882191"]
["14879","07/30/2012","/COV4511Z1","0374037","2-3/4in VYL COATED WIRING/TUBE CLIP","3110","group 10 - 11","EA",400,0.66539999999999999,266.16000000000003,"3882191"]
["14879","07/30/2012","/CRL216","0610545","CRL216 PLASTIC PUSH STICK","A","s000000000","EA",3,0.66,1.98,"3882191"]
["14879","07/30/2012","/EN22","0610289","9V ALKALINE BATTERY","D","s000000000","EA",1,1.88,1.88,"3882191"]
["14879","07/30/2012","/EN91","0607049","AA ALKALINE BATTERY","D","273543","EA",2,0.43,0.86,"3882191"]
["14879","07/30/2012","/EN92","0612342","AAA ALKALINE BATTERY","D","215734","EA",3,0.45,1.35,"3882191"]
["14879","07/30/2012","/EN92","0612342","AAA ALKALINE BATTERY","D","220985","EA",6,0.45,2.7,"3882191"]
["14879","07/30/2012","/EN92","0612342","AAA ALKALINE BATTERY","D","s000000000","EA",3,0.45,1.35,"3882191"]
["14879","07/30/2012","/ET66RED","/ET66RED","3/4 X 66ft RED ELECTRICAL TAPE","3110","214748","EA",3,0.68,2.04,"3882191"]
["14879","07/30/2012","/ET66RED","/ET66RED","3/4 X 66ft RED ELECTRICAL TAPE","3110","220985","EA",1,0.68,0.68,"3882191"]
["14879","07/30/2012","/ET66RED","/ET66RED","3/4 X 66ft RED ELECTRICAL TAPE","3110","85336","EA",2,0.68,1.36,"3882191"]
["14879","07/30/2012","/FWABMD445X","0613367","ABMAST WHEEL A30R GRADE","A","221062","EA",12,2.15,25.8,"3882191"]
["14879","07/30/2012","/FWBEANIES-L","/FWBEANIES-L","WELDING BEANIES  - LARGE","E","213524","EA",1,4.3499999999999996,4.3499999999999996,"3882191"]
["14879","07/30/2012","/FWBEANIES-M","/FWBEANIES-M","WELDING BEANIES  - MEDIUM","E","214741","EA",1,4.3499999999999996,4.3499999999999996,"3882191"]
["14879","07/30/2012","/FWBEANIES-M","/FWBEANIES-M","WELDING BEANIES  - MEDIUM","E","273574","EA",1,4.3499999999999996,4.3499999999999996,"3882191"]
["14879","07/30/2012","/FWBEANIES-S","0613305","WELDING BEANIES  - SMALL","E","221031","EA",2,4.3499999999999996,8.6999999999999993,"3882191"]
["14879","07/30/2012","/FWCEP932-1040","0612258","2in X 4-1/4 COVER PLATE","D","214741","EA",1,0.72,0.72,"3882191"]
["14879","07/30/2012","/FWCEP932-1042","0612967","4-1/2 X 5-1/4 COVER PLATE","A","214741","EA",1,0.9,0.9,"3882191"]
["14879","07/30/2012","/FWMOL2310N99","0613362","WELDERS FACE MASK CARBON LINER","E","215766","EA",10,4.0625,40.625,"3882191"]
["14879","07/30/2012","/FWMOL2310N99","0613362","WELDERS FACE MASK CARBON LINER","E","273574","EA",10,4.0625,40.625,"3882191"]
["14879","07/30/2012","/FWTIL3221-14-XL","0613359","CAPE SLEEVE W/BIB EXTRA LARGE","E","221061","EA",1,41.72,41.72,"3882191"]
["14879","07/30/2012","/FWTRU1411-04-016","8571042","STUDS","3110","107767","EA",2000,0.14000000000000001,280,"3882191"]
["14879","07/30/2012","/FWTWE14-35","0602003","CONTACT TIP 1140-1102","A","214741","EA",2,0.76,1.52,"3882191"]
["14879","07/30/2012","/FWTWE14-35","0602003","CONTACT TIP 1140-1102","A","221001","EA",1,0.76,0.76,"3882191"]
["14879","07/30/2012","/FWTWE14-35","0602003","CONTACT TIP 1140-1102","A","273574","EA",2,0.76,1.52,"3882191"]
["14879","07/30/2012","/FWTWE24A-62-SS","0602004","NOZZLE 1240-121","A","214741","EA",2,3.3125,6.625,"3882191"]
["14879","07/30/2012","/FWTWE24A-62-SS","0602004","NOZZLE 1240-121","A","221001","EA",1,3.3125,3.3125,"3882191"]
["14879","07/30/2012","/FWTWE24A-62-SS","0602004","NOZZLE 1240-121","A","273574","EA",2,3.3125,6.625,"3882191"]
["14879","07/30/2012","/FWTWE34A","0616178","NOZZLE INSULATOR 1340-1100","A","214741","EA",1,1.7124999999999999,1.7124999999999999,"3882191"]
["14879","07/30/2012","/FWTWE34A","0616178","NOZZLE INSULATOR 1340-1100","A","273574","EA",2,1.7124999999999999,3.4249999999999998,"3882191"]
["14879","07/30/2012","/FWTWE54A","0602011","GAS DIFFUSER 100-54A ANCHOR BRAND","A","221001","EA",1,3.41,3.41,"3882191"]
["14879","07/30/2012","/FWTWE54A","0602011","GAS DIFFUSER 100-54A ANCHOR BRAND","A","273574","EA",1,3.41,3.41,"3882191"]
["14879","07/30/2012","/GJ1115","0612289","GJ1115  4.5lbs GOJO HAND LOTION CREME","D","85811","EA",1,10.6,10.6,"3882191"]
["14879","07/30/2012","/HS55020","0610867","1-1/4 HOLE SAW H S S","A","221030","EA",3,3.38,10.14,"3882191"]
["14879","07/30/2012","/HYD13050","0610690","HYD13050 SCRAPER W/5 RAZOR BLADES","A","273543","EA",1,2.16,2.16,"3882191"]
["14879","07/30/2012","/IDL62606","4970421","5/16-7/8 ALL STAINLESS HOSE CLAMP","3110","group 22 - 24","EA",80,0.34,27.2,"3882191"]
["14879","07/30/2012","/IRW10233","/IRW10233","3 9 HOLE SZ (1/4-3/4) 1/16 INCREMENTS","B","273648","EA",1,37.979999999999997,37.979999999999997,"3882191"]
["14879","07/30/2012","/IRW88814","0601054","7/8 SPEEDBOR SPADE BIT","A","220991","EA",1,2.98,2.98,"3882191"]
["14879","07/30/2012","/LDFSM","/LDFSM","LETTER F DRILL SCREW MACH LENGTH","A","103151","EA",12,1.61,19.32,"3882191"]
["14879","07/30/2012","/MCR103","/MCR103","RATCHET HEAD GEAR","E","273507","EA",1,8,8,"3882191"]
["14879","07/30/2012","/MCR3211XXXL","/MCR3211XXXL","LEATHER DRIVER GLOVE XXXL","E","273574","EA",1,5.85,5.85,"3882191"]
["14879","07/30/2012","/MCR9378T","/MCR9378T","18in KEVLAR SLEEVE W/THUMB SLOT","E","221031","EA",2,3.18,6.36,"3882191"]
["14879","07/30/2012","/MCR9378T","/MCR9378T","18in KEVLAR SLEEVE W/THUMB SLOT","E","221044","EA",2,3.18,6.36,"3882191"]
["14879","07/30/2012","/MCR9673GW-XL","/MCR9673GW-XL","WHITE NYLON NITRILE GLOVE  X-LARGE","E","141802","EA",1,1.96,1.96,"3882191"]
["14879","07/30/2012","/MCR9673GW-XL","/MCR9673GW-XL","WHITE NYLON NITRILE GLOVE  X-LARGE","E","69550","EA",1,1.96,1.96,"3882191"]
["14879","07/30/2012","/MCREPRC25","/MCREPRC25","EAR PLUG W/CORD REUSABLE","E","221062","EA",1,0.93500000000000005,0.93500000000000005,"3882191"]
["14879","07/30/2012","/MCREPRC25","/MCREPRC25","EAR PLUG W/CORD REUSABLE","E","87550","EA",2,0.93500000000000005,1.87,"3882191"]
["14879","07/30/2012","/MCRSS110","0616389","STRATOS SAFETY GLASS CLR LEN BLK FRAME","E","210972","EA",1,1.5,1.5,"3882191"]
["14879","07/30/2012","/MCRSS110","0616389","STRATOS SAFETY GLASS CLR LEN BLK FRAME","E","214742","EA",1,1.5,1.5,"3882191"]
["14879","07/30/2012","/MCRSS110","0616389","STRATOS SAFETY GLASS CLR LEN BLK FRAME","E","87507","EA",1,1.5,1.5,"3882191"]
["14879","07/30/2012","/MCRSS110","0616389","STRATOS SAFETY GLASS CLR LEN BLK FRAME","E","o00000","EA",12,1.5,18,"3882191"]
["14879","07/30/2012","/MHC11180-12-8B","2971074","1/2 MPT X 3/4 BARB BRASS","3110","214758","EA",7,1.78,12.46,"3882191"]
["14879","07/30/2012","/MI3/8","0610534","MILTON  3/8 ID AIR HOSE","D","s000000000","EA",30,0.5,15,"3882191"]
["14879","07/30/2012","/MI600","2970200","600 1/4M X 1/4 ID HOSE FITTING","D","273648","EA",1,0.28000000000000003,0.28000000000000003,"3882191"]
["14879","07/30/2012","/MI602","2970730","602 1/4M X 3/8 ID HOSE FITTING","3110","s000000000","EA",2,0.73,1.46,"3882191"]
["14879","07/30/2012","/MI790","0613299","790 1/4 FEMALE BODY","D","s000000000","EA",1,5.82,5.82,"3882191"]
["14879","07/30/2012","/MI791","0613300","MILTON 791 COUPLER PLUG","D","c000 r00000","EA",1,1.1200000000000001,1.1200000000000001,"3882191"]
["14879","07/30/2012","/MI792","0613317","MILTON 792 COUPLER PLUG","D","s000000000","EA",1,1.1299999999999999,1.1299999999999999,"3882191"]
["14879","07/30/2012","/MKNMPD4S","0601065","1/4 PILOT BIT SHORT","A","215766","EA",1,1.68,1.68,"3882191"]
["14879","07/30/2012","/MKNMPD4S","0601065","1/4 PILOT BIT SHORT","A","9999","EA",2,1.68,3.36,"3882191"]
["14879","07/30/2012","/MM32-020","2943314","5/8 BARB X 1/2 NPT MALE BRASS FITTING","3110","214758","EA",8,1.3875,11.1,"3882191"]
["14879","07/30/2012","/MO19193-0345","3971628","2/0ga x 3/8 ELEC RING TERM NON-INSULATED","3110","214748","EA",100,0.94730000000000003,94.73,"3882191"]
["14879","07/30/2012","/MS01-8154","0613092","MS01-8154  SHIELD FOR HEADGEAR","E","273507","EA",1,3.61,3.61,"3882191"]
["14879","07/30/2012","/MS04-2200N95","0612445","DUST MASK 20/BOX","E","221005","EA",1,0.64,0.64,"3882191"]
["14879","07/30/2012","/MS05-593GR","0613371","17in SPARK GUARD SLEEVE    PAIR","E","210927","EA",1,5.84,5.84,"3882191"]
["14879","07/30/2012","/MS05-593GR","0613371","17in SPARK GUARD SLEEVE    PAIR","E","214742","EA",1,5.84,5.84,"3882191"]
["14879","07/30/2012","/MS05-593GR","0613371","17in SPARK GUARD SLEEVE    PAIR","E","221006","EA",1,5.84,5.84,"3882191"]
["14879","07/30/2012","/MS05-593GR","0613371","17in SPARK GUARD SLEEVE    PAIR","E","273417","EA",1,5.84,5.84,"3882191"]
["14879","07/30/2012","/MS09-224-10","0613301","CHEMI PRO NEO LATEX GLOVE-sz10 5400S","E","s000000000","EA",1,1.9125000000000001,1.9125000000000001,"3882191"]
["14879","07/30/2012","/MS09-4320","0612134","WELDERS GLOVE (PAIR)  4320","E","214741","EA",1,3.52,3.52,"3882191"]
["14879","07/30/2012","/MS09-4320","0612134","WELDERS GLOVE (PAIR)  4320","E","221062","EA",2,3.52,7.04,"3882191"]
["14879","07/30/2012","/MS09-7005-L","0612455","NDEX NITRILE GLOVE LGE(100/BX)6020","E","213454","EA",1,9.39,9.39,"3882191"]
["14879","07/30/2012","/MS09-7005-L","0612455","NDEX NITRILE GLOVE LGE(100/BX)6020","E","213523","EA",1,9.39,9.39,"3882191"]
["14879","07/30/2012","/MS09-7005-L","0612455","NDEX NITRILE GLOVE LGE(100/BX)6020","E","221000","EA",1,9.39,9.39,"3882191"]
["14879","07/30/2012","/MSHL5/16-6","/MSHL5/16-6","MSHL 5/16-6 MAG NUTSETTER","A","103171","EA",1,6.03,6.03,"3882191"]
["14879","07/30/2012","/MSHL5/16-6","/MSHL5/16-6","MSHL 5/16-6 MAG NUTSETTER","A","210966","EA",1,6.03,6.03,"3882191"]
["14879","07/30/2012","/MSHL5/16-6","/MSHL5/16-6","MSHL 5/16-6 MAG NUTSETTER","A","213488","EA",1,6.03,6.03,"3882191"]
["14879","07/30/2012","/PB28314","0610234","#2 PHILLIPS BIT 4in","A","141802","EA",2,1,2,"3882191"]
["14879","07/30/2012","/PB28314","0610234","#2 PHILLIPS BIT 4in","A","210966","EA",3,1,3,"3882191"]
["14879","07/30/2012","/PB28314","0610234","#2 PHILLIPS BIT 4in","A","215740","EA",1,1,1,"3882191"]
["14879","07/30/2012","/PB28314","0610234","#2 PHILLIPS BIT 4in","A","215766","EA",1,1,1,"3882191"]
["14879","07/30/2012","/PB28314","0610234","#2 PHILLIPS BIT 4in","A","85388","EA",2,1,2,"3882191"]
["14879","07/30/2012","/PB28314","0610234","#2 PHILLIPS BIT 4in","A","s000000000","EA",1,1,1,"3882191"]
["14879","07/30/2012","/PB29053","0612034","29053 #2 SQ RECESS BIT LONG","A","211005","EA",1,0.46,0.46,"3882191"]
["14879","07/30/2012","/PB29059","0612278","#2 X 3 SQ BIT","A","155993","EA",1,0.85,0.85,"3882191"]
["14879","07/30/2012","/PB29059","0612278","#2 X 3 SQ BIT","A","213438","EA",1,0.85,0.85,"3882191"]
["14879","07/30/2012","/PB29059","0612278","#2 X 3 SQ BIT","A","213523","EA",2,0.85,1.7,"3882191"]
["14879","07/30/2012","/PB29059","0612278","#2 X 3 SQ BIT","A","214761","EA",2,0.85,1.7,"3882191"]
["14879","07/30/2012","/PB29059","0612278","#2 X 3 SQ BIT","A","215732","EA",1,0.85,0.85,"3882191"]
["14879","07/30/2012","/PB29059","0612278","#2 X 3 SQ BIT","A","215734","EA",3,0.85,2.5499999999999998,"3882191"]
["14879","07/30/2012","/PB29059","0612278","#2 X 3 SQ BIT","A","215740","EA",1,0.85,0.85,"3882191"]
["14879","07/30/2012","/PB29059","0612278","#2 X 3 SQ BIT","A","85388","EA",3,0.85,2.5499999999999998,"3882191"]
["14879","07/30/2012","/PB39959","0612067","#2 SQ X 6 SQ RECESS BIT","A","214761","EA",2,1.49,2.98,"3882191"]
["14879","07/30/2012","/PER82190","7970023","PER82190  2gr. SUPER GLUE","D","213438","EA",1,1.39,1.39,"3882191"]
["14879","07/30/2012","/PER82190","7970023","PER82190  2gr. SUPER GLUE","D","215734","EA",4,1.39,5.56,"3882191"]
["14879","07/30/2012","/PFSDW1034","/PFSDW1034","#10 X 1-3/4 FH TORX DR TEK SC","3110","PAM SELF FEEDING SYSTEM","EA",3000,6.0699999999999997E-2,182.1,"3882191"]
["14879","07/30/2012","/PIP09-K1450/L","/PIP09-K1450/L","KEVLAR GLOVE WITH NITRILE COATING LARGE","E","211005","EA",1,4.75,4.75,"3882191"]
["14879","07/30/2012","/PIP09-K1450/L","/PIP09-K1450/L","KEVLAR GLOVE WITH NITRILE COATING LARGE","E","213523","EA",1,4.75,4.75,"3882191"]
["14879","07/30/2012","/PIP09-K1450/L","/PIP09-K1450/L","KEVLAR GLOVE WITH NITRILE COATING LARGE","E","221058","EA",1,4.75,4.75,"3882191"]
["14879","07/30/2012","/PIP09-K1450/L","/PIP09-K1450/L","KEVLAR GLOVE WITH NITRILE COATING LARGE","E","221072","EA",1,4.75,9.5,"3882191"]
["14879","07/30/2012","/PIP09-K1450/L","/PIP09-K1450/L","KEVLAR GLOVE WITH NITRILE COATING LARGE","E","s000000000","EA",1,4.75,4.75,"3882191"]
["14879","07/30/2012","/PIP09-K1450/M","/PIP09-K1450/M","KEVLAR GLOVE W/NITRILE COATING MEDIUM","E","107767","EA",1,4.75,4.75,"3882191"]
["14879","07/30/2012","/PIP09-K1450/M","/PIP09-K1450/M","KEVLAR GLOVE W/NITRILE COATING MEDIUM","E","s000000000","EA",1,4.75,4.75,"3882191"]
["14879","07/30/2012","/PIP09-K1450/XL","/PIP09-K1450/XL","KEVLAR GLOVE W/NITRILE COATING XL","E","221006","EA",1,4.75,4.75,"3882191"]
["14879","07/30/2012","/PIP09-K1450/XL","/PIP09-K1450/XL","KEVLAR GLOVE W/NITRILE COATING XL","E","221032","EA",1,4.75,4.75,"3882191"]
["14879","07/30/2012","/PIP09-K1450/XL","/PIP09-K1450/XL","KEVLAR GLOVE W/NITRILE COATING XL","E","273417","EA",1,4.75,4.75,"3882191"]
["14879","07/30/2012","/PIP09-K1450/XL","/PIP09-K1450/XL","KEVLAR GLOVE W/NITRILE COATING XL","E","273543","EA",1,4.75,4.75,"3882191"]
["14879","07/30/2012","/PIP09-K1450/XL","/PIP09-K1450/XL","KEVLAR GLOVE W/NITRILE COATING XL","E","87507","EA",1,4.75,4.75,"3882191"]
["14879","07/30/2012","/PM96011","0613380","96011  YELLOW CHINA MARKER","D","103171","EA",1,0.93,0.93,"3882191"]
["14879","07/30/2012","/PM96011","0613380","96011  YELLOW CHINA MARKER","D","136904","EA",2,0.93,1.86,"3882191"]
["14879","07/30/2012","/SB1QTA","0607002","1 QT SPRAY APPLICATOR (NO BOTTLE)","D","215757","EA",1,0.62,0.62,"3882191"]
["14879","07/30/2012","/SB1QTB","0607001","1 QT SPRAY BOTTLE  (NO APPLICATOR)","D","215757","EA",1,0.66,0.66,"3882191"]
["14879","07/30/2012","/SB40814","0612269","40814 8 14T RECIP SAW","A","213500","EA",20,1.88,37.6,"3882191"]
["14879","07/30/2012","/SB40814","0612269","40814 8 14T RECIP SAW","A","273574","EA",15,1.88,28.2,"3882191"]
["14879","07/30/2012","/SP40311","/SP40311","2in  36grit CERAMIC Q/C DISC TYPE S","A","85809","EA",20,0.82,16.399999999999999,"3882191"]
["14879","07/30/2012","/SSD64SSBS/W","8570976","SSD 64 SSBS POP RIVET ST/ST W/WHITE HD","3110","m0000000000","EA",50,0.11409999999999999,5.7050000000000001,"3882191"]
["14879","07/30/2012","/STN-10778","/STN-10778","#10778 STANLEY FAT MAX UTILTY KNIFE","B","221004","EA",1,9.19,9.19,"3882191"]
["14879","07/30/2012","/STN-10778","/STN-10778","#10778 STANLEY FAT MAX UTILTY KNIFE","B","273543","EA",1,9.19,9.19,"3882191"]
["14879","07/30/2012","/TT520-1/2","0607050","1/2 X 520 TEFLON TAPE 4MIL","D","s000000000","EA",1,0.27,0.27,"3882191"]
["14879","07/30/2012","/USP4009","0375851","P4009  SPRING NUT","3110","g0000 22","EA",300,0.49,147,"3882191"]
["14879","07/30/2012","/UT-1033","8970411","2 X 60 YD GRAY DUCT TAPE - THIN 8mil","3110","145254","EA",3,3.51,10.53,"3882191"]
["14879","07/30/2012","/UT-1033","8970411","2 X 60 YD GRAY DUCT TAPE - THIN 8mil","3110","163231","EA",1,3.51,3.51,"3882191"]
["14879","07/30/2012","/UT-1033","8970411","2 X 60 YD GRAY DUCT TAPE - THIN 8mil","3110","215766","EA",1,3.51,3.51,"3882191"]
["14879","07/30/2012","/UT-1033","8970411","2 X 60 YD GRAY DUCT TAPE - THIN 8mil","3110","227791","EA",1,3.51,3.51,"3882191"]
["14879","07/30/2012","/WB1","0612335","BUTANE REFILL 2.1oz","D","213523","EA",2,3.45,6.9,"3882191"]
["14879","07/30/2012","/WB17609","0613351","2dia .006 WIRE WHEEL 1/4shk","A","85809","EA",3,7.93,23.79,"3882191"]
["14879","07/30/2012","/WB40068","0611056","2 CHIP & OIL BRUSH","D","213523","EA",8,0.71,5.68,"3882191"]
["14879","07/30/2012","/WE356","3140431","BLACK WEEKENDER SPRAY PAINT","3110","213506","EA",2,1.52,3.04,"3882191"]
["14879","07/30/2012","/WE357","3142429","WEEKEND WHITE","3110","214758","EA",2,1.55,3.1,"3882191"]
["14879","07/30/2012","/WH3152X12","2971260","3152 X 12 HEX HEAD PLUG","3110","214793","EA",1,1.74,1.74,"3882191"]
["14879","07/30/2012","/WH3152X12","2971260","3152 X 12 HEX HEAD PLUG","3110","214793","EA",2,1.74,3.48,"3882191"]
["14879","07/30/2012","/WH3220X4X2","2970626","1/4 X 1/8 HEX BUSHING BRASS","3110","273648","EA",1,0.32,0.32,"3882191"]
["14879","07/30/2012","/WH3325X2","2970778","3325 X 2 HEX NIPPLE","3110","273648","EA",1,0.32,0.32,"3882191"]
["14879","07/30/2012","/WH3400X4","2970630","1/4 MALE/FEMALE STREET ELBOW BRASS","3110","273648","EA",1,0.81,0.81,"3882191"]
["14879","07/30/2012","/WISM3R","/WISM3R","WISM3R  WISS STR TIN SNIP","B","163219","EA",2,18.829999999999998,37.659999999999997,"3882191"]
["14879","07/30/2012","/WKW70001","0601006","1/4 ROUTER BIT - 3/4 CUT LENGTH","A","s000000000","EA",30,6.22,186.6,"3882191"]
["14879","07/30/2012","/WU3201-L","0613393","LEATHER DRIVING GLOVES LARGE 3201L","E","210968","EA",1,4.05,4.05,"3882191"]
["14879","07/30/2012","/WU3201-L","0613393","LEATHER DRIVING GLOVES LARGE 3201L","E","213500","EA",1,4.05,4.05,"3882191"]
["14879","07/30/2012","/WU3201-L","0613393","LEATHER DRIVING GLOVES LARGE 3201L","E","221001","EA",1,4.05,4.05,"3882191"]
["14879","07/30/2012","/WU3201-L","0613393","LEATHER DRIVING GLOVES LARGE 3201L","E","221062","EA",1,4.05,4.05,"3882191"]
["14879","07/30/2012","/WU3201-M","/WU3201-M","LEATHER DRIVING GLOVES MEDIUM","E","221031","EA",4,4.05,16.2,"3882191"]
["14879","07/30/2012","/WU3201-M","/WU3201-M","LEATHER DRIVING GLOVES MEDIUM","E","85336","EA",1,4.05,4.05,"3882191"]
["14879","07/30/2012","/WU3201-XL","0613394","LEATHER DRIVING GLOVES X-LG 3201XL","E","213524","EA",1,4.05,4.05,"3882191"]
["14879","07/30/2012","/WU3201-XL","0613394","LEATHER DRIVING GLOVES X-LG 3201XL","E","213532","EA",1,4.05,4.05,"3882191"]
["14879","07/30/2012","/WU3201-XL","0613394","LEATHER DRIVING GLOVES X-LG 3201XL","E","214742","EA",1,4.05,4.05,"3882191"]
["14879","07/30/2012","/WU3201-XL","0613394","LEATHER DRIVING GLOVES X-LG 3201XL","E","221062","EA",1,4.05,4.05,"3882191"]
["14879","07/30/2012","/WU3201-XL","0613394","LEATHER DRIVING GLOVES X-LG 3201XL","E","s000000000","EA",1,4.05,4.05,"3882191"]
["14879","07/30/2012","100CNFH8P","8571378","1-8 HEX FIN NUT GR 8 PLN","3110","s000000000","EA",11,0.46,5.0599999999999996,"3882191"]
["14879","07/30/2012","100NLOC8Y","8571379","1in SPLIT LOCKWASHER GR 8 Z/YEL","3110","213524","EA",11,0.26,2.86,"3882191"]
["14879","07/30/2012","100NWUS8Y","100NWUS8Y","1in USS FLAT WASHER GR 8 Z/YEL","3110","213524","EA",10,0.69,6.9,"3882191"]
["14879","07/30/2012","10F100MXPS","8571007","10/32 X 1in PHIL PAN M/S 18-8","3110","103151","EA",100,2.8899999999999999E-2,2.89,"3882191"]
["14879","07/30/2012","10G100UQP","8570757","10-16 X 1in PAN SQ RECESS TEK SC","3110","group 22 - 24","EA",400,1.7399999999999999E-2,6.96,"3882191"]
["14879","07/30/2012","10G50UHW4","10G50UHW4","10-16 X 1/2 HEX WSH HD TEK 410 S/S","3110","group 10 - 11","EA",50,0.06,3,"3882191"]
["14879","07/30/2012","10NLET0Z","8570053","#10 EXTERNAL TOOTH L/W  ZNC","3110","group 22 - 24","EA",400,2E-3,0.8,"3882191"]
["14879","07/30/2012","12N300TXP0Z","8570790","#12 X 3 PHIL PAN T/S  ZNC","3110","final","EA",100,3.6999999999999998E-2,3.7,"3882191"]
["14879","07/30/2012","14RDAI","0601024","9/64 6 AIRCRAFT EXTENSION DRILL","A","103151","EA",12,1.3625,16.350000000000001,"3882191"]
["14879","07/30/2012","14RDAI","0601024","9/64 6 AIRCRAFT EXTENSION DRILL","A","210966","EA",12,1.3625,32.700000000000003,"3882191"]
["14879","07/30/2012","14RDAI","0601024","9/64 6 AIRCRAFT EXTENSION DRILL","A","213522","EA",12,1.3625,16.350000000000001,"3882191"]
["14879","07/30/2012","14RDAI","0601024","9/64 6 AIRCRAFT EXTENSION DRILL","A","221011","EA",12,1.3625,16.350000000000001,"3882191"]
["14879","07/30/2012","14RDAI","0601024","9/64 6 AIRCRAFT EXTENSION DRILL","A","85388","EA",12,1.3625,16.350000000000001,"3882191"]
["14879","07/30/2012","14RDCO","0613320","9/64 COBALT DRILL","A","213522","EA",12,1.35,16.2,"3882191"]
["14879","07/30/2012","14RDCO","0613320","9/64 COBALT DRILL","A","221004","EA",12,1.35,16.2,"3882191"]
["14879","07/30/2012","14RDJO","0601023","9/64 HSS JOBR DRILL BLK/135deg S/P","A","210966","EA",12,0.55000000000000004,13.2,"3882191"]
["14879","07/30/2012","18RDCO","0612440","3/16 COBALT DRILL","A","103151","EA",12,1.3,15.6,"3882191"]
["14879","07/30/2012","18RDCO","0612440","3/16 COBALT DRILL","A","210966","EA",12,1.3,15.6,"3882191"]
["14879","07/30/2012","25C100HCS8Y","8541021","1/4-20 X 1in HEX C/S GR 8 Z/YEL","3110","group 10 - 11","EA",150,2.3800000000000002E-2,3.57,"3882191"]
["14879","07/30/2012","25C300KFCS","25C300KFCS","1/4-20 X 3 FLAT SOC C/S 18-8","3110","1698","EA",8,0.27,2.16,"3882191"]
["14879","07/30/2012","25CNNE8Y","8570194","1/4-20 NYLOC INSERT LOCKNUT GR 8 Z/YEL","3110","group 10 - 11","EA",400,1.9400000000000001E-2,7.76,"3882191"]
["14879","07/30/2012","25NWUS8Y","8571249","1/4 USS FLAT WASHER GR 8 Z/YEL","3110","group 10 - 11","EA",400,1.4E-2,5.6,"3882191"]
["14879","07/30/2012","25R125WFE0Z","8570244","1/4 X 1 1/4 FEND WASH  ZNC","3110","group 22 - 24","EA",175,2.5999999999999999E-2,4.55,"3882191"]
["14879","07/30/2012","26RDCO","0613325","17/64 COBALT DRILL","A","210966","EA",2,2.44,4.88,"3882191"]
["14879","07/30/2012","31C100HCS8Y","8540186","5/16-18 X 1in HEX C/S GR 8 Z/YEL","3110","155993","EA",4,4.1799999999999997E-2,0.16719999999999999,"3882191"]
["14879","07/30/2012","37C150HCS8Y","8570491","3/8-16 X 1 1/2 HEX C/S GR 8 Z/YEL","3110","group 10 - 11","EA",75,6.3100000000000003E-2,4.7324999999999999,"3882191"]
["14879","07/30/2012","37C200HCS8Y","8570566","3/8-16 X 2 HEX C/S GR 8 Z/YEL","3110","group 20 - 21","EA",40,9.0499999999999997E-2,3.62,"3882191"]
["14879","07/30/2012","37C250HCS8Y","8542714","3/8-16 X 2 1/2 HEX C/S GR 8 Z/YEL","3110","group 22 - 24","EA",30,0.1026,3.0779999999999998,"3882191"]
["14879","07/30/2012","37C350HCS8Y","8571040","3/8-16 X 3 1/2 HEX C/S GR 8 Z/YEL","3110","215805","EA",2,0.15379999999999999,0.30759999999999998,"3882191"]
["14879","07/30/2012","37C400HCS8Y","8571128","3/8-16 X 4in HEX C/S GR 8 Z/YEL","3110","215805","EA",2,0.1754,0.3508,"3882191"]
["14879","07/30/2012","37CNNE8Y","8540700","3/8-16 NYLOC INSERT LOCKNUT GR 8 Z/YEL","3110","group 20 - 21","EA",150,3.9300000000000002E-2,5.8949999999999996,"3882191"]
["14879","07/30/2012","37NWUS8Y","8570509","3/8 USS FLAT WASHER GR 8 Z/YEL","3110","group 10 - 11","EA",250,2.7E-2,6.75,"3882191"]
["14879","07/30/2012","43C100HCS8Y","8571277","7/16-14 X 1in HEX C/S GR 8 Z/YEL","3110","group 42","EA",300,0.11,66,"3882191"]
["14879","07/30/2012","43F250HCS8Y","8571283","7/16-20 X 2 1/2 HEX C/S GR 8 Z/YEL","3110","group 42","EA",250,0.16919999999999999,42.3,"3882191"]
["14879","07/30/2012","43FNNE8Y","8571284","7/16-20 NYLOC INSERT LOCKNUT GR 8 Z/YEL","3110","group 42","EA",300,5.2200000000000003E-2,15.66,"3882191"]
["14879","07/30/2012","50C150HCS8Y","8570954","1/2-13 X 1 1/2 HEX C/S GR 8 Z/YEL","3110","group 22 - 24","EA",40,0.1275,5.0999999999999996,"3882191"]
["14879","07/30/2012","50CNNE8Y","8541468","1/2-13 NYLOC INSERT LOCKNUT GR 8 Z/YEL","3110","group 22 - 24","EA",100,9.69E-2,9.69,"3882191"]
["14879","07/30/2012","6N100TQO0Z","8570750","#6 X 1in OVAL SQUARE RECESS T/S  ZNC","3110","group 22 - 24","EA",600,1.2500000000000001E-2,7.5,"3882191"]
["14879","07/30/2012","8C100MTM0Z/F","8C100MTM0Z/F","8/32 X 1in PAN PHIL T/C T-F  ZNC","3110","final","EA",500,0.04,20,"3882191"]
["14879","07/30/2012","8C100MTM0Z/F/NPAT","8571376","8/32 X 1 PAN PHIL T-F W/NYLOC PATCH","3110","final","EA",500,7.0000000000000007E-2,35,"3882191"]
["14879","07/30/2012","8G100UQF0Z/NPAT","8570935","8-18 X 1in F.H. SQ DRIVE TEK SC NYL PAT","3110","ZNC","EA",2500,1.55E-2,38.75,"3882191"]
["14879","07/30/2012","8G100UQP0B/NPAT","8570936","8-18 X 1in PAN SQ RECESS TEK SC NYL PAT","3110","BLK","EA",500,1.95E-2,9.75,"3882191"]
["14879","07/30/2012","8G75UQP4","8570788","8-18 X 3/4 PAN SQ RECESS TEK SC 410 S/S","3110","group 20 - 21","EA",600,2.6200000000000001E-2,15.72,"3882191"]
["14879","07/30/2012","8N62TQP0Z/BL","8570739","#8 X 5/8 PAN SQUARE RECESS T/S BLK HD  Z","3110","NC","EA",2500,1.12E-2,56,"3882191"]
["14879","07/30/2012","8NWFFS","8542219","#8 FLANGED FINISH WASHER 18-8","3110","final","EA",500,1.9099999999999999E-2,9.5500000000000007,"3882191"]
["14879","07/30/2012","8NWFFS","8542219","#8 FLANGED FINISH WASHER 18-8","3110","group 22 - 24","EA",500,1.9099999999999999E-2,9.5500000000000007,"3882191"]
[null,null,null,null,null,null,null,null,null,null,{"$f":"SUBTOTAL(9,K3881:K4095)","v":3398.0855000000001},"3882191 Total"]
["14879","07/31/2012","/TOOL REPAIR","/TOOL REPAIR","TOOL REPAIR","TOOL & DIE REPAIR","","EA",1,800,800,"3882391"]
[null,null,null,null,null,null,null,null,null,null,{"$f":"SUBTOTAL(9,K4097:K4097)","v":800},"3882391 Total"]
[null,null,null,null,null,null,null,null,null,null,{"$f":"SUBTOTAL(9,K2:K4097)","v":65112.578197999763},"Grand Total"]